{"text_format":"2","workbook":"xlsx","n_sheets":40,"sheets":["ORCAMENTO_RESUMO","ORCAMENTO_CONSOLIDADO (2)","Manutenção de canteiro","Mao_de_Obra_VALORES_ADICIONAIS","MC - VALORES ADICIONAIS","Moveis_Equipamentos","CPU_Móveis e Equipamentos","Mobilizacao_Desmobilizacao","CPU_MOBILIZAÇAO","CPU_DESMOBILIZAÇAO","Canteiros","Mao_de_Obra","Mao_de_Obra (Total)","Mem_Calculo_EQUIPE","SEGURANÇA DE BARRAGENS","Mao_de_Obra (SEG.BARRAGENS)","MEM_CALCULO_SEG DE BARRAGENS","CPU_SALARIOS","CPU_SINAPI","CPU_CCT","Encargos Sociais e Benefícios","CPU_Viagens","Frentes_Moveis","Viagens_Diárias","Materiais_Consumo","Veiculos","Mem_Calculo_VEICULOS","CPU_VEÍCULOS","Equipamentos","CPU_EQUIPAMENTOS_","Ferramentas","Instrumentos","CPU_Instrumentos","CPU_MANUTENCAO_CANTEIRO","Sobressalentes ","Serviços Especializados","SERVIÇOS ADICIONAIS","Custos Administração","CPU_MATRIZ DE RISCO","Despesas Fiscais"],"not_rendered":{"charts":0,"images":4,"macros":0,"external_links":2,"defined_names":115,"comments":2,"pivot_tables":0},"unopened":[],"bounds":{"document_bytes":16777216,"sheet_cells":100000,"run_cost":"one","rows_first":2000,"rows_last":500,"rows_between":2000,"halvings":0,"cell_chars":16384,"cell_head_chars":4096},"cells_cut":0,"cells_raw":0,"read":"whole","date_system":"1900"}

{"sheet":"ORCAMENTO_RESUMO","index":0,"n_rows":59,"n_cols":18,"rows_kept":59,"cut":false,"hidden":false,"merged":[[11,23,12,23],[13,23,21,23],[4,0,5,4],[0,2,0,4],[1,2,1,4],[2,2,2,4],[7,0,7,2],[59,0,59,2],[59,3,59,4],[56,0,56,2],[57,0,57,2],[56,3,56,4],[57,3,57,4],[58,0,58,2],[58,3,58,4]]}
[null,null,"Ministério do Desenvolvimento Regional  - MDR",null,null,4367736.12]
[null,null,"Companhia de Desenvolvimento dos Vales do São Francisco e do Parnaíba",null,null,1686680]
[null,null,"Gerência de Operação do PISF - Centro de Controle e Operação (AD / GOI / CCO)",null,null,2681056.12]
[]
["TERMO DE REFERÊNCIA PARA CONTRATAÇÃO DOS RECURSOS NECESSÁRIOS À OPERAÇÃO E MANUTENÇÃO DAS INFRAESTRUTURAS DO EIXO LESTE DO PISF - PROJETO DE INTEGRAÇÃO DO SÃO FRANCISCO COM AS BACIAS HIDROGRÁFICAS DO NORDESTE SETENTRIONAL",{"$nulls":12},2091024.0736666666]
[]
[{"$nulls":5},{"$error":"#REF!"},{"$error":"#REF!"},{"$nulls":5},6.9999999999999999E-4,17564.602218799999,null,1463.7168515666667,null,5.833333333333334E-5]
["ORÇAMENTO CONSOLIDADO",null,null,"TOTAL - (R$)",25092288.884,{"$error":"#REF!"},{"$error":"#REF!"},{"$nulls":5},1E-3,25092.288884000001,null,2091.0240736666665,null,8.3333333333333331E-5]
[{"$nulls":5},{"$error":"#REF!"},{"$error":"#REF!"},{"$nulls":5},2E-3,50184.577768000003,null,4182.048147333333,null,1.6666666666666666E-4]
[{"$nulls":5},{"$error":"#REF!"},{"$error":"#REF!"},{"$nulls":5},4.0000000000000001E-3,100369.15553600001,null,8364.0962946666659,null,3.3333333333333332E-4]
["ITEM","CÓDIGO","DESCRIÇÃO","R$ TOTAL","%",null,null,{"$error":"#REF!"},{"$nulls":4},0.02,501845.77768,null,41820.481473333333,null,1.6666666666666668E-3]
["1.",null,"MOBILIZAÇÃO E DESMOBILIZAÇAO",175646.56,7.0000000000000001E-3,null,"MOBILIZAÇÃO E DESMOBILIZAÇAO",{"$error":"#REF!"},{"$nulls":4},15896218.786000002,398872513941579.81,null,33239376161798.32,null,1324684.8988333335]
["1.1",null,"MOBILIZAÇÃO (Máquinas, Equipamentos, Ferramentas, Instrumentos, Materiais, Mobiliário)",87823.28,3.5000000000000001E-3,-38155715.555999994,null,{"$error":"#REF!"},{"$nulls":4},19075462.543200001,478647016729895.75,null,39887251394157.977,null,1589621.8785999999]
["1.2",null,"DESMOBILIZAÇÃO (Máquinas, Equip., Ferramentas, Instrumentos, Materiais, Mobiliário)",87823.28,3.5000000000000001E-3,null,null,{"$error":"#REF!"},{"$nulls":4},0.1,2509228.8884000001,null,209102.40736666668,null,8.3333333333333332E-3]
["2.",null,"MOBILIÁRIO E EQUIPAMENTOS DE ESCRITÓRIO",184500.5,7.4000000000000003E-3,null,"MOBILIÁRIO E EQUIPAMENTOS DE ESCRITÓRIO",{"$error":"#REF!"}]
["3.",null,"EQUIPE - MÃO DE OBRA",9034405.1800000016,0.36,null,"EQUIPE - MÃO DE OBRA",{"$error":"#REF!"}]
["3.1",null,"SALÁRIOS FIXOS",8400582.0200000014,0.33479999999999999]
["3.2",null,"VALORES ADICIONAIS",633823.1599999998,2.53E-2]
["4.",null,"VIAGENS / DIÁRIAS",32217.360000000001,1.2999999999999999E-3,null,"VIAGENS / DIÁRIAS",{"$error":"#REF!"}]
["4.1",null,"DESPESAS COM VIAGENS COMERCIAIS",13239.36,5.0000000000000001E-4,null,null,{"$error":"#REF!"}]
["4.2",null,"DESPESAS COM DIÁRIAS",18978,8.0000000000000004E-4,null,null,{"$error":"#REF!"}]
["5.",null,"VEÍCULOS AUTOMOTORES",1686680,6.7199999999999996E-2,null,"VEÍCULOS AUTOMOTORES",{"$error":"#REF!"}]
["6.",null,"FRENTES MÓVEIS DE LIMPEZA E CONSERVAÇÃO",80012.160000000003,3.2000000000000002E-3,null,"FRENTES MÓVEIS DE LIMPEZA E CONSERVAÇÃO",{"$error":"#REF!"}]
["7.",null,"MATERIAL DE CONSUMO - ALMOXARIFADOS",2585530.5380000002,0.10299999999999999,null,"MATERIAL DE CONSUMO - ALMOXARIFADOS",{"$error":"#REF!"},3374827.5180000002]
["7.1",null,"MATERIAL DE CONSUMO - MECÂNICA",729720.95,2.9100000000000001E-2,null,null,{"$error":"#REF!"}]
["7.2",null,"MATERIAL DE CONSUMO - ELÉTRICA",294586.5,1.17E-2,null,null,{"$error":"#REF!"}]
["7.3",null,"MATERIAL DE CONSUMO - CIVIL",1401773.0280000002,5.5899999999999998E-2,null,null,{"$error":"#REF!"}]
["7.4",null,"MANUTENÇÃO DE CANTEIRO - ESCRITÓRIO",159450.06,6.4000000000000003E-3,null,null,{"$error":"#REF!"}]
["8.",null,"FERRAMENTAS",434473.7,1.7299999999999999E-2,null,"FERRAMENTAS",{"$error":"#REF!"}]
["8.1",null,"FERRAMENTAS - MECÂNICA",68428.169999999984,2.7000000000000001E-3,null,null,{"$error":"#REF!"}]
["8.2",null,"FERRAMENTAS - ELÉTRICA",242747.55,9.7000000000000003E-3,null,null,{"$error":"#REF!"}]
["8.3",null,"FERRAMENTAS - CIVIL",123297.98000000003,4.8999999999999998E-3,null,null,{"$error":"#REF!"}]
["9.",null,"EQUIPAMENTOS",3579720.4500000016,0.14269999999999999,null,"EQUIPAMENTOS",{"$error":"#REF!"},5175133.6060000015]
["9.1",null,"EQUIPAMENTOS - MECÂNICA",28123.869999999995,1.1000000000000001E-3,null,null,{"$error":"#REF!"}]
["9.2",null,"EQUIPAMENTOS - ELÉTRICA",10890,4.0000000000000002E-4,null,null,{"$error":"#REF!"}]
["9.3",null,"EQUIPAMENTOS - CIVIL",3540706.5800000015,0.1411,null,null,{"$error":"#REF!"}]
["10.",null,"INSTRUMENTOS",153689.02000000002,6.1000000000000004E-3,null,"INSTRUMENTOS",{"$error":"#REF!"}]
["10.1",null,"INSTRUMENTOS - MECÂNICA",12906.059999999998,5.0000000000000001E-4,null,null,{"$error":"#REF!"}]
["10.2",null,"INSTRUMENTOS - ELÉTRICA",87902.13,3.5000000000000001E-3,null,null,{"$error":"#REF!"}]
["10.3",null,"INSTRUMENTOS - CIVIL",52880.83,2.0999999999999999E-3,null,null,{"$error":"#REF!"}]
["11.",null,"SEGURANÇA E MANUTENÇÃO DE BARRAGENS",1595413.156,6.3600000000000004E-2,null,"SEGURANÇA E MANUTENÇÃO DE BARRAGENS",{"$error":"#REF!"}]
["11.1",null,"MÃO DE OBRA - SEGURANÇA DE BARRAGENS",677170.89999999991,2.7E-2]
["11.2",null,"EQUIPAMENTOS - SEGURANÇA DE BARRAGENS",846983.99999999988,3.3799999999999997E-2]
["11.3",null,"VEÍCULOS - SEGURANÇA DE BARRAGENS",71258.255999999994,2.8E-3]
["12.",null,"SERVIÇOS ADICIONAIS",62491.799999999996,2.5000000000000001E-3,{"$error":"#REF!"},{"$error":"#REF!"},{"$error":"#REF!"}]
["12.1",null,"FORNECIMENTO DE ÁGUA POTÁVEL PARA CANTEIRO",14715.78,5.9999999999999995E-4]
["12.2",null,"ANÁLISES DE EFLUENTES",47776.02,1.9E-3]
["13.",null,"AQUISIÇÃO DE PEÇAS SOBRESSALENTES PISF - EIXOS LESTE",789296.9800000001,3.15E-2]
["13.1",null,"SOBRESSALENTES - MECÂNICA",397956.22000000003,1.5900000000000001E-2]
["13.2",null,"SOBRESSALENTES - ELÉTRICA",338227.01000000007,1.35E-2,{"$error":"#REF!"},{"$error":"#REF!"},{"$error":"#REF!"}]
["13.3",null,"Peças para reposições nas manutenções preventivas e corretivas dos condicionadores de ar",25755.24,1E-3]
["13.4",null,"PEÇAS PARA MANUTENÇÃO GERADOR - MECÂNICA",27358.510000000002,1.1000000000000001E-3]
["14.",null,"SERVIÇOS ESPECIALIZADOS (EIXO LESTE)",21421.5,8.9999999999999998E-4]
["14.1",null,"Serviços de recarga de extintores de incêndio (EB / SE / Canteiros)",21421.5,8.9999999999999998E-4]
["15.",null,"CUSTOS INDIRETOS",4676789.9800000004,0.18640000000000001,{"$nulls":7},11381093.724000001]
[{"$nulls":6},"CUSTOS INDIRETOS",{"$error":"#REF!"}]
["NOME DO INFORMANTE:",null,null,"QUALIFICAÇÃO:"]
[]
["ASSINATURA:",null,null,"DATA:"]

{"sheet":"ORCAMENTO_CONSOLIDADO (2)","index":1,"n_rows":806,"n_cols":18,"rows_kept":806,"cut":false,"hidden":false,"merged":[[805,0,805,7],[806,0,806,7],[807,0,807,7],[802,0,802,5],[802,6,802,7],[803,0,803,5],[803,6,803,7],[804,0,804,5],[804,6,804,7],[801,0,801,5],[801,6,801,7],[0,2,0,7],[1,2,1,7],[2,2,2,7],[4,0,5,7],[6,0,6,4]]}
[null,null,"Ministério do Desenvolvimento Regional  - MDR",{"$nulls":6},70000000,null,null,null,6,null,null,null,45318771.981999986]
[null,null,"Companhia de Desenvolvimento dos Vales do São Francisco e do Parnaíba",{"$nulls":6},-44907711.116000012]
[null,null,"Gerência de Operação do PISF - Centro de Controle e Operação (AD / GOI / CCO)"]
[]
["TERMO DE REFERÊNCIA PARA CONTRATAÇÃO DOS RECURSOS NECESSÁRIOS À OPERAÇÃO E MANUTENÇÃO DAS INFRAESTRUTURAS DO EIXO LESTE DO PISF - PROJETO DE INTEGRAÇÃO DO SÃO FRANCISCO COM AS BACIAS HIDROGRÁFICAS DO NORDESTE SETENTRIONAL"]
[]
["ORÇAMENTO CONSOLIDADO",{"$nulls":4},"TOTAL - (R$)",25092288.883999992,null,null,118869609.74000004,null,88777364.980000004,null,"SUBTOTAL(9;G11:G874)"]
[]
["ITEM","CÓDIGO","DESCRIÇÃO","UNID.","QUANTID.","R$ UNIT.","R$ TOTAL","%"]
[]
["1.",null,"MOBILIZAÇÃO E DESMOBILIZAÇAO",null,null,null,175646.56,7.0000000000000001E-3]
["1.1.",null,"MOBILIZAÇÃO (Máquinas, Equipamentos, Ferramentas, Instrumentos, Materiais, Mobiliário)",null,null,null,87823.28,3.5000000000000001E-3]
["1.1.1",null,"Mobilização da Equipe - Canteiro apoio geral (Floresta/PE)","un",1,12983.83,12983.83,5.0000000000000001E-4]
["1.1.2",null,"Mobilização da Equipe - Canteiro central (Sertânia/PE)","un",1,74839.45,74839.45,3.0000000000000001E-3]
["1.2.",null,"DESMOBILIZAÇÃO (Máquinas, Equip., Ferramentas, Instrumentos, Materiais, Mobiliário)",null,null,null,87823.28,3.5000000000000001E-3]
["1.2.1",null,"Desmobilização da Equipe - Canteiro apoio geral (Floresta/PE)","un",1,12983.83,12983.83,5.0000000000000001E-4]
["1.2.2",null,"Desmobilização da Equipe - Canteiro central (Sertânia/PE)","un",1,74839.45,74839.45,3.0000000000000001E-3]
["2.",null,"MOBILIÁRIO E EQUIPAMENTOS DE ESCRITÓRIO",null,null,null,184500.5,7.4000000000000003E-3]
["2.1","E209300236-EMBASA/BA","Aluguel de impressora colorida-Laser com cartuchos-formatos A4 e A3 (inclusive suprimentos)","un x mês",108,225.08,24308.639999999999,1E-3]
["2.2","I8612-SEINFRA/CE","Aluguel de Plotter (inclusive suprimentos)","un x mês",12,320,3840,2.0000000000000001E-4]
["2.3"," I8610-SEINFRA/CE","Servidor para backup - EQUIPAMENTO SIMILAR","un x mês",12,170,2040,1E-4]
["2.4"," I8610-SEINFRA/CE","Desktop com software-tipo 1 (i7, 1T, 8GB, monitor 19\", S.O. Windows 10 e Office última versão) - EQUIPAMENTO SIMILAR","un x mês",210,170,35700,1.4E-3]
["2.5"," I8610-SEINFRA/CE","Notebook-tipo 1 (i7, 1T, 8GB, S.O. Windows 10 e Office última versão) - EQUIPAMENTO SIMILAR","un x mês",216,170,36720,1.5E-3]
["2.6","COT_ANTE","Kit Antena Digital 4K Externa Log 16 elementos Mastro 45cm e cabo coaxial 12m","un x mês",6,1.6603333333333337,9.9600000000000009,0]
["2.7","I0123-SEINFRA/CE","Armário de escritório","un x mês",342,7.1783333333333337,2454.9899999999998,1E-4]
["2.8","73.72.07-SUDECAP/MG","Bebedouro industrial (canteiro)","un x mês",12,54.484333333333332,653.80999999999995,0]
["2.9","11534-ORSE/SE","Cadeira giratória, com braço, tipo executiva","un x mês",702,9.3333333333333339,6552,2.9999999999999997E-4]
["2.10","11543-ORSE","Cadeira de plástico sem braço, cor branca","un x mês",138,0.70000000000000007,96.6,0]
["2.11","COT_CAM_FOTO","Câmera fotográfica digital 20 mp 5x HD","un x mês",12,26.577333333333339,318.93,0]
["2.12","COT - CAR - LIX","Lixeira Carro Coletor 120L","un x mês",24,11.799999999999999,283.2,0]
["2.13","COT_CESTO","Cestos Telado de lixo 9,6L","un x mês",48,0.44966666666666671,21.58,0]
["2.14","39555-SINAPI/PE","Condicionador de ar 12.000 BTU","un x mês",246,67.233666666666679,16539.48,6.9999999999999999E-4]
["2.15","COT_GPS","GPS com cabo e software (conforme especificação)","un x mês",12,142.06666666666669,1704.8,1E-4]
["2.16","COT_MESA_REUN","Mesa de reunião 10 lugares com 10 cadeiras","un x mês",42,138.035,5797.47,2.0000000000000001E-4]
["2.17","COT_MESA_PVC","Mesa retangular em Polipropileno 119x75cm","un x mês",36,7.2663333333333346,261.58999999999997,0]
["2.18","COT_MESA_ESCR","Mesas de escritório com gavetas (conforme especificação)","un x mês",702,14.059333333333333,9869.65,4.0000000000000002E-4]
["2.19","F030000293-EMBASA/BA","Projetor multimídia (Datashow)","un x mês",12,52.927,635.12,0]
["2.20","COT_RACK","Rack para TV até 60 Polegadas 1 Porta","un x mês",12,8.9629999999999992,107.56,0]
["2.21","I0122-SEINFRA/CE","Armário de cozinha completo","un x mês",12,18.338333333333335,220.06,0]
["2.22","COT_MES_06","Conjunto de Mesa 1,40 com Tampo MDP com 6 cadeiras","un x mês",12,30.193666666666669,362.32,0]
["2.23","10231-ORSE/SE","Fogão ","un x mês",12,20.493666666666666,245.92,0]
["2.24","029028-IOPES","Cilindro de Gás de Cozinha 45 kg","un x mês",30,19.111000000000001,573.33000000000004,0]
["2.25","4226-SINAPI/PE","Gás de cozinha-GLP (kg)","un x mês",1350,7.97,10759.5,4.0000000000000002E-4]
["2.26","F020000716-EMBASA/BA","Geladeira 280 litros","un x mês",12,26.311000000000003,315.73,0]
["2.27","COT_MICROOND","Forno Microondas 20L","un x mês",12,15.199000000000003,182.39,0]
["2.28","COT_FAQUEI","Faqueiro com 24 peças","un x mês",204,1.43,291.72000000000003,0]
["2.29","COT_PRATO","Pratos rasos redondo em cerâmica","un x mês",468,0.38666666666666666,180.96,0]
["2.30","COT_COPO","Conjunto  copos em vidro 350ml com 8 unidades","un x mês",24,0.94300000000000006,22.63,0]
["2.31","COT_TELEVISOR","Smart Tv LED 32\"","un x mês",42,42.557333333333339,1787.41,1E-4]
["2.32","AP_JANTAR","Aparelho de jantar para 06 pessoas","un x mês",78,10.269666666666666,801.03,0]
["2.33","11645-ORSE/SE","Armário para vestiário, em aço, com 12 portas, com cadeado","un x mês",12,66.981333333333339,803.78,0]
["2.34","COT_CHAP","Chapa gás 65 cm para grelhar","un x mês",12,28.334666666666667,340.02,0]
["2.35","08600-ORSE/SE","Coifa","un x mês",12,63.272333333333336,759.27,0]
["2.36","COT_UTENS","Conjunto de utensílios gadgets inox para cozinha","un x mês",12,1.8906666666666669,22.69,0]
["2.37","COT_FOGAO","Fogão industrial 6 bocas 30x30 baixa pressão perfil 5","un x mês",12,40.115333333333332,481.38,0]
["2.38","COT_FORNO","Forno elétrico 46L 1500W","un x mês",12,17.974666666666668,215.7,0]
["2.39","F020000719-EMBASA/BA","Freezer 246 l","un x mês",12,39.466333333333331,473.6,0]
["2.40","\t10232-ORSE/SE","Geladeira industrial 300 litros","un x mês",12,55.957666666666675,671.49,0]
["2.41","COT_PANEL","Conjunto de panelas antiaderente com 7 peças","un x mês",12,9.6663333333333341,116,0]
["2.42","COT_LIQUID","Liquidificadores industriais alta rotação 2L","un x mês",12,14.060666666666668,168.73,0]
["2.43","COT_MAQ_LAVA_LOUCA","Máquina de lavar louças industrial B.30 ","un x mês",12,485.45100000000002,5825.41,2.0000000000000001E-4]
["2.44","COT_MAQ_LAVA_ROUPA","Máquina de Lavar roupa 11kg ","un x mês",12,54.866666666666674,658.4,0]
["2.45","COT_MESA_BUF","Carrinho Buffet Térmico Self Service Inox 8 cubas","un x mês",12,69.38133333333333,832.58,0]
["2.46","COT_MESA_REFEIT","Mesa de refeitório 10 lugares com cadeiras MDF branco de 25mm","un x mês",30,118.81099999999999,3564.33,1E-4]
["2.47","COT_REFRESQUEIRA","Refresqueira BBS2 Inox","un x mês",12,82.656999999999996,991.88,0]
["2.48","COT_TABUA","Tábuas para carnes 19x35x1,6cm","un x mês",12,0.73,8.76,0]
["2.49","COT_CAMA_BOX","Cama box conjugada solteiro","un x mês",168,9.5453333333333337,1603.62,1E-4]
["2.50","COT_GUARDA_ROUPA","Guarda-Roupa solteiro 4 Portas","un x mês",12,9.9636666666666684,119.56,0]
["2.51","COT_ROUPA_CAMA","Jogo de roupa de cama solteiro 100% Algodão","un x mês",336,4.746666666666667,1594.88,1E-4]
["2.52","COT_ROUPA_BANHO","Jogo de Roupa de banho 5 Peças","un x mês",168,7.2530000000000001,1218.5,0]
["2.53","COT_SOFA","Conjunto de sofá 2 e 3 lugares","un x mês",12,30.961333333333339,371.54,0]
[]
[]
["3.",null,"EQUIPE - MÃO DE OBRA",null,null,null,9034405.1799999997,0.36]
["3.1.",null,"SALÁRIOS FIXOS",null,null,null,8400582.0200000014,0.33479999999999999]
["3.1.1","A1.1","Almoxarife","homem x mês",6,5224.3612835200011,31346.17,1.1999999999999999E-3]
["3.1.2","A1","Auxiliar Administrativo","homem x mês",6,4153.3530662399999,24920.12,1E-3]
["3.1.3","A9","Auxiliar de serviços gerais","homem x mês",36,3530.1179216,127084.25,5.1000000000000004E-3]
["3.1.4","T3","Auxiliar de Topografia","homem x mês",12,4673.62,56083.44,2.2000000000000001E-3]
["3.1.5","A8","Carpinteiro","homem x mês",12,4349.94306624,52199.32,2.0999999999999999E-3]
["3.1.6","CA","Coordenador - Chefe de Escritório","homem x mês",6,15604.75,93628.5,3.7000000000000002E-3]
["3.1.7","P0","Coordenador - Engenheiro Sênior (Civil / Eletricista / Mecânico) ","homem x mês",6,30381.93,182291.58,7.3000000000000001E-3]
["3.1.8","P1","Coordenador Manutenção - Engenheiro Pleno (Civil / Eletricista / Mecânico) ","homem x mês",6,22362.89,134177.34,5.3E-3]
["3.1.9","P1","Coordenador Operação - Engenheiro Pleno (Civil / Eletricista / Mecânico) ","homem x mês",6,22362.89,134177.34,5.3E-3]
["3.1.10","A5","Eletricista","homem x mês",12,4423.1430662399998,53077.72,2.0999999999999999E-3]
["3.1.11","A5","Eletricista (inclusive adicional de periculosidade)","homem x mês",18,5750.0830662400003,103501.5,4.1000000000000003E-3]
["3.1.12","P1","Engenheiro de Segurança e Medicina do Trabalho (inclusive adicional de periculosidade)","homem x mês",6,29071.759999999998,174430.56,7.0000000000000001E-3]
["3.1.13","P2","Engenheiro Junior ","homem x mês",24,18890.87,453380.88,1.8100000000000002E-2]
["3.1.14","P1","Engenheiro Pleno ","homem x mês",36,22362.89,805064.04,3.2099999999999997E-2]
["3.1.15","A7","Ferreiro","homem x mês",6,4371.7030662399993,26230.22,1E-3]
["3.1.16","P1","Geólogo  (Geotecnia)","homem x mês",6,22362.89,134177.34,5.3E-3]
["3.1.17","P2","Médico do Trabalho","homem x mês",6,18890.87,113345.22,4.4999999999999997E-3]
["3.1.18","A3","Motorista","homem x mês",6,5309.43,31856.58,1.2999999999999999E-3]
["3.1.19","A6","Pedreiro","homem x mês",24,4389.3130662399999,105343.51,4.1999999999999997E-3]
["3.1.20","A11","Servente","homem x mês",360,3543.3579216000003,1275608.8500000001,5.0799999999999998E-2]
["3.1.21","T1","Técnico Automação - Especialista em SDSC (inclusive adicional de periculosidade)","homem x mês",6,8560.93,51365.58,2E-3]
["3.1.22","T3","Técnico Auxiliar","homem x mês",36,4673.62,168250.32,6.7000000000000002E-3]
["3.1.23","T3","Técnico Auxiliar (inclusive adicional de periculosidade)","homem x mês",18,6075.71,109362.78,4.4000000000000003E-3]
["3.1.24","T1","Técnico de Segurança e Medicina do Trabalho (inclusive adicional de periculosidade)","homem x mês",6,8560.93,51365.58,2E-3]
["3.1.25","T1","Tecnico Edificações","homem x mês",12,6585.33,79023.960000000006,3.0999999999999999E-3]
["3.1.26","T1","Técnico - Cadista","homem x mês",6,6585.33,39511.980000000003,1.6000000000000001E-3]
["3.1.27","T1","Técnico Pleno - Eletrotécnico - Diurno (inclusive adicional de periculosidade)","homem x mês",72,8560.93,616386.96,2.46E-2]
["3.1.28","T1","Técnico Pleno - Eletrotécnico -  Noturno (inclusive adicional de periculosidade)","homem x mês",72,10476.090181818181,754278.49,3.0099999999999998E-2]
["3.1.29","T1","Técnico Junior - Mecânico - Diurno (inclusive adicional de periculosidade)","homem x mês",72,8560.93,616386.96,2.46E-2]
["3.1.30","T1","Técnico Junior - Mecânico - Noturno (inclusive adicional de periculosidade)","homem x mês",72,10476.090181818181,754278.49,3.0099999999999998E-2]
["3.1.31","T1","Técnico Pleno ","homem x mês",60,6585.33,395119.8,1.5699999999999999E-2]
["3.1.32","T1","Técnico Pleno (inclusive adicional de periculosidade)","homem x mês",18,8560.93,154096.74,6.1000000000000004E-3]
["3.1.33","T1","Técnico Pleno - Analista em Tecnologia da Informação","homem x mês",6,6585.33,39511.980000000003,1.6000000000000001E-3]
["3.1.34","T0","Técnico - Profissional Sênior (N. Médio/Especializado)","homem x mês",18,10135.129999999999,182432.34,7.3000000000000001E-3]
["3.1.35","T1","Técnico Telecomunicações/Eletrônica (inclusive adicional de periculosidade)","homem x mês",6,8560.93,51365.58,2E-3]
["3.1.36","TS","Topógrafo","homem x mês",6,7178.1,43068.6,1.6999999999999999E-3]
["3.1.37","A10","Vigia diurno ","homem x mês",24,3521.2979215999999,84511.15,3.3999999999999998E-3]
["3.1.38","A10","Vigia noturno","homem x mês",24,4097.5103087709094,98340.25,3.8999999999999998E-3]
[]
["3.2.",null,"VALORES ADICIONAIS",null,null,null,633823.1599999998,2.53E-2]
["3.2.1.",null,"ADICIONAL DE PERICULOSIDADE PARA OS ENGENHEIROS E COORDENADORES",null,null,null,530012.64999999991,2.1100000000000001E-2]
["3.2.1.1","P1","Engenheiro Pleno","homem x mês",42,6708.8669999999993,281772.40999999997,1.12E-2]
["3.2.1.2","P2","Engenheiro Júnior","homem x mês",18,5667.2609999999995,102010.7,4.1000000000000003E-3]
["3.2.1.3","T0","Técnico Sênior","homem x mês",12,3040.5389999999998,36486.47,1.5E-3]
["3.2.1.4","T1","Técnico Pleno","homem x mês",30,1975.5989999999999,59267.97,2.3999999999999998E-3]
["3.2.1.5","T3","Técnico Auxiliar","homem x mês",36,1402.086,50475.1,2E-3]
["3.2.2.",null,"MÃO DE OBRA - HORA EXTRA 50%",null,null,null,49549.729999999996,2E-3]
["3.2.2.1","P1","Engenheiro Pleno - Hora Extra 50% - C/ Periculosidade","Homem x Hora",192,82.590218749999991,15857.32,5.9999999999999995E-4]
["3.2.2.2","T1","Técnico Pleno - Hora Extra 50% - C/ Periculosidade","Homem x Hora",192,24.320821022727273,4669.6000000000004,2.0000000000000001E-4]
["3.2.2.3","T1","Técnico Júnior- Hora Extra 50%","Homem x Hora",192,18.708323863636362,3592,1E-4]
["3.2.2.4","T1","Técnico Júnior- Hora Extra 50% - C/ Periculosidade","Homem x Hora",192,24.320821022727273,4669.6000000000004,2.0000000000000001E-4]
["3.2.2.5","T3","Técnico Auxiliar - Hora Extra 50% - C/ Periculosidade","Homem x Hora",192,17.260528409090909,3314.02,1E-4]
["3.2.2.6","T3","Auxiliar - Hora Extra 50% - C/ Periculosidade","Homem x Hora",192,17.260528409090909,3314.02,1E-4]
["3.2.2.7","A11","Servente - Hora Extra 50% - C/ Periculosidade","Homem x Hora",1080,13.086265051363638,14133.17,5.9999999999999995E-4]
["3.2.3.",null,"MÃO DE OBRA - HORA EXTRA 100%",null,null,null,54260.78,2.2000000000000001E-3]
["3.2.3.1","P1","Engenheiro Pleno - Hora Extra 100% - C/ Periculosidade","Homem x Hora",96,165.18043749999998,15857.32,5.9999999999999995E-4]
["3.2.3.2","T1","Técnico Pleno - Hora Extra 100% - C/ Periculosidade","Homem x Hora",96,48.641642045454546,4669.6000000000004,2.0000000000000001E-4]
["3.2.3.3","T1","Técnico Júnior- Hora Extra 100%","Homem x Hora",96,37.416647727272725,3592,1E-4]
["3.2.3.4","T1","Técnico Júnior- Hora Extra 100% - C/ Periculosidade","Homem x Hora",96,48.641642045454546,4669.6000000000004,2.0000000000000001E-4]
["3.2.3.5","T3","Técnico Auxiliar - Hora Extra 100% - C/ Periculosidade","Homem x Hora",96,34.521056818181819,3314.02,1E-4]
["3.2.3.6","T3","Auxiliar - Hora Extra 100% - C/ Periculosidade","Homem x Hora",96,34.521056818181819,3314.02,1E-4]
["3.2.3.7","A11","Servente - Hora Extra 100% - C/ Periculosidade","Homem x Hora",720,26.172530102727276,18844.22,8.0000000000000004E-4]
[]
["4.",null,"VIAGENS / DIÁRIAS",null,null,null,32217.360000000001,1.2999999999999999E-3]
["4.1.",null,"DESPESAS COM VIAGENS COMERCIAIS",null,null,null,13239.36,5.0000000000000001E-4]
["4.1.1",null,"Viagem por via aerea","un",6,1148.97,6893.82,2.9999999999999997E-4]
["4.1.2",null,"Viagem por via terrestre (comercial)","un",18,352.53,6345.54,2.9999999999999997E-4]
["4.2.",null,"DESPESAS COM DIÁRIAS",null,null,null,18978,8.0000000000000004E-4]
["4.2.1",null,"Diárias nacionais","un",6,295,1770,1E-4]
["4.2.2",null,"Diárias regionais","un",72,239,17208,6.9999999999999999E-4]
[]
["5.",null,"VEÍCULOS AUTOMOTORES",null,null,null,1686680,6.7199999999999996E-2]
["5.1","B3","TIPO HATCH 1.6 FLEX (110 CV)","un x mês",90,4471.8906666666662,402470.16,1.6E-2]
["5.2","B4","TIPO SEDAN 1.6 FLEX (115CV)","un x mês",6,4471.8906666666662,26831.34,1.1000000000000001E-3]
["5.3","B11","Veículo Tipo Pick Up Cabine Dupla 4 x 4 (163 CV)","un x mês",114,7404.485333333334,844111.33,3.3599999999999998E-2]
["5.4","B8","Veículo - Tipo Ônibus - 45 assentos (218 CV) - COM MOTORISTA","un x mês",18,19830.69463111111,356952.5,1.4200000000000001E-2]
["5.5","B1","NXR BROS 160","un x mês",18,3128.5925925925926,56314.67,2.2000000000000001E-3]
[]
["6.",null,"FRENTES MÓVEIS DE LIMPEZA E CONSERVAÇÃO",null,null,null,80012.160000000003,3.2000000000000002E-3]
["6.1","Banco de Preços (PREGÃO ELETRÔNICO - MUNICÍPIO DE FÁTIMA/BA, 05/2022)","Tenda Piramidal 5m x 5m (para refeitório)","un x mês",48,301.97000000000003,14494.56,5.9999999999999995E-4]
["6.2","F099722405/EMBASA","Tenda Piramidal 3m x 3m ","un x mês",48,150,7200,2.9999999999999997E-4]
["6.3","10390 - ORSE/SE","Banheiro Químico, com 03 limpezas semanais","un x mês",120,485.98,58317.599999999999,2.3E-3]
[]
["7.",null,"MATERIAL DE CONSUMO - ALMOXARIFADOS",null,null,null,2585530.5380000002,0.10299999999999999]
["7.1.",null,"MATERIAL DE CONSUMO - MECÂNICA",null,null,null,729720.95,2.9100000000000001E-2]
["7.1.1","04791 - SINAPI","Adesivo Acrílico / Cola de contato","un",480,39.85,19128,8.0000000000000004E-4]
["7.1.2","05318 - SINAPI","Água Raz - galão  5 l","un",112,114.5,12824,5.0000000000000001E-4]
["7.1.3","\t000312/SBC","Alcool Comum 90º GL","l",1200,8.69,10428,4.0000000000000002E-4]
["7.1.4",null,"Antiferrugem aerosol WD-40 - tubo de 300 ml","un",289,23.92,6912.88,2.9999999999999997E-4]
["7.1.5","Banco de preços (NºPregão:142022 / UASG:926687 - Serviço Autonomo de Agua e Esgoto de Volta Redonda SAAE VR RJ, Pregão Eletrônico, 04/2022)","Antiespumante – antiespumante a base de silicone","l",223,25,5575,2.0000000000000001E-4]
["7.1.6","43132 - SINAPI","Arame recozido n.º 18","kg",2400,27.6,66240,2.5999999999999999E-3]
["7.1.7","00122 - SINAPI","Cola de PVC com 850 g","un",144,60.78,8752.32,2.9999999999999997E-4]
["7.1.8","Banco de preços (DEPART.DE OBRAS E SERV.PUBLICOS\nPrefeitura Municipal de Ubiretama/RS, Dispensa por Limite - 01/2022)","Cola Ultra Gray 70g","un",144,46,6624,2.9999999999999997E-4]
["7.1.9","Banco de preços (PREFEITURA MUNICIPAL DE QUEIROZ, PREGÃO PRESENCIAL - 80/2021)","Cola para junta de motores com 73g","un",1200,11.1,13320,5.0000000000000001E-4]
["7.1.10","Banco de preços (FUNDO MUNICIPAL DE ASSISTÊNCIA SOCIAL\nPrefeitura Municipal de Hulha Negra/RS, Dispensa por Limite - 05/2022)","Convertedor de ferrugem 500 ml","un",445,33,14685,5.9999999999999995E-4]
["7.1.11","038200 - SINAPI","Corda de bombeiro 12mm em nylon trançado (rolo de 100,00m)","m",3200,7.26,23232,8.9999999999999998E-4]
["7.1.12","004221 - SINAPI","Diesel comum (l)","l",480,6.85,3288,1E-4]
["7.1.13","044533 - SINAPI","Disco corte abrasivo 7\" x 1/8\" x 7/8\"","un",434,30.85,13388.9,5.0000000000000001E-4]
["7.1.14","044531 - SINAPI","Disco de corte diamantado - 7\", para esmerilhadeira, segmentado, para concreto","un",108,127.83,13805.64,5.9999999999999995E-4]
["7.1.15","044495 - SINAPI","Disco de corte para estrutura metálica 300 x 3,2 x 19,05 mm","un",434,32.67,14178.78,5.9999999999999995E-4]
["7.1.16","044533 - SINAPI","Disco de desbaste para estrutura metálica de 9\" x 1/4\" x 7/8\" ( 225 x 6,25 x 21,87 mm)","un",434,30.85,13388.9,5.0000000000000001E-4]
["7.1.17","010997 - SINAPI","Eletrodos Revestido AWS-E7018, DN 4 mm","kg",320,37.950000000000003,12144,5.0000000000000001E-4]
["7.1.18",null,"SOLDA-ELETRODO OK 4600 AWS 6013 6,0mm 1/4\"","kg",320,71.73,22953.599999999999,8.9999999999999998E-4]
["7.1.19","000012 - SINAPI","Escova de aço para remoção da graxa envelhecida dos cabos de aço","un",160,11.88,1900.8,1E-4]
["7.1.20","000013 - SINAPI","Estopa - embalagem 20 kg","kg",294,18.29,5377.26,2.0000000000000001E-4]
["7.1.21","000404 - SINAPI","Fita auto fusão 19 mm x 10 m","un",194,23.8,4617.2,2.0000000000000001E-4]
["7.1.22","012815 - SINAPI","Fita crepe adesiva 25mm x 50mm ","un",194,8.86,1718.84,1E-4]
["7.1.23","020111 - SINAPI","Fita isolante 19 mm x 20 m","un",194,17.5,3395,1E-4]
["7.1.24",null,"Graxa a base de lítio NGLI 2","kg",478,48.12,23001.360000000001,8.9999999999999998E-4]
["7.1.25",null,"Graxa a base de lítio NGLI 3","kg",478,91.18,43584.04,1.6999999999999999E-3]
["7.1.26",null,"Graxa com dissulfeto de molibidênio (MoS2) - Lata 500 g","un",478,41.85,20004.3,8.0000000000000004E-4]
["7.1.27",null,"Graxa GMA - 2","kg",478,45.58,21787.24,8.9999999999999998E-4]
["7.1.28",null,"Graxa de Alta Resistência a Carga, Pressão LGEP 2/1. Aplicação: Engrenagens de roda e engrenagens expostas","kg",478,115.41,55165.98,2.2000000000000001E-3]
["7.1.29",null,"Hidróxido de Cálcio P.A. 500 g","kg",600,32.67,19602,8.0000000000000004E-4]
["7.1.30",null,"Hipoclorito de Sódio 12% 5000 ml","kg",1200,6.75,8100,2.9999999999999997E-4]
["7.1.31","8216 - ORSE","Lâmina de serra para metal  Starret ou similar","un",667,10.5,7003.5,2.9999999999999997E-4]
["7.1.32",null,"Lençol de borracha manta 3/16” 4,8mm","m²",400,153.52000000000001,61408,2.3999999999999998E-3]
["7.1.33",null,"Líquido penetrante visível lavável à água (Ensaios de Líquido Penetrante)","un",98,37.36,3661.28,1E-4]
["7.1.34","003767 - SINAPI","Lixa nº120","un",2400,0.74,1776,1E-4]
["7.1.35",null,"Lona de borracha com alma 1,0 – 4,8 mm esp.","m",45,125.37,5641.65,2.0000000000000001E-4]
["7.1.36","003777 - SINAPI/PE","Lona plástica - 4 x 100 m - 12 kg","m²",3200,1.69,5408,2.0000000000000001E-4]
["7.1.37","037459 - SINAPI","Mangueira Cristal, Lisa PVC transparente, 3/4\" x 2 mm","m",1600,7.02,11232,4.0000000000000002E-4]
["7.1.38",null,"Mangueira FLG-62/1 0 - 150 PSI 1/4\" NPT","m",800,5.1100000000000003,4088,2.0000000000000001E-4]
["7.1.39","7696 - ORSE","Massa calafetar cinza-Durepox ou similiar","kg",334,26.37,8807.58,4.0000000000000002E-4]
["7.1.40",null,"Óleo - Translação pórtico e ponte e direção do carro - 20 l -  Óleo EP 220","l",334,44.27,14786.18,5.9999999999999995E-4]
["7.1.41",null,"Óleo Hidràulico para os componentes não protegido dos Servomotor Hidráulico - Óleo EP 320","l",334,42.63,14238.42,5.9999999999999995E-4]
["7.1.42",null,"Óleo Lubrificante Redutor - Óleo SAE 90","l",334,47.83,15975.22,5.9999999999999995E-4]
["7.1.43",null,"Óleo lubrificante, para engrenagem., EP-5, viscosidade (CSt) ( - 40ºC) = 22 - tambor 20 l","l",334,34.380000000000003,11482.92,5.0000000000000001E-4]
["7.1.44",null,"PAC – Policloreto de alumínio (5 l)","l",967,14.96,14466.32,5.9999999999999995E-4]
["7.1.45",null,"Papelão grafitado 1,50 m x 1,60 m Esp 2.4","un",30,491.4,14742,5.9999999999999995E-4]
["7.1.46",null,"Pasta de Limpeza Uso Geral Limptek 500 gramas","kg",400,22.46,8984,4.0000000000000002E-4]
["7.1.47",null,"Querosene para limpeza ","l",240,20.03,4807.2,2.0000000000000001E-4]
["7.1.48",null,"Revelador não aquoso D70 (Ensaios de Líquido Penetrante)","un",98,35.659999999999997,3494.68,1E-4]
["7.1.49",null,"Sílica Gel Branca - Pacote De 1kg - Grânulos De 4-8 Mm","kg",98,52.28,5123.4399999999996,2.0000000000000001E-4]
["7.1.50","039961 - SINAPI","Silicone (acético branca) - Tubo de 280g","un",480,27.5,13200,5.0000000000000001E-4]
["7.1.51",null,"Trava Parafusos de Alta Resistência 120 com 10g","un",192,19.559999999999999,3755.52,1E-4]
["7.1.52","Banco de preços (FUNDO MUNICIPAL DE CULTURA\nSECRETARIA DE CULTURA E TURISMO\nPrefeitura Municipal de Leme/SP, Dispensa por Limite - 04/2022)","Vaselina sólida anti-inflamável 500g","kg",120,54.3,6516,2.9999999999999997E-4]
["7.2.",null,"MATERIAL DE CONSUMO - ELÉTRICA",null,null,null,294586.5,1.17E-2]
["7.2.1","00181 - ORSE","Anilha Identificação - 0,5 a 6mm² (pacote com 100 unidades)","un",10,5,50,0]
["7.2.2","00181 - ORSE","Anilha Identificação - 10 a 16mm² (pacote com 100 unidades)","un",10,5,50,0]
["7.2.3","03875 - ORSE","Anilha Identificação - 25 a 70mm² (pacote com 100 unidades)","un",10,57,570,0]
["7.2.4","03875 - ORSE","Anilha Identificação - 95 a 120mm² (pacote com 100 unidades)","un",10,57,570,0]
["7.2.5","03531 - ORSE","Ar comprimido seco  Aerossol 300ml","un",100,44.97,4497,2.0000000000000001E-4]
["7.2.6","00993 - SINAPI","Cabo cobre flexível classe 4 ou 5 isolação PVC/A M 1,68 e cobertura PVC-ST1 antichama BWF-B 0,6/1 kV 1,5mm²","m",500,2.69,1345,1E-4]
["7.2.7","01022 - SINAPI","Cabo cobre flexível classe 4 ou 5 isolação PVC/A M 1,68 e cobertura PVC-ST1 antichama BWF-B 0,6/1 kV 2,5mm²","m",1000,3.73,3730,1E-4]
["7.2.8","01003 - SINAPI","Cabo cobre flexível classe 4 ou 5 isolação PVC/A M 1,68 e cobertura PVC-ST1 antichama BWF-B 0,6/1 kV 4mm²","m",1000,5.76,5760,2.0000000000000001E-4]
["7.2.9","00994 - SINAPI","Cabo cobre flexível classe 4 ou 5 isolação PVC/A M 1,68 e cobertura PVC-ST1 antichama BWF-B 0,6/1 kV 6mm²","m",1000,7.3,7300,2.9999999999999997E-4]
["7.2.10","01020 - SINAPI","Cabo cobre flexível classe 4 ou 5 isolação PVC/A M 1,68 e cobertura PVC-ST1 antichama BWF-B 0,6/1 kV 10mm²","m",500,11.7,5850,2.0000000000000001E-4]
["7.2.11","00995 - SINAPI","Cabo cobre flexível classe 4 ou 5 isolação PVC/A M 1,68 e cobertura PVC-ST1 antichama BWF-B 0,6/1 kV 16mm²","m",500,17.95,8975,4.0000000000000002E-4]
["7.2.12","00996 - SINAPI","Cabo cobre flexível classe 4 ou 5 isolação PVC/A M 1,68 e cobertura PVC-ST1 antichama BWF-B 0,6/1 kV 25mm²","m",500,27.33,13665,5.0000000000000001E-4]
["7.2.13","01019 - SINAPI","Cabo cobre flexível classe 4 ou 5 isolação PVC/A M 1,68 e cobertura PVC-ST1 antichama BWF-B 0,6/1 kV 35mm²","m",500,37.67,18835,8.0000000000000004E-4]
["7.2.14","01018 - SINAPI","Cabo cobre flexível classe 4 ou 5 isolação PVC/A M 1,68 e cobertura PVC-ST1 antichama BWF-B 0,6/1 kV 50mm²","m",500,53.69,26845,1.1000000000000001E-3]
["7.2.15","00977 - SINAPI","Cabo cobre flexível classe 4 ou 5 isolação PVC/A M 1,68 e cobertura PVC-ST1 antichama BWF-B 0,6/1 kV 70mm²","m",500,74.38,37190,1.5E-3]
["7.2.16","00998 - SINAPI","Cabo cobre flexível classe 4 ou 5 isolação PVC/A M 1,68 e cobertura PVC-ST1 antichama BWF-B 0,6/1 kV 95mm²","m",200,98.81,19762,8.0000000000000004E-4]
["7.2.17","01017 - SINAPI","Cabo cobre flexível classe 4 ou 5 isolação PVC/A M 1,68 e cobertura PVC-ST1 antichama BWF-B 0,6/1 kV 120mm²","m",200,128.62,25724,1E-3]
["7.2.18","00863 - SINAPI","Cabo de cobre nu, eletrolítico, têmpera meio duro, #35mm² (m)","m",200,38.409999999999997,7682,2.9999999999999997E-4]
["7.2.19","00867 - SINAPI","Cabo de cobre nu, eletrolítico, têmpera meio duro, #50mm² (m)","m",200,53.49,10698,4.0000000000000002E-4]
["7.2.20","00864 - SINAPI","Cabo de cobre nu, eletrolítico, têmpera meio duro, #70mm² (m)","m",200,75.36,15072,5.9999999999999995E-4]
["7.2.21","09720 - ORSE","Conector para haste aterramento #35mm² GTDU","un",25,54.5,1362.5,1E-4]
["7.2.22","09720 - ORSE","Conector para haste aterramento #50mm² GTDU","un",20,54.5,1090,0]
["7.2.23","09720 - ORSE","Conector para haste aterramento #70mm² GTDU","un",20,54.5,1090,0]
["7.2.24","11602 - ORSE","Filtro de ventiladores de painéis","un",180,38.39,6910.2,2.9999999999999997E-4]
["7.2.25",null,"Filtro dos motores do eixo leste EBV6 (fabricante Aeroglass (670x280x25mm)","un",48,168,8064,2.9999999999999997E-4]
["7.2.26",null,"Filtro dos motores do eixo leste EBV5 (fabricante Aeroglass (750x225x25mm)","un",48,161,7728,2.9999999999999997E-4]
["7.2.27",null,"Filtro dos motores do eixo leste EBV1, 2, 3 e 4 (fabricante Aeroglass-modelo FMT_C2015 inox - 345x925x25mm)","un",64,230,14720,5.9999999999999995E-4]
["7.2.28","02643 - ORSE","Fita isolante de borracha autofusão impermeável à prova dágua , até 69 kV (alta tensão)- 19mm x 10m","un",200,12.6,2520,1E-4]
["7.2.29","020111 - SINAPI","Fita isolante adesiva antichama 19mm x 20m","un",280,17.5,4900,2.0000000000000001E-4]
["7.2.30","01118 - ORSE","Interruptor simples com 01 tecla","un",4,9.6,38.4,0]
["7.2.31","01119 - ORSE","Interruptor simples com 02 teclas","un",4,6.2,24.8,0]
["7.2.32","38070 - SINAPI","Interruptor tipo three-way (paralelos) com 02 teclas","un",4,18.02,72.08,0]
["7.2.33",null,"Limpador de contatos elétricos 300ml","un",84,13.19,1107.96,0]
["7.2.34",null,"Pano para limpeza (Rolo Tipo Perfex 20 cm x 300 metros)","un",50,141.16999999999999,7058.5,2.9999999999999997E-4]
["7.2.35","11443 - ORSE","Pincel - kit 03 pincéis 1/2\" 1\" 1.1/2\"","un",76,8.5500000000000007,649.79999999999995,0]
["7.2.36","Banco de preços (NºPregão:202022 / UASG:926430 - GOVERNO DO ESTADO DO AMAZONAS\nDEFENSORIA PUBLICA DO ESTADO DO AMAZONAS, Pregão Eletrônico - 05/2022)","Sabão líquido neutro (5 l)","un",54,16.72,902.88,0]
["7.2.37","02922 - ORSE","Solvente/Desengraxante de alta rigidez dielétrica  1l","un",36,25.38,913.68,0]
["7.2.38","12377 - ORSE*","Terminal isolado tipo agulha para condutores de 0,5 a 1,5mm² (pct c/ 100)","un",100,60,6000,2.0000000000000001E-4]
["7.2.39","12377 - ORSE*","Terminal isolado tipo agulha para condutores de 1,5 a 2,5 mm² (pct c/ 100)","un",100,60,6000,2.0000000000000001E-4]
["7.2.40","07948 - ORSE*","Terminal isolado tipo agulha para condutores de 4 a 6 mm² (pct c/ 100)","un",100,56.999999999999993,5700,2.0000000000000001E-4]
["7.2.41","04669 - ORSE","Terminal de compressão – 10mm²","un",200,1.1499999999999999,230,0]
["7.2.42","04670 - ORSE","Terminal de compressão – 16mm²","un",200,1.36,272,0]
["7.2.43","02676 - ORSE","Terminal de compressão – 25mm²","un",100,1.88,188,0]
["7.2.44","02677 - ORSE","Terminal de compressão – 35mm²","un",100,2.12,212,0]
["7.2.45","03559 - ORSE","Terminal de compressão – 50mm²","un",100,3.69,369,0]
["7.2.46","06911 - ORSE","Terminal de compressão – 70mm²","un",100,4.5999999999999996,460,0]
["7.2.47","03153 - ORSE","Terminal de compressão – 95mm²","un",50,5.66,283,0]
["7.2.48","04673 - ORSE","Terminal de compressão – 120mm²","un",50,7.96,398,0]
["7.2.49","01587 - SINAPI","Terminal de pressão – 35mm²","un",50,7.13,356.5,0]
["7.2.50","01588 - SINAPI","Terminal de pressão – 50mm²","un",40,9.7899999999999991,391.6,0]
["7.2.51","01589 - SINAPI","Terminal de pressão – 70mm²","un",40,10.09,403.6,0]
["7.3.",null,"MATERIAL DE CONSUMO - CIVIL",null,null,null,1401773.0280000002,5.5899999999999998E-2]
["7.3.1","00034 - SINAPI","Aço D=10 mm CA 50","kg",1556,11.42,17769.52,6.9999999999999999E-4]
["7.3.2","00043055 - SINAPI","Aço D=12 mm CA 50","kg",1556,9.89,15388.84,5.9999999999999995E-4]
["7.3.3","00043059  - SINAPI","Aço D=5.0 mm CA 60","kg",1556,10.8,16804.8,6.9999999999999999E-4]
["7.3.4","00032 - SINAPI","Aço D=6.3 mm CA 50","kg",1556,12.04,18734.240000000002,6.9999999999999999E-4]
["7.3.5","00033 - SINAPI","Aço D=8.0 mm CA 50","kg",1556,12.11,18843.16,8.0000000000000004E-4]
["7.3.6","00340 - SINAPI","Arame farpado nº. 16 galvanizado Simples","m",2223,1.52,3378.96,1E-4]
["7.3.7","43131 - SINAPI","Arame galvanizado 8BWG, d=4,19mm","kg",240,32.06,7694.4,2.9999999999999997E-4]
["7.3.8","43132 - SINAPI","Arame recozido n.º 18","kg",134,27.6,3698.4,1E-4]
["7.3.9","00367 - SINAPI","Areia grossa comercial, posto em obra","m³",491.7405040000001,116.5,57287.77,2.3E-3]
["7.3.10","00000134 - SINAPI","Argamassa para grauteamento ","kg",1112,2.04,2268.48,1E-4]
["7.3.11","004729 - SINAPI","Pedra britada comercial (n.º 0 a 5)","m³",574.26389800000004,84.22,48364.51,1.9E-3]
["7.3.12","04513 - SINAPI","Caibro de 5x5cm ","m",1334,7.29,9724.86,4.0000000000000002E-4]
["7.3.13","001106 - SINAPI","Cal hidratada","kg",92897,1.18,109618.46,4.4000000000000003E-3]
["7.3.14","001379 - SINAPI","Cimento CPII-32","kg",226100,0.6,135660,5.4000000000000003E-3]
["7.3.15","001358 - SINAPI","Compensado resinado 17mm","m²",96,55.12,5291.52,2.0000000000000001E-4]
["7.3.16","002692 - SINAPI","Desmoldante","l",86,8.34,717.24,0]
["7.3.17","020111 - SINAPI","Fita isolante adesiva antichama 19mm x 20m","un",16,17.5,280,0]
["7.3.18"," M2018 - SICRO3/PE","Gastalho 10x2,5cm","m",1334,4.8,6403.2,2.9999999999999997E-4]
["7.3.19","005076 - SINAPI","Grampo para cerca galvanizado 1 x 9","kg",96,25.69,2466.2399999999998,1E-4]
["7.3.20","003681 - SINAPI","Junta de dilatação (O-22 ou similar)","m",268,109.82,29431.759999999998,1.1999999999999999E-3]
["7.3.21","014077 - SINAPI","Junta de dilatação - Perfil elastomerico pre-formado em epmd, para junta de dilatacao de pisos com pouca solicitacao, 15 mm de largura, movimentacao de 11 a 19 mm","m",268,168.36,45120.480000000003,1.8E-3]
["7.3.22","38780 - SINAPI/PE","Lâmpada fluorescente compacta, branca 20 W, base E27 (127/220 V)","un",134,17.260000000000002,2312.84,1E-4]
["7.3.23","038780 - SINAPI","Lâmpada fluorecente de 20W","un",134,17.260000000000002,2312.84,1E-4]
["7.3.24","003751 - SINAPI","Lâmpada vapor mercúrio 400 W (base E40)","un",16,59.23,947.68,0]
["7.3.25","003767 - SINAPI","Lixa nº120","un",40,0.74,29.6,0]
["7.3.26","003777 - SINAPI","Lona plástica - 4 x 100m - 12kg","m²",2400,1.69,4056,2.0000000000000001E-4]
["7.3.27","025865 - SINAPI","Manta termoplástica PEAD, geomembrana lisa, e=2 mm","m²",9060.3486823923013,57.23,518523.75800000003,2.07E-2]
["7.3.28","004047 - SINAPI","Massa corrida - latão 18 l","un",23,54,1242,0]
["7.3.29","2866 - ORSE","Mastique elástico base silicone","l",1565.5751,159.63,249912.75,0.01]
["7.3.30","00036799  - SINAPI","Mourão de concreto reto para cercas","un",112,64.930000000000007,7272.16,2.9999999999999997E-4]
["7.3.31",null,"Perfil para fixação das geomembrana Barra de 6m ","m",134,154.88999999999999,20755.259999999998,8.0000000000000004E-4]
["7.3.32","11442 - ORSE","Pincel 1\"","un",89,4.9400000000000004,439.66,0]
["7.3.33","005075 - SINAPI","Prego 18x30","kg",214,25.43,5442.02,2.0000000000000001E-4]
["7.3.34","038390 - SINAPI","Rolo de lã de carneiro - 20cm ","un",89,34.82,3098.98,1E-4]
["7.3.35","038393 - SINAPI","Rolo de espuma poliéster 23 cm com cabo","un",89,15.7,1397.3,1E-4]
["7.3.36","012296 - SINAPI","Soquete de porcelana base E27, para uso ao tempo, para lâmpadas","un",16,3.97,63.52,0]
["7.3.37","00006194 - SINAPI","Tábua de madeira não aparelhada *2,5 X 15 CM (1 X 6 \") pinus, mista ou equivalente da região","m",223,7.89,1759.47,1E-4]
["7.3.38","005318 - SINAPI*","Thinner/águarras - 5 l","un",9,114.5,1030.5,0]
["7.3.39","07258 - SINAPI","Tijolo comum (5,5x10x20) cm","un",10667,0.43,4586.8100000000004,2.0000000000000001E-4]
["7.3.40","00154 - SINAPI","Tinta Alcatrão de Hulha -  galão de 3,6 litros","l",9,88.01,792.09,0]
["7.3.41","02232/ORSE","Tinta Latex  PVA","l",221,15.14,3345.94,1E-4]
["7.3.42","38386 - SINAPI","Trincha de 2 \"","un",89,5.08,452.12,0]
["7.3.43","38400 - SINAPI","Vassourão 40cm com cabo","un",110,19.149999999999999,2106.5,1E-4]
["7.3.44","12001 - SINAPI","CAIXA OCTOGONAL DE FUNDO MOVEL, EM PVC, DE 4\" X 4\", PARA ELETRODUTO FLEXIVEL CORRUGADO","un",12,7.46,89.52,0]
["7.3.45","1872 - SINAPI","CAIXA DE PASSAGEM, EM PVC, DE 4\" X 2\", PARA ELETRODUTO FLEXIVEL CORRUGADO","un",96,2.88,276.48,0]
["7.3.46","2688 - SINAPI","ELETRODUTO PVC FLEXIVEL CORRUGADO, COR AMARELA, DE 25 MM","m",500,2.81,1405,1E-4]
["7.3.47","7528 - SINAPI","TOMADA 2P+T 10A, 250V, CONJUNTO MONTADO PARA EMBUTIR 4\" X 2\" (PLACA + SUPORTE + MODULO)","un",96,9.9,950.4,0]
["7.3.48","38062 - SINAPI","INTERRUPTOR SIMPLES 10A, 250V, CONJUNTO MONTADO PARA EMBUTIR 4\" X 2\" (PLACA + SUPORTE + MODULO)","un",12,7.6,91.2,0]
["7.3.49","0000345 - SINAPI","ARAME GALVANIZADO 18 BWG, D = 1,24MM (0,009 KG/M)","Kg",6.2400000000000011,39.369999999999997,245.67,0]
["7.3.50","00003315 - SINAPI","GESSO EM PO PARA REVESTIMENTOS/MOLDURAS/SANCAS E USO GERAL","kg",248.70144000000002,0.7,174.09,0]
["7.3.51","00004812 - SINAPI","PLACA DE GESSO PARA FORRO, *60 X 60* CM, ESPESSURA DE 12 MM (SEM COLOCACAO)","m²",249.60000000000002,9.84,2456.06,1E-4]
["7.3.52","00020250 - SINAPI","SISAL EM FIBRA","Kg",1.9468800000000002,11,21.42,0]
["7.3.53","00040547 - SINAPI","PARAFUSO ZINCADO, AUTOBROCANTE, FLANGEADO, 4,2 MM X 19 MM","Cento",7.6876800000000012,32.19,247.47,0]
["7.3.54","39484 - SINAPI","KIT PORTA PRONTA DE MADEIRA, FOLHA LEVE (NBR 15930) DE 800 X 2100 MM, DE 35 MM A 40 MM DE ESPESSURA, COM MARCO EM ACO, NUCLEO COLMEIA, CAPA LISA EM HDF, ACABAMENTO MELAMINICO BRANCO (INCLUI MARCO, ALIZARES, DOBRADICAS E FECHADURA)","un",12,431,5172,2.0000000000000001E-4]
["7.3.55","031443 - IOPES","JANELA DE CORRER EM ALUMINIO, 100 X 150 CM (A X L), 4 FLS, SEM BANDEIRA, ACABAMENTO ACET OU BRILHANTE, COM VIDRO, COM GUARNICAO PARA 1 FACE","m²",7.1999999999999993,530.15,3817.08,2.0000000000000001E-4]
[]
["7.4.",null,"MANUTENÇÃO DE CANTEIRO - ESCRITÓRIO",null,null,null,159450.06,6.4000000000000003E-3]
["7.4.1",null,"Taxa de manutenção de canteiros, incluindo despesas com material de expediente, material de limpeza, água, energia, comunicação, entre outras","%",1,159450.06,159450.06,6.4000000000000003E-3]
[]
["8.",null,"FERRAMENTAS",null,null,null,434473.6999999999,1.7299999999999999E-2]
["8.1.",null,"FERRAMENTAS - MECÂNICA",null,null,null,68428.169999999984,2.7000000000000001E-3]
["8.1.1",null,"Alavanca para mecânico 38,4 cm ","un",6,255.68,1534.08,1E-4]
["8.1.2","11240 - ORSE","Alicate de bico com isolamento para 1000V","un",9,43.9,395.1,0]
["8.1.3","38470 - SINAPI","Alicate de corte diagonal","um",9,45.9,413.1,0]
["8.1.4","38471 - SINAPI","Alicate para anéis externo pontas retas","un",9,108.29,974.61,0]
["8.1.5","38471 - SINAPI","Alicate para anéis externos ponta curva 90°","un",9,108.29,974.61,0]
["8.1.6","38471 - SINAPI","Alicate para anéis internos","un",9,108.29,974.61,0]
["8.1.7",null,"Alicate de pressão modelo curvo reto, 10\", 250mm","un",9,46.04,414.36,0]
["8.1.8","11240 - ORSE","Alicate universal, 8\", com isolação 1000 V","un",9,43.9,395.1,0]
["8.1.9","10585 - ORSE","Arco de Serra manual (com serra)","un",6,21.25,127.5,0]
["8.1.10",null,"Cabo de força T com encaixe de ½”, ¾” e 1” para soquetes ","un",6,304.87,1829.22,1E-4]
["8.1.11","5090 - SINAPI","Cadeado 30mm","un",9,22,198,0]
["8.1.12","00425 - ORSE","Cadeado 40mm","un",9,23.55,211.95,0]
["8.1.13",null,"Calibrador de folgas de 0,03 mm - 0,50 mm 17 Lâminas (Jogo)","un",6,86.56,519.36,0]
["8.1.14",null,"Canivete sem ponta inox com lâmina larga","un",9,30.9,278.10000000000002,0]
["8.1.15",null,"Chave ajustável oxidada n.º 08","un",9,64.86,583.74,0]
["8.1.16",null,"Chave combinada 1\" x 5/16\"","un",9,99.24,893.16,0]
["8.1.17",null,"Chave combinada 22 mm","un",9,29.78,268.02,0]
["8.1.18",null,"Chave combinada n.º 5/16\"","un",9,14.29,128.61000000000001,0]
["8.1.19",null,"Chave cruzada 8 x 150","un",9,12.8,115.2,0]
["8.1.20",null,"Chave de boca 3/4\" x 25/32\"","un",9,26.65,239.85,0]
["8.1.21",null,"Chave de boca 5/16\" x 1/4\"","un",9,14.89,134.01,0]
["8.1.22",null,"Chave de fenda 1/4x10","un",9,14.18,127.62,0]
["8.1.23",null,"Chave de fenda 1/8x3","un",9,7.1,63.9,0]
["8.1.24",null,"Chave de fenda 3/16x6","un",9,8.27,74.430000000000007,0]
["8.1.25",null,"Chave de fenda 3/8x10","un",9,22.65,203.85,0]
["8.1.26",null,"Chave de fenda 8x150","un",9,15.57,140.13,0]
["8.1.27",null,"Chave de fenda cruzada (Philips) 1/4\" x 1. 1/2\"","un",9,15.62,140.58000000000001,0]
["8.1.28",null,"Chave de fenda tipo toco 1/4\" x 1. 1/2\"","un",9,12.59,113.31,0]
["8.1.29",null,"Chave grifo americana n.º 8 200mm","un",6,54.54,327.24,0]
["8.1.30",null,"Chave grifo americana n.º 18 450mm","un",6,138.34,830.04,0]
["8.1.31",null,"Chave Philips","un",9,15.24,137.16,0]
["8.1.32",null,"Chave soquete tipo canhão 1/2\"","un",3,28.13,84.39,0]
["8.1.33",null,"Chave soquete tipo canhão 1/4\"","un",3,18.149999999999999,54.45,0]
["8.1.34",null,"Chave soquete tipo canhão 11/32\"","un",3,23.9,71.7,0]
["8.1.35",null,"Chave soquete tipo canhão 3/8\"","un",3,24.94,74.819999999999993,0]
["8.1.36",null,"Chave soquete tipo canhão 7/16\"","un",3,32.17,96.51,0]
["8.1.37",null,"Chave soquete tipo canhão 9/16\"","un",3,26.21,78.63,0]
["8.1.38","12 - SINAPI","Escova de aço, com cabo, *4 X 15* fileiras de cerdas","un",3,135.44,406.32,0]
["8.1.39","04725 - ORSE","Espátula n.º 38A-23","un",9,18.5,166.5,0]
["8.1.40","38380 - SINAPI","Esquadro Profissional 12\" (em aço)","un",6,37.83,226.98,0]
["8.1.41",null,"Extensão elétrica 20m 2x2,50mm com carretel","un",6,302.85000000000002,1817.1,1E-4]
["8.1.42",null,"Faca reta desencapadora com isolamento para 1000V","un",9,125.84,1132.56,0]
["8.1.43",null,"Funil para troca de óleo","un",6,30.45,182.7,0]
["8.1.44",null,"Jogo de broca de aço de 6 a 19mm (concreto parede)","un",9,117.4,1056.5999999999999,0]
["8.1.45",null,"Jogo de soquete Estriado de 1/2 Pol. Com 22 peças ","un",6,332.52,1995.12,1E-4]
["8.1.46",null,"Jogo de chave combinada de nº 6 a nº 50","un",9,907.32,8165.88,2.9999999999999997E-4]
["8.1.47",null,"Jogo de chave hexagonal (Allen) em polegada","un",9,74.319999999999993,668.88,0]
["8.1.48",null,"Jogo de chave hexagonal (Allen) nº 03 a 17mm","un",9,87.63,788.67,0]
["8.1.49",null,"Jogo de chave Phillips com isolamento para 1000V","un",9,206.74,1860.66,1E-4]
["8.1.50",null,"Jogo de chave soquete 22 mm a 50 mm","un",6,919.84,5519.04,2.0000000000000001E-4]
["8.1.51",null,"Jogo de chaves de fenda com isolamento para 1000V","un",9,120.88,1087.92,0]
["8.1.52",null,"Jogo para Reparo de Rosca Postiça Master M5xM12","un",6,331.57,1989.42,1E-4]
["8.1.53","11400/ORSE","Lanterna grande - 10 Million","un",6,31.52,189.12,0]
["8.1.54","10592/ORSE","Lima chata paralela murça 6\"","un",9,34.47,310.23,0]
["8.1.55","J040001106/EMBASA","Lima paralela bastarda 6\"","un",9,28.6,257.39999999999998,0]
["8.1.56",null,"Lima redonda murça 6\"","un",9,26.48,238.32,0]
["8.1.57",null,"Kit Estojo de Limas Murça 19 peças","un",9,73.89,665.01,0]
["8.1.58",null,"Mala de ferramenta com 05 gavetas","un",9,168.32,1514.88,1E-4]
["8.1.59","4729 - ORSE","Marreta 1kg","un",9,28.8,259.2,0]
["8.1.60","J02000073/EMBASA","Marreta 2 kg com cabo de fibra","un",6,17.100000000000001,102.6,0]
["8.1.61","J020000076/EMBASA","Marreta de 5kg com cabo de madeira","un",6,19.739999999999998,118.44,0]
["8.1.62","J030000145/EMBASA","Martelo bola  1kg cabo em madeira ","un",9,42.9,386.1,0]
["8.1.63","11265/ORSE","Martelo de borracha 32 Cm","un",9,11.5,103.5,0]
["8.1.64",null,"Nível a laser com base magnética e tripé","un",6,408.64,2451.84,1E-4]
["8.1.65",null,"Nível de mão – metálico e magnético","un",6,40.39,242.34,0]
["8.1.66",null,"Pe De Cabra, 900 Mm, Sextavado, Pintado","un",6,62.67,376.02,0]
["8.1.67","38377 - SINAPI","Prumo de centro","un",6,47.85,287.10000000000002,0]
["8.1.68",null,"Punção de centro 100 x 4 mm","un",9,17.87,160.83000000000001,0]
["8.1.69",null,"Punção de centro 150 x 6 mm","un",9,19.170000000000002,172.53,0]
["8.1.70","J030000058/EMBASA","CONJUNTO DE SACA-PINOS","un",9,169.57,1526.13,1E-4]
["8.1.71",null,"Saca pino 08mm","un",9,0,0,0]
["8.1.72",null,"Saca pino 17 mm","un",9,0,0,0]
["8.1.73",null,"Saca pino paralelo 150x4","un",9,0,0,0]
["8.1.74",null,"Saca pino paralelo 150x6","un",9,0,0,0]
["8.1.75",null,"Saca pino paralelo 150x8","un",9,0,0,0]
["8.1.76",null,"Saca polia 10\"","un",3,1449.71,4349.13,2.0000000000000001E-4]
["8.1.77",null,"Soquete Sextavado Quadra 1\" 65 mm","un",3,343.68,1031.04,0]
["8.1.78",null,"Soquete Sextavado Quadra 1\" 70 mm","un",3,313.25,939.75,0]
["8.1.79",null,"Soquete Sextavado Quadra 1\" 75/55 mm","un",3,429.92,1289.76,1E-4]
["8.1.80","11271/ORSE","Talhadeira De Aço Com Empunhadura De Proteção 10''","un",9,29.69,267.20999999999998,0]
["8.1.81",null,"Torquímetro de estalo 50 - 400 N.m","un",3,3163.81,9491.43,4.0000000000000002E-4]
["8.1.82",null,"Trena Metálica 8 m","un",6,68.81,412.86,0]
["8.2.",null,"FERRAMENTAS - ELÉTRICA",null,null,null,242747.55,9.7000000000000003E-3]
["8.2.1",null,"Adaptador universal de tomadas","un",46,10.039999999999999,461.84,0]
["8.2.2",null,"Alavanca reta, 1,75 m","un",10,470.8,4708,2.0000000000000001E-4]
["8.2.3",null,"Alicate bico chato/pato, 6\"","un",13,36.119999999999997,469.56,0]
["8.2.4","38470 - SINAPI","Alicate cortador de cabos diagonal, 6\"","un",23,45.9,1055.7,0]
["8.2.5",null,"Alicate cortador de cabos frontal, 6\"","un",13,267.36,3475.68,1E-4]
["8.2.6",null,"Alicate/Tesoura cortador manual de cabos de até 300mm², 225mm","un",13,1062.75,13815.75,5.9999999999999995E-4]
["8.2.7","38547 - SINAPI","Alicate crimpador, RJ-11/RJ-45, 200mm","un",2,125.25,250.5,0]
["8.2.8","38547 - SINAPI","Alicate crimpador,  RG-59 e RG-6, 130mm","un",2,125.25,250.5,0]
["8.2.9","11272 - ORSE","Alicate crimpador para terminais 1,0 a 10mm², 220mm","un",13,97.93,1273.0899999999999,1E-4]
["8.2.10","11272 - ORSE","Alicate crimpador para terminais 10 a 120mm², 620mm","un",1,97.93,97.93,0]
["8.2.11","11272 - ORSE","Alicate crimpador 11\", 280mm","un",2,97.93,195.86,0]
["8.2.12",null,"Alicate crimpador, hidráulico, prensa terminal,  com matriz de 10 a 300mm²","un",1,835.33,835.33,0]
["8.2.13","11275 - ORSE","Alicate de pressão, 10\", 250mm","un",13,59.25,770.25,0]
["8.2.14","11240 - ORSE","Alicate profissional universal, 8\". Material: Cromo Vanadium","un",13,43.9,570.70000000000005,0]
["8.2.15","11240 - ORSE","Alicate universal, 8\", com isolação 1000 V","un",10,43.9,439,0]
["8.2.16","10585 - ORSE","Arco de Serra manual (com serra)","un",23,21.25,488.75,0]
["8.2.17",null,"Aspirador de Pó / Liquidos 2 Motores de 1200W 220V AA280 ","un",2,2181.69,4363.38,2.0000000000000001E-4]
["8.2.18",null,"Bastão isolante universal Ø 38 mm, 6 m, com 2 cabeçotes","un",2,1530.51,3061.02,1E-4]
["8.2.19",null,"Bastão de resgate - 35 kV, 220 mm","un",2,1170.68,2341.36,1E-4]
["8.2.20",null,"Chave de boca ajustável 8\"","un",10,36.909999999999997,369.1,0]
["8.2.21",null,"Chave de boca ajustável 12\"","un",10,115.7,1157,0]
["8.2.22",null,"Chave de boca ajustável 18\"","un",10,429.6,4296,2.0000000000000001E-4]
["8.2.23","00425 - ORSE","Cadeado 40mm","un",27,23.55,635.85,0]
["8.2.24",null,"Caixa de ferramentas para eletricista NR10 com 34 peças - Equipes de Manutenção","un",6,5562.35,33374.1,1.2999999999999999E-3]
["8.2.25",null,"Caixa de ferramentas para eletricista NR10 com 34 peças para operadores EB","un",6,5562.35,33374.1,1.2999999999999999E-3]
["8.2.26",null,"Caixa de ferramentas com 40 peças (Para técnicos de automação e telecom)","un",2,2314.2600000000002,4628.5200000000004,2.0000000000000001E-4]
["8.2.27",null,"Caixa de ferramentas tipo sanfonada, confeccionada  em chapa de aço, com rodas e puxador","un",13,148.93,1936.09,1E-4]
["8.2.28",null,"Câmera fotográfica digital 20MP, 5x Zoom Óptico","un",2,849.64,1699.28,1E-4]
["8.2.29",null,"Chave com catraca 4 bocas 8x9x10x11 mm (Ref. 44637101 ou similar)","un",10,199.97,1999.7,1E-4]
["8.2.30",null,"Conjunto de aterramento rápido e temporário para cubículos até 35kV","un",2,3394.48,6788.96,2.9999999999999997E-4]
["8.2.31",null,"Conjunto de aterramento rápido e temporário para redes isoladas até 1kV","un",2,1090.55,2181.1,1E-4]
["8.2.32",null,"Conjunto de aterramento temporário até 15 kV","un",2,3853.03,7706.06,2.9999999999999997E-4]
["8.2.33",null,"Conjunto de chaves básicas para eletricista com 06 peças","un",10,105.17,1051.7,0]
["8.2.34",null,"Detector de Tensão por contato 1kV","un",15,715.66,10734.9,4.0000000000000002E-4]
["8.2.35",null,"Detector unipolar de tensão por aproximação - 10 KV","un",5,1435.99,7179.95,2.9999999999999997E-4]
["8.2.36",null,"Encerado de lona (3x2 m)","un",5,49.13,245.65,0]
["8.2.37","38477/SINAPI","Escada perfil \"U\" de fibra de vidro extensiva - altura esticada 8,40 m - 15 kV","un",5,1153.4100000000001,5767.05,2.0000000000000001E-4]
["8.2.38","Banco de Preços (Pregão Eletrônico - FUND.P/CONSERV.PROD.FLORESTAL DO EST.SP\nGOVERNO DO ESTADO DE SÃO PAULO), 04/2022","Escada de fibra de vidro tipo \"A\" - 10 degraus","un",2,2710,5420,2.0000000000000001E-4]
["8.2.39","12 - SINAPI","Escova com cerdas de aço para condutores","un",10,11.88,118.8,0]
["8.2.40",null,"Ferramenta universal para bastão de manobra - Cabeçote para grampo de aterramento","un",2,263.06,526.12,0]
["8.2.41",null,"Fumigador para apicultura","un",10,208.21,2082.1,1E-4]
["8.2.42","11248/ORSE","Furadeira elétrica de impacto 1/2\" Ø 13mm, 800W, 1050 A, 2800 rpm e 220V","un",10,246,2460,1E-4]
["8.2.43","Licitação - Banco de preços (SECRETARIA DA SEGURANCA PUBLICA\nSãO PAULO-06/2022)","Jogo de chave canhão com 12 unidades","un",10,229,2290,1E-4]
["8.2.44",null,"Jogo de chave combinada com 16 unidades (sextavado/boca fixa) de 1/4\" a 1.1/4\" (6,35 mm a 31,75 mm)","un",10,653.17999999999995,6531.8,2.9999999999999997E-4]
["8.2.45",null,"Jogo de soquetes estriado com encaixe 1/2\" com 38 soquetes - 10-32mmn","un",10,436.95,4369.5,2.0000000000000001E-4]
["8.2.46",null,"Jogo de chaves biela 12 peças tipo L 8 a 19mm","un",10,225.28,2252.8000000000002,1E-4]
["8.2.47",null,"Jogo de chave de fenda e philips com haste protegida para eletricista com 07 peças","un",10,531.11,5311.1,2.0000000000000001E-4]
["8.2.48",null,"Kit de reparo eletrônico (ferro de solda, sugador de placa de circuito impresso, componentes sobressalentes)","un",2,206.08,412.16,0]
["8.2.49",null,"Kit ferramenta fibra óptica (clivador +alicate decapador + alicate stripper + bolsa + 2 chaves allen + recipiente para álcool + guia) + Medidor de potência para fibra óptica (Power Meter Medidor Potência Fibra Óptica + Caneta Laser 10W)","un",2,378.32,756.64,0]
["8.2.50",null,"Kit ferramentas telecom ( tipo TRAMONTINA PRO 44970053 ou similar)","un",2,2326.59,4653.18,2.0000000000000001E-4]
["8.2.51","11396 - ORSE","Lanterna tática grande - 5.500.000 lumens","un",10,16.579999999999998,165.8,0]
["8.2.52","10592/ORSE","Lima chata murça 8\" com cabo","un",1,34.47,34.47,0]
["8.2.53","J040001106/EMBASA","Lima chata bastarda 10\"","un",1,28.6,28.6,0]
["8.2.54","036147/SINAPI","Luva isolante classe 00 - 2,5kV","un",13,410.4,5335.2,2.0000000000000001E-4]
["8.2.55","\tB.07.000.049767/CPOS","Luva isolante classe 3 - 30kV","un",13,527.09,6852.17,2.9999999999999997E-4]
["8.2.56","J020000076/EMBASA","Marreta de 5kg com cabo de madeira","un",10,19.739999999999998,197.4,0]
["8.2.57",null,"Martelete Perfurador/Rompedor Profissional 220V, 800W, 870 RPM","un",1,1017.75,1017.75,0]
["8.2.58","J030000145/EMBASA","Martelo-bola 1kg com cabo de madeira","un",10,42.9,429,0]
["8.2.59","11244/ORSE","Martelo universal (de unha) 25mm com cabo de madeira","un",10,37.9,379,0]
["8.2.60","31.41.36/SUDECAP","Pá-de-bico com cabo de madeira","un",10,27.95,279.5,0]
["8.2.61","11248/ORSE","Parafusadeira/Furadeira elétrica com fio - 220V, 400W","un",10,246,2460,1E-4]
["8.2.62",null,"Punho saca fusível NH tamanho 000 a 4, 1kV","un",10,209.04,2090.4,1E-4]
["8.2.63",null,"Soprador Costal 2T 59,2CC à Gasolina","un",2,1642.94,3285.88,1E-4]
["8.2.64",null,"Soprador térmico 2000W, 220V","un",1,531.33000000000004,531.33000000000004,0]
["8.2.65","I2587/SEINFRA","Talha manual Tirfor 1.600kgf/cm² com alavanca","un",1,2694,2694,1E-4]
["8.2.66",null,"Testador de bastão de manobra para isolador","un",1,4950,4950,2.0000000000000001E-4]
["8.2.67",null,"Teste de Bateria Digital com Impressora Térmica Embutida","un",6,1779.9,10679.4,4.0000000000000002E-4]
["8.2.68",null,"Testador Teste Crimpagem Cabo Rede Lan Rj45 Rj11","un",2,52.07,104.14,0]
[]
["8.3.",null,"FERRAMENTAS - CIVIL",null,null,null,123297.98000000003,4.8999999999999998E-3]
["8.3.1",null," Alavanca sextavada ponta pá curva para construção civil","un",29,181.03,5249.87,2.0000000000000001E-4]
["8.3.2",null," Ansinho curvo robusto 12 dentes com cabo de madeira","un",29,40.229999999999997,1166.67,0]
["8.3.3","10585 - ORSE","Arco de Serra manual (com serra)","un",12,21.25,255,0]
["8.3.4","10 - SINAPI"," Balde 10 l ","un",57,12.14,691.98,0]
["8.3.5",null,"Binóculo Profissional Ampliação 8 à 24x 50mm","un",10,204.37,2043.7,1E-4]
["8.3.6",null,"Câmera fotográfica digital 20MP, 5x Zoom Óptico","un",6,797.32,4783.92,2.0000000000000001E-4]
["8.3.7",null," Carrinho para transporte de motor de popa até 40 Hp","un",12,350.35,4204.2,2.0000000000000001E-4]
["8.3.8","2711 - SINAPI"," Carro de mão ","un",114,238,27132,1.1000000000000001E-3]
["8.3.9",null," Cavador articulado com cabo de madeira 110cm","un",29,62.75,1819.75,1E-4]
["8.3.10",null," Chibanca metálica com cabo de madeira","un",100,113.28,11328,5.0000000000000001E-4]
["8.3.11","J040001052/EMBASA"," Colher de pedreiro nº 9 ","un",2,13.76,27.52,0]
["8.3.12",null," Conjunto de ferramentas básicas para encanador ","un",3,424.23,1272.69,1E-4]
["8.3.13",null," Conjunto de ferramentas básicas para pedreiro ","un",2,223.21,446.42,0]
["8.3.14","38200/COMPESA"," Corda de bombeiro semi estática em nylon trançado (rolo de 100 m) ","un",5,640.24,3201.2,1E-4]
["8.3.15",null," Desempenadeira de aço dentada ","un",5,23.06,115.3,0]
["8.3.16","4174/ORSE"," Desempenadeira de aço lisa ","un",5,10.8,54,0]
["8.3.17","M0076/SICRO3"," Disco corte abrasivo 18\" para aço 178x1,6x22,2mm","un",3,15.36,46.08,0]
["8.3.18","38403 - SINAPI"," Enxada estreita de 240 x 230 mm, sem cabo ","un",100,58.96,5896,2.0000000000000001E-4]
["8.3.19","38477 - SINAPI"," Escada articulada multifuncional 16 degraus ","un",7,1254.9100000000001,8784.3700000000008,4.0000000000000002E-4]
["8.3.20","12 - SINAPI","Escova de aco, com cabo, *4 x 15* fileiras de cerdas ","un",7,11.88,83.16,0]
["8.3.21","38367 - SINAPI","Espátula aço inox, 8cm - cabo de madeira ","un",7,23.81,166.67,0]
["8.3.22","38368 - SINAPI","Espátula de plástico lisa, largura 10 cm ","un",7,7.76,54.32,0]
["8.3.23","D249722458/EMBASA"," Esponja de limpeza ","un",60,3.9,234,0]
["8.3.24","38380 - SINAPI","Esquadro 90º x 30cm (12\") ","un",3,37.83,113.49,0]
["8.3.25","J020000046/EMBASA"," Estrovenga com cabo de madeira","un",100,32.9,3290,1E-4]
["8.3.26",null,"Facão para mato, 18 pol","un",102,30.55,3116.1,1E-4]
["8.3.27","J020000052/EMBASA","Foice 33mm com cabo de madeira","un",102,47.9,4885.8,2.0000000000000001E-4]
["8.3.28",null," Fumigador para apicultura ","un",14,198.45,2778.3,1E-4]
["8.3.29","11400/ORSE"," Lanterna grande - 10 Million ","un",12,31.52,378.24,0]
["8.3.30","J020000061/EMBASA"," Machado lâmica 3,5 cabo de madeira 90 cm","un",43,42.43,1824.49,1E-4]
["8.3.31","M2462/SICRO"," Mangueira de ¾ 50 MTS ","un",9,303.5,2731.5,1E-4]
["8.3.32","00037458/SINAPI"," Mangueira de nível 5/16x1,3mm","un",10,45,450,0]
["8.3.33","11269 - ORSE"," Marreta de 1/2 kg com cabo ","un",11,13.52,148.72,0]
["8.3.34","J020000073/EMBASA"," Marreta oitavada de 2kg com cabo de madeira","un",11,17.100000000000001,188.1,0]
["8.3.35","J020000076/EMBASA","Marreta de 5kg com cabo de madeira","un",11,19.739999999999998,217.14,0]
["8.3.36","11244/ORSE"," Martelo com unha 25mm","un",11,37.9,416.9,0]
["8.3.37","11265/ORSE"," Martelo de borracha 32 Cm","un",3,11.5,34.5,0]
["8.3.38",null," Nível c/ bolha ajustável de inclinação, bolha fixa e prumo – 250mm ","un",3,62.88,188.64,0]
["8.3.39","10789/ORSE"," Nível de bolha de madeira ","un",3,16.5,49.5,0]
["8.3.40","10788/ORSE"," Pá quadrada com cabo de madeira","un",100,36.9,3690,1E-4]
["8.3.41",null," Pé-de-cabra 3/4x60cm","un",29,66.709999999999994,1934.59,1E-4]
["8.3.42","830101/IOPES"," Picareta 4 libras com cabo 90 cm","un",100,111.33,11133,4.0000000000000002E-4]
["8.3.43","038394/SINAPI"," Pistola para pintura pulverizadora 1L","un",3,317.52999999999997,952.59,0]
["8.3.44","4720/ORSE"," Ponteiro de aço liso 3/4","un",29,21.48,622.91999999999996,0]
["8.3.45","38377 - SINAPI"," Prumo de centro ","un",3,44.03,132.09,0]
["8.3.46","38376 - SINAPI"," Prumo de parede ","un",3,50.2,150.6,0]
["8.3.47","31.42.17/SUDECAP"," Rastelo (ASG) de plástico com cabo","un",29,32.99,956.71,0]
["8.3.48","8606/ORSE","Refletor redondo em alumínio anodizado para lâmpada vapor de mercúrio/sódio, corpo em aluminio com pintura epoxi, para lâmpada E-27 de 300 W, com suporte redondo e alça regulável para fixação. ","un",30,63.8,1914,1E-4]
["8.3.49",null," Régua de alumínio - 2,00m ","un",3,40.44,121.32,0]
["8.3.50","10577/ORSE"," Serrote madeira 40cm ","un",11,30,330,0]
["8.3.51","4728/ORSE"," Talhadeira de aço chato 10\" ","un",29,13.85,401.65,0]
["8.3.52",null," Torqueza 8\"","un",15,22.62,339.3,0]
["8.3.53","078296/SBC","Trena Metálica 8 m","un",20,26,520,0]
["8.3.54","83.25.53/SUDECAP"," Trena de Fita 20m ","un",3,35.369999999999997,106.11,0]
["8.3.55","F099703003/EMBASA"," Trena de Fita 50m ","un",3,41.62,124.86,0]
[]
["9.",null,"EQUIPAMENTOS",null,null,null,3579720.4500000016,0.14269999999999999]
["9.1.",null,"EQUIPAMENTOS - MECÂNICA",null,null,null,28123.869999999995,1.1000000000000001E-3]
["9.1.1","COT_AFER","Aferidor de manômetro de 0 a 150 bar ","un x mês",6,33.332500000000003,200,0]
["9.1.2","COT_ALMO_FLEX","Almotolia de bico flexível 500ml","un x mês",18,0.81187500000000001,14.61,0]
["9.1.3","COT_ALMO_RIG","Almotolia de bico rígido 500ml","un x mês",18,1.1468749999999999,20.64,0]
["9.1.4","\t4154/ORSE","Andaime metálico tipo fachadeiro Dim: Largura= 1,20m / Altura por peça= 2,00m. (Altura Total=10m - 5 peças por conjunto)","m² x mês",864,8.8166666666666664,7617.6,2.9999999999999997E-4]
["9.1.5","COT_BANC_OFIC","Bancada para oficina (Dim: 1,2m x 2,5m) ","un x mês",36,42.156874999999999,1517.65,1E-4]
["9.1.6","COT_BOMB_GRAX","Bomba de graxa manual 5kg ","un x mês",18,5.7049999999999992,102.69,0]
["9.1.7","13914 - SINAPI/PE","Talha Manual de Corrente com Alavanca 1,5 t Elevação 1,5m (Catraca 1,5 ton) ","un x mês",6,16.124375000000001,96.75,0]
["9.1.8","COT_CHAV_46","Chave de impacto 46mm boca/estria ","un x mês",12,2.6360416666666668,31.63,0]
["9.1.9","COT_CHAV_55","Chave de impacto 55mm boca/estria ","un x mês",12,5.5,66,0]
["9.1.10","COT_CHAV_60","Chave de impacto 60mm boca/estria ","un x mês",12,3.4639861111111112,41.57,0]
["9.1.11","COT_CHAV_65","Chave de impacto 65mm boca/estria ","un x mês",12,3.6160416666666673,43.39,0]
["9.1.12","COT_CHAV_70","Chave de impacto 70mm boca/estria ","un x mês",12,6.6712500000000006,80.06,0]
["9.1.13","COT_CHAV_75","Chave de impacto 75mm boca/estria","un x mês",24,5.9000624999999998,141.6,0]
["9.1.14","COT_CHAV_85","Chave de impacto 85mm boca/estria","un x mês",24,10.089381944444446,242.15,0]
["9.1.15","COT_CINT_3T","Cinta para elevação de carga (comprimento: 3m / capacidade de carga: 3t)","un x mês",12,2.3052083333333333,27.66,0]
["9.1.16","COT_CINT_20T","Cinta para elevação de carga  (comprimento: 6m / capacidade de carga: 20t)","un x mês",12,27.415625000000002,328.99,0]
["9.1.17","COT_CORT","Cortador a frio para tubos - Cortador Tubo Ferro Ferrari 1/8\" - 2\"","un x mês",12,21.441666666666666,257.3,0]
["9.1.18","COT_CURV","Curvador de tubos (Até 1”) - Curvador e Dobrador De Tubos Manual","un x mês",12,46.574583333333329,558.9,0]
["9.1.19","38476 - SINAPI/PE","Escada de abrir com 2 x 8 degraus (2,40m) em alumínio ","un x mês",24,5.2312777777777777,125.55,0]
["9.1.20","38477 - SINAPI/PE","Escada de marinheiro extensível em duraluníno com 10 x 20 degraus (3,00m / 6,00m) ","un x mês",18,16.506138888888888,297.11,0]
["9.1.21","COT_ESCA_07","Escada metálica de 07 degraus ","un x mês",18,7.6102083333333335,136.97999999999999,0]
["9.1.22","COT_ESCA_16","Escada articulada multifuncional 4x4 16 degraus","un x mês",6,18.894166666666667,113.37,0]
["9.1.23","COT_ESME","Esmerilhadeira angular de 4 ½” ","un x mês",12,7.2718750000000005,87.26,0]
["9.1.24","11359 - SINAPI/PE","Esmerilhadeira angular de 7” ","un x mês",12,14.229166666666666,170.75,0]
["9.1.25","I9376 - SEINFRA/CE","Furadeira Manual 650W 1050 – 1450 RPM 220V Ø 13mm","un x mês",12,18.8125,225.75,0]
["9.1.26","COT_INDU","Indutor elétrico para aquecimento de rolamentos (JM 500) ","un x mês",6,356.93395833333335,2141.6,1E-4]
["9.1.27","COT_LIXA","Lixadeira 4 1/2\" ","un x mês",12,9.0208333333333339,108.25,0]
["9.1.28","COT_MACA_20T","Macaco de comando a distância 20 t - Macaco Hidráulico 20 Toneladas Tipo Garrafa","un x mês",12,16.825833333333332,201.91,0]
["9.1.29","COT_MACA_50T","Macaco de comando a distância 50 t - Macaco Hidráulico 50 Toneladas Tipo Garrafa","un x mês",12,33.685000000000002,404.22,0]
["9.1.30","COT_MACA_2T","Macaco tipo elevador capacidade de 2 t - Macaco Hidráulico 2 Toneladas tipo Garrafa","un x mês",12,4.0841666666666665,49.01,0]
["9.1.31","COT_MACA_GIR","Macaco tipo girafa de 2 t - Guincho Hidráulico 2 Toneladas com Prolongador","un x mês",12,93.251250000000013,1119.02,0]
["9.1.32","40403 - SINAPI/PE","Máquina de solda elétrica de 250 A com kit.","un x mês",12,9.5043749999999996,114.05,0]
["9.1.33","COT_MORS","Morsa para bancada nº 08 ","un x mês",36,9.2993749999999995,334.78,0]
["9.1.34","E9630-DNIT/PE","Conjunto Motor bomba 7,5 CV, 380 V, Q=75,6 m3/h e H=17 mca. (Poço de rebaixamento da EBV-3)","un x mês",6,121.5728,729.44,0]
["9.1.35","COT_BOMB_SUB","Bomba Submersível 5 Cv Trifásica 380V, Q=2 - 52 m3/h e H= 3-25 mca.(Poço de rebaixamento do Res. de areias (Estrutura de Controle)","un x mês",6,294.84479166666665,1769.07,1E-4]
["9.1.36","COT_MOTO_ESMER","Motoesmeril de 1cv - 3.500 RPM ","un x mês",36,22.247291666666666,800.9,0]
["9.1.37","COT_MULT","Multiplicador de Torque Manual 2700 N.m/2000 lb.ft CDI GA190","un x mês",6,66.740833333333327,400.45,0]
["9.1.38","E9552 - DNIT/PE","Nível de precisão  ","un x mês",6,314.94480000000004,1889.67,1E-4]
["9.1.39","COT_PARA","Parafusadeira elétrica a bateria ","un x mês",12,19.770416666666666,237.25,0]
["9.1.40","COT_PREN","Prensa hidráulica de 10 ton ","un x mês",12,30.559374999999999,366.71,0]
["9.1.41","E9207-DNIT/PE","Retífica elétrica ","un x mês",12,128.99680000000001,1547.96,1E-4]
["9.1.42","E9748-DNIT/PE","Rosqueadeira ( para tubos de ½” a 4”) -Rosqueadeira Elétrica 1/2 A 4 Pol. 750w 220v-Br Motors-Brr124bsp","un x mês",6,115.97280000000001,695.84,0]
["9.1.43","10740 - SINAPI/PE","Talha capacidade 3t","un x mês",12,126.28473611111112,1515.42,1E-4]
["9.1.44","COT_TIFO","Tifor 3t","un x mês",12,96.029583333333335,1152.3599999999999,0]
[]
["9.2.",null,"EQUIPAMENTOS - ELÉTRICA",null,null,null,10890,4.0000000000000002E-4]
["9.2.1","COT_ANAL","Analisador de grandezas elétricas trifásico, display LCD colorido 5,6\", TRMS 1.000 V, corrente 3.000A ","un x mês",6,730.68708333333336,4384.12,2.0000000000000001E-4]
["9.2.2","COT_BANC_TESTE","Bancada de teste, amperimetro 150A, voltímetro 40V ","un x mês",6,125.45375,752.72,0]
["9.2.3","COT_BANC_PROT","Bancada protegida contra eletricidade estática ","un x mês",6,67.108333333333334,402.65,0]
["9.2.4","COT_DATA","Data Logger de 4 a 20 mA (verificação de intermitência em instrumentação) ","un x mês",6,23.011041666666667,138.07,0]
["9.2.5","13761 - SINAPI/PE","Estação de solda com temperatura ajustável e proteção antiestático ","un x mês",6,317.95999999999998,1907.76,1E-4]
["9.2.6","10236 - ORSE/SE","Fonte de alimentação com tensão variável de 0 a 30Vcc de 3 A ","un x mês",6,4.020833333333333,24.13,0]
["9.2.7","COT_FONT","Fonte de bancada 12 V ","un x mês",6,15.290416666666667,91.74,0]
["9.2.8","I9376 - SEINFRA/CE","Furadeira Manual 650W 1050 – 1450 RPM 220V Ø 13mm","un x mês",6,18.8125,112.88,0]
["9.2.9","COT_GERA","Gerador de corrente e tensão de 0 a 20 mA e 0 a 10V, precisão de 0,1% ","un x mês",6,3.4647916666666667,20.79,0]
["9.2.10","COT_TTR ","TTR - medidor digital de relação de espiras, escala de medição 0,8000:1 a 8.000,0: 1 ","un x mês",6,509.18916666666672,3055.14,1E-4]
["9.3.",null,"EQUIPAMENTOS - CIVIL",null,null,null,3540706.5800000015,0.1411]
["9.3.1","E9630-DNIT/PE","Bomba submersível com capacidade de 75 m³/h - 3,6 kW","un x mês",12,121.5728,1458.87,1E-4]
["9.3.2","\t4154/ORSE","Andaime metálico tipo fachadeiro Dim: Largura= 1,20m / Altura por peça= 2,00m. (Altura Total=10m - 5 peças por conjunto)","m² x mês",432,8.8166666666666664,3808.8,2.0000000000000001E-4]
["9.3.3","E9519 - DNIT/PE","Betoneira com motor a gasolina com capacidade de 600 l - 10 kW","un x mês",12,2292.605,27511.26,1.1000000000000001E-3]
["9.3.4","746 - SINAPI/PE","Lavadora de alta pressão a diesel, partida elétrica, motor de 10 hp","un x mês",6,51.6,309.60000000000002,0]
["9.3.5","36503 - SINAPI/PE","MOTOBOMBA TRASH (PARA AGUA SUJA) AUTO ESCORVANTE, MOTOR GASOLINA DE 6,41 HP, DIAMETROS DE SUCCAO X RECALQUE: 3\" X 3\", HM/Q: 10/60 A 23/0","un x mês",12,468.32000000000005,5619.84,2.0000000000000001E-4]
["9.3.6","E9630-DNIT/PE","Bomba submersível com capacidade de 75 m³/h - 3,6 kW","un x mês",12,121.5728,1458.87,1E-4]
["9.3.7","E9579-DNIT/PE","CAMINHÃO BASCULANTE 10 M3, TRUCADO CABINE SIMPLES, PESO BRUTO TOTAL 23.000 KG, CARGA ÚTIL MÁXIMA 15.935 KG, DISTÂNCIA ENTRE EIXOS 4,80 M, POTÊNCIA 230 CV INCLUSIVE CAÇAMBA METÁLICA ","un x mês",24,23076.58,553837.92000000004,2.2100000000000002E-2]
["9.3.8","E9592-DNIT/PE","CAMINHÃO TRUCADO (C/ TERCEIRO EIXO) ELETRÔNICO - POTÊNCIA 231CV - PBT = 22000KG - DIST. ENTRE EIXOS 5170 MM - INCLUI CARROCERIA FIXA ABERTA DE MADEIRA","un x mês",24,30208.587800000001,725006.11,2.8899999999999999E-2]
["9.3.9","E9509-DNIT/PE","Caminhão Comboio para lubrificação e abastecimento (melosa), convencional totalmente equipado (Capacidade de Combustível: 5.000 l, Capacidade de Lubrificante: 500 l, Capacidade de Graxa: 200 kg, Capacidade de Água: 300 l, Recipiente para Óleo Usado: 200 l, Compressor de Ar e Bomba- d’agua).","un x mês",6,26471.532500000001,158829.20000000001,6.3E-3]
["9.3.10","E9686-DNIT/PE","Caminhão guindauto com capacidade de carga até 10,0 t.","un x mês",12,32393.054459999999,388716.65,1.55E-2]
["9.3.11","6259 - SINAPI/PE","Caminhão tanque, capacidade de volume  6000 l e potência 136,0 hp .","un x mês",30,21482.239999999998,644467.19999999995,2.5700000000000001E-2]
["9.3.12","89883-SINAPI/PE","Cavalo Mecânico com Reboque M. Benz Randon LS-1634/45 29,5 t, ou similar","un x mês",6,31798.02,190788.12,7.6E-3]
["9.3.13","E9107-DNIT/PE","Compactador de solo a percussão (soquete), com motor gasolina de 4 tempos, peso entre 55 e 65 kg, força de impacto de 1.000 a 1.500 kgf, frequência de 600 a 700 golpes por minuto,velocidade de trabalho entre 10 e 15 m/min, potência entre 2 e 3 hp.","un x mês",6,289.58839999999998,1737.53,1E-4]
["9.3.14","E9556-DNIT/PE","Compactador de solo, tipo placa vibratória reversível, com motor a diesel, peso entre 700 e 820 kg, força centrífuga entre 6.200 e 10.000 kgf, largura de trabalho entre 650 e 720 mm, frequência de vibração entre 3.000 e 3.500 rpm, velocidade de trabalho entre 25 e 30 m/min, potência entre 13,0 e 15,0 hp.","un x mês",6,296.74560000000002,1780.47,1E-4]
["9.3.15","E9513-DNIT/PE","Compressor de ar rebocável, vazão 400 pcm, pressão efetiva de trabalho 102 psi, motor diesel, potência 110 cv.","un x mês",3,7046.0660000000007,21138.2,8.0000000000000004E-4]
["9.3.16","COT_CONJ_30","Conjunto motorbomba com 30 kW de potência no motor elétrico (25 mca x 0,1 m³/s) para esgotamento, com respectivos mangotes de sucção e descarga a serem especificados em função dos diâmetros. ","un x mês",3,998.55416666666667,2995.66,1E-4]
["9.3.17","36483 - SINAPI/PE","ESCAVADEIRA HIDRAULICA SOBRE ESTEIRAS CACAMBA 0,40 A 1,20 M3, PESO OPERACIONAL 21,19 T, POTENCIA LIQUIDA 173 HP","un x mês",6,19454.96,116729.76,4.7000000000000002E-3]
["9.3.18","E9066-DNIT/PE","Grupo gerador de 13/14 KVA, 220v, trifásico, silenciado, com 100 metros de cabos e 01 QTA. ","un x mês",6,1497.7885999999999,8986.73,4.0000000000000002E-4]
["9.3.19","E9776 - DNIT/PE","Grupo gerador de 145/160 kVA","un x mês",6,4392.9344000000001,26357.61,1.1000000000000001E-3]
["9.3.20","E9778 - DNIT/PE","Grupo gerador de 310/340 kVA","un x mês",6,5895.3267999999998,35371.96,1.4E-3]
["9.3.21","E9535 - DNIT/PE","Serra circular de bancada, modelo pica-pau, diâmetro de 350 mm. Características do motor: trifásico, potência de 5 hp, frequência de 60 H.","un x mês",12,137.33000000000001,1647.96,1E-4]
["9.3.22","40403 - SINAPI/PE","Máquina de solda elétrica de 250 A com kit.","un x mês",12,9.5043749999999996,114.05,0]
["9.3.23","E9568-DNIT/PE","Furadeira elétrica profissional.","un x mês",12,30.907599999999999,370.89,0]
["9.3.24","13192 - SINAPI/PE","Lixadeira elétrica angular para concreto, potência 1.400 W, prato diamantado de 5''.","un x mês",12,88.70270833333332,1064.43,0]
["9.3.25","14619 - SINAPI/PE","Máquina para corte com disco abrasivo de diâmetro de 18'' (450 mm), com motor elétrico trifásico de 10 cv.","un x mês",12,250.73854166666669,3008.86,1E-4]
["9.3.26","40703 - SINAPI/PE","Martelete rompedor 33 kg.","un x mês",6,180.44,1082.6400000000001,0]
["9.3.27","36533 - SINAPI/PE","Martelo demolidor pneumático manual, com redução de vibração, peso de 31,5 kg.","un x mês",12,258.12093750000003,3097.45,1E-4]
["9.3.28","13227 - SINAPI/PE","MOTONIVELADORA POTENCIA BASICA LIQUIDA (PRIMEIRA MARCHA) 171 HP, PESO BRUTO 14768 KG, LARGURA DA LAMINA DE 3,7 M","un x mês",6,31868.480000000003,191210.88,7.6E-3]
["9.3.29","E9585 - DNIT/PE","Motoserra portátil com motor a gosolina de 60 cc.","un x mês",18,263.25979999999998,4738.68,2.0000000000000001E-4]
["9.3.30","11651 - SINAPI/PE","Perfuratriz pneumática manual de peso médio, 18 kg, comprimento de curso de 6 m, diâmetro do pistão de 5,5 cm","un x mês",3,301.2,903.6,0]
["9.3.31","E9526-DNIT/PE","Retroescavadeira sobre rodas com carregadeira, tração 4x4, potência líquida 72 hp, peso operacional mínimo de 7.140 kg, capacidade mínima da carregadeira de 0,79 m³ e da retroescavadeira mínima de 0,18 m³, profundidade de escavação máxima de 4,50 m.","un x mês",24,15896.36434,381512.74,1.52E-2]
["9.3.32","E9089 - DNIT/PE","Roçadeira costal com motor a gasolina de  32 cc.","un x mês",24,342.8612,8228.67,2.9999999999999997E-4]
["9.3.33","COT - SOLD","Soldador manual para mantas Leister Triac-st","un x mês",12,101.95541666666666,1223.47,0]
["9.3.34","COT_TORR","Torre de iluminação 4000 W","un x mês",12,1239.09671875,14869.16,5.9999999999999995E-4]
["9.3.35","COT - TRIT","Triturador de Galhos e Resíduos TR-500G à Gasolina Motor 13HP","un x mês",24,418.16041666666666,10035.85,4.0000000000000002E-4]
["9.3.36","39628 - SINAPI/PE","Motor a diesel para vibrador de imersão de 4,7 cv.","un x mês",6,77.413749999999993,464.48,0]
["9.3.37","39399 - SINAPI/PE","Vibrador de imersão, com ponteira de 35 mm, mangote de 5 m, sem motor.","un x mês",2,33.634166666666665,67.27,0]
["9.3.38","39400 - SINAPI/PE","Vibrador de imersão, com ponteira de 45 mm, mangote de 5 m, sem motor.","un x mês",2,36.558958333333329,73.12,0]
["9.3.39","39401 - SINAPI/PE","Vibrador de imersão, com ponteira de 60 mm, mangote de 5 m, sem motor.","un x mês",2,41.010416666666664,82.02,0]
[]
["10.",null,"INSTRUMENTOS",null,null,null,153689.01999999999,6.1000000000000004E-3]
["10.1.",null,"INSTRUMENTOS - MECÂNICA",null,null,null,12906.059999999998,5.0000000000000001E-4]
["10.1.1",null,"Analisador de vibração VIB 496FFY VIBOTRON","un x mês",6,524.0916666666667,3144.55,1E-4]
["10.1.2","Banco de preços (NºPregão:102022 / UASG:153029, MINISTÉRIO DA EDUCAÇÃO\nUniversidade Tecnológica Federal do Paraná\nUTFPR - Campus Medianeira - Pregão Eletrônico, 06/2022)","Base magnética para relógio comparador","un x mês",24,17.833333333333332,428,0]
["10.1.3","Banco de preços (NºPregão:282022 / UASG:984723, PREFEITURA MUNICIPAL DE JOÃO MONLEVADE/MG - Pregão Eletrônico, 07/2022)","Estetoscópio Kent","un x mês",12,12.166666666666666,146,0]
["10.1.4",null,"Micrômetro 100 à 200 externo","un x mês",12,55.650666666666666,667.81,0]
["10.1.5","Banco de preços (NºPregão:752021 / UASG:168008, MINISTÉRIO DA DEFESA\nComando do Exército\nIndustria de Material Belico do Brasil/FE/RJ - Pregão Eletrônico, 01/2022)","Micrômetro externo 0 – 100mm","un x mês",12,23.400000000000002,280.8,0]
["10.1.6","Banco de preços (NºPregão:222022 / UASG:153178 - MINISTÉRIO DA EDUCAÇÃO\nUniversidade Tecnológica Federal do Paraná\nUTFPR - Campus Ponta Grossa, Pregão Eletrônico - 07/2022)","Micrômetro interno 50 – 800mm","un x mês",12,121.08333333333333,1453,1E-4]
["10.1.7",null,"Nível ótico (Topcon AT-B2) ou similar","un x mês",6,115,690,0]
["10.1.8","Banco de preços (NºPregão:252022 / UASG:154043, MINISTÉRIO DA EDUCAÇÃO\nUniversidade Federal de Uberlândia - Pregão Eletrônico, 06/2022)","Paquímetro digital 0 – 150mm/0,01mm","un x mês",12,6.6583333333333341,79.900000000000006,0]
["10.1.9",null,"Paquímetro universal 0 - 650mm/0,02mm","un x mês",12,116.69133333333333,1400.3,1E-4]
["10.1.10","Banco de preços (NºPregão:832021 / UASG:742050, MINISTÉRIO DA DEFESA\nCOMANDO DA MARINHA\nCentro de Intendência Tecnológico da Marinha em São Paulo - Pregão Eletrônico, 01/2022)","Relógio comparador 0 – 10/0,01mm digital","un x mês",24,8.7593333333333323,210.22,0]
["10.1.11","Banco de preços (NºPregão:62022 / UASG:158445, MINISTÉRIO DA EDUCAÇÃO\nSECRETARIA DE EDUCAÇÃO PROFISSIONAL E TECNOLÓGICA\nInstituto Federal de Educação, Ciência e Tecnologia do Amazonas\nCampus Manaus Centro - Pregão Eletrônico, 07/2022)","Tacômetro digital 0,1 - 1,0 RPM DT - 2234 A","un x mês",6,13.064000000000002,78.38,0]
["10.1.12","Banco de preços (NºPregão:7982021 / UASG:925373 - GOVERNO DO ESTADO DE RONDONIA\nSuperintendência Estadual de Compras e Licitações, Pregão Eletrônico - 01/2022)","Termômetro mira laser escala de -20 a 500ºC","un x mês",6,12.786333333333333,76.72,0]
["10.1.13",null,"Termovisor, com resolução Infravermelha de 120 x 90, Sensibilidade Térmica menor que 0,10 ºC, frequência da imagem de 9 Hz e faixa de temperatura –20 a 250 °C. ","un x mês",18,236.13233333333335,4250.38,2.0000000000000001E-4]
["10.2.",null,"INSTRUMENTOS - ELÉTRICA",null,null,null,87902.13,3.5000000000000001E-3]
["10.2.1",null,"Alicate Amperímetro (mod. 381 CA/CC True-rms 1000V CAT III (ou similar)","un x mês",78,188.74099999999999,14721.8,5.9999999999999995E-4]
["10.2.2","Banco de preços (UNIVERSIDADE ESTADUAL DE CAMPINAS\nSECR. DESENV. ECONOMICO\nCAMPINAS - Dispensa de Licitação, 01/2022)","Alicate amperímetro CA/CC de 600V, digital, CAT III FLUKE 305","un x mês",60,32.175000000000004,1930.5,1E-4]
["10.2.3",null,"Alicate Medidor de qualidade de energia (mod. Fluke 345 ou  similar) ","un x mês",12,895.4616666666667,10745.54,4.0000000000000002E-4]
["10.2.4",null,"Boroscópio Digital Tela LCD 2,7 Pol. com Câmera de Inspeção e Saída USB ","un x mês",12,66.413333333333341,796.96,0]
["10.2.5",null,"Calibrador de processos multifunção digital (mod. Fluke 725 ou  similar) ","un x mês",12,916.66666666666663,11000,4.0000000000000002E-4]
["10.2.6",null,"Fasímetro, digital, categoria IV, 40~700Vca, 600V ","un x mês",60,66.572666666666677,3994.36,2.0000000000000001E-4]
["10.2.7",null,"Freqüencímetro gitital de bancada , 1GHz de 8 dígitos ","un x mês",6,32.847333333333331,197.08,0]
["10.2.8",null,"Medidor de distância, laser, amplitude de medição 1mm a 80m ","un x mês",6,40.501666666666665,243.01,0]
["10.2.9",null,"Medidor de resistência de aterramento e resistividade do solo (Faixa de medição de 0,02Ω a 300KΩ; Alcance de até 2 K Ω) com 02 pinças ","un x mês",6,776.61800000000005,4659.71,2.0000000000000001E-4]
["10.2.10",null,"Medidor de vazão portátil tipo Clamp-on ","un x mês",6,442,2652,1E-4]
["10.2.11",null,"Megôhmetro digital de 15 kV, alcance de até 1 TΩ, Interface USB, IP54 ","un x mês",12,518.33333333333337,6220,2.0000000000000001E-4]
["10.2.12",null,"Multímetro digital, tensão DC/AC 50,000 mV a 1000V, 0,4% (True/RMS), frequencia 99,999Hz a 999,99KHz  \"FLUKE-87-V\" com pontas prova TWIST GUARD","un x mês",78,172.35933333333332,13444.03,5.0000000000000001E-4]
["10.2.13",null,"Multímetro digital para teste de equipotencialização (medições de baixas resistências), 100V, 10A, 0,1 Ω a 50 Ω ","un x mês",78,65.166666666666671,5083,2.0000000000000001E-4]
["10.2.14","Banco de preços (NºPregão:42022 / UASG:784810, MINISTÉRIO DA DEFESA\nCOMANDO DA MARINHA\nCentro de Intendencia da Marinha em Belem - Pregão Eletrônico, 03/2022)","Osciloscópio portátil com frequência de trabalho de 100Mhz, LCD Colorido 7”,  CAT II 600V ","un x mês",6,79.833333333333329,479,0]
["10.2.15",null,"Power Meter (Medidor Potência Fibra Óptica) potência 1310 nm, 1490 nm e 1550 nm  + Caneta Laser 10w ","un x mês",12,5.5350000000000001,66.42,0]
["10.2.16","Banco de preços (NºPregão:7982021 / UASG:925373, GOVERNO DO ESTADO DE RONDONIA\nSuperintendência Estadual de Compras e Licitações - Pregão Eletrônico, 01/2022)","Termômetro mira laser escala de -30ºC a 500ºc ","un x mês",78,12.786333333333333,997.33,0]
["10.2.17","Banco de preços (NºPregão:22022 / UASG:156654, HOSPITAL DAS CLÍNICAS DA UNIVERSIDADE FEDERAL DE UBERLÂNDIA - Pregão Eletrônico, 01/2022)","Termovisor -20ºC a 350ºC, com camera de 5 megapixels, visor LCD de 3,5 polegadas ","un x mês",18,236.13233333333335,4250.38,2.0000000000000001E-4]
["10.2.18",null,"Testador de cabos RJ45 / 11, frequencia 200kHz, display LCD 3 ½ digitos, 600V ","un x mês",12,49.790333333333336,597.48,0]
["10.2.19",null,"Verificador elétrico de tensão 1000V, sem contato com cabo (mod. T6-1000 Fluke ou similar) ","un x mês",78,74.660666666666671,5823.53,2.0000000000000001E-4]
["10.3.","COT_BANC_TESTE","INSTRUMENTOS - CIVIL",null,null,null,52880.83,2.0999999999999999E-3]
["10.3.1","H019701007/EMBASA","GPS Geodésico portátil com visor 65K de cores legível sob luz solar, à prova d'água, geocaching informatizado e recurso de mapeamento ampliados.","un x mês",6,133.33333333333334,800,0]
["10.3.2","Banco de preços - NºPregão:12021 / UASG:154849 - 01/2022 (MINISTÉRIO DA EDUCAÇÃO\nSecretaria Executiva\nSubsecretaria de Planejamento e Orçamento\nInstituto Federal de Educação, Ciência e Tecnologia de Pernambuco\n/Campus Cabo de Santo Agostinho)","Estação Total com leitura direta de 1 segundo e precisão de 2\". Prumo óptico na alidade. Interface com principais softwares do mercado, à prova d'água e poeira conforme norma internacional: IEC529. Com kit completo, inclusive tripé com pernas extensíveis.","un x mês",6,662.83333333333337,3977,2.0000000000000001E-4]
["10.3.3",null,"Nível automático com precisão de ± 1,0 mm/km duplo de nivelamento, aumento de imagem 32 vezes, limbo horizontal com escala de 1º, abertura da objetiva 45 mm, foco mínimo 1,60 m. Com tripé e mira.","un x mês",6,60.638333333333343,363.83,0]
["10.3.4",null,"(GNSS GPS Geodésico modo RTK Precisão horizontal 8mm + 1ppm e Precisão Vertical 15mm + 1ppm modelo CHC X91+)","un x mês",6,7956.666666666667,47740,1.9E-3]
[]
["11.",null,"SEGURANÇA E MANUTENÇÃO DE BARRAGENS",null,null,null,1595413.1559999997]
["11.1.",null,"MÃO DE OBRA - SEGURANÇA DE BARRAGENS",null,null,null,677170.89999999991,2.7E-2]
["11.1.1","P1","Engenheiro Pleno  - Esp. Em Seg. de Barragem","homem x mês",6,22362.89,134177.34,4.0000000000000001E-3]
["11.1.2","P1","Engenheiro. Civil  (Geotecnico)","homem x mês",6,22362.89,134177.34,4.0000000000000001E-3]
["11.1.3","P2","Engenheiro Junior - Civil","homem x mês",6,18890.87,113345.22,2.5999999999999999E-3]
["11.1.4","A1","Assistente Administrativo (Assistente social)","homem x mês",12,4153.3530662399999,49840.23,2.7000000000000001E-3]
["11.1.5","AS","Assistente Administrativo (administrativo)","homem x mês",12,6837.22,82046.64,2.7000000000000001E-3]
["11.1.6","A1","Auxiliar Administrativo","homem x mês",6,4153.3530662399999,24920.11,6.9999999999999999E-4]
["11.1.7","TS","Topógrafo ","homem x mês",6,7178.1,43068.6,3.0999999999999999E-3]
["11.1.8","T3","Auxiliar de Topografia","homem x mês",12,4673.62,56083.44,1.6999999999999999E-3]
["11.1.9","T1","Técnico Pleno","homem x mês",6,6585.33,39511.980000000003,1.1999999999999999E-3]
["11.2.",null,"EQUIPAMENTOS - SEGURANÇA DE BARRAGENS",null,null,null,846983.99999999988,3.3799999999999997E-2]
["11.2.1","E9763-DNIT/PE","Grupo Gerador - 32,0 kVA, 220 V, trifásico, silenciado, com 100 metros de cabos e 01 QTA. ","un x mês",6,1506.5272,9039.16,4.0000000000000002E-4]
["11.2.2","13227 - SINAPI/PE","MOTONIVELADORA POTENCIA BASICA LIQUIDA (PRIMEIRA MARCHA) 171 HP, PESO BRUTO 14768 KG, LARGURA DA LAMINA DE 3,7 M","un x mês",6,31868.480000000003,191210.88,7.6E-3]
["11.2.3","36483 - SINAPI/PE","ESCAVADEIRA HIDRAULICA SOBRE ESTEIRAS CACAMBA 0,40 A 1,20 M3, PESO OPERACIONAL 21,19 T, POTENCIA LIQUIDA 173 HP","un x mês",6,19454.96,116729.76,4.7000000000000002E-3]
["11.2.4","E9540-DNIT/PE","Trator de esteiras, potência de 150 hp, peso operacional de 16,7 t, com roda motriz elevada e lâmina com contato de 3,18 m³.","un x mês",6,19437.7788,116626.67,4.5999999999999999E-3]
["11.2.5","89883-SINAPI/PE","Cavalo Mecânico com Reboque M. Benz Randon LS-1634/45 29,5 t, ou similar","un x mês",6,31798.02,190788.12,7.6E-3]
["11.2.6","E9685-DNIT/PE","Rolo compactador pé-de-carneiro vibratório, potência 125 hp, peso operacional sem/com lastro 11,95/13,30 t, impacto dinâmico 38,5/22,5 t, largura de trabalho 2,15 m.","un x mês",6,14012.3244,84073.95,3.3999999999999998E-3]
["11.2.7","E9043-DNIT/PE","Embarcação de alumínio com comprimento de 6 m e motor de popa - 18,60 kW (inclusive barqueiro)","un x mês",18,5928.2506999999996,106708.51,4.3E-3]
["11.2.8","A9382-DNIT/PE","Dolly intermediário com 2 eixos para semirreboque (para embarcação)","un x mês",18,1767.0525999999998,31806.95,1.2999999999999999E-3]
["11.3.",null,"VEÍCULOS - SEGURANÇA DE BARRAGENS",null,null,null,71258.255999999994,2.8E-3]
["11.3.1","B4","TIPO SEDAN 1.6 FLEX (115CV)","un x mês",6,4471.8906666666662,26831.343999999997,1.1000000000000001E-3]
["11.3.2","B11","Veículo Tipo Pick Up Cabine Dupla 4 x 4 (163 CV)","un x mês",6,7404.485333333334,44426.912000000004,1.8E-3]
[]
["12.",null,"SERVIÇOS ADICIONAIS",null,null,null,62491.799999999996,2.5000000000000001E-3]
["12.1.",null,"FORNECIMENTO DE ÁGUA POTÁVEL PARA CANTEIRO",null,null,null,14715.78,5.9999999999999995E-4]
["12.1.1","I8949/SEINFRA","Estação de tratamento de água","un x mês",12,995.84333333333336,11950.12,5.0000000000000001E-4]
["12.1.2","220497/SEDOP","Poço Tubular","un x mês",12,230.47183333333336,2765.66,1E-4]
["12.2.",null,"ANÁLISES DE EFLUENTES",null,null,null,47776.02,1.9E-3]
["12.2.1","COT - AQA","Análise de Efluentes - Conama nº 357 e Resolução ANA nº 85/18 ","un x mês",6,7962.67,47776.02,1.9E-3]
[]
["13.",null,"AQUISIÇÃO DE PEÇAS SOBRESSALENTES PISF - EIXOS LESTE",null,null,null,789296.9800000001,3.15E-2]
["13.1.",null,"SOBRESSALENTES - MECÂNICA",null,null,null,397956.22000000003,1.5900000000000001E-2]
["13.1.1",null,"Barra Roscada M-16 _ plicação: Vedação das juntas Dresser. Especificação: Aço inox A304","mt",80,191.26,15300.8,5.9999999999999995E-4]
["13.1.2",null,"Borracha de vedação _ Especificação: Vedante trapezidal 50x25x20x6 - EPDM Shore A70","mt",50,22.89,1144.5,0]
["13.1.3",null,"Borracha Neoprene 5mm _ Especificação: 2,5m x 20m (Junta de válvulas)","mtr",20,695.77,13915.4,5.9999999999999995E-4]
["13.1.4",null,"Cavalete porta escova (mola)","pç",10,278.16000000000003,2781.6,1E-4]
["13.1.5",null,"Escova de aterramento do eixo _ Dimensões 10x25x40mm (AxLxC) - (Ref.: J12 item WEG 10169828) (Metal Grafite)","pç",12,358.63,4303.5600000000004,2.0000000000000001E-4]
["13.1.6",null,"Escova para o motor 6,9kV _ Escova Carvão J12  dimen.32x25x64mm (Ref. Felca FCE-100A)","pç",96,354.03,33986.879999999997,1.4E-3]
["13.1.7",null,"Filtro de ar do motor (entrada de ar) EBV-1, 2, 3 _  Especificação: Filtro de ar 345x925x25mm.Modelo Aeroglass FMT-C","pç",16,174.63,2794.08,1E-4]
["13.1.8",null,"Filtro de ar do motor (entrada de ar) EBV-5 _  Especificação: Filtro de ar 670x280x25mm.Modelo Aeroglass FMT-C","pç",16,105.38,1686.08,1E-4]
["13.1.9",null,"Filtro de ar do motor (entrada de ar) EBV-6 _  Especificação: Filtro de ar 750x225x25mm.Modelo Aeroglass FMT-C","pç",16,71.33,1141.28,0]
["13.1.10",null,"Filtro de ar para caixa coletora (porta escovas) _ Especificação: Filtro de ar 330x185x50mm.Modelo Aeroglass PD-U GALV","pç",36,67.33,2423.88,1E-4]
["13.1.11",null,"Filtro de ar para caixa coletora (porta escovas) _ Especificação: Filtro de ar 450x400x50mm.Modelo Aeroglass PD-U GALV","pç",24,90.29,2166.96,1E-4]
["13.1.12",null,"Gaxeta grafitada ¾” Quadrada.","mt",60,48.74,2924.4,1E-4]
["13.1.13",null,"Gaxeta grafitada 1” Quadrada","mt",396,41.81,16556.759999999998,6.9999999999999999E-4]
["13.1.14",null,"Óleo lubrificante ISO VG-46","lt",200,30.58,6116,2.0000000000000001E-4]
["13.1.15",null,"Óleo lubrificante ISO VG-68","lt",1400,20.48,28672,1.1000000000000001E-3]
["13.1.16",null,"O'ring Ø10 - Especificação: O'ring Ø10 x 370 - Shore 70A SBR","mt",40,196.67,7866.8,2.9999999999999997E-4]
["13.1.17",null,"O'ring Ø8 - Especificação: O'ring Ø8 x 370 - Shore 70A SBR","mt",20,105.33,2106.6,1E-4]
["13.1.18","421/COMPESA","Pòrca M-16 _ Especificação: Aço inox A304","pç",240,11.93,2863.2,1E-4]
["13.1.19",null,"PT 100 _ Especificação: Modelo T 01628 531166","pç",12,3861.75,46341,1.8E-3]
["13.1.20",null,"PT 100 _ Especificação: Modelo TR10-D CC22 2RØ11QD","pç",16,3861.75,61788,2.5000000000000001E-3]
["13.1.21",null,"Sensor de fluxo _ Especificação: Modelo FC10B02","pç",24,1059.9000000000001,25437.599999999999,1E-3]
["13.1.22",null,"Sensor de nível do óleo mancal -  Especificação: Modelo HNS 3228-5-0410-000","pç",12,745.85,8950.2000000000007,4.0000000000000002E-4]
["13.1.23",null,"Sensor de nível do óleo mancal - Especificação: Modelo VB400-12GM+V1","pç",12,745.85,8950.2000000000007,4.0000000000000002E-4]
["13.1.24",null,"Sensor de vibração (acelerômetro) - Especificação: Modelo ST5484E-152-412-00 (Metrix)","pç",12,7200.99,86411.88,3.3999999999999998E-3]
["13.1.25",null,"Termômetro - Especificação: Modelo BIE-IN 114 69M 100MM 0/150 C XGV XNH CD1 XN6 (ASHCROFT WILLY)","pç",12,671.9,8062.8,2.9999999999999997E-4]
["13.1.26","11586/SETOP","Tubo em aço galvanizado - Especificação: Tubo A/C galvanizado Ø 2\" SCH 40","mt",72,45.33,3263.76,1E-4]
[]
["13.2.",null,"SOBRESSALENTES - ELÉTRICA",null,null,null,338227.01000000007,1.35E-2]
["13.2.1",null,"CARREGADOR RETIFICADOR MODULAR 380Vca/ 125Vcc, 5x20A. ESPECIFICAÇÃO TECNICA: PISF-000-92000. 1635-DEF-2810-60-08-071-R00","pç",2,25520.62,51041.24,2E-3]
["13.2.2",null,"CARREGADOR  RETIFICADOR  MODULAR  380Vca/  125Vcc,  2x25A,  CONFORME  ESPECIFICAÇÃO  TÉCNICA  nº 1600‐EST‐2811‐ 60‐08‐003  (ET  PARA  CARREGADOR  RETIFICADOR MODULAR) DESENHO DE FABRICAÇÃO: 1637‐DEF‐2819‐60‐08‐012-R02","pç",4,25520.62,102082.48,4.1000000000000003E-3]
["13.2.3",null,"Contator Tripolar de Barra 300A, 1NF + 2N, 125VCC (CV1-BH2H1HKD22)","pç",2,11806.24,23612.48,8.9999999999999998E-4]
["13.2.4",null,"Mufla, terminal, 6,9/10kV, monofásica, uso interno, cabo condutor cobre/alumínio, isolamento sólido, material termocontrátil.","pç",6,293.33,1759.98,1E-4]
["13.2.5",null,"RETIFICADOR FSE 380VCA/125VCC 10,8KVA/8,44KW 18,2A/60A (uma unidade será substituida por completo para a retirada servir de sobressalente)","pç",1,41732.31,41732.31,1.6999999999999999E-3]
["13.2.6",null,"SENSOR DE TEMPERATURA PT100 IOPE","pç",12,539.66999999999996,6476.04,2.9999999999999997E-4]
["13.2.7",null,"SENSOR DE VIBRAÇÃO METRIX Modelo ST5484E-152-412-00","pç",12,7200.99,86411.88,3.3999999999999998E-3]
["13.2.8",null,"Terminação contrátil à frio para cabos de 120mm²,  15kV, Fab. Prysmian","pç",13,349.24,4540.12,2.0000000000000001E-4]
["13.2.9",null,"Terminação contrátil à frio para cabos de 240mm²,  15kV, Fab. Prysmian","pç",13,448,5824,2.0000000000000001E-4]
["13.2.10",null,"Terminação contrátil à frio para cabos de 400mm²,  15kV, Fab. Prysmian","pç",7,729.37,5105.59,2.0000000000000001E-4]
["13.2.11",null,"Terminação contrátil à frio para cabos de 70mm²,  15kV, Fab. Prysmian","pç",13,301.74,3922.62,2.0000000000000001E-4]
["13.2.12",null,"Terminação contrátil à frio para cabos de 95mm²,  15kV, Fab. Prysmian","pç",13,301.74,3922.62,2.0000000000000001E-4]
["13.2.13","001425/SBC","Terminal à compressão dois furos e duas compressões para cabos de 120mm². Cod.637400, Fab. Magnet","pç",7,7.91,55.37,0]
["13.2.14",null,"Terminal à compressão dois furos e duas compressões para cabos de 400mm². Cod.637900, Fab. Magnet","pç",7,207.26,1450.82,1E-4]
["13.2.15","008331/SBC","Terminal à compressão dois furos e duas compressões para cabos de 95mm². Cod.637303, Fab. Magnet","pç",13,5.63,73.19,0]
["13.2.16",null,"Terminal à compressão um furo e uma compressão para cabos de 120mm². Cod.631103, Fab. Magnet","pç",7,14.33,100.31,0]
["13.2.17",null,"Terminal à compressão um furo e uma compressão para cabos de 70mm². Cod.631000, Fab. Magnet","pç",13,8.92,115.96,0]
[]
["13.3.",null,"Peças para reposições nas manutenções preventivas e corretivas dos condicionadores de ar",null,null,null,25755.24,1E-3]
["13.3.1",null,"Vareta de solda foscoper 2,5 mm com banho","un.",20,5.52,110.4,0]
["13.3.2",null,"gás inflamável para maçarico portátil","kg",2,60.28,120.56,0]
["13.3.3",null,"placa universal de 30.000 BTUs","un.",5,280.38,1401.9,1E-4]
["13.3.4",null,"placa universal de 18.000 BTUs","un.",5,95.66,478.3,0]
["13.3.5",null,"placa universal de 12.000 BTUs","un.",5,95.66,478.3,0]
["13.3.6",null,"Capacitor duplo de 30 HF 440 Vac","un.",10,14.07,140.69999999999999,0]
["13.3.7",null,"Capacitor duplo de 35 HF 440 Vac","un.",24,17.61,422.64,0]
["13.3.8",null,"Capacitor  duplo de 40 HF 440 Vac","un.",46,19.87,914.02,0]
["13.3.9",null,"Capacitor duplo de 50 HF","un.",40,22.85,914,0]
["13.3.10","12440/ORSE","Gás refrigerante R-22a","kg",27.2,36.700000000000003,998.24,0]
["13.3.11",null,"Gás refrigerante R-410a","kg",22.6,123.57,2792.68,1E-4]
["13.3.12",null,"Motor de ventilador de condensadora redonda (Midea) de 30.000 BTUs","un.",10,604.59,6045.9,2.0000000000000001E-4]
["13.3.13",null,"Motor de ventilador de condensadora redonda (Midea) de 18.000 BTUs","un.",10,517.09,5170.8999999999996,2.0000000000000001E-4]
["13.3.14",null,"Motor de ventilador de condensadora redonda (Midea) de 12.000 BTUs","un.",10,576.66999999999996,5766.7,2.0000000000000001E-4]
[]
["13.4.",null,"PEÇAS PARA MANUTENÇÃO GERADOR - MECÂNICA",null,null,null,27358.510000000002]
["13.4.1",null,"FILTRO ÓLEO COMB PERKINS/MWM D3152/T4236/P4001/410/410T/D6 - PN 423651E / RC-253-A","pç",6,39.58,237.48,0]
["13.4.2",null,"Filtro de óleo lub perkins 404D-22G - pn 140517050\nMarca: PERKINS","pç",6,44.04,264.24,0]
["13.4.3",null,"Arruela do bujão do carter perkins 1104 - pn 2415715eMarca: PERKIN","pç",6,7.46,44.76,0]
["13.4.4",null,"Filtro de óleo comb perkins 1104a/1104c - pn 4816636Marca: PERKINS","pç",5,117.68,588.4,0]
["13.4.5",null,"Solenoide de parada bomba perkins 404D-22G - pn U85206452Marca: PERKINS","pç",3,402.05,1206.1500000000001,0]
["13.4.6",null,"Correia alter/vent perkins 1104C-44TAG2 - pn 2614B653Marca: PERKINS","pç",1,78.98,78.98,0]
["13.4.7",null,"BOMBA D'ÁGUA","pç",2,1371.83,2743.66,1E-4]
["13.4.8",null,"VALVULA TERMOSTÁTICA","pç",2,256.68,513.36,0]
["13.4.9",null,"BOMBA ELÉTRICA+FILTRO","pç",2,1093.98,2187.96,1E-4]
["13.4.10",null,"BICOS INJETORES","pç",2,5581.58,11163.16,4.0000000000000002E-4]
["13.4.11",null,"CABEÇOTE E RECUPERAÇÃO","pç",2,4165.18,8330.36,2.9999999999999997E-4]
[]
["14.",null,"SERVIÇOS ESPECIALIZADOS (EIXO LESTE)",null,null,null,21421.5,8.9999999999999998E-4]
[]
["14.1.",null,"Serviços de recarga de extintores de incêndio (EB / SE / Canteiros)",null,null,null,21421.5,8.9999999999999998E-4]
["14.1.1","2.04.39/FDE","Recarga Extintor AP 10 L BC","Unid.",8,45,360,0]
["14.1.2","05554/EMOP","Recarga Extintor CO2 06 Kg BC","Unid.",47,68,3196,1E-4]
["14.1.3","07066/EMOP","Recarga Extintor PQS 04 Kg BC","Unid.",13,35,455,0]
["14.1.4","05563/EMOP","Recarga Extintor PQS 06 Kg BC","Unid.",28,40,1120,0]
["14.1.5","Banco de preços -  MINISTÉRIO DA DEFESA\nCOMANDO DA MARINHA\nCentro de Intendencia da Marinha em Salvador (NºPregão:132022 / UASG:782802 - 07/2022)","Recarga Extintor PQS 08 Kg BC","Unid.",2,59.25,118.5,0]
["14.1.6","Banco de preços -  MINISTÉRIO DA DEFESA\nCOMANDO DA MARINHA\nCentro de Intendencia da Marinha em Salvador (NºPregão:132022 / UASG:782802 - 07/2022)","Recarga Extintor PQS 12 Kg BC","Unid.",50,70,3500,1E-4]
["14.1.7","Banco de preços - MINISTÉRIO DA DEFESA\nComando da Aeronáutica\nBASE AÉREA DE ANAPOLIS (NºPregão:672021 / UASG:120624 - 10/2021)","Recarga Extintor PQS 50 Kg BC","Unid.",36,352,12672,5.0000000000000001E-4]
[]
[]
["15.",null,"CUSTOS INDIRETOS",null,null,null,4676789.9800000004,0.18640000000000001]
["15.1",null,"Custos Indiretos (Taxa de 5,93% de Adm Central, Seg e Garantias, Risco e Desp. Fin.)","%",5.9299999999999999E-2,20415498.903999992,1210639.0900000001,4.82E-2]
["15.2",null,"Lucro (Taxa de 6,00% para remuneração da contratada)","%",0.06,21626137.993999992,1297568.28,5.1700000000000003E-2]
["15.3",null,"Despesas Fiscais (9,46% dos Custos Diretos + Custos Indiretos + Lucro)","%",9.4600000000000004E-2,22923706.273999993,2168582.61,8.6400000000000005E-2]
[]
[]
["NOME DO INFORMANTE:",{"$nulls":5},"QUALIFICAÇÃO:"]
[]
["ASSINATURA:",{"$nulls":5},"DATA:"]
[]
["OBSERVAÇÃO:"]

{"sheet":"Manutenção de canteiro","index":2,"n_rows":41,"n_cols":7,"rows_kept":41,"cut":false,"hidden":false,"merged":[[10,5,10,6],[0,2,0,6],[1,2,1,6],[2,2,2,6],[4,0,5,6],[7,0,7,6],[10,0,11,0],[10,1,11,1],[10,2,11,2],[10,3,11,3],[10,4,11,4],[32,0,32,4],[32,5,32,6],[33,0,33,6],[34,0,34,6],[29,0,29,4],[29,5,29,6],[30,0,30,4],[30,5,30,6],[31,0,31,4],[31,5,31,6],[24,0,24,6],[16,0,16,2],[15,0,15,2],[17,0,17,2],[18,0,18,2],[19,0,19,2],[21,0,23,6]]}
[null,null,"Ministério do Desenvolvimento Regional  - MDR"]
[null,null,"Companhia de Desenvolvimento dos Vales do São Francisco e do Parnaíba"]
[null,null,"Gerência de Operação do PISF - Centro de Controle e Operação (AD / GOI / CCO)"]
[]
["TERMO DE REFERÊNCIA PARA CONTRATAÇÃO DOS RECURSOS NECESSÁRIOS À OPERAÇÃO E MANUTENÇÃO DAS INFRAESTRUTURAS DO EIXO LESTE DO PISF - PROJETO DE INTEGRAÇÃO DO SÃO FRANCISCO COM AS BACIAS HIDROGRÁFICAS DO NORDESTE SETENTRIONAL"]
[]
[]
["MANUTENÇÃO DE CANTEIRO - ESCRITÓRIO"]
[]
[]
["ITEM","CÓDIGO","DESCRIÇÃO","UNIDADE","QUANTIDADE","VALOR (R$)"]
[{"$nulls":5},"UNITARIO","TOTAL"]
["7.",null,"MATERIAL DE CONSUMO - ALMOXARIFADOS"]
["7.4.",null,"MANUTENÇÃO DE CANTEIRO - ESCRITÓRIO"]
[]
["VALOR ATUAL DO BOLETIM DE MEDIÇÃO",null,null,"VBM"]
["VALOR TOTAL DO SERVIÇO DE MANUTENÇÃO DE CANTEIRO",null,null,"VSMC"]
["VALOR TOTAL DO SERVIÇO DE MANUTENÇÃO DE CANTEIRO - ANTERIOR",null,null,"VSMC.ANT"]
["VALOR TOTAL DA PLANILHA",null,null,"VTP"]
["VALOR DO BOLETIM DE MEDIÇÃO - ANTERIOR",null,null,"VBM.ANT"]
[]
["VALOR MANT. CANTEIRO = VBM*((VSMC - VSMC.ANT) / (VTP - VBM.ANT))"]
[]
[]
[]
["TOTAL - MANUTENÇÃO DE CANTEIRO - ESCRITÓRIO - (R$):",{"$nulls":5},0]
[]
[]
[]
["NOME DO INFORMANTE:",{"$nulls":4},"QUALIFICAÇÃO:"]
[]
["ASSINATURA:",{"$nulls":4},"DATA:"]
[]
["OBSERVAÇÃO:"]
["TABELAS DE REFERÊNCIA"]
["SINAPI 04/2022"]
["ORSE 03/2022"]
["SBC 07/2022"]
["EMBASA 01/2022"]
["SETOP 03/2022"]
["COMPESA 01/2022"]

{"sheet":"Mao_de_Obra_VALORES_ADICIONAIS","index":3,"n_rows":51,"n_cols":19,"rows_kept":51,"cut":false,"hidden":false,"merged":[[9,1,12,1],[9,2,12,2],[9,4,12,4],[11,16,12,16],[0,2,0,18],[1,2,1,18],[2,2,2,18],[4,0,5,18],[7,0,7,18],[52,0,52,18],[42,0,42,18],[43,0,43,18],[44,0,44,18],[45,0,45,18],[46,0,46,18],[47,0,47,18],[48,0,48,18],[49,0,49,18],[50,0,50,18],[51,0,51,18],[41,0,41,18],[11,17,12,17],[11,18,12,18],[11,9,11,10],[11,13,12,13],[9,5,11,6],[9,3,12,3],[10,8,10,13],[10,7,12,7],[10,15,10,18],[10,14,12,14],[9,7,9,13],[9,14,9,18],[38,0,38,16],[39,0,40,17],[9,0,12,0]]}
[null,null,"Ministério do Desenvolvimento Regional  - MDR"]
[null,null,"Companhia de Desenvolvimento dos Vales do São Francisco e do Parnaíba"]
[null,null,"Gerência de Operação do PISF - Centro de Controle e Operação (AD / GOI / CCO)"]
[]
["TERMO DE REFERÊNCIA PARA CONTRATAÇÃO DOS RECURSOS NECESSÁRIOS À OPERAÇÃO E MANUTENÇÃO DAS INFRAESTRUTURAS DO EIXO LESTE DO PISF - PROJETO DE INTEGRAÇÃO DO SÃO FRANCISCO COM AS BACIAS HIDROGRÁFICAS DO NORDESTE SETENTRIONAL"]
[]
[]
["MÃO DE OBRA - VALORES ADICIONAIS"]
[]
["ITEM","DESCRIÇÃO","CLASSE","Und.","Prazo (Mês)","Quantidade (undxmês)",null,"VALOR ADICIONAL - UNITÁRIO",{"$nulls":6},"VALOR ADICIONAL - TOTAL"]
[{"$nulls":7},"VALOR BASE (Com Encargo)","CÁLCULO DO VALOR ADICIONAL",{"$nulls":5},"VALOR BASE (Com Encargo)","CÁLCULO DO VALOR ADICIONAL - TOTAL (R$)"]
[{"$nulls":8},"Periculosidade ","Adicional Noturno",null,"Hora Extra 100%","Hora Extra 50%","VALOR DO ADICIONAL (Incluindo: encargos)",null,"Periculosidade","Adicional Noturno (c/ intrajornada)","Horas Extras","VALOR DO ADICIONAL - COMPLETO (Incluindo: encargos)"]
[{"$nulls":5},"Unitária","Total",null,0.3,"Valor da Hora Noturna","Valor do Adicional Noturno (c/ intrajornada)","Valor Unitário","Valor Unitário",null,null,0.3]
["1.","ADICIONAL DE PERICULOSIDADE PARA OS ENGENHEIROS E COORDENADORES"]
["1.1","Engenheiro Pleno","P1","homem x mês",6,7,42,22362.89,6708.8669999999993,0,0,0,0,6708.8669999999993,939241.38,281772.40999999997,0,0,281772.40999999997]
["1.2","Engenheiro Júnior","P2","homem x mês",6,3,18,18890.87,5667.2609999999995,0,0,0,0,5667.2609999999995,340035.66,102010.7,0,0,102010.7]
["1.3","Técnico Sênior","T0","homem x mês",6,2,12,10135.129999999999,3040.5389999999998,0,0,0,0,3040.5389999999998,121621.56,36486.47,0,0,36486.47]
["1.4","Técnico Pleno","T1","homem x mês",6,5,30,6585.33,1975.5989999999999,0,0,0,0,1975.5989999999999,197559.9,59267.97,0,0,59267.97]
["1.5","Técnico Auxiliar","T3","homem x mês",6,6,36,4673.62,1402.086,0,0,0,0,1402.086,168250.32,50475.1,0,0,50475.1]
["2.","MÃO DE OBRA - HORA EXTRA 50%"]
["2.1","Engenheiro Pleno - Hora Extra 50% - C/ Periculosidade","P1","Homem x Hora",6,32,192,127.061875,19.059281249999998,0,0,0,63.5309375,82.590218749999991,24395.88,3659.38,0,12197.94,15857.32]
["2.2","Técnico Pleno - Hora Extra 50% - C/ Periculosidade","T1","Homem x Hora",6,32,192,37.416647727272725,5.6124971590909087,0,0,0,18.708323863636362,24.320821022727273,7184,1077.5999999999999,0,3592,4669.6000000000004]
["2.3","Técnico Júnior- Hora Extra 50%","T1","Homem x Hora",6,32,192,37.416647727272725,0,0,0,0,18.708323863636362,18.708323863636362,7184,0,0,3592,3592]
["2.4","Técnico Júnior- Hora Extra 50% - C/ Periculosidade","T1","Homem x Hora",6,32,192,37.416647727272725,5.6124971590909087,0,0,0,18.708323863636362,24.320821022727273,7184,1077.5999999999999,0,3592,4669.6000000000004]
["2.5","Técnico Auxiliar - Hora Extra 50% - C/ Periculosidade","T3","Homem x Hora",6,32,192,26.554659090909091,3.9831988636363636,0,0,0,13.277329545454545,17.260528409090909,5098.49,764.77,0,2549.25,3314.02]
["2.6","Auxiliar - Hora Extra 50% - C/ Periculosidade","T3","Homem x Hora",6,32,192,26.554659090909091,3.9831988636363636,0,0,0,13.277329545454545,17.260528409090909,5098.49,764.77,0,2549.25,3314.02]
["2.7","Servente - Hora Extra 50% - C/ Periculosidade","A11","Homem x Hora",6,180,1080,20.132715463636366,3.0199073195454549,0,0,0,10.066357731818183,13.086265051363638,21743.33,3261.5,0,10871.67,14133.17]
["3.","MÃO DE OBRA - HORA EXTRA 100%"]
["3.1","Engenheiro Pleno - Hora Extra 100% - C/ Periculosidade","P1","Homem x Hora",6,16,96,127.061875,38.118562499999996,0,0,127.061875,0,165.18043749999998,12197.94,3659.38,0,12197.94,15857.32]
["3.2","Técnico Pleno - Hora Extra 100% - C/ Periculosidade","T1","Homem x Hora",6,16,96,37.416647727272725,11.224994318181817,0,0,37.416647727272725,0,48.641642045454546,3592,1077.5999999999999,0,3592,4669.6000000000004]
["3.3","Técnico Júnior- Hora Extra 100%","T1","Homem x Hora",6,16,96,37.416647727272725,0,0,0,37.416647727272725,0,37.416647727272725,3592,0,0,3592,3592]
["3.4","Técnico Júnior- Hora Extra 100% - C/ Periculosidade","T1","Homem x Hora",6,16,96,37.416647727272725,11.224994318181817,0,0,37.416647727272725,0,48.641642045454546,3592,1077.5999999999999,0,3592,4669.6000000000004]
["3.5","Técnico Auxiliar - Hora Extra 100% - C/ Periculosidade","T3","Homem x Hora",6,16,96,26.554659090909091,7.9663977272727271,0,0,26.554659090909091,0,34.521056818181819,2549.25,764.77,0,2549.25,3314.02]
["3.6","Auxiliar - Hora Extra 100% - C/ Periculosidade","T3","Homem x Hora",6,16,96,26.554659090909091,7.9663977272727271,0,0,26.554659090909091,0,34.521056818181819,2549.25,764.77,0,2549.25,3314.02]
["3.7","Servente - Hora Extra 100% - C/ Periculosidade","A11","Homem x Hora",6,120,720,20.132715463636366,6.0398146390909098,0,0,20.132715463636366,0,26.172530102727276,14495.56,4348.67,0,14495.56,18844.22]
["Total Geral - VALORES ADICIONAIS - MÃO DE OBRA (R$):",{"$nulls":13},1887165.01,552311.05999999994,0,81512.11,633823.1599999998]
[]
["NOME DO INFORMANTE:"]
[]
["ASSINATURA:"]
[]
["OBSERVAÇÕES:"]
["1. Considerado a carga horária de 176 horas/mês"]
["2. Os cálculos de cada parcela que compõe o salário completo foram calculadas isoladamente. (Salário Base + Adicional de Periculosidade (quando houver) + Adicional Noturno (quando houver) + Adicional de Horas Extras (quando houver) +  Encargos Sociais)"]
["3. Adicional de Periculosidade 30%: foi previsto para todos os profissionais eletricitários (Operação e Manutenção) que trabalham em contato com rede elétrica (nas estações de bombeamento, sub-estações, etc.) "]
["4. Hora Noturna: Hora Diurna x 20%"]
["5. Adicional Noturno: *Considerado 120 horas/profissional/mês (Total de 8h noturnas: Período de 22h as 5h = 8h noturnas + 1h até as 6h => Súmula 60 do TST)    *(Incide sobre Salário Base + Periculosidade => Súmula 191 do TST)"]
["6. Período noturno – 22 às 5 horas, o valor da hora tem 52 minutos e 30 segundos; logo, nesse período, há 8 horas"]
["6. Foi considerado intervalo intrajornada para todos os profissionais que trabalham em escala 12h x 36h "]
["7. Foi considerado para o cálculo de horas extras os percentuais de: *5% para as horas remuneradas a 50%  sobre o valor da hora normal; e *2,5% para as horas trabalhadas remuneradas a 100% sobre o valor da hora normal"]
["8. Horas Extras: Foi estimado um percentual de 20% de horas extras no total de contrato para todos os profissionais da manutenção. Essas horas só serão pagas se houver demanda."]

{"sheet":"MC - VALORES ADICIONAIS","index":4,"n_rows":175,"n_cols":5,"rows_kept":175,"cut":false,"hidden":false,"merged":[[171,0,172,0],[173,0,174,0],[0,2,0,4],[1,2,1,4],[2,2,2,4],[4,0,5,4],[6,0,6,4],[8,0,9,0],[8,1,9,1],[8,2,9,2],[8,3,9,3],[8,4,9,4]]}
[null,null,"Ministério do Desenvolvimento Regional  - MDR"]
[null,null,"Companhia de Desenvolvimento dos Vales do São Francisco e do Parnaíba"]
[null,null,"Gerência de Operação do PISF - Centro de Controle e Operação (AD / GOI / CCO)"]
[]
["TERMO DE REFERÊNCIA PARA CONTRATAÇÃO DOS RECURSOS NECESSÁRIOS À OPERAÇÃO E MANUTENÇÃO DAS INFRAESTRUTURAS DO EIXO LESTE DO PISF - PROJETO DE INTEGRAÇÃO DO SÃO FRANCISCO COM AS BACIAS HIDROGRÁFICAS DO NORDESTE SETENTRIONAL"]
[]
["MEMÓRIA DE CÁLCULO - VALORES ADICIONAIS"]
[]
["ITEM","CÓDIGO","CATEGORIA / DESCRIÇÃO","UND.","QUANTID."]
[]
["1.",null,"ADICIONAL DE PERICULOSIDADE PARA OS ENGENHEIROS E COORDENADORES"]
["1.1","P1","Engenheiro Pleno","homem",7]
["1.2","P2","Engenheiro Júnior","homem",3]
["1.3","T0","Técnico Sênior","homem",2]
["1.4","T1","Técnico Pleno","homem",5]
["1.5","T3","Técnico Auxiliar","homem",6]
["2.",null,"MÃO DE OBRA - HORA EXTRA 50%"]
["2.1","P1","Engenheiro Sênior - Hora Extra 50% - C/ Periculosidade","Hora/mês",32]
["2.2","T1","Técnico Pleno - Hora Extra 50% - C/ Periculosidade","Hora/mês",32]
["2.3","T1","Técnico Júnior- Hora Extra 50%","Hora/mês",32]
["2.4","T1","Técnico Júnior- Hora Extra 50% - C/ Periculosidade","Hora/mês",32]
["2.5","T3","Técnico Auxiliar - Hora Extra 50% - C/ Periculosidade","Hora/mês",32]
["2.6","T3","Auxiliar - Hora Extra 50% - C/ Periculosidade","Hora/mês",32]
["2.7","A11","Servente - Hora Extra 50% - C/ Periculosidade","Hora/mês",180]
["3.",null,"MÃO DE OBRA - HORA EXTRA 100%"]
["3.1","P1","Engenheiro Sênior - Hora Extra 100% - C/ Periculosidade","Hora/mês",16]
["3.2","T1","Técnico Pleno - Hora Extra 100% - C/ Periculosidade","Hora/mês",16]
["3.3","T1","Técnico Júnior- Hora Extra 100%","Hora/mês",16]
["3.4","T1","Técnico Júnior- Hora Extra 100% - C/ Periculosidade","Hora/mês",16]
["3.5","T3","Técnico Auxiliar - Hora Extra 100% - C/ Periculosidade","Hora/mês",16]
["3.6","T3","Auxiliar - Hora Extra 100% - C/ Periculosidade","Hora/mês",16]
["3.7","A11","Servente - Hora Extra 100% - C/ Periculosidade","Hora/mês",120]
{"$rows_empty":133}
[null,"Quantidades"]
["EBV",6,"un"]
["SE",6,"un"]
["Canteiros",3,"un"]
["tempo",12,"meses"]
["Extensão total ",217,"km"]
["Nº DE VIAGENS","NACIONAIS",2]
[null,"REGIONAIS",6]
["Nº DE DIÁRIAS","NACIONAIS",2]
[null,"REGIONAIS",2]

{"sheet":"Moveis_Equipamentos","index":5,"n_rows":153,"n_cols":11,"rows_kept":153,"cut":false,"hidden":false,"merged":[[72,5,72,6],[72,0,72,4],[66,0,66,5],[69,0,69,6],[70,2,70,4],[70,5,70,6],[71,2,71,4],[71,5,71,6],[92,0,92,6],[93,0,93,6],[75,5,75,6],[76,5,76,6],[77,5,77,6],[78,5,78,6],[77,0,78,4],[79,0,79,6],[80,0,90,6],[76,0,76,4],[91,0,91,4],[91,5,91,6],[0,2,0,6],[1,2,1,6],[2,2,2,6],[4,0,5,6],[7,0,7,6],[10,0,11,0],[10,2,11,2],[10,3,11,3],[10,4,11,4],[10,5,10,6],[10,1,11,1]]}
[null,null,"Ministério do Desenvolvimento Regional -MDR"]
[null,null,"Companhia de Desenvolvimento dos Vales do São Francisco e do Parnaíba"]
[null,null,"Gerência de Operação do PISF-Centro de Controle e Operação (AD / GOI / CCO)"]
[]
["TERMO DE REFERÊNCIA PARA CONTRATAÇÃO DOS RECURSOS NECESSÁRIOS À OPERAÇÃO E MANUTENÇÃO DAS INFRAESTRUTURAS DO EIXO LESTE DO PISF - PROJETO DE INTEGRAÇÃO DO SÃO FRANCISCO COM AS BACIAS HIDROGRÁFICAS DO NORDESTE SETENTRIONAL"]
[]
[]
["MOBILIÁRIO E EQUIPAMENTOS DE ESCRITÓRIO"]
[]
[]
["ITEM","CÓDIGO","DESCRIÇÃO","UNIDADE","QUANTIDADE","VALOR (R$)"]
[{"$nulls":5},"UNITARIO","TOTAL"]
["1.",null,"MOBILIÁRIO E EQUIPAMENTOS DE ESCRITÓRIO",{"$nulls":6},12,6]
["1.1","E209300236-EMBASA/BA","Aluguel de impressora colorida-Laser com cartuchos-formatos A4 e A3 (inclusive suprimentos)","un x mês",108,225.08,24308.639999999999,18,216,18,108]
["1.2","I8612-SEINFRA/CE","Aluguel de Plotter (inclusive suprimentos)","un x mês",12,320,3840,2,24,2,12]
["1.3"," I8610-SEINFRA/CE","Servidor para backup - EQUIPAMENTO SIMILAR","un x mês",12,170,2040,2,24,2,12]
["1.4"," I8610-SEINFRA/CE","Desktop com software-tipo 1 (i7, 1T, 8GB, monitor 19\", S.O. Windows 10 e Office última versão) - EQUIPAMENTO SIMILAR","un x mês",210,170,35700,35,420,35,210]
["1.5"," I8610-SEINFRA/CE","Notebook-tipo 1 (i7, 1T, 8GB, S.O. Windows 10 e Office última versão) - EQUIPAMENTO SIMILAR","un x mês",216,170,36720,36,432,36,216]
["1.6","COT_ANTE","Kit Antena Digital 4K Externa Log 16 elementos Mastro 45cm e cabo coaxial 12m","un x mês",6,1.6603333333333337,9.9600000000000009,1,12,1,6]
["1.7","I0123-SEINFRA/CE","Armário de escritório","un x mês",342,7.1783333333333337,2454.9899999999998,57,684,57,342]
["1.8","73.72.07-SUDECAP/MG","Bebedouro industrial (canteiro)","un x mês",12,54.484333333333332,653.80999999999995,2,24,2,12]
["1.9","11534-ORSE/SE","Cadeira giratória, com braço, tipo executiva","un x mês",702,9.3333333333333339,6552,117,1404,117,702]
["1.10","11543-ORSE","Cadeira de plástico sem braço, cor branca","un x mês",138,0.70000000000000007,96.6,23,276,23,138]
["1.11","COT_CAM_FOTO","Câmera fotográfica digital 20 mp 5x HD","un x mês",12,26.577333333333339,318.93,2,24,2,12]
["1.12","COT - CAR - LIX","Lixeira Carro Coletor 120L","un x mês",24,11.799999999999999,283.2,4,48,4,24]
["1.13","COT_CESTO","Cestos Telado de lixo 9,6L","un x mês",48,0.44966666666666671,21.58,8,96,8,48]
["1.14","39555-SINAPI/PE","Condicionador de ar 12.000 BTU","un x mês",246,67.233666666666679,16539.48,41,492,41,246]
["1.15","COT_GPS","GPS com cabo e software (conforme especificação)","un x mês",12,142.06666666666669,1704.8,2,24,2,12]
["1.16","COT_MESA_REUN","Mesa de reunião 10 lugares com 10 cadeiras","un x mês",42,138.035,5797.47,7,84,7,42]
["1.17","COT_MESA_PVC","Mesa retangular em Polipropileno 119x75cm","un x mês",36,7.2663333333333346,261.58999999999997,6,72,6,36]
["1.18","COT_MESA_ESCR","Mesas de escritório com gavetas (conforme especificação)","un x mês",702,14.059333333333333,9869.65,117,1404,117,702]
["1.19","F030000293-EMBASA/BA","Projetor multimídia (Datashow)","un x mês",12,52.927,635.12,2,24,2,12]
["1.20","COT_RACK","Rack para TV até 60 Polegadas 1 Porta","un x mês",12,8.9629999999999992,107.56,2,24,2,12]
["1.21","I0122-SEINFRA/CE","Armário de cozinha completo","un x mês",12,18.338333333333335,220.06,2,24,2,12]
["1.22","COT_MES_06","Conjunto de Mesa 1,40 com Tampo MDP com 6 cadeiras","un x mês",12,30.193666666666669,362.32,2,24,2,12]
["1.23","10231-ORSE/SE","Fogão ","un x mês",12,20.493666666666666,245.92,2,24,2,12]
["1.24","029028-IOPES","Cilindro de Gás de Cozinha 45 kg","un x mês",30,19.111000000000001,573.33000000000004,5,60,5,30]
["1.25","4226-SINAPI/PE","Gás de cozinha-GLP (kg)","un x mês",1350,7.97,10759.5,225,2700,225,1350]
["1.26","F020000716-EMBASA/BA","Geladeira 280 litros","un x mês",12,26.311000000000003,315.73,2,24,2,12]
["1.27","COT_MICROOND","Forno Microondas 20L","un x mês",12,15.199000000000003,182.39,2,24,2,12]
["1.28","COT_FAQUEI","Faqueiro com 24 peças","un x mês",204,1.43,291.72000000000003,34,408,34,204]
["1.29","COT_PRATO","Pratos rasos redondo em cerâmica","un x mês",468,0.38666666666666666,180.96,78,936,78,468]
["1.30","COT_COPO","Conjunto  copos em vidro 350ml com 8 unidades","un x mês",24,0.94300000000000006,22.63,4,48,4,24]
["1.31","COT_TELEVISOR","Smart Tv LED 32\"","un x mês",42,42.557333333333339,1787.41,7,84,7,42]
["1.32","AP_JANTAR","Aparelho de jantar para 06 pessoas","un x mês",78,10.269666666666666,801.03,13,156,13,78]
["1.33","11645-ORSE/SE","Armário para vestiário, em aço, com 12 portas, com cadeado","un x mês",12,66.981333333333339,803.78,2,24,2,12]
["1.34","COT_CHAP","Chapa gás 65 cm para grelhar","un x mês",12,28.334666666666667,340.02,2,24,2,12]
["1.35","08600-ORSE/SE","Coifa","un x mês",12,63.272333333333336,759.27,2,24,2,12]
["1.36","COT_UTENS","Conjunto de utensílios gadgets inox para cozinha","un x mês",12,1.8906666666666669,22.69,2,24,2,12]
["1.37","COT_FOGAO","Fogão industrial 6 bocas 30x30 baixa pressão perfil 5","un x mês",12,40.115333333333332,481.38,2,24,2,12]
["1.38","COT_FORNO","Forno elétrico 46L 1500W","un x mês",12,17.974666666666668,215.7,2,24,2,12]
["1.39","F020000719-EMBASA/BA","Freezer 246 l","un x mês",12,39.466333333333331,473.6,2,24,2,12]
["1.40","\t10232-ORSE/SE","Geladeira industrial 300 litros","un x mês",12,55.957666666666675,671.49,2,24,2,12]
["1.41","COT_PANEL","Conjunto de panelas antiaderente com 7 peças","un x mês",12,9.6663333333333341,116,2,24,2,12]
["1.42","COT_LIQUID","Liquidificadores industriais alta rotação 2L","un x mês",12,14.060666666666668,168.73,2,24,2,12]
["1.43","COT_MAQ_LAVA_LOUCA","Máquina de lavar louças industrial B.30 ","un x mês",12,485.45100000000002,5825.41,2,24,2,12]
["1.44","COT_MAQ_LAVA_ROUPA","Máquina de Lavar roupa 11kg ","un x mês",12,54.866666666666674,658.4,2,24,2,12]
["1.45","COT_MESA_BUF","Carrinho Buffet Térmico Self Service Inox 8 cubas","un x mês",12,69.38133333333333,832.58,2,24,2,12]
["1.46","COT_MESA_REFEIT","Mesa de refeitório 10 lugares com cadeiras MDF branco de 25mm","un x mês",30,118.81099999999999,3564.33,5,60,5,30]
["1.47","COT_REFRESQUEIRA","Refresqueira BBS2 Inox","un x mês",12,82.656999999999996,991.88,2,24,2,12]
["1.48","COT_TABUA","Tábuas para carnes 19x35x1,6cm","un x mês",12,0.73,8.76,2,24,2,12]
["1.49","COT_CAMA_BOX","Cama box conjugada solteiro","un x mês",168,9.5453333333333337,1603.62,28,336,28,168]
["1.50","COT_GUARDA_ROUPA","Guarda-Roupa solteiro 4 Portas","un x mês",12,9.9636666666666684,119.56,2,24,2,12]
["1.51","COT_ROUPA_CAMA","Jogo de roupa de cama solteiro 100% Algodão","un x mês",336,4.746666666666667,1594.88,56,672,56,336]
["1.52","COT_ROUPA_BANHO","Jogo de Roupa de banho 5 Peças","un x mês",168,7.2530000000000001,1218.5,28,336,28,168]
["1.53","COT_SOFA","Conjunto de sofá 2 e 3 lugares","un x mês",12,30.961333333333339,371.54,2,24,2,12]
["TOTAL-MOBILIÁRIO E EQUIPAMENTOS DE ESCRITÓRIO-(R$):",{"$nulls":5},184500.5]
[]
[]
["RESUMO-MOBILIÁRIO E EQUIPAMENTOS DE ESCRITÓRIO"]
["ITEM",null,"DESCRIÇÃO",null,null,"VALOR TOTAL (R$)"]
[1,null,"MOBILIÁRIO E EQUIPAMENTOS DE ESCRITÓRIO",null,null,184500.5]
["TOTAL GERAL-RESUMO-MOBILIÁRIO E EQUIPAMENTOS DE ESCRITÓRIO- (R$):",{"$nulls":4},184500.5,null,null,-0.63039133378404766]
[]
[]
["NOME DO INFORMANTE:",{"$nulls":4},"QUALIFICAÇÃO:"]
[]
["ASSINATURA:",{"$nulls":4},"DATA:"]
[]
["OBSERVAÇÃO:"]
["1. Fonte de Preços:\n- Sistema Nacional de Pesquisa de Custos e Índices da Construção (Tabela SINAPI/PE). Data base: Abril/2022.\n- Empresa Baiana de Águas e Saneamento S.A. (Tabela de preços EMBASA). Data base: 10/2021.\n- Secretaria da Infraestrutura do Estado do Ceará (Tabela 027 SEINFRA/CE). Data base: 03/2021.\n- Sistema de Orçamento de Obras de Sergipe (ORSE). Data base: 03/2022.\n- Companhia Paulista de Obras e Serviços (Boletim Referencial de Custos CPOS). Data base: 07/2019\n- Superintendência de Desenvolvimento da Capital-Prefeitura de Belo Horizonte (Tabela de Preços SUDECAP/MG). Data base: 02/2022.\n- Companhia de Águas e Esgotos do Rio Grande do Norte (Tabela de Preços CAERN/RN). Data base: 05/2019.\n- Sistemas e Consultoria de Custos (Base de Dados SBC/PE). Data base: 11/2019.\n- Instituto de Obras Públicas do Estado do Espírito Santo (Tabela REferencial de Preços IOPES/ES). Data base: 03/2022."]
{"$rows_empty":16}
[null,"Código","Descrição","Unid.","R$/unit"]
[null,"E209300236-EMBASA/BA","Aluguel de impressora colorida-Laser com cartuchos-formatos A4 e A3","un x mês",225.08]
[null,"E209300236-EMBASA/BA","Aluguel de impressora colorida-Laser com cartuchos-formatos A4 e A3","un x mês",225.08]
[null,"I8612-SEINFRA/CE","Aluguel de Plotter","un x mês",320,"ok"]
[null," I2677-SEINFRA/CE","Servidor para backup","un",4685,"ok"]
[null,"3671-ORSE/SE","Desktop com software-tipo 1 (i7, 1T, 8GB, monitor 19\", S.O. Windows 10 e Office última versão)","un",2505.11,"ok"]
[null,"I6395-SEINFRA/CE","Notebook-tipo 1 (i7, 1T, 8GB, S.O. Windows 10 e Office última versão)","un",2583.64,"ok"]
[null,"P.17.000.042561-CPOS/SP","Antena externa","un",326.55]
[null,"AP_JANTAR","Aparelho de jantar para 06 pessoas","un",199.97]
[null,"I0122-SEINFRA/CE","Armário de cozinha completo","un",550.15,"ok"]
[null,"I0123-SEINFRA/CE","Armário de escritório","un",215.35,"ok"]
[null,"11645-ORSE/SE","Armário para vestiário, em aço, com 12 portas, com cadeado","un",1842.89,"ok"]
[null,"73.72.07-SUDECAP/MG","Bebedouro industrial (canteiro)","un",1488,"ok"]
[null,"11534-ORSE/SE","Cadeira giratória, com braço, tipo executiva","un",280,"ok"]
[null,"11543-ORSE","Cadeira de plástico sem braço, cor branca","un",21,"ok"]
[null,"COT_CAMA_BOX","Cama box solteiro","un",279.3]
[null,"COT_CAM_FOTO","Câmera fotográfica digital","un",1835.21,null,"Esclarescimento 05"]
[null,"DV_16-CAERN/RN","Carrinhos de lixo","un",429.02]
[null,"\t040117-SBC/PE","Cestos de lixo","un",96]
[null,"COT_CHAP","Chapa gás para grelhar","un",674.19]
[null,"08600-ORSE/SE","Coifa","un",1898.17,"ok","2020-06-01"]
[null,"39555-SINAPI/PE","Condicionador de ar 12.000 BTU","un",1719.34]
[null,"COT_COPO","Conjunto  copos em vidro com 8 unidades","un",31.32]
[null,"COT_MES_06","Conjunto de Mesa com 06 lugares (para cozinha)","un",550.63]
[null,"COT_PANEL","Conjunto de panelas com 7 peças","un",235.96]
[null,"COT_SOFA","Conjunto de sofá 2 e 3 lugares","un",495.67]
[null,"COT_UTENS","Conjunto de utensílios para cozinha","conj.",55.15]
[null,"COT_FAQUEI","Faqueiro com 24 peças","un",45.61]
[null,"10231-ORSE/SE","Fogão ","un",605.19000000000005]
[null,"78052-SIURB/SP","Fogão industrial 6 bocas ","un",1797.94]
[null,"COT_FORNO","Forno elétrico","un",1670.61]
[null,"COT_MICROOND","Forno Microondas","un",469]
[null,"F020000719-EMBASA/BA","Freezer 246 l","un",1183.99]
[null,"029028-IOPES","Cilindro de Gás de Cozinha 45 kg","un",566.66999999999996,"ok"]
[null,"4226-SINAPI/PE","Gás de cozinha-GLP","kg",5.9]
[null,"F020000716-EMBASA/BA","Geladeira 280 litros","un",789.33]
[null,"\t10232-ORSE/SE","Geladeira industrial 300 litros","un",1652.46,"ok","2020-06-01"]
[null,"COT_GPS","GPS com cabo e software (conforme especificação)","un",321.97000000000003]
[null,"COT_GUARDA_ROUPA","Guarda-Roupa 4 Portas","un",287.26]
[null,"COT_ROUPA_BANHO","Jogo de Roupa de banho 5 Peças","un",96.63]
[null,"COT_ROUPA_CAMA","Jogo de roupa de cama solteiro","un",147.63]
[null,"COT_LIQUID","Liquidificadores industriais","un",616.16999999999996]
[null,"COT_MAQ_LAVA_LOUCA","Máquina de lavar louças industrial","um",1050]
[null,"COT_MAQ_LAVA_ROUPA","Máquina de Lavar roupa 11kg","un",1450.07]
[null,"COT_MESA_BUF","Mesa buffets","un",1577.7]
[null,"COT_MESA_REFEIT","Mesa de refeitório 10 lugares com cadeiras","un",1280.48]
[null,"COT_MESA_REUN","Mesa de reunião 10 lugares com 10 cadeiras","un",3669.74]
[null,"COT_MESA_PVC","Mesa retangular em PVC","un",188]
[null,"COT_MESA_ESCR","Mesas de escritório com gavetas (conforme especificação)","un",390.96]
[null,"COT_PRATO","Pratos rasos","un",6.73]
[null,"F030000293-EMBASA/BA","Projetor multimídia (Datashow)","un",1587.81]
[null,"COT_RACK","Rack (sala)","un",210.3]
[null,"COT_REFRESQUEIRA","Refresqueira","un",1606.88]
[null,"COT_TABUA","Tábuas para carnes","un",91.6]
[null,"COT_TELEVISOR","Televisor LCD com 27,5\"","un",913.48]
[null,"01885-ORSE/SE","Prateleira de madeira revestida com fórmica","m",64.98]

{"sheet":"CPU_Móveis e Equipamentos","index":6,"n_rows":89,"n_cols":10,"rows_kept":89,"cut":false,"hidden":false,"merged":[[11,1,12,1],[11,6,12,6],[80,0,80,2],[74,0,74,5],[81,3,82,5],[87,0,87,7],[0,2,0,7],[1,2,1,7],[2,2,2,7],[4,0,5,7],[7,0,7,7],[9,6,10,7],[75,2,78,5],[80,3,80,5],[69,0,72,5],[11,0,12,0],[11,2,12,2],[9,0,10,5],[11,3,12,3],[11,4,12,4]]}
[null,null,"Ministério do Desenvolvimento Regional -MDR"]
[null,null,"Companhia de Desenvolvimento dos Vales do São Francisco e do Parnaíba"]
[null,null,"Gerência de Operação do PISF-Centro de Controle e Operação (AD / GOI / CCO)"]
[]
["TERMO DE REFERÊNCIA PARA CONTRATAÇÃO DOS RECURSOS NECESSÁRIOS À OPERAÇÃO E MANUTENÇÃO DAS INFRAESTRUTURAS DO EIXO LESTE DO PISF - PROJETO DE INTEGRAÇÃO DO SÃO FRANCISCO COM AS BACIAS HIDROGRÁFICAS DO NORDESTE SETENTRIONAL"]
[]
[]
["COMPOSIÇÃO DE PREÇO - MÓVEIS E EQUIPAMENTOS"]
[]
["VALOR DE AQUISIÇÃO (*Exceto itens : 1.1, 1.2, 1.3, 1.4, 1.5 e 1.25)",{"$nulls":5},"VALOR DE LOCAÇÃO "]
[]
["ITEM","CÓDIGO","DESCRIÇÃO","UNIDADE","QUANTIDADE","VALOR (R$)","UNIDADE","VALOR (R$)"]
[{"$nulls":5},"UNITARIO",null,"UNITARIO"]
["1."]
["1.1","E209300236-EMBASA/BA","Aluguel de impressora colorida-Laser com cartuchos-formatos A4 e A3 (inclusive suprimentos)","un x mês",108,225.08,"un x mês",225.08]
["1.2","I8612-SEINFRA/CE","Aluguel de Plotter (inclusive suprimentos)","un x mês",12,320,"un x mês",320]
["1.3"," I8610-SEINFRA/CE","Servidor para backup","un x mês",12,170,"un x mês",170]
["1.4"," I8610-SEINFRA/CE","Desktop com software-tipo 1 (i7, 1T, 8GB, monitor 19\", S.O. Windows 10 e Office última versão)","un x mês",210,170,"un x mês",170]
["1.5"," I8610-SEINFRA/CE","Notebook-tipo 1 (i7, 1T, 8GB, S.O. Windows 10 e Office última versão)","un x mês",216,170,"un x mês",170]
["1.6","COT_ANTE","Kit Antena Digital 4K Externa Log 16 elementos Mastro 45cm e cabo coaxial 12m","un",0.5,49.81,"un x mês",1.6603333333333337]
["1.7","I0123-SEINFRA/CE","Armário de escritório","un",28.5,215.35,"un x mês",7.1783333333333337]
["1.8","73.72.07-SUDECAP/MG","Bebedouro industrial (canteiro)","un",1,1634.53,"un x mês",54.484333333333332]
["1.9","11534-ORSE/SE","Cadeira giratória, com braço, tipo executiva","un",58.5,280,"un x mês",9.3333333333333339]
["1.10","11543-ORSE","Cadeira de plástico sem braço, cor branca","un",11.5,21,"un x mês",0.70000000000000007]
["1.11","COT_CAM_FOTO","Câmera fotográfica digital 20 mp 5x HD","un",1,797.32,"un x mês",26.577333333333339]
["1.12","COT - CAR - LIX","Lixeira Carro Coletor 120L","un",2,354,"un x mês",11.799999999999999]
["1.13","COT_CESTO","Cestos Telado de lixo 9,6L","un",4,13.49,"un x mês",0.44966666666666671]
["1.14","39555-SINAPI/PE","Condicionador de ar 12.000 BTU","un",20.5,2017.01,"un x mês",67.233666666666679]
["1.15","COT_GPS","GPS com cabo e software (conforme especificação)","un",1,4262,"un x mês",142.06666666666669]
["1.16","COT_MESA_REUN","Mesa de reunião 10 lugares com 10 cadeiras","un",3.5,4141.05,"un x mês",138.035]
["1.17","COT_MESA_PVC","Mesa retangular em Polipropileno 119x75cm","un",3,217.99,"un x mês",7.2663333333333346]
["1.18","COT_MESA_ESCR","Mesas de escritório com gavetas (conforme especificação)","un",58.5,421.78,"un x mês",14.059333333333333]
["1.19","F030000293-EMBASA/BA","Projetor multimídia (Datashow)","un",1,1587.81,"un x mês",52.927]
["1.20","COT_RACK","Rack para TV até 60 Polegadas 1 Porta","un",1,268.89,"un x mês",8.9629999999999992]
["1.21","I0122-SEINFRA/CE","Armário de cozinha completo","un",1,550.15,"un x mês",18.338333333333335]
["1.22","COT_MES_06","Conjunto de Mesa 1,40 com Tampo MDP com 6 cadeiras","un",1,905.81,"un x mês",30.193666666666669]
["1.23","10231-ORSE/SE","Fogão ","un",1,614.80999999999995,"un x mês",20.493666666666666]
["1.24","029028-IOPES","Cilindro de Gás de Cozinha 45 kg","un",2.5,573.33000000000004,"un x mês",19.111000000000001]
["1.25","4226-SINAPI/PE","Gás de cozinha-GLP (kg)","kg",1350,7.97,"un x mês",7.97]
["1.26","F020000716-EMBASA/BA","Geladeira 280 litros","un",1,789.33,"un x mês",26.311000000000003]
["1.27","COT_MICROOND","Forno Microondas 20L","un",1,455.97,"un x mês",15.199000000000003]
["1.28","COT_FAQUEI","Faqueiro com 24 peças","un",17,42.9,"un x mês",1.43]
["1.29","COT_PRATO","Pratos rasos redondo em cerâmica","un",39,11.6,"un x mês",0.38666666666666666]
["1.30","COT_COPO","Conjunto  copos em vidro 350ml com 8 unidades","un",2,28.29,"un x mês",0.94300000000000006]
["1.31","COT_TELEVISOR","Smart Tv LED 32\"","un",3.5,1276.72,"un x mês",42.557333333333339]
["1.32","AP_JANTAR","Aparelho de jantar para 06 pessoas","un",6.5,308.08999999999997,"un x mês",10.269666666666666]
["1.33","11645-ORSE/SE","Armário para vestiário, em aço, com 12 portas, com cadeado","un",1,2009.44,"un x mês",66.981333333333339]
["1.34","COT_CHAP","Chapa gás 65 cm para grelhar","un",1,850.04,"un x mês",28.334666666666667]
["1.35","08600-ORSE/SE","Coifa","un",1,1898.17,"un x mês",63.272333333333336]
["1.36","COT_UTENS","Conjunto de utensílios gadgets inox para cozinha","conj.",1,56.72,"un x mês",1.8906666666666669]
["1.37","COT_FOGAO","Fogão industrial 6 bocas 30x30 baixa pressão perfil 5","un",1,1203.46,"un x mês",40.115333333333332]
["1.38","COT_FORNO","Forno elétrico 46L 1500W","un",1,539.24,"un x mês",17.974666666666668]
["1.39","F020000719-EMBASA/BA","Freezer 246 l","un",1,1183.99,"un x mês",39.466333333333331]
["1.40","\t10232-ORSE/SE","Geladeira industrial 300 litros","un",1,1678.73,"un x mês",55.957666666666675]
["1.41","COT_PANEL","Conjunto de panelas antiaderente com 7 peças","un",1,289.99,"un x mês",9.6663333333333341]
["1.42","COT_LIQUID","Liquidificadores industriais alta rotação 2L","un",1,421.82,"un x mês",14.060666666666668]
["1.43","COT_MAQ_LAVA_LOUCA","Máquina de lavar louças industrial B.30 ","un",1,14563.53,"un x mês",485.45100000000002]
["1.44","COT_MAQ_LAVA_ROUPA","Máquina de Lavar roupa 11kg ","un",1,1646,"un x mês",54.866666666666674]
["1.45","COT_MESA_BUF","Carrinho Buffet Térmico Self Service Inox 8 cubas","un",1,2081.44,"un x mês",69.38133333333333]
["1.46","COT_MESA_REFEIT","Mesa de refeitório 10 lugares com cadeiras MDF branco de 25mm","un",2.5,3564.33,"un x mês",118.81099999999999]
["1.47","COT_REFRESQUEIRA","Refresqueira BBS2 Inox","un",1,2479.71,"un x mês",82.656999999999996]
["1.48","COT_TABUA","Tábuas para carnes 19x35x1,6cm","un",1,21.9,"un x mês",0.73]
["1.49","COT_CAMA_BOX","Cama box conjugada solteiro","un",14,286.36,"un x mês",9.5453333333333337]
["1.50","COT_GUARDA_ROUPA","Guarda-Roupa solteiro 4 Portas","un",1,298.91000000000003,"un x mês",9.9636666666666684]
["1.51","COT_ROUPA_CAMA","Jogo de roupa de cama solteiro 100% Algodão","un",28,142.4,"un x mês",4.746666666666667]
["1.52","COT_ROUPA_BANHO","Jogo de Roupa de banho 5 Peças","un",14,217.59,"un x mês",7.2530000000000001]
["1.53","COT_SOFA","Conjunto de sofá 2 e 3 lugares","un",1,928.84,"un x mês",30.961333333333339]
["Observações",{"$nulls":8},3003.1046666666671]
[{"$nulls":9},3.3408120613990011E-2]
[" art. 305 do RIR/1999 esclarece que:\n\n\"Art. 305. Poderá ser computada, como custo ou encargo, em cada período de apuração, a importância correspondente à diminuição do valor dos bens do ativo resultante do desgaste pelo uso, ação da natureza e obsolescência normal (Lei nº 4.506, de 1964, art. 57).\""]
[]
[]
[]
[]
[" Instrução Normativa da Secretaria da Receita Federal (SRF)"]
["Da","Depreciação","Da = (VN - VR) / N"]
["VN","Valor Novo"]
["VR","Valor Residual"]
["N","Vída útil (anos)"]
[]
["DADOS - MÓVEIS  UTENSÍLIOS",null,null,"CONSIDERAÇÕES"]
["Depreciação anual (%)",null,0.4,"*Taxas adotadas dos itens 1.6 até 1.54 (exceto o item 1.25, visto que o valor adotado para gás de cozinha já está com a unidade \"kg\")"]
["Vida últil (anos)",null,2.5]
[]
[]
[]
["1. Valor unitário final = (Depreciação anual) / (Tempo de contrato)"]
["2. A vida útil adotada, leva em consideração o uso serevero dos itens listados, visto que são utilizados em canteiros de obras e frequentemente são deslocados entre canteiros e postos de serviço em campo."]
["3. Adotou-se tempo de contrato igual a 12 meses"]

{"sheet":"Mobilizacao_Desmobilizacao","index":7,"n_rows":42,"n_cols":9,"rows_kept":42,"cut":false,"hidden":false,"merged":[[44,0,44,6],[28,5,28,6],[29,5,29,6],[30,5,30,6],[31,5,31,6],[43,0,43,6],[39,0,39,6],[41,0,41,6],[42,0,42,6],[37,5,37,6],[17,0,17,5],[14,2,14,6],[0,2,0,6],[1,2,1,6],[2,2,2,6],[4,0,5,6],[7,0,7,6],[10,0,11,0],[10,2,11,2],[10,3,11,3],[10,4,11,4],[10,5,10,6],[12,2,12,6],[10,1,11,1],[27,0,27,6],[19,2,19,6],[22,0,22,5],[40,0,40,6],[29,2,29,4],[36,0,37,2],[38,0,38,6],[30,2,30,4],[31,0,31,4],[24,0,24,5],[28,2,28,4],[35,5,35,6],[35,0,35,4]]}
[null,null,"Ministério do Desenvolvimento Regional  - MDR"]
[null,null,"Companhia de Desenvolvimento dos Vales do São Francisco e do Parnaíba"]
[null,null,"Gerência de Operação do PISF - Centro de Controle e Operação (AD / GOI / CCO)"]
[]
["TERMO DE REFERÊNCIA PARA CONTRATAÇÃO DOS RECURSOS NECESSÁRIOS À OPERAÇÃO E MANUTENÇÃO DAS INFRAESTRUTURAS DO EIXO LESTE DO PISF - PROJETO DE INTEGRAÇÃO DO SÃO FRANCISCO COM AS BACIAS HIDROGRÁFICAS DO NORDESTE SETENTRIONAL"]
[]
[]
["MOBILIZAÇÃO E DESMOBILIZAÇAO"]
[]
[]
["ITEM","CÓDIGO","DESCRIÇÃO","UNIDADE","QUANTIDADE","VALOR (R$)"]
[{"$nulls":5},"UNITARIO","TOTAL"]
[null,null,"MOBILIZAÇÃO E DESMOBILIZAÇAO"]
[]
["1.",null,"MOBILIZAÇÃO (Máquinas, Equipamentos, Ferramentas, Instrumentos, Materiais, Mobiliário)"]
["1.1",null,"Mobilização da Equipe - Canteiro apoio geral (Floresta/PE)","un",1,12983.83,12983.83]
["1.2",null,"Mobilização da Equipe - Canteiro central (Sertânia/PE)","un",1,74839.45,74839.45]
["TOTAL - MOBILIZAÇÃO DA EQUIPE (R$):",{"$nulls":5},87823.28]
[]
["2.",null,"DESMOBILIZAÇÃO (Máquinas, Equip., Ferramentas, Instrumentos, Materiais, Mobiliário)"]
["2.1",null,"Desmobilização da Equipe - Canteiro apoio geral (Floresta/PE)","un",1,12983.83,12983.83]
["2.2",null,"Desmobilização da Equipe - Canteiro central (Sertânia/PE)","un",1,74839.45,74839.45]
["TOTAL - DESMOBILIZAÇÃO DA EQUIPE (R$):",{"$nulls":5},87823.28]
[]
["TOTAL - MOBILIZAÇÃO E DESMOBILIZAÇAO - (R$):",{"$nulls":5},175646.56]
[]
[]
["RESUMO - MOBILIZAÇÃO E DESMOBILIZAÇAO"]
["ITEM",null,"DESCRIÇÃO",null,null,"VALOR TOTAL (R$)"]
["01",null,"MOBILIZAÇÃO (Máquinas, Equipamentos, Ferramentas, Instrumentos, Materiais, Mobiliário)",null,null,87823.28]
["02",null,"DESMOBILIZAÇÃO (Máquinas, Equip., Ferramentas, Instrumentos, Materiais, Mobiliário)",null,null,87823.28]
["TOTAL GERAL - MOBILIZAÇÃO E DESMOBILIZAÇAO - (R$):",{"$nulls":4},175646.56,null,null,230168.14]
[{"$nulls":8},0.76312281969172613]
[]
["NOME DO INFORMANTE:",{"$nulls":4},"QUALIFICAÇÃO:\n"]
[]
["ASSINATURA:",{"$nulls":4},"DATA:"]
[]
["OBSERVAÇÃO:"]
["1. Considerou-se na Mobilizaçao: Transporte dos materiais e equipamentos / Instalação de Pessoal, entre outras despesas."]
["2. Considerou-se na Desmobilização: Retirada de máquinas e equipamentos / Demolições e/ou Recuperação de Canteiro, entre outras despesas."]
["3. Mobilização e Desmobilização do Quadro de Pessoal: Será realizada  com os veículos previstos no contrato."]

{"sheet":"CPU_MOBILIZAÇAO","index":8,"n_rows":125,"n_cols":13,"rows_kept":125,"cut":false,"hidden":false,"merged":[[11,0,11,2],[13,0,13,8],[11,4,11,7],[4,0,5,8],[103,7,103,8],[97,0,97,7],[46,0,46,7],[48,0,48,8],[33,0,33,7],[35,0,35,8],[40,0,40,7],[42,0,42,8],[95,3,95,7],[95,0,95,1],[93,0,93,7],[52,0,52,7],[0,0,0,8],[1,0,1,8],[2,0,2,8],[9,0,9,8],[8,0,8,8],[105,0,105,8],[104,7,104,8],[101,0,101,6],[102,0,102,6],[103,0,103,6],[104,0,104,6],[54,3,54,7],[56,0,56,7],[112,0,112,8],[111,0,111,8],[110,0,110,8],[108,0,108,8],[101,7,101,8],[102,7,102,8],[109,0,109,8],[107,0,107,8],[106,0,106,8],[54,0,54,1],[59,0,59,8],[81,0,81,7],[83,0,83,8],[87,0,87,7],[89,0,89,8],[60,0,60,8],[62,0,62,2],[64,0,64,8],[74,0,74,7],[76,0,76,8],[62,4,62,7]]}
["Ministério do Desenvolvimento Regional -MDR"]
["Companhia de Desenvolvimento dos Vales do São Francisco e do Parnaíba"]
["Gerência de Operação do PISF-Centro de Controle e Operação (AD / GOI / CCO)"]
[]
["SERVIÇOS DE OPERAÇÃO E MANUTENÇÃO DAS INFRAESTRUTURAS DO EIXO LESTE DO PROJETO DE INTEGRAÇÃO DO RIO SÃO FRANCISCO COM AS BACIAS HIDROGRÁFICAS DO NORDESTE SETENTRIONAL – PISF"]
[]
[]
[]
["COMPOSIÇÃO DE PREÇO UNITÁRIO-MOBILIZAÇÃO"]
["Local / Canteiros: EIXO LESTE-Canteiro Central (Sertânia/PE)"]
[]
["Distância entre Recife/PE-Canteiro Central (km):",null,null,320,"Veloc. Média (km/h):",null,null,null,60]
[]
["EQUIPAMENTO"]
["CÓDIGO","DESCRIÇÃO","MEIO DE\nLOCOMOÇÃO","QUANTIDADE","FU","K","DMT\n(km)","CHP\n(R$)","CUSTO TOTAL\n(R$)"]
["E9592-DNIT/PE","CAMINHÃO TRUCADO (C/ TERCEIRO EIXO) ELETRÔNICO - POTÊNCIA 231CV - PBT = 22000KG - DIST. ENTRE EIXOS 5170 MM - INCLUI CARROCERIA FIXA ABERTA DE MADEIRA","Rodando",3,1,1,320,248.2681,3972.29,null,null,null,"CAMINHÃO TRUCADO (C/ TERCEIRO EIXO) ELETRÔNICO - POTÊNCIA 231CV - PBT = 22000KG - DIST. ENTRE EIXOS 5170 MM - INCLUI CARROCERIA FIXA ABERTA DE MADEIRA"]
["E9579-DNIT/PE","CAMINHÃO BASCULANTE 10 M3, TRUCADO CABINE SIMPLES, PESO BRUTO TOTAL 23.000 KG, CARGA ÚTIL MÁXIMA 15.935 KG, DISTÂNCIA ENTRE EIXOS 4,80 M, POTÊNCIA 230 CV INCLUSIVE CAÇAMBA METÁLICA ","Rodando",3,1,1,320,249.494,3991.9,null,null,null,"CAMINHÃO BASCULANTE 10 M3, TRUCADO CABINE SIMPLES, PESO BRUTO TOTAL 23.000 KG, CARGA ÚTIL MÁXIMA 15.935 KG, DISTÂNCIA ENTRE EIXOS 4,80 M, POTÊNCIA 230 CV INCLUSIVE CAÇAMBA METÁLICA "]
["E9509-DNIT/PE","Caminhão Comboio para lubrificação e abastecimento (melosa), convencional totalmente equipado (Capacidade de Combustível: 5.000 l, Capacidade de Lubrificante: 500 l, Capacidade de Graxa: 200 kg, Capacidade de Água: 300 l, Recipiente para Óleo Usado: 200 l, Compressor de Ar e Bomba- d’agua)","Rodando",1,1,1,320,244.79,1305.55,null,null,null,"Caminhão guindauto com capacidade de carga até 10,0 t"]
["E9686-DNIT/PE","Caminhão guindauto com capacidade de carga até 10,0 t","Rodando",1,1,1,320,279.49,1490.61,null,null,null,"Caminhão tanque, capacidade de volume  6000 l e potência 136,0 hp"]
["E9605-DNIT/PE","Caminhão tanque, capacidade de volume  6000 l e potência 136,0 hp","Rodando",4,1,1,320,234.19,4996.05,null,null,null,"Carreta Reboque (para embarcação)"]
["A9353-DNIT/PE","Carreta Reboque (para embarcação)","Rodando",2,1,1,320,55.605600000000003,593.13,null,null,null,"Minicarregadeira sobre rodas, potência líquida de 47 hp, capacidade nominal de operação de 646 kg"]
["E9666-DNIT/PE","ESCAVADEIRA HIDRAULICA SOBRE ESTEIRAS CACAMBA 0,40 A 1,20 M3, PESO OPERACIONAL 21,19 T, POTENCIA LIQUIDA 173 HP","Carreta",2,1,2,320,378.45,8073.6,null,null,null,"Retroescavadeira sobre rodas com carregadeira, tração 4x4, potência líquida 72 hp, peso operacional mínimo de 7.140 kg, capacidade mínima da carregadeira de 0,79 m³ e da retroescavadeira mínima de 0,18 m³, profundidade de escavação máxima de 4,50 m."]
["E9686-DNIT/PE","Grupo gerador de 13/14 KVA, 220v, trifásico, silenciado, com 100 metros de cabos e 01 QTA. ","Guindauto",1,1,2,320,279.49,2981.23,null,null,null,"Trator de esteiras, potência de 150 hp, peso operacional de 16,7 t, com roda motriz elevada e lâmina com contato de 3,18 m³."]
["E9686-DNIT/PE","Grupo gerador de 145/160 kVA","Guindauto",1,1,2,320,279.49,2981.23,null,null,null,"Barco tipo Alumínio, 7 m de comprimento, Alumínio soldado, reforçado, borda sem corrimão, chapa de Alumínio 2,00 cm, boca 1,50 cm, borda 0,60 cm. / Motor popa, tipo partida manual, potência 15 hp, aplicação barco Alumínio, características adicionais: válvulas automáticas descompressão, refrigerado a ar, quantidade marchas 2 und, quantidade cilíndro 2 und, capacidade tanque 23 l, tipo motor: 2 tempos, velocidade: 4.500 a 5.800 rpm."]
["E9686-DNIT/PE","Grupo gerador de 310/340 kVA","Guindauto",1,1,2,320,279.49,2981.23]
["E9666-DNIT/PE","MOTONIVELADORA POTENCIA BASICA LIQUIDA (PRIMEIRA MARCHA) 171 HP, PESO BRUTO 14768 KG, LARGURA DA LAMINA DE 3,7 M","Carreta",2,1,2,320,378.45,8073.6]
["E9666-DNIT/PE","Grupo Gerador-32,0 kVA, 220 V, trifásico, silenciado, com 100 metros de cabos e 01 QTA. ","Carreta",1,1,2,320,378.45,4036.8]
["E9666-DNIT/PE","Cavalo Mecânico com Reboque M. Benz Randon LS-1634/45 29,5 t, ou similar","Carreta",2,1,2,320,378.45,8073.6]
["E9666-DNIT/PE","Retroescavadeira sobre rodas com carregadeira, tração 4x4, potência líquida 72 hp, peso operacional mínimo de 7.140 kg, capacidade mínima da carregadeira de 0,79 m³ e da retroescavadeira mínima de 0,18 m³, profundidade de escavação máxima de 4,50 m.","Carreta",3,1,2,320,378.45,12110.4]
["E9666-DNIT/PE","Trator de esteiras, potência de 150 hp, peso operacional de 16,7 t, com roda motriz elevada e lâmina com contato de 3,18 m³.","Carreta",1,1,2,320,378.45,4036.8]
["E9666-DNIT/PE","Rolo compactador pé-de-carneiro vibratório, potência 125 hp, peso operacional sem/com lastro 11,95/13,30 t, impacto dinâmico 38,5/22,5 t, largura de trabalho 2,15 m.","Carreta",1,1,2,320,378.45,4036.8]
["A9353-DNIT/PE","Barco tipo Alumínio, 7 m de comprimento, Alumínio soldado, reforçado, borda sem corrimão, chapa de Alumínio 2,00 cm, boca 1,50 cm, borda 0,60 cm. / Motor popa, tipo partida manual, potência 15 hp, aplicação barco Alumínio, características adicionais: válvulas automáticas descompressão, refrigerado a ar, quantidade marchas 2 und, quantidade cilíndro 2 und, capacidade tanque 23 l, tipo motor: 2 tempos, velocidade: 4.500 a 5.800 rpm.","Rodando",2,1,1,320,55.605600000000003,593.13]
[]
["SUB-TOTAL (R$):",{"$nulls":7},74327.950000000012]
[]
["MATERIAL"]
["CÓDIGO","DESCRIÇÃO","UNIDADE","QUANTIDADE",null,null,null,"CUSTO UNIT.\n(R$)","CUSTO TOTAL\n(R$)"]
["SINDUSCON/PE","Alimentação (motorista que vai rodando)","und",16,null,null,null,16.5,264]
["SINDUSCON/PE","Alimentação (motorista que retorna)","und",15,null,null,null,16.5,247.5]
[]
["SUB-TOTAL (R$):",{"$nulls":7},511.5]
[]
["SERVIÇOS-COMPOSIÇÕES AUXILIARES"]
["CÓDIGO","DESCRIÇÃO","UNIDADE","QUANTIDADE",null,null,null,"CUSTO UNIT.\n(R$)","CUSTO TOTAL\n(R$)"]
[]
[]
["SUB-TOTAL (R$):",{"$nulls":7},0]
[]
["MÃO DE OBRA"]
["CÓDIGO","DESCRIÇÃO","UNIDADE","QUANTIDADE",null,null,null,"CUSTO UNIT.\n(R$)","CUSTO TOTAL\n(R$)"]
[]
[]
["SUB-TOTAL (R$):",{"$nulls":7},0]
[]
["PRODUÇÃO DA EQUIPE:",null,1,"CUSTO (R$):",{"$nulls":4},74839.450000000012]
[]
["TOTAL-COMPOSIÇÃO DE PREÇO UNITÁRIO-MOBILIZAÇÃO-(R$):",{"$nulls":7},74839.45]
[]
[]
["COMPOSIÇÃO DE PREÇO UNITÁRIO-MOBILIZAÇÃO"]
["Local / Canteiros: EIXO LESTE-Canteiro apoio geral (Floresta/PE)"]
[]
["Distância entre Recife/PE-Canteiro apoio geral (km):",null,null,472,"Veloc. Média (km/h):",null,null,null,60]
[]
["EQUIPAMENTO"]
["CÓDIGO","DESCRIÇÃO","MEIO DE\nLOCOMOÇÃO","QUANTIDADE","FU","K","DMT\n(km)","CHP\n(R$)","CUSTO TOTAL\n(R$)"]
["E9592-DNIT/PE","CAMINHÃO TRUCADO (C/ TERCEIRO EIXO) ELETRÔNICO - POTÊNCIA 231CV - PBT = 22000KG - DIST. ENTRE EIXOS 5170 MM - INCLUI CARROCERIA FIXA ABERTA DE MADEIRA","Rodando",1,1,1,472,248.2681,1953.04]
["E9579-DNIT/PE","CAMINHÃO BASCULANTE 10 M3, TRUCADO CABINE SIMPLES, PESO BRUTO TOTAL 23.000 KG, CARGA ÚTIL MÁXIMA 15.935 KG, DISTÂNCIA ENTRE EIXOS 4,80 M, POTÊNCIA 230 CV INCLUSIVE CAÇAMBA METÁLICA ","Rodando",1,1,1,472,249.494,1962.69]
["E9686-DNIT/PE","Caminhão guindauto com capacidade de carga até 10,0 t","Rodando",1,1,1,472,279.49,2198.65]
["E9605-DNIT/PE","Caminhão tanque, capacidade de volume  6000 l e potência 136,0 hp","Rodando",1,1,1,472,234.19,1842.29]
["A9353-DNIT/PE","Carreta Reboque (para embarcação)","Rodando",1,1,1,472,55.605600000000003,437.43]
["E9666-DNIT/PE","Retroescavadeira sobre rodas com carregadeira, tração 4x4, potência líquida 72 hp, peso operacional mínimo de 7.140 kg, capacidade mínima da carregadeira de 0,79 m³ e da retroescavadeira mínima de 0,18 m³, profundidade de escavação máxima de 4,50 m.","Carreta",1,1,2,320,378.45,4036.8]
["A9353-DNIT/PE","Barco tipo Alumínio, 7 m de comprimento, Alumínio soldado, reforçado, borda sem corrimão, chapa de Alumínio 2,00 cm, boca 1,50 cm, borda 0,60 cm. / Motor popa, tipo partida manual, potência 15 hp, aplicação barco Alumínio, características adicionais: válvulas automáticas descompressão, refrigerado a ar, quantidade marchas 2 und, quantidade cilíndro 2 und, capacidade tanque 23 l, tipo motor: 2 tempos, velocidade: 4.500 a 5.800 rpm.","Rodando",1,1,1,472,55.605600000000003,437.43]
[]
["SUB-TOTAL (R$):",{"$nulls":7},12868.330000000002]
[]
["MATERIAL"]
["CÓDIGO","DESCRIÇÃO","UNIDADE","QUANTIDADE",null,null,null,"CUSTO UNIT.\n(R$)","CUSTO TOTAL\n(R$)"]
["SINDUSCON/PE","Alimentação (motorista que vai rodando)","und",6,null,null,null,16.5,99]
["SINDUSCON/PE","Alimentação (motorista que retorna)","und",1,null,null,null,16.5,16.5]
[]
["SUB-TOTAL (R$):",{"$nulls":7},115.5]
[]
["SERVIÇOS-COMPOSIÇÕES AUXILIARES"]
["CÓDIGO","DESCRIÇÃO","UNIDADE","QUANTIDADE",null,null,null,"CUSTO UNIT.\n(R$)","CUSTO TOTAL\n(R$)"]
[]
[]
["SUB-TOTAL (R$):",{"$nulls":7},0]
[]
["MÃO DE OBRA"]
["CÓDIGO","DESCRIÇÃO","UNIDADE","QUANTIDADE",null,null,null,"CUSTO UNIT.\n(R$)","CUSTO TOTAL\n(R$)"]
[]
[]
["SUB-TOTAL (R$):",{"$nulls":7},0]
[]
["PRODUÇÃO DA EQUIPE:",null,1,"CUSTO (R$):",{"$nulls":4},12983.830000000002]
[]
["TOTAL-COMPOSIÇÃO DE PREÇO UNITÁRIO-MOBILIZAÇÃO-(R$):",{"$nulls":7},12983.83]
[]
[]
[]
["NOME DO INFORMANTE:",{"$nulls":6},"QUALIFICAÇÃO:"]
[]
["ASSINATURA:",{"$nulls":6},"DATA:"]
[]
["OBSERVAÇÃO:"]
["1. Fonte de Preços: Sistemas de Custos Referenciais de Obras-DNIT/PE (Tabela SICRO/PE). Data base: Janeiro/2022."]
["1. Fonte de Preços: SINAPI/PE. Data base: Abril/2022."]
["2. Para o Cálculo do Custo da Mobilização foi utilizada a metodologia do DNIT/PE."]
["3. Distância considerada a partir da capital mais próxima ao canteiro"]
[]
[]
[]
[]
[]
["Código","Descrição","R$/h"]
["E9592-DNIT/PE","Caminhão carroceria com capacidade de 15 t-188 kW",248.2681,"ok"]
["E9579-DNIT/PE","Caminhão basculante com capacidade de 10 m³-188 kW",249.494,"ok"]
["E9509-DNIT/PE","Caminhão tanque distribuidor de asfalto com capacidade de 6.000 l-7 kW/136 kW",244.79,"ok"]
["E9686-DNIT/PE","Caminhão carroceria com guindauto com capacidade de 20 t.m-136 kW",279.49]
["E9605-DNIT/PE","Caminhão tanque com capacidade de 6.000 l-136 kW",234.19,"ok"]
["A9353-DNIT/PE","Semirreboque com 2 eixos",55.605600000000003,"ok"]
["E9666-DNIT/PE","Cavalo mecânico com semirreboque com capacidade de 30 t-265 kW",378.45,"ok"]
["SINDCON/PE","Alimentação (motorista que vai rodando)-Convenção Coletiva de Trabalho 2021-2023-SINDCON/PE (Cláusula 19ª)",16.5]
[{"$nulls":4},1706.7877000000001]

{"sheet":"CPU_DESMOBILIZAÇAO","index":9,"n_rows":125,"n_cols":13,"rows_kept":125,"cut":false,"hidden":false,"merged":[[111,0,111,8],[112,0,112,8],[105,0,105,8],[106,0,106,8],[107,0,107,8],[108,0,108,8],[109,0,109,8],[110,0,110,8],[102,0,102,6],[102,7,102,8],[103,0,103,6],[103,7,103,8],[104,0,104,6],[104,7,104,8],[93,0,93,7],[95,0,95,1],[95,3,95,7],[97,0,97,7],[101,0,101,6],[101,7,101,8],[89,0,89,8],[56,0,56,7],[59,0,59,8],[60,0,60,8],[62,0,62,2],[62,4,62,7],[64,0,64,8],[74,0,74,7],[76,0,76,8],[81,0,81,7],[83,0,83,8],[87,0,87,7],[42,0,42,8],[46,0,46,7],[48,0,48,8],[52,0,52,7],[54,0,54,1],[54,3,54,7],[40,0,40,7],[0,0,0,8],[1,0,1,8],[2,0,2,8],[4,0,5,8],[8,0,8,8],[9,0,9,8],[11,0,11,2],[11,4,11,7],[13,0,13,8],[33,0,33,7],[35,0,35,8]]}
["Ministério do Desenvolvimento Regional -MDR"]
["Companhia de Desenvolvimento dos Vales do São Francisco e do Parnaíba"]
["Gerência de Operação do PISF-Centro de Controle e Operação (AD / GOI / CCO)"]
[]
["SERVIÇOS DE OPERAÇÃO E MANUTENÇÃO DAS INFRAESTRUTURAS DO EIXO LESTE DO PROJETO DE INTEGRAÇÃO DO RIO SÃO FRANCISCO COM AS BACIAS HIDROGRÁFICAS DO NORDESTE SETENTRIONAL – PISF"]
[]
[]
[]
["COMPOSIÇÃO DE PREÇO UNITÁRIO-DESMOBILIZAÇÃO"]
["Local / Canteiros: EIXO LESTE-Canteiro Central (Sertânia/PE)"]
[]
["Distância entre Recife/PE-Canteiro Central (km):",null,null,320,"Veloc. Média (km/h):",null,null,null,60]
[]
["EQUIPAMENTO"]
["CÓDIGO","DESCRIÇÃO","MEIO DE\nLOCOMOÇÃO","QUANTIDADE","FU","K","DMT\n(km)","CHP\n(R$)","CUSTO TOTAL\n(R$)"]
["E9592-DNIT/PE","CAMINHÃO TRUCADO (C/ TERCEIRO EIXO) ELETRÔNICO - POTÊNCIA 231CV - PBT = 22000KG - DIST. ENTRE EIXOS 5170 MM - INCLUI CARROCERIA FIXA ABERTA DE MADEIRA","Rodando",3,1,1,320,248.2681,3972.29,null,null,null,"CAMINHÃO TRUCADO (C/ TERCEIRO EIXO) ELETRÔNICO - POTÊNCIA 231CV - PBT = 22000KG - DIST. ENTRE EIXOS 5170 MM - INCLUI CARROCERIA FIXA ABERTA DE MADEIRA"]
["E9579-DNIT/PE","CAMINHÃO BASCULANTE 10 M3, TRUCADO CABINE SIMPLES, PESO BRUTO TOTAL 23.000 KG, CARGA ÚTIL MÁXIMA 15.935 KG, DISTÂNCIA ENTRE EIXOS 4,80 M, POTÊNCIA 230 CV INCLUSIVE CAÇAMBA METÁLICA ","Rodando",3,1,1,320,249.494,3991.9,null,null,null,"CAMINHÃO BASCULANTE 10 M3, TRUCADO CABINE SIMPLES, PESO BRUTO TOTAL 23.000 KG, CARGA ÚTIL MÁXIMA 15.935 KG, DISTÂNCIA ENTRE EIXOS 4,80 M, POTÊNCIA 230 CV INCLUSIVE CAÇAMBA METÁLICA "]
["E9509-DNIT/PE","Caminhão Comboio para lubrificação e abastecimento (melosa), convencional totalmente equipado (Capacidade de Combustível: 5.000 l, Capacidade de Lubrificante: 500 l, Capacidade de Graxa: 200 kg, Capacidade de Água: 300 l, Recipiente para Óleo Usado: 200 l, Compressor de Ar e Bomba- d’agua)","Rodando",1,1,1,320,244.79,1305.55,null,null,null,"Caminhão guindauto com capacidade de carga até 10,0 t"]
["E9686-DNIT/PE","Caminhão guindauto com capacidade de carga até 10,0 t","Rodando",1,1,1,320,279.49,1490.61,null,null,null,"Caminhão tanque, capacidade de volume  6000 l e potência 136,0 hp"]
["E9605-DNIT/PE","Caminhão tanque, capacidade de volume  6000 l e potência 136,0 hp","Rodando",4,1,1,320,234.19,4996.05,null,null,null,"Carreta Reboque (para embarcação)"]
["A9353-DNIT/PE","Carreta Reboque (para embarcação)","Rodando",2,1,1,320,55.605600000000003,593.13,null,null,null,"Minicarregadeira sobre rodas, potência líquida de 47 hp, capacidade nominal de operação de 646 kg"]
["E9666-DNIT/PE","ESCAVADEIRA HIDRAULICA SOBRE ESTEIRAS CACAMBA 0,40 A 1,20 M3, PESO OPERACIONAL 21,19 T, POTENCIA LIQUIDA 173 HP","Carreta",2,1,2,320,378.45,8073.6,null,null,null,"Retroescavadeira sobre rodas com carregadeira, tração 4x4, potência líquida 72 hp, peso operacional mínimo de 7.140 kg, capacidade mínima da carregadeira de 0,79 m³ e da retroescavadeira mínima de 0,18 m³, profundidade de escavação máxima de 4,50 m."]
["E9686-DNIT/PE","Grupo gerador de 13/14 KVA, 220v, trifásico, silenciado, com 100 metros de cabos e 01 QTA. ","Guindauto",1,1,2,320,279.49,2981.23,null,null,null,"Trator de esteiras, potência de 150 hp, peso operacional de 16,7 t, com roda motriz elevada e lâmina com contato de 3,18 m³."]
["E9686-DNIT/PE","Grupo gerador de 145/160 kVA","Guindauto",1,1,2,320,279.49,2981.23,null,null,null,"Barco tipo Alumínio, 7 m de comprimento, Alumínio soldado, reforçado, borda sem corrimão, chapa de Alumínio 2,00 cm, boca 1,50 cm, borda 0,60 cm. / Motor popa, tipo partida manual, potência 15 hp, aplicação barco Alumínio, características adicionais: válvulas automáticas descompressão, refrigerado a ar, quantidade marchas 2 und, quantidade cilíndro 2 und, capacidade tanque 23 l, tipo motor: 2 tempos, velocidade: 4.500 a 5.800 rpm."]
["E9686-DNIT/PE","Grupo gerador de 310/340 kVA","Guindauto",1,1,2,320,279.49,2981.23]
["E9666-DNIT/PE","MOTONIVELADORA POTENCIA BASICA LIQUIDA (PRIMEIRA MARCHA) 171 HP, PESO BRUTO 14768 KG, LARGURA DA LAMINA DE 3,7 M","Carreta",2,1,2,320,378.45,8073.6]
["E9666-DNIT/PE","Grupo Gerador-32,0 kVA, 220 V, trifásico, silenciado, com 100 metros de cabos e 01 QTA. ","Carreta",1,1,2,320,378.45,4036.8]
["E9666-DNIT/PE","Cavalo Mecânico com Reboque M. Benz Randon LS-1634/45 29,5 t, ou similar","Carreta",2,1,2,320,378.45,8073.6]
["E9666-DNIT/PE","Retroescavadeira sobre rodas com carregadeira, tração 4x4, potência líquida 72 hp, peso operacional mínimo de 7.140 kg, capacidade mínima da carregadeira de 0,79 m³ e da retroescavadeira mínima de 0,18 m³, profundidade de escavação máxima de 4,50 m.","Carreta",3,1,2,320,378.45,12110.4]
["E9666-DNIT/PE","Trator de esteiras, potência de 150 hp, peso operacional de 16,7 t, com roda motriz elevada e lâmina com contato de 3,18 m³.","Carreta",1,1,2,320,378.45,4036.8]
["E9666-DNIT/PE","Rolo compactador pé-de-carneiro vibratório, potência 125 hp, peso operacional sem/com lastro 11,95/13,30 t, impacto dinâmico 38,5/22,5 t, largura de trabalho 2,15 m.","Carreta",1,1,2,320,378.45,4036.8]
["A9353-DNIT/PE","Barco tipo Alumínio, 7 m de comprimento, Alumínio soldado, reforçado, borda sem corrimão, chapa de Alumínio 2,00 cm, boca 1,50 cm, borda 0,60 cm. / Motor popa, tipo partida manual, potência 15 hp, aplicação barco Alumínio, características adicionais: válvulas automáticas descompressão, refrigerado a ar, quantidade marchas 2 und, quantidade cilíndro 2 und, capacidade tanque 23 l, tipo motor: 2 tempos, velocidade: 4.500 a 5.800 rpm.","Rodando",2,1,1,320,55.605600000000003,593.13]
[]
["SUB-TOTAL (R$):",{"$nulls":7},74327.950000000012]
[]
["MATERIAL"]
["CÓDIGO","DESCRIÇÃO","UNIDADE","QUANTIDADE",null,null,null,"CUSTO UNIT.\n(R$)","CUSTO TOTAL\n(R$)"]
["SINDUSCON/PE","Alimentação (motorista que vai rodando)","und",16,null,null,null,16.5,264]
["SINDUSCON/PE","Alimentação (motorista que retorna)","und",15,null,null,null,16.5,247.5]
[]
["SUB-TOTAL (R$):",{"$nulls":7},511.5]
[]
["SERVIÇOS-COMPOSIÇÕES AUXILIARES"]
["CÓDIGO","DESCRIÇÃO","UNIDADE","QUANTIDADE",null,null,null,"CUSTO UNIT.\n(R$)","CUSTO TOTAL\n(R$)"]
[]
[]
["SUB-TOTAL (R$):",{"$nulls":7},0]
[]
["MÃO DE OBRA"]
["CÓDIGO","DESCRIÇÃO","UNIDADE","QUANTIDADE",null,null,null,"CUSTO UNIT.\n(R$)","CUSTO TOTAL\n(R$)"]
[]
[]
["SUB-TOTAL (R$):",{"$nulls":7},0]
[]
["PRODUÇÃO DA EQUIPE:",null,1,"CUSTO (R$):",{"$nulls":4},74839.450000000012]
[]
["TOTAL-COMPOSIÇÃO DE PREÇO UNITÁRIO-DESMOBILIZAÇÃO-(R$):",{"$nulls":7},74839.45]
[]
[]
["COMPOSIÇÃO DE PREÇO UNITÁRIO-DESMOBILIZAÇÃO"]
["Local / Canteiros: EIXO LESTE-Canteiro apoio geral (Floresta/PE)"]
[]
["Distância entre Recife/PE-Canteiro apoio geral (km):",null,null,472,"Veloc. Média (km/h):",null,null,null,60]
[]
["EQUIPAMENTO"]
["CÓDIGO","DESCRIÇÃO","MEIO DE\nLOCOMOÇÃO","QUANTIDADE","FU","K","DMT\n(km)","CHP\n(R$)","CUSTO TOTAL\n(R$)"]
["E9592-DNIT/PE","CAMINHÃO TRUCADO (C/ TERCEIRO EIXO) ELETRÔNICO - POTÊNCIA 231CV - PBT = 22000KG - DIST. ENTRE EIXOS 5170 MM - INCLUI CARROCERIA FIXA ABERTA DE MADEIRA","Rodando",1,1,1,472,248.2681,1953.04]
["E9579-DNIT/PE","CAMINHÃO BASCULANTE 10 M3, TRUCADO CABINE SIMPLES, PESO BRUTO TOTAL 23.000 KG, CARGA ÚTIL MÁXIMA 15.935 KG, DISTÂNCIA ENTRE EIXOS 4,80 M, POTÊNCIA 230 CV INCLUSIVE CAÇAMBA METÁLICA ","Rodando",1,1,1,472,249.494,1962.69]
["E9686-DNIT/PE","Caminhão guindauto com capacidade de carga até 10,0 t","Rodando",1,1,1,472,279.49,2198.65]
["E9605-DNIT/PE","Caminhão tanque, capacidade de volume  6000 l e potência 136,0 hp","Rodando",1,1,1,472,234.19,1842.29]
["A9353-DNIT/PE","Carreta Reboque (para embarcação)","Rodando",1,1,1,472,55.605600000000003,437.43]
["E9666-DNIT/PE","Retroescavadeira sobre rodas com carregadeira, tração 4x4, potência líquida 72 hp, peso operacional mínimo de 7.140 kg, capacidade mínima da carregadeira de 0,79 m³ e da retroescavadeira mínima de 0,18 m³, profundidade de escavação máxima de 4,50 m.","Carreta",1,1,2,320,378.45,4036.8]
["A9353-DNIT/PE","Barco tipo Alumínio, 7 m de comprimento, Alumínio soldado, reforçado, borda sem corrimão, chapa de Alumínio 2,00 cm, boca 1,50 cm, borda 0,60 cm. / Motor popa, tipo partida manual, potência 15 hp, aplicação barco Alumínio, características adicionais: válvulas automáticas descompressão, refrigerado a ar, quantidade marchas 2 und, quantidade cilíndro 2 und, capacidade tanque 23 l, tipo motor: 2 tempos, velocidade: 4.500 a 5.800 rpm.","Rodando",1,1,1,472,55.605600000000003,437.43]
[]
["SUB-TOTAL (R$):",{"$nulls":7},12868.330000000002]
[]
["MATERIAL"]
["CÓDIGO","DESCRIÇÃO","UNIDADE","QUANTIDADE",null,null,null,"CUSTO UNIT.\n(R$)","CUSTO TOTAL\n(R$)"]
["SINDUSCON/PE","Alimentação (motorista que vai rodando)","und",6,null,null,null,16.5,99]
["SINDUSCON/PE","Alimentação (motorista que retorna)","und",1,null,null,null,16.5,16.5]
[]
["SUB-TOTAL (R$):",{"$nulls":7},115.5]
[]
["SERVIÇOS-COMPOSIÇÕES AUXILIARES"]
["CÓDIGO","DESCRIÇÃO","UNIDADE","QUANTIDADE",null,null,null,"CUSTO UNIT.\n(R$)","CUSTO TOTAL\n(R$)"]
[]
[]
["SUB-TOTAL (R$):",{"$nulls":7},0]
[]
["MÃO DE OBRA"]
["CÓDIGO","DESCRIÇÃO","UNIDADE","QUANTIDADE",null,null,null,"CUSTO UNIT.\n(R$)","CUSTO TOTAL\n(R$)"]
[]
[]
["SUB-TOTAL (R$):",{"$nulls":7},0]
[]
["PRODUÇÃO DA EQUIPE:",null,1,"CUSTO (R$):",{"$nulls":4},12983.830000000002]
[]
["TOTAL-COMPOSIÇÃO DE PREÇO UNITÁRIO-DESMOBILIZAÇÃO-(R$):",{"$nulls":7},12983.83]
[]
[]
[]
["NOME DO INFORMANTE:",{"$nulls":6},"QUALIFICAÇÃO:"]
[]
["ASSINATURA:",{"$nulls":6},"DATA:"]
[]
["OBSERVAÇÃO:"]
["1. Fonte de Preços: Sistemas de Custos Referenciais de Obras-DNIT/PE (Tabela SICRO/PE). Data base: Janeiro/2022."]
["1. Fonte de Preços: SINAPI/PE. Data base: Abril/2022."]
["2. Para o Cálculo do Custo da Mobilização foi utilizada a metodologia do DNIT/PE."]
["3. Distância considerada a partir da capital mais próxima ao canteiro"]
[]
[]
[]
[]
[]
["Código","Descrição","R$/h"]
["E9592-DNIT/PE","Caminhão carroceria com capacidade de 15 t-188 kW",248.2681,"ok"]
["E9579-DNIT/PE","Caminhão basculante com capacidade de 10 m³-188 kW",249.494,"ok"]
["E9509-DNIT/PE","Caminhão tanque distribuidor de asfalto com capacidade de 6.000 l-7 kW/136 kW",244.79,"ok"]
["E9686-DNIT/PE","Caminhão carroceria com guindauto com capacidade de 20 t.m-136 kW",279.49]
["E9605-DNIT/PE","Caminhão tanque com capacidade de 6.000 l-136 kW",234.19,"ok"]
["A9353-DNIT/PE","Semirreboque com 2 eixos",55.605600000000003,"ok"]
["E9666-DNIT/PE","Cavalo mecânico com semirreboque com capacidade de 30 t-265 kW",378.45,"ok"]
["SINDCON/PE","Alimentação (motorista que vai rodando)-Convenção Coletiva de Trabalho 2021-2023-SINDCON/PE (Cláusula 19ª)",16.5]
[{"$nulls":4},1706.7877000000001]

{"sheet":"Canteiros","index":10,"n_rows":31,"n_cols":8,"rows_kept":31,"cut":false,"hidden":false,"merged":[[29,6,29,7],[27,6,27,7],[28,6,28,7],[26,6,26,7],[4,0,5,7],[7,0,7,7],[10,0,11,0],[10,1,11,1],[10,4,11,4],[10,3,11,3],[10,6,10,7],[10,5,11,5],[17,0,25,0],[12,0,16,0],[12,1,16,1],[12,2,16,2],[12,3,16,3],[12,6,16,6],[12,7,16,7],[17,1,25,1],[17,2,25,2],[17,3,25,3],[17,6,25,6],[17,7,25,7]]}
[null,null,null,"Ministério do Desenvolvimento Regional  - MDR"]
[null,null,null,"Companhia de Desenvolvimento dos Vales do São Francisco e do Parnaíba"]
[null,null,null,"Gerência de Operação do PISF - Centro de Controle e Operação (AD / GOI / CCO)"]
[]
["TERMO DE REFERÊNCIA PARA CONTRATAÇÃO DOS RECURSOS NECESSÁRIOS À OPERAÇÃO E MANUTENÇÃO DAS INFRAESTRUTURAS DO EIXO LESTE DO PISF - PROJETO DE INTEGRAÇÃO DO SÃO FRANCISCO COM AS BACIAS HIDROGRÁFICAS DO NORDESTE SETENTRIONAL"]
[]
[]
["CANTEIROS - INFORMAÇÕES COMPLEMENTARES"]
[]
[]
["ITEM","CANTEIRO",null,"TRECHO","RESERVATÓRIOS","ESTAÇÕES DE\nBOMBEAMENTO","LOCALIZAÇÃO"]
[{"$nulls":6},"CAPITAL MAIS PRÓXIMA","DIST. ATÉ CAPITAL (km)"]
[1,"Canteiro apoio geral (Reforma e / ou Construção)","Floresta / PE","Trecho 1 - Do reservatório de Itaparica até o canal 2213","Areias","EBV-1","Recife / PE",472]
[{"$nulls":4},"Braúnas","EBV-2"]
[{"$nulls":4},"Mandantes","EBV-3"]
[{"$nulls":4},"Salgueiro"]
[{"$nulls":4},"Muquem"]
[2,"Canteiro Central (Reforma e / ou Construção)","Sertânia / PE","Trecho 2 - De Reservatório Cacimba Nova até Monteiro/PB.","Cacimba Nova","EBV-4","Recife / PE",320]
[{"$nulls":4},"Bagres"]
[{"$nulls":4},"Copiti"]
[{"$nulls":4},"Moxotó","EBV-5"]
[{"$nulls":4},"Barreiro","EBV-6"]
[{"$nulls":4},"Campos"]
[{"$nulls":4},"Barro Branco"]
[{"$nulls":4},"Monteiro"]
[{"$nulls":4},"Monteiro"]
["NOME DO INFORMANTE:",{"$nulls":5},"QUALIFICAÇÃO:"]
[]
["ASSINATURA:",{"$nulls":5},"DATA:"]
[]
["OBSERVAÇAO:"]

{"sheet":"Mao_de_Obra","index":11,"n_rows":75,"n_cols":9,"rows_kept":75,"cut":false,"hidden":false,"merged":[[71,0,72,6],[73,0,73,6],[74,0,74,6],[57,0,57,4],[57,5,57,6],[54,0,54,6],[55,2,55,4],[55,5,55,6],[56,2,56,4],[56,5,56,6],[0,2,0,6],[1,2,1,6],[2,2,2,6],[4,0,5,6],[7,0,7,6],[10,5,10,6],[12,2,12,6],[51,0,51,5],[10,0,11,0],[10,2,11,2],[10,3,11,3],[10,4,11,4],[10,1,11,1],[77,0,77,6],[60,0,60,4],[61,0,61,4],[62,0,62,4],[63,0,63,4],[60,5,60,6],[61,5,61,6],[62,5,62,6],[63,5,63,6],[64,0,64,6],[75,0,75,6],[76,0,76,6],[65,0,65,6],[66,0,67,6],[68,0,69,6],[70,0,70,6]]}
[null,null,"Ministério do Desenvolvimento Regional  - MDR"]
[null,null,"Companhia de Desenvolvimento dos Vales do São Francisco e do Parnaíba"]
[null,null,"Gerência de Operação do PISF - Centro de Controle e Operação (AD / GOI / CCO)"]
[]
["TERMO DE REFERÊNCIA PARA CONTRATAÇÃO DOS RECURSOS NECESSÁRIOS À OPERAÇÃO E MANUTENÇÃO DAS INFRAESTRUTURAS DO EIXO LESTE DO PISF - PROJETO DE INTEGRAÇÃO DO SÃO FRANCISCO COM AS BACIAS HIDROGRÁFICAS DO NORDESTE SETENTRIONAL"]
[]
[]
["EQUIPE - MÃO DE OBRA"]
[]
[]
["ITEM","CÓDIGO","DESCRIÇÃO","UNIDADE","QUANTIDADE","VALOR (R$)"]
[{"$nulls":5},"UNITARIO","TOTAL"]
["1.",null,"EQUIPE - MÃO DE OBRA"]
["1.1","A1.1","Almoxarife","homem x mês",6,5224.3612835200011,31346.17,47118.6]
["1.2","A1","Auxiliar Administrativo","homem x mês",6,4153.3530662399999,24920.12,188474.4]
["1.3","A9","Auxiliar de serviços gerais","homem x mês",36,3530.1179216,127084.25,466871.03999999998]
["1.4","T3","Auxiliar de Topografia","homem x mês",12,4673.62,56083.44,105009.36]
["1.5","A8","Carpinteiro","homem x mês",12,4349.94306624,52199.32,136999.44]
["1.6","CA","Coordenador - Chefe de Escritório","homem x mês",6,15604.75,93628.5,82067.759999999995]
["1.7","P0","Coordenador - Engenheiro Sênior (Civil / Eletricista / Mecânico) ","homem x mês",6,30381.93,182291.58,374418.84]
["1.8","P1","Coordenador Manutenção - Engenheiro Pleno (Civil / Eletricista / Mecânico) ","homem x mês",6,22362.89,134177.34,266942.76]
["1.9","P1","Coordenador Operação - Engenheiro Pleno (Civil / Eletricista / Mecânico) ","homem x mês",6,22362.89,134177.34,266942.76]
["1.10","A5","Eletricista","homem x mês",12,4423.1430662399998,53077.72,139231.44]
["1.11","A5","Eletricista (inclusive adicional de periculosidade)","homem x mês",18,5750.0830662400003,103501.5,844670.4]
["1.12","P1","Engenheiro de Segurança e Medicina do Trabalho (inclusive adicional de periculosidade)","homem x mês",6,29071.759999999998,174430.56,347025.6]
["1.13","P2","Engenheiro Junior ","homem x mês",24,18890.87,453380.88,1235866.32]
["1.14","P1","Engenheiro Pleno ","homem x mês",36,22362.89,805064.04,3203313.12]
["1.15","A7","Ferreiro","homem x mês",6,4371.7030662399993,26230.22,137722.32]
["1.16","P1","Geólogo  (Geotecnia)","homem x mês",6,22362.89,134177.34,266942.76]
["1.17","P2","Médico do Trabalho","homem x mês",6,18890.87,113345.22,266942.76]
["1.18","A3","Motorista","homem x mês",6,5309.43,31856.58,62155.56]
["1.19","A6","Pedreiro","homem x mês",24,4389.3130662399999,105343.51,322656.59999999998]
["1.20","A11","Servente","homem x mês",360,3543.3579216000003,1275608.8500000001,4588992]
["1.21","T1","Técnico Automação - Especialista em SDSC (inclusive adicional de periculosidade)","homem x mês",6,8560.93,51365.58,99377.16]
["1.22","T3","Técnico Auxiliar","homem x mês",36,4673.62,168250.32,630056.16]
["1.23","T3","Técnico Auxiliar (inclusive adicional de periculosidade)","homem x mês",18,6075.71,109362.78]
["1.24","T1","Técnico de Segurança e Medicina do Trabalho (inclusive adicional de periculosidade)","homem x mês",6,8560.93,51365.58,198754.32]
["1.25","T1","Tecnico Edificações","homem x mês",12,6585.33,79023.960000000006,229331.88]
["1.26","T1","Técnico - Cadista","homem x mês",6,6585.33,39511.980000000003,229331.88]
["1.27","T1","Técnico Pleno - Eletrotécnico - Diurno (inclusive adicional de periculosidade)","homem x mês",72,8560.93,616386.96,2385051.84]
["1.28","T1","Técnico Pleno - Eletrotécnico -  Noturno (inclusive adicional de periculosidade)","homem x mês",72,10476.090181818181,754278.49,2918610.01]
["1.29","T1","Técnico Junior - Mecânico - Diurno (inclusive adicional de periculosidade)","homem x mês",72,8560.93,616386.96,1192525.92]
["1.30","T1","Técnico Junior - Mecânico - Noturno (inclusive adicional de periculosidade)","homem x mês",72,10476.090181818181,754278.49,1459305.01]
["1.31","T1","Técnico Pleno ","homem x mês",60,6585.33,395119.8,1070215.44]
["1.32","T1","Técnico Pleno (inclusive adicional de periculosidade)","homem x mês",18,8560.93,154096.74,496885.8]
["1.33","T1","Técnico Pleno - Analista em Tecnologia da Informação","homem x mês",6,6585.33,39511.980000000003]
["1.34","T0","Técnico - Profissional Sênior (N. Médio/Especializado)","homem x mês",18,10135.129999999999,182432.34,1647821.76]
["1.35","T1","Técnico Telecomunicações/Eletrônica (inclusive adicional de periculosidade)","homem x mês",6,8560.93,51365.58,99377.16]
["1.36","TS","Topógrafo","homem x mês",6,7178.1,43068.6,80742]
["1.37","A10","Vigia diurno ","homem x mês",24,3521.2979215999999,84511.15,295647.84000000003]
["1.38","A10","Vigia noturno","homem x mês",24,4097.5103087709094,98340.25]
["TOTAL - EQUIPE - MÃO DE OBRA - (R$):",{"$nulls":5},8400582.0200000014]
[]
[]
["RESUMO - EQUIPE - MÃO DE OBRA"]
["ITEM",null,"DESCRIÇÃO",null,null,"VALOR TOTAL (R$)"]
[1,null,"EQUIPE - MÃO DE OBRA",null,null,8400582.0200000014]
["TOTAL GERAL - EQUIPE - MÃO DE OBRA -  (R$):",{"$nulls":4},8400582.0200000014,null,null,31038949.16]
[]
[]
["NOME DO INFORMANTE:",{"$nulls":4},"QUALIFICAÇÃO:"]
[]
["ASSINATURA:",{"$nulls":4},"DATA:"]
[]
["OBSERVAÇÕES:"]
["1. Considerado a carga horária de 176 horas/mês"]
["2. Os cálculos de cada parcela que compõe o salário completo foram calculadas isoladamente. (Salário Base + Adicional de Periculosidade (quando houver) + Adicional Noturno (quando houver) + Adicional de Horas Extras (quando houver) +  Encargos Sociais)"]
[]
["3. Adicional de Periculosidade 30%: foi previsto para todos os profissionais eletricitários (Operação e Manutenção) que trabalham em contato com rede elétrica (nas estações de bombeamento, sub-estações, etc.) "]
[]
["4. Hora Noturna: Hora Diurna x 20%"]
["5. Adicional Noturno: *Considerado 120 horas/profissional/mês (Total de 8h noturnas: Período de 22h as 5h = 8h noturnas + 1h até as 6h => Súmula 60 do TST)    *(Incide sobre Salário Base + Periculosidade => Súmula 191 do TST)"]
[]
["6. Período noturno – 22 às 5 horas, o valor da hora tem 52 minutos e 30 segundos; logo, nesse período, há 8 horas"]
["7. Foi considerado intervalo intrajornada para todos os profissionais que trabalham em escala 12h x 36h "]

{"sheet":"Mao_de_Obra (Total)","index":12,"n_rows":84,"n_cols":33,"rows_kept":84,"cut":false,"hidden":false,"merged":[[10,26,10,27],[11,26,12,26],[11,27,12,27],[10,24,10,25],[10,0,12,0],[10,1,12,1],[10,2,12,2],[10,3,12,3],[10,4,11,5],[11,6,12,6],[11,10,12,10],[11,11,12,11],[11,25,12,25],[11,24,12,24],[11,14,12,14],[11,28,12,28],[11,29,12,29],[11,30,12,30],[11,31,12,31],[11,32,12,32],[0,2,0,14],[1,2,1,14],[2,2,2,14],[4,0,5,14],[10,6,10,10],[7,0,7,14],[10,11,10,14],[72,0,73,13],[84,0,84,14],[74,0,74,14],[71,0,71,13],[11,13,12,13],[11,8,11,9],[85,0,85,14],[76,0,76,14],[77,0,77,14],[75,0,75,14],[78,0,78,14],[79,0,79,14],[80,0,80,14],[81,0,81,14],[82,0,82,14],[83,0,83,14]]}
[null,null,"Ministério do Desenvolvimento Regional  - MDR"]
[null,null,"Companhia de Desenvolvimento dos Vales do São Francisco e do Parnaíba"]
[null,null,"Gerência de Operação do PISF - Centro de Controle e Operação (AD / GOI / CCO)"]
[]
["TERMO DE REFERÊNCIA PARA CONTRATAÇÃO DOS RECURSOS NECESSÁRIOS À OPERAÇÃO E MANUTENÇÃO DAS INFRAESTRUTURAS DO EIXO LESTE DO PISF - PROJETO DE INTEGRAÇÃO DO SÃO FRANCISCO COM AS BACIAS HIDROGRÁFICAS DO NORDESTE SETENTRIONAL"]
[]
[]
["MÃO DE OBRA - TOTAL"]
[]
[]
["ITEM","DESCRIÇÃO","CLASSE","Prazo (Mês)","Quantidade (undxmês)",null,"SALÁRIOS MENSAL (R$)",{"$nulls":4},"SALÁRIOS TOTAL (R$)"]
[{"$nulls":6},"SALÁRIO BASE (Com Encargo)","Periculosidade ","Adicional Noturno",null,"SALÁRIO COMPLETO (Incluindo: encargos, benefícios, adicionais e horas extras)","SALÁRIO BASE (Com Encargo)","Periculosidade","Adicional Noturno (c/ intrajornada)","SALÁRIO COMPLETO (Incluindo: encargos, adicionais e horas extras)"]
[{"$nulls":4},"Unitária","Total",null,0.3,"Valor da Hora Noturna","Valor do Adicional Noturno (c/ intrajornada)",null,null,0.3]
["1.","COORDENAÇÃO GERAL"]
["1.1","Coordenador - Engenheiro Sênior (Civil / Eletricista / Mecânico) ","P0",6,1,6,30381.93,0,0,0,30381.93,182291.58,0,0,182291.58,{"$nulls":9},1,0,1,0,1,1,0,0,0]
["2.","COORDENAÇÃO DA OPERAÇÃO"]
["2.1","Coordenador Operação - Engenheiro Pleno (Civil / Eletricista / Mecânico) ","P1",6,1,6,22362.89,0,0,0,22362.89,134177.34,0,0,134177.34,{"$nulls":9},1,0,1,0,1,1,0,0,0]
["3.","COORDENAÇÃO DA MANUTENÇÃO "]
["3.1","Coordenador Manutenção - Engenheiro Pleno (Civil / Eletricista / Mecânico) ","P1",6,1,6,22362.89,0,0,0,22362.89,134177.34,0,0,134177.34,{"$nulls":9},1,0,1,0,1,1,0,0,0]
["4.","COORDENAÇÃO ADMINISTRAÇÃO E LOGÍSTICA"]
["4.1","Coordenador - Chefe de Escritório","CA",6,1,6,15604.75,0,0,0,15604.75,93628.5,0,0,93628.5,{"$nulls":9},1,0,1,0,1,1,0,0,0]
["4.2","Auxiliar Administrativo","A1",6,1,6,4153.3530662399999,0,0,0,4153.3530662399999,24920.12,0,0,24920.12,{"$nulls":9},2,-1,2,-1,1,1,0,0,0]
["4.3","Técnico Pleno - Analista em Tecnologia da Informação","T1",6,1,6,6585.33,0,0,0,6585.33,39511.980000000003,0,0,39511.980000000003,{"$nulls":9},1,0,1,0,1,1,0,0,0]
["4.4","Motorista","A3",6,1,6,5309.43,0,0,0,5309.43,31856.58,0,0,31856.58,{"$nulls":9},9,-4,5,0,5,2,1,1,1]
["4.5","Almoxarife","A1.1",6,1,6,5224.3612835200011,0,0,0,5224.3612835200011,31346.17,0,0,31346.17,{"$nulls":9},2,-1,1,0,1,1,0,0,0]
["4.6","Auxiliar de serviços gerais","A9",6,6,36,3530.1179216,0,0,0,3530.1179216,127084.25,0,0,127084.25,{"$nulls":9},6,6,6,6,12,0,4,4,4]
["5.","SEGURANÇA E MEDICINA DO TRABALHO"]
["5.1","Engenheiro de Segurança e Medicina do Trabalho (inclusive adicional de periculosidade)","P1",6,1,6,22362.89,6708.87,0,0,29071.759999999998,134177.34,40253.22,0,174430.56,{"$nulls":9},1,0,1,0,1,1,0,0,0]
["5.2","Técnico de Segurança e Medicina do Trabalho (inclusive adicional de periculosidade)","T1",6,1,6,6585.33,1975.6,0,0,8560.93,39511.980000000003,11853.6,0,51365.58,{"$nulls":9},7,-5,3,-1,2,2,0,0,0]
["5.3","Médico do Trabalho","P2",6,1,6,18890.87,0,0,0,18890.87,113345.22,0,0,113345.22,{"$nulls":9},1,0,1,0,1,1,0,0,0]
["6.","PLANEJAMENTO E CONTROLE DA OPERAÇÃO"]
["6.1","Engenheiro Pleno ","P1",6,1,6,22362.89,0,0,0,22362.89,134177.34,0,0,134177.34,{"$nulls":9},1,0,1,0,1,1,0,0,0]
["6.2","Engenheiro Junior ","P2",6,1,6,18890.87,0,0,0,18890.87,113345.22,0,0,113345.22,{"$nulls":9},2,-1,1,0,1,1,0,0,0]
["7.","PLANEJAMENTO E CONTROLE DA MANUTENÇÃO "]
["7.1","Engenheiro Pleno ","P1",6,5,30,22362.89,0,0,0,22362.89,670886.69999999995,0,0,670886.69999999995,{"$nulls":9},1,0,1,0,1,1,0,0,0]
["7.2","Engenheiro Junior ","P2",6,3,18,18890.87,0,0,0,18890.87,340035.66,0,0,340035.66,{"$nulls":9},2,-2,1,-1,0,0,0,0,0]
["7.3","Técnico Pleno ","T1",6,3,18,6585.33,0,0,0,6585.33,118535.94,0,0,118535.94,{"$nulls":9},2,-1,2,-1,1,1,0,0,0]
["7.4","Geólogo  (Geotecnia)","P1",6,1,6,22362.89,0,0,0,22362.89,134177.34,0,0,134177.34,{"$nulls":9},2,-1,1,0,1,1,0,0,0]
["8.","OPERAÇÃO"]
["8.1","Técnico Pleno - Eletrotécnico - Diurno (inclusive adicional de periculosidade)","T1",6,12,72,6585.33,1975.6,0,0,8560.93,474143.76,142243.20000000001,0,616386.96,{"$nulls":9},18,-6,12,0,12,0,6,2,4]
["8.2","Técnico Pleno - Eletrotécnico -  Noturno (inclusive adicional de periculosidade)","T1",6,12,72,6585.33,2417.56,10.230556818181817,1473.2001818181818,10476.090181818181,474143.76,174064.32,106070.41,754278.49,{"$nulls":9},18,-6,12,0,12,0,6,2,4]
["8.3","Técnico Junior - Mecânico - Diurno (inclusive adicional de periculosidade)","T1",6,12,72,6585.33,1975.6,0,0,8560.93,474143.76,142243.20000000001,0,616386.96,{"$nulls":9},18,-6,12,0,12,0,6,2,4]
["8.4","Técnico Junior - Mecânico - Noturno (inclusive adicional de periculosidade)","T1",6,12,72,6585.33,2417.56,10.230556818181817,1473.2001818181818,10476.090181818181,474143.76,174064.32,106070.41,754278.49]
["8.5","Técnico Auxiliar (inclusive adicional de periculosidade)","T3",6,3,18,4673.62,1402.09,0,0,6075.71,84125.16,25237.62,0,109362.78,{"$nulls":9},18,-5,4,9,13,13,0,0,0]
["8.6","Técnico - Profissional Sênior (N. Médio/Especializado)","T0",6,3,18,10135.129999999999,0,0,0,10135.129999999999,182432.34,0,0,182432.34]
["9.","MANUTENÇÃO - MECÂNICA"]
["9.1","Técnico Pleno ","T1",6,3,18,6585.33,0,0,0,6585.33,118535.94,0,0,118535.94,{"$nulls":9},7,-4,2,1,3,0,1,1,1]
["9.2","Técnico Auxiliar","T3",6,6,36,4673.62,0,0,0,4673.62,168250.32,0,0,168250.32,{"$nulls":9},12,-8,5,-1,4,0,2,1,1]
["10.","MANUTENÇÃO - EQUIPAMENTOS E SISTEMAS ELÉTRICOS"]
["10.1","Técnico Pleno (inclusive adicional de periculosidade)","T1",6,3,18,6585.33,1975.6,0,0,8560.93,118535.94,35560.800000000003,0,154096.74,{"$nulls":9},6,-3,3,0,3,0,1,1,1]
["10.2","Eletricista (inclusive adicional de periculosidade)","A5",6,3,18,4423.1430662399998,1326.94,0,0,5750.0830662400003,79616.58,23884.92,0,103501.5,{"$nulls":9},8,-4,4,0,4,0,2,0,2]
["11.","MANUTENÇÃO SDSC"]
["11.1","Técnico Automação - Especialista em SDSC (inclusive adicional de periculosidade)","T1",6,1,6,6585.33,1975.6,0,0,8560.93,39511.980000000003,11853.6,0,51365.58,{"$nulls":9},2,1,2,1,3,0,1,1,1]
["12.","MANUTENÇÃO TELECOM"]
["12.1","Técnico Telecomunicações/Eletrônica (inclusive adicional de periculosidade)","T1",6,1,6,6585.33,1975.6,0,0,8560.93,39511.980000000003,11853.6,0,51365.58,{"$nulls":9},4,-3,2,-1,1,1,0,0,0]
["13.","MANUTENÇÃO - CIVIL"]
["13.1","Técnico Pleno ","T1",6,4,24,6585.33,0,0,0,6585.33,158047.92000000001,0,0,158047.92000000001,2071046.92,5]
["13.2","Tecnico Edificações","T1",6,2,12,6585.33,0,0,0,6585.33,79023.960000000006,0,0,79023.960000000006,null,3,{"$nulls":7},3,0,1,2,3,0,1,1,1]
["13.3","Técnico - Cadista","T1",6,1,6,6585.33,0,0,0,6585.33,39511.980000000003,0,0,39511.980000000003,null,3,{"$nulls":7},3,0,2,1,3,0,1,1,1]
["13.4","Topógrafo","TS",6,1,6,7178.1,0,0,0,7178.1,43068.6,0,0,43068.6,null,1]
["13.5","Auxiliar de Topografia","T3",6,2,12,4673.62,0,0,0,4673.62,56083.44,0,0,56083.44,null,2]
["13.6","Carpinteiro","A8",6,2,12,4349.94306624,0,0,0,4349.94306624,52199.32,0,0,52199.32,null,3]
["13.7","Eletricista","A5",6,2,12,4423.1430662399998,0,0,0,4423.1430662399998,53077.72,0,0,53077.72,null,3]
["13.8","Ferreiro","A7",6,1,6,4371.7030662399993,0,0,0,4371.7030662399993,26230.22,0,0,26230.22,null,3,2]
["13.9","Pedreiro","A6",6,4,24,4389.3130662399999,0,0,0,4389.3130662399999,105343.51,0,0,105343.51,null,7,2]
["13.10","Servente","A11",6,60,360,3543.3579216000003,0,0,0,3543.3579216000003,1275608.8500000001,0,0,1275608.8500000001,null,124,44]
["13.11","Vigia diurno ","A10",6,4,24,3521.2979215999999,0,0,0,3521.2979215999999,84511.15,0,0,84511.15,null,6,{"$nulls":7},4,-4,2,-2,0,0,0,0,0]
["13.12","Vigia noturno","A10",6,4,24,3521.2979215999999,0,4.0014749109090912,576.21238717090921,4097.5103087709094,84511.15,0,13829.1,98340.25,null,6]
["Total Geral - Equipe com Vínculo Mensalista (R$):",{"$nulls":10},7381499.7000000011,793112.40000000014,225969.92000000001,8400582.0200000014]
[]
["NOME DO INFORMANTE:"]
[]
["ASSINATURA:"]
[]
["OBSERVAÇÕES:"]
["1. Considerado a carga horária de 176 horas/mês"]
["2. Os cálculos de cada parcela que compõe o salário completo foram calculadas isoladamente. (Salário Base + Adicional de Periculosidade (quando houver) + Adicional Noturno (quando houver) + Adicional de Horas Extras (quando houver) +  Encargos Sociais)"]
["3. Adicional de Periculosidade 30%: foi previsto para todos os profissionais eletricitários (Operação e Manutenção) que trabalham em contato com rede elétrica (nas estações de bombeamento, sub-estações, etc.) "]
["4. Hora Noturna: Hora Diurna x 20%"]
["5. Adicional Noturno: *Considerado 120 horas/profissional/mês (Total de 8h noturnas: Período de 22h as 5h = 8h noturnas + 1h até as 6h => Súmula 60 do TST)    *(Incide sobre Salário Base + Periculosidade => Súmula 191 do TST)"]
["6. Período noturno – 22 às 5 horas, o valor da hora tem 52 minutos e 30 segundos; logo, nesse período, há 8 horas"]
["6. Foi considerado intervalo intrajornada para todos os profissionais que trabalham em escala 12h x 36h "]
["7. Foi considerado para o cálculo de horas extras os percentuais de: *5% para as horas remuneradas a 50%  sobre o valor da hora normal; e *2,5% para as horas trabalhadas remuneradas a 100% sobre o valor da hora normal"]
["8. Horas Extras: Foi estimado um percentual de 20% de horas extras no total de contrato para todos os profissionais da manutenção. Essas horas só serão pagas se houver demanda."]

{"sheet":"Mem_Calculo_EQUIPE","index":13,"n_rows":84,"n_cols":16,"rows_kept":84,"cut":false,"hidden":false,"merged":[[0,1,0,6],[1,1,1,6],[2,1,2,6],[4,0,5,6],[7,0,7,6],[83,0,83,6],[84,0,84,6],[81,0,81,5],[82,0,82,5],[79,0,79,5],[80,0,80,5]]}
[null,"Ministério do Desenvolvimento Regional  - MDR"]
[null,"Companhia de Desenvolvimento dos Vales do São Francisco e do Parnaíba"]
[null,"Gerência de Operação do PISF - Centro de Controle e Operação (AD / GOI / CCO)"]
[]
["TERMO DE REFERÊNCIA PARA CONTRATAÇÃO DOS RECURSOS NECESSÁRIOS À OPERAÇÃO E MANUTENÇÃO DAS INFRAESTRUTURAS DO EIXO LESTE DO PISF - PROJETO DE INTEGRAÇÃO DO SÃO FRANCISCO COM AS BACIAS HIDROGRÁFICAS DO NORDESTE SETENTRIONAL"]
[]
[]
["MEMORIAL DE CÁLCULO - EQUIPE DE MÃO DE OBRA"]
[]
[]
["ITEM","DESCRIÇÃO","CLASSE","LOTAÇÃO","MOBILIZAÇÃO","QUANTIDADE","OBSERVAÇÕES"]
["1.","COORDENAÇÃO GERAL"]
["1.1","Coordenador - Engenheiro Sênior (Civil / Eletricista / Mecânico) ","P0","Coordenação (à definir)","Escritório",1]
[]
["2.","COORDENAÇÃO DA OPERAÇÃO"]
["2.1","Coordenador Operação - Engenheiro Pleno (Civil / Eletricista / Mecânico) ","P1","Coordenação (à definir)","Escritório",1]
[]
["3.","COORDENAÇÃO DA MANUTENÇÃO"]
["3.1","Coordenador Manutenção - Engenheiro Pleno (Civil / Eletricista / Mecânico) ","P1","Coordenação (à definir)","Escritório",1]
[]
["4.","COORDENAÇÃO ADMINISTRAÇÃO E LOGÍSTICA"]
["4.1","Coordenador - Chefe de Escritório","CA","Coordenação (à definir)","Escritório",1]
["4.2","Auxiliar Administrativo","A1","Coordenação (à definir)","Escritório",1]
["4.3","Técnico Pleno - Analista em Tecnologia da Informação","T1","Coordenação (à definir)","Escritório",1]
["4.4","Motorista","A3","Coordenação (à definir)","Não utilliza o Escritório",1]
["4.5","Almoxarife","A1.1","Coordenação (à definir)","Não utilliza o Escritório",1]
["4.6","Auxiliar de serviços gerais","A9","Coordenação (à definir)","Não utilliza o Escritório",6]
[]
["5.","SEGURANÇA E MEDICINA DO TRABALHO"]
["5.1","Engenheiro de Segurança e Medicina do Trabalho (inclusive adicional de periculosidade)","P1","Coordenação (à definir)","Escritório",1]
["5.2","Técnico de Segurança e Medicina do Trabalho (inclusive adicional de periculosidade)","T1","Coordenação (à definir)","Pode utilizar o escritório",1]
["5.3","Médico do Trabalho","P2","Coordenação (à definir)","Escritório",1]
[]
["6.","PLANEJAMENTO E CONTROLE DA OPERAÇÃO"]
["6.1","Engenheiro Pleno - (Civil / Eletricista)","P1","Coordenação (à definir)","Planeja / Utiliza - Escritório",1]
["6.2","Engenheiro Junior - (Civil / Eletricista)","P2","Coordenação (à definir)","Planeja / Utiliza - Escritório",1]
[]
["7.","PLANEJAMENTO E CONTROLE DA MANUTENÇÃO"]
["7.1","Engenheiro Pleno ","P1","Coordenação (à definir)","Planeja / Utiliza - Escritório",5]
["7.2","Engenheiro Junior ","P2","Coordenação (à definir)","Planeja / Utiliza - Escritório",3]
["7.3","Técnico Pleno","T1","Coordenação (à definir)","Pode utilizar o escritório",3]
["7.4","Geólogo  (Geotecnia)","P1","Coordenação (à definir)","Pode utilizar o escritório",1]
[]
["8.","OPERAÇÃO"]
["8.1","Técnico Pleno - Eletrotécnico - Diurno (inclusive adicional de periculosidade)","T1","Coordenação (à definir)","Não utilliza o Escritório",12]
["8.2","Técnico Pleno - Eletrotécnico -  Noturno (inclusive adicional de periculosidade)","T1","Coordenação (à definir)","Não utilliza o Escritório",12]
["8.3","Técnico Junior - Mecânico - Diurno (inclusive adicional de periculosidade)","T1","Coordenação (à definir)","Não utilliza o Escritório",12]
["8.4","Técnico Junior - Mecânico - Noturno (inclusive adicional de periculosidade)","T1","Coordenação (à definir)","Não utilliza o Escritório",12]
["8.5","Técnico Auxiliar (inclusive adicional de periculosidade)","T3","Coordenação (à definir)","Não utilliza o Escritório",3]
["8.6","Técnico - Profissional Sênior (N. Médio/Especializado)","T0","Coordenação (à definir)","Não utilliza o Escritório",3]
[]
["9.","MANUTENÇÃO - MECÂNICA"]
["9.1","Técnico Pleno ","T1","Coordenação (à definir)","Pode utilizar o escritório",3]
["9.2","Técnico Auxiliar ","T3","Coordenação (à definir)","Não utilliza o Escritório",6]
[]
["10.","MANUTENÇÃO - EQUIPAMENTOS E SISTEMAS ELÉTRICOS"]
["10.1","Técnico Pleno ","T1","Coordenação (à definir)","Pode utilizar o escritório",3]
["10.2","Técnico Auxiliar","A5","Coordenação (à definir)","Não utilliza o Escritório",3]
[]
["11.","MANUTENÇÃO SDSC"]
["11.1","Técnico Automação - Especialista em SDSC (inclusive adicional de periculosidade)","T1","Coordenação (à definir)","Não utilliza o Escritório",1]
[]
["12.","MANUTENÇÃO TELECOM"]
["12.1","Técnico Telecomunicações/Eletrônica (inclusive adicional de periculosidade)","T1","Coordenação (à definir)","Não utilliza o Escritório",1,"Equipe: 01/EIXO"]
[]
["13.","MANUTENÇÃO - CIVIL",{"$nulls":7},14,"MANUTENÇÃO - CIVIL - SUBESTAÇÃO, LINHA DE TRANSMISSÃO E LINHA DE DISTRIBUIÇÃO"]
["13.1","Técnico Pleno ","T1","Coordenação (à definir)","Pode utilizar o escritório",4,null,null,null,"14.1","Tecnico Edificações - Inspeção (inclusive adicional de periculosidade)",null,null,null,"T1",0]
["13.2","Tecnico Edificações","T1","Coordenação (à definir)","Pode utilizar o escritório",2,null,null,null,"14.2","Carpinteiro (inclusive adicional de periculosidade)",null,null,null,"A8",0]
["13.3","Técnico - Cadista","T1","Coordenação (à definir)","Pode utilizar o escritório",1,null,null,null,"14.3","Eletricista (inclusive adicional de periculosidade)",null,null,null,"A5",0]
["13.4","Topógrafo","TS","Coordenação (à definir)","Pode utilizar o escritório",1,null,null,null,"14.4","Ferreiro (inclusive adicional de periculosidade)",null,null,null,"A7",0]
["13.5","Auxiliar de Topografia","T3","Coordenação (à definir)","Não utilliza o Escritório",2,null,null,null,"14.5","Pedreiro (inclusive adicional de periculosidade)",null,null,null,"A6",0]
["13.6","Carpinteiro","A8","Coordenação (à definir)","Não utilliza o Escritório",2,null,null,null,"14.6","Servente (inclusive adicional de periculosidade)",null,null,null,"A11",0]
["13.7","Eletricista","A5","Coordenação (à definir)","Não utilliza o Escritório",2]
["13.8","Ferreiro","A7","Coordenação (à definir)","Não utilliza o Escritório",1]
["13.9","Pedreiro","A6","Coordenação (à definir)","Não utilliza o Escritório",4]
["13.10","Servente","A11","Coordenação (à definir)","Não utilliza o Escritório",60]
["13.11","Vigia diurno ","A10","Coordenação (à definir)","Não utilliza o Escritório",4]
["13.12","Vigia noturno","A10","Coordenação (à definir)","Não utilliza o Escritório",4]
[]
["NOME DO INFORMANTE:",{"$nulls":5},"QUALIFICAÇÃO:"]
[]
["ASSINATURA:",{"$nulls":5},"DATA:"]
[]
["OBSERVAÇAO:"]

{"sheet":"SEGURANÇA DE BARRAGENS","index":14,"n_rows":49,"n_cols":21,"rows_kept":49,"cut":false,"hidden":false,"merged":[[11,7,12,7],[11,9,11,10],[11,11,12,11],[10,0,12,0],[10,2,12,2],[10,3,12,3],[10,4,12,4],[10,5,11,6],[48,0,48,5],[26,5,26,6],[26,0,27,0],[26,1,27,1],[26,2,27,2],[26,3,27,3],[26,4,27,4],[4,0,5,15],[28,1,28,6],[41,5,41,6],[43,2,43,6],[46,0,46,5],[41,0,42,0],[41,1,42,1],[41,2,42,2],[41,3,42,3],[41,4,42,4],[7,0,7,15],[10,12,10,15],[11,12,12,12],[11,14,12,14],[11,15,12,15],[10,7,10,11]]}
[null,null,null,"Ministério do Desenvolvimento Regional  - MDR"]
[null,null,null,"Companhia de Desenvolvimento dos Vales do São Francisco e do Parnaíba"]
[null,null,null,"Gerência de Operação do PISF - Centro de Controle e Operação (AD / GOI / CCO)"]
[]
["TERMO DE REFERÊNCIA PARA CONTRATAÇÃO DOS RECURSOS NECESSÁRIOS À OPERAÇÃO E MANUTENÇÃO DAS INFRAESTRUTURAS DO EIXO LESTE DO PISF - PROJETO DE INTEGRAÇÃO DO SÃO FRANCISCO COM AS BACIAS HIDROGRÁFICAS DO NORDESTE SETENTRIONAL"]
[]
[]
["SEGURANÇA DE BARRAGENS"]
[]
["1.0 ",null,"MÃO DE OBRA - SEGURANÇA DE BARRAGENS"]
["ITEM",null,"DESCRIÇÃO","CLASSE","Prazo (Mês)","Quantidade (undxmês)",null,"SALÁRIOS MENSAL (R$)",{"$nulls":4},"SALÁRIOS TOTAL (R$)"]
[{"$nulls":7},"SALÁRIO BASE (Com Encargo)","Periculosidade ","Adicional Noturno",null,"SALÁRIO COMPLETO (Incluindo: encargos, benefícios, adicionais e horas extras)","SALÁRIO BASE (Com Encargo)","Periculosidade","Adicional Noturno (c/ intrajornada)","SALÁRIO COMPLETO (Incluindo: encargos, adicionais e horas extras)"]
[{"$nulls":5},"Unitária","Total",null,0.3,"Valor da Hora Noturna","Valor do Adicional Noturno (c/ intrajornada)",null,null,0.3]
["1.1",null,"MÃO DE OBRA - SEGURAÇA DE BARRAGEM - LESTE"]
["1.1.1",null,"Engenheiro Pleno  - Esp. Em Seg. de Barragem","P1",6,1,6,22362.89,0,0,0,22362.89,134177.34,0,0,134177.34]
["1.1.2",null,"Engenheiro. Civil  (Geotecnico)","P1",6,1,6,22362.89,0,0,0,22362.89,134177.34,0,0,134177.34]
["1.1.3",null,"Engenheiro Junior - Civil","P2",6,1,6,18890.87,0,0,0,18890.87,113345.22,0,0,113345.22,null,"ANTES P3"]
["1.1.4",null,"Assistente Administrativo (Assistente social)","AS",6,2,12,6837.22,0,0,0,6837.22,82046.64,0,0,82046.64,null,"ANTES T1"]
["1.1.5",null,"Assistente Administrativo (administrativo)","A1",6,2,12,4153.3530662399999,0,0,0,4153.3530662399999,49840.24,0,0,49840.24]
["1.1.6",null,"Auxiliar Administrativo","A1",6,1,6,4153.3530662399999,0,0,0,4153.3530662399999,24920.12,0,0,24920.12]
["1.1.7",null,"Topógrafo ","TS",6,1,6,7178.1,0,0,0,7178.1,43068.6,0,0,43068.6,null,"ANTES T1"]
["1.1.8",null,"Auxiliar de Topografia ","T3",6,2,12,4673.62,0,0,0,4673.62,56083.44,0,0,56083.44,null,"ANTES T4"]
["1.1.9",null,"Técnico Pleno","T1",6,1,6,6585.33,0,0,0,6585.33,39511.980000000003,0,0,39511.980000000003]
["Total Geral - Equipe com Vínculo Mensalista (R$):",{"$nulls":11},677170.91999999993,0,0,677170.91999999993]
[]
["2.0",null,"EQUIPAMENTOS - SEGURANÇA DE BARRAGENS"]
["ITEM","CÓDIGO","DESCRIÇÃO","UNIDADE","QUANTIDADE","VALOR (R$)"]
[{"$nulls":5},"UNITARIO","TOTAL"]
["2.1","SEGURANÇA DE BARRAGEM",{"$nulls":17},12,6]
["2.1.1","E9763-DNIT/PE","Grupo Gerador - 32,0 kVA, 220 V, trifásico, silenciado, com 100 metros de cabos e 01 QTA. ","un x mês",6,1506.5272,9039.16,{"$nulls":11},12,1,6]
["2.1.2","13227 - SINAPI/PE","MOTONIVELADORA POTENCIA BASICA LIQUIDA (PRIMEIRA MARCHA) 171 HP, PESO BRUTO 14768 KG, LARGURA DA LAMINA DE 3,7 M","un x mês",6,31868.480000000003,191210.88,{"$nulls":11},12,1,6]
["2.1.3","36483 - SINAPI/PE","ESCAVADEIRA HIDRAULICA SOBRE ESTEIRAS CACAMBA 0,40 A 1,20 M3, PESO OPERACIONAL 21,19 T, POTENCIA LIQUIDA 173 HP","un x mês",6,19454.96,116729.76,{"$nulls":11},12,1,6]
["2.1.4","E9540-DNIT/PE","Trator de esteiras, potência de 150 hp, peso operacional de 16,7 t, com roda motriz elevada e lâmina com contato de 3,18 m³.","un x mês",6,19437.7788,116626.67,{"$nulls":11},12,1,6]
["2.1.5","89883-SINAPI/PE","Cavalo Mecânico com Reboque M. Benz Randon LS-1634/45 29,5 t, ou similar","un x mês",6,31798.02,190788.12,{"$nulls":11},12,1,6]
["2.1.6","E9685-DNIT/PE","Rolo compactador pé-de-carneiro vibratório, potência 125 hp, peso operacional sem/com lastro 11,95/13,30 t, impacto dinâmico 38,5/22,5 t, largura de trabalho 2,15 m.","un x mês",6,14012.3244,84073.95,{"$nulls":11},12,1,6]
["2.1.7","E9043-DNIT/PE","Embarcação de alumínio com comprimento de 6 m e motor de popa - 18,60 kW (inclusive barqueiro)","un x mês",18,5928.2506999999996,106708.51,{"$nulls":11},36,3,18]
["2.1.8","A9382-DNIT/PE","Dolly intermediário com 2 eixos para semirreboque (para embarcação)","un x mês",18,1767.0525999999998,31806.95,{"$nulls":11},36,3,18]
["TOTAL - EQUIPAMENTOS DE SEGURANÇA DE BARRAGENS",{"$nulls":5},846983.99999999988]
[]
[]
["3.0",null,"VEÍCULOS - SEGURANÇA DE BARRAGENS"]
["ITEM","CÓDIGO","DESCRIÇÃO","UNIDADE","QUANTIDADE","VALOR (R$)"]
[{"$nulls":5},"UNITARIO","TOTAL"]
["3.1",null,"VEÍCULOS AUTOMOTORES"]
["3.1.1","B4","TIPO SEDAN 1.6 FLEX (115CV)","un x mês",6,4471.8906666666662,26831.343999999997,{"$nulls":11},12,1,6]
["3.1.2","B11","Veículo Tipo Pick Up Cabine Dupla 4 x 4 (163 CV)","un x mês",6,7404.485333333334,44426.912000000004,{"$nulls":11},12,1,6]
["TOTAL - VEÍCULOS AUTOMOTORES - (R$):",{"$nulls":5},71258.255999999994]
[]
["TOTAL - SEGURANÇA DE BARRAGENS",{"$nulls":5},1595413.176]

{"sheet":"Mao_de_Obra (SEG.BARRAGENS)","index":15,"n_rows":45,"n_cols":11,"rows_kept":45,"cut":false,"hidden":false,"merged":[[0,2,0,6],[1,2,1,6],[2,2,2,6],[4,0,5,6],[7,0,7,6],[9,5,9,6],[11,2,11,6],[21,0,21,5],[24,0,24,6],[25,2,25,4],[25,5,25,6],[9,0,10,0],[9,1,10,1],[9,2,10,2],[9,3,10,3],[9,4,10,4],[26,2,26,4],[26,5,26,6],[27,0,27,4],[27,5,27,6],[30,0,30,4],[30,5,30,6],[41,0,42,6],[31,0,31,4],[31,5,31,6],[32,0,32,4],[32,5,32,6],[33,0,33,4],[33,5,33,6],[34,0,34,6],[35,0,35,6],[36,0,37,6],[38,0,39,6],[40,0,40,6],[43,0,43,6],[44,0,44,6],[45,0,45,6],[46,0,46,6],[47,0,47,6]]}
[null,null,"Ministério do Desenvolvimento Regional  - MDR"]
[null,null,"Companhia de Desenvolvimento dos Vales do São Francisco e do Parnaíba"]
[null,null,"Gerência de Operação do PISF - Centro de Controle e Operação (AD / GOI / CCO)"]
[]
["TERMO DE REFERÊNCIA PARA CONTRATAÇÃO DOS RECURSOS NECESSÁRIOS À OPERAÇÃO E MANUTENÇÃO DAS INFRAESTRUTURAS DO EIXO LESTE DO PISF - PROJETO DE INTEGRAÇÃO DO SÃO FRANCISCO COM AS BACIAS HIDROGRÁFICAS DO NORDESTE SETENTRIONAL"]
[]
[]
["EQUIPE - MÃO DE OBRA (SEGURANÇA DE BARRAGENS)"]
[]
["ITEM","CÓDIGO","DESCRIÇÃO","UNIDADE","QUANTIDADE","VALOR (R$)"]
[{"$nulls":5},"UNITARIO","TOTAL"]
["1.",null,"EQUIPE - MÃO DE OBRA (SEGURANÇA DE BARRAGENS)",{"$nulls":6},12,6]
["1.1","P1","Engenheiro Pleno  - Esp. Em Seg. de Barragem","homem x mês",6,22362.89,134177.34,null,12,1]
["1.2","P1","Engenheiro. Civil  (Geotecnico)","homem x mês",6,22362.89,134177.34,null,12,1]
["1.3","P2","Engenheiro Junior - Civil","homem x mês",6,18890.87,113345.22,null,12,1]
["1.4","A1","Assistente Administrativo (Assistente social)","homem x mês",12,4153.3530662399999,49840.23,null,24,2]
["1.5","AS","Assistente Administrativo (administrativo)","homem x mês",12,6837.22,82046.64,null,24,2]
["1.6","A1","Auxiliar Administrativo","homem x mês",6,4153.3530662399999,24920.11,null,12,1]
["1.7","TS","Topógrafo ","homem x mês",6,7178.1,43068.6,null,12,1]
["1.8","T3","Auxiliar de Topografia","homem x mês",12,4673.62,56083.44,null,24,2]
["1.9","T1","Técnico Pleno","homem x mês",6,6585.33,39511.980000000003,null,12,1]
["TOTAL - EQUIPE - MÃO DE OBRA (SEGURANÇA DE BARRAGENS) - (R$):",{"$nulls":5},677170.89999999991]
[]
[]
["RESUMO - EQUIPE - MÃO DE OBRA (SEGURANÇA DE BARRAGENS)"]
["ITEM",null,"DESCRIÇÃO",null,null,"VALOR TOTAL (R$)"]
[1,null,"EQUIPE - MÃO DE OBRA (SEGURANÇA DE BARRAGENS)",null,null,677170.89999999991]
["TOTAL GERAL - EQUIPE - MÃO DE OBRA (SEGURANÇA DE BARRAGENS) -  (R$):",{"$nulls":4},677170.89999999991]
[]
[]
["NOME DO INFORMANTE:",{"$nulls":4},"QUALIFICAÇÃO:"]
[]
["ASSINATURA:",{"$nulls":4},"DATA:"]
[]
["OBSERVAÇÕES:"]
["1. Considerado a carga horária de 176 horas/mês"]
["2. Os cálculos de cada parcela que compõe o salário completo foram calculadas isoladamente. (Salário Base + Adicional de Periculosidade (quando houver) + Adicional Noturno (quando houver) + Adicional de Horas Extras (quando houver) +  Encargos Sociais)"]
[]
["3. Adicional de Periculosidade 30%: foi previsto para todos os profissionais eletricitários (Operação e Manutenção) que trabalham em contato com rede elétrica (nas estações de bombeamento, sub-estações, etc.) "]
[]
["4. Hora Noturna: Hora Diurna x 20%"]
["5. Adicional Noturno: *Considerado 120 horas/profissional/mês (Total de 8h noturnas: Período de 22h as 5h = 8h noturnas + 1h até as 6h => Súmula 60 do TST)    *(Incide sobre Salário Base + Periculosidade => Súmula 191 do TST)"]
[]
["6. Período noturno – 22 às 5 horas, o valor da hora tem 52 minutos e 30 segundos; logo, nesse período, há 8 horas"]
["7. Foi considerado intervalo intrajornada para todos os profissionais que trabalham em escala 12h x 36h "]

{"sheet":"MEM_CALCULO_SEG DE BARRAGENS","index":16,"n_rows":27,"n_cols":11,"rows_kept":27,"cut":false,"hidden":false,"merged":[[23,2,23,5],[26,0,26,3],[4,0,5,7],[7,0,7,7],[0,2,0,7],[1,2,1,7],[2,2,2,7]]}
[null,null,"Ministério do Desenvolvimento Regional  - MDR"]
[null,null,"Companhia de Desenvolvimento dos Vales do São Francisco e do Parnaíba"]
[null,null,"Gerência de Operação do PISF - Centro de Controle e Operação (AD / GOI / CCO)"]
[]
["TERMO DE REFERÊNCIA PARA CONTRATAÇÃO DOS RECURSOS NECESSÁRIOS À OPERAÇÃO E MANUTENÇÃO DAS INFRAESTRUTURAS DO EIXO LESTE DO PISF - PROJETO DE INTEGRAÇÃO DO SÃO FRANCISCO COM AS BACIAS HIDROGRÁFICAS DO NORDESTE SETENTRIONAL"]
[]
[]
["MEMÓRIA DE CÁLCULO - EQUIPE - MÃO DE OBRA (SEGURANÇA DE BARRAGENS)"]
[]
["ITEM",null,"DESCRIÇÃO","CLASSE","LOTAÇÃO","MOBILIZAÇÃO","QUANTIDADE","OBSERVAÇÕES"]
[]
[]
["1.0",null,"MÃO DE OBRA - SEGURAÇA DE BARRAGEM - LESTE "]
["1.1",null,"Engenheiro Sênior  - Esp. Em Seg. de Barragem","P1","Coordenação (à definir)","Pode utilizar o escritório",1,null,null,1]
["1.2",null,"Engenheiro. Civil  (Geotecnico)","P1","Coordenação (à definir)","Pode utilizar o escritório",1,null,null,1]
["1.3",null,"Engenheiro Junior - Civil","P2","Coordenação (à definir)","Pode utilizar o escritório",1,null,null,1]
["1.4",null,"Assistente Administrativo (Assistente social)","AS","Coordenação (à definir)","Pode utilizar o escritório",2,null,null,2]
["1.5",null,"Assistente Administrativo (administrativo)","A1","Coordenação (à definir)","Pode utilizar o escritório",2,null,null,2]
["1.6",null,"Auxiliar Administrativo","A1","Coordenação (à definir)","Pode utilizar o escritório",1,null,null,1]
["1.7",null,"Topógrafo","TS","Coordenação (à definir)","Pode utilizar o escritório",1,null,null,2,1]
["1.8",null,"Auxiliar de Topografia","T3","Coordenação (à definir)","Não utilliza o Escritório",2,null,null,4,2]
["1.9",null,"Técnico Pleno","T1","Coordenação (à definir)","Pode utilizar o escritório",1,null,null,1]
[]
["2.",null,"VEÍCULOS - SEGURAÇA DE BARRAGEM - LESTE "]
["2.1","B11","Veículo Tipo Pick Up Cabine Dupla 4 x 4 (163 CV)",6,1,6,null,null,null,2,1]
["2.2","B4","TIPO SEDAN 1.6 FLEX (115CV)",6,1,6,null,null,null,2,1]
["TOTAL DE VEÍCULOS - MÃO DE OBRA - SEGURAÇA DE BARRAGEM - NORTE :",null,null,null,2,12]

{"sheet":"CPU_SALARIOS","index":17,"n_rows":49,"n_cols":8,"rows_kept":49,"cut":false,"hidden":false,"merged":[[49,0,49,7],[47,0,47,7],[42,0,42,4],[43,0,43,4],[44,0,44,4],[42,6,42,7],[43,6,43,7],[44,6,44,7],[41,0,41,4],[10,2,12,2],[46,0,46,7],[45,0,45,7],[41,6,41,7],[10,5,10,7],[11,6,11,7],[10,0,12,0],[10,3,12,3],[10,4,12,4],[0,3,0,7],[1,3,1,7],[2,3,2,7],[4,0,5,7],[7,0,7,7]]}
[null,null,null,"Ministério do Desenvolvimento Regional  - MDR"]
[null,null,null,"Companhia de Desenvolvimento dos Vales do São Francisco e do Parnaíba"]
[null,null,null,"Gerência de Operação do PISF - Centro de Controle e Operação (AD / GOI / CCO)"]
[]
["TERMO DE REFERÊNCIA PARA CONTRATAÇÃO DOS RECURSOS NECESSÁRIOS À OPERAÇÃO E MANUTENÇÃO DAS INFRAESTRUTURAS DO EIXO LESTE DO PISF - PROJETO DE INTEGRAÇÃO DO SÃO FRANCISCO COM AS BACIAS HIDROGRÁFICAS DO NORDESTE SETENTRIONAL"]
[]
[]
["MEMORIAL DE CÁLCULO - SALÁRIOS"]
[]
[]
["ITEM",null,null,"CLASSE","PROFISSIONAL","SALÁRIO"]
[{"$nulls":5},"HORISTA","MENSALISTA"]
[{"$nulls":5},"COM ENCARGO","VALOR BASE","COM ENCARGO"]
[1,"Sicro","P9955","P0","Engenheiro - Profissional Sênior  c/ Encargos Complementares (N. Superior - Formação: 10 anos < T )",172.62460227272729,16836.580000000002,30381.93]
[2,"Sicro","P9819","P1","Engenheiro - Profissional Pleno c/ Encargos Complementares (N. Superior - Formação: 5 anos < T )",127.061875,12276.42,22362.89]
[3,"Sicro","P9946","P2","Engenheiro - Profissional Junior c/ Encargos Complementares (N. Superior - Formação: 2 anos < T )/Médico c/ Encargos Complementares (N. Superior - Formação: 5 anos < T)",107.33448863636363,10302,18890.87]
[4,"Sicro","P9949","TS","Topógrafo (N. Médio/Especializado - Formação: 5 anos < T ) ",40.784659090909095,3451.8,7178.1]
[5,"Sicro","P9840","T0","Técnico - Profissional Sênior (N. Médio/Especializado - Formação: 10 anos < T )",57.585965909090902,5285.9,10135.129999999999]
[6,"Sicro","P9867","T1","Técnico TI (N. Médio/Especializado - Formação: 2 anos < T)",37.416647727272725,3128.5,6585.33]
[7,"Sicro","P9867","T1","Auxiliar Tecnico / Assistente de Engenharia com Encargos Complementares (N. Médio/Especializado - Formação: 2 anos < T )",37.416647727272725,3128.5,6585.33]
[8,"Sicro","P9950","T3","Auxiliar de Topografia/Técnico auxiliar (N. Médio)",26.554659090909091,2035,4673.62]
[9,"Sicro","P9883","AS","Assistene Social (usado o custo de referência do setor administrativo)(N. Superior - Formação: 2 anos < T )",38.847840909090912,3463.66,6837.22]
[10,"Sicro","P9826","CA","Coordenador Administrativo - Chefe do setor administrativo (Chefe de Escritório) (N. Superior - Formação: 2 anos < T )",88.663352272727266,8392.5400000000009,15604.75]
[11,"CCT 2022/2023","OFICIAL","A1","Auxiliar administrativo com Encargos Complementares",23.598596967272726,1953.6,4153.3530662399999]
[12,"CCT 2022/2023","QUALIFICADO I","A1.1","Almoxarife com Encargos Complementares",29.683870929090915,2582.8000000000002,5224.3612835200011]
[13,"Sinapi",101377,"A2","Mobilizador - Ajudante de Operação em Geral com Encargos Complementares (N. Médio)",20.619147727272725,1517.9802666920273,3628.97]
[14,"Sinapi",101422,"A3","Motorista de Carro com Encargos Complementares  (N. Elementar)",30.16721590909091,2627.7375527477811,5309.43]
[15,"CCT 2022/2023","OFICIAL","A4","AUXILIAR DE ALMOXARIFE COM ENCARGOS COMPLEMENTARES",23.596324240000001,1953.6,4152.9530662400002]
[16,"Sinapi - ADAPTADO",101399,"A5","ELETRICISTA COM ENCARGOS COMPLEMENTARES",25.131494694545452,1953.6,4423.1430662399998]
[17,"Sinapi - ADAPTADO",101445,"A6","PEDREIRO COM ENCARGOS COMPLEMENTARES",24.939278785454544,1953.6,4389.3130662399999]
[18,"Sinapi - ADAPTADO",101381,"A7","ARMADOR COM ENCARGOS COMPLEMENTARES",24.839221967272724,1953.6,4371.7030662399993]
[19,"Sinapi - ADAPTADO",101397,"A8","CARPINTEIRO DE FORMAS COM ENCARGOS COMPLEMENTARES",24.715585603636363,1953.6,4349.94306624]
[20,"Sinapi - ADAPTADO",101388,"A9","Auxiliar de Serviços Gerais com Encargos Complementares (Limpeza / Copa) (N. Elementar)",20.057488190909091,1474,3530.1179216]
[21,"Sinapi - ADAPTADO",101460,"A10","VIGIA DIURNO COM ENCARGOS COMPLEMENTARES",20.007374554545454,1474,3521.2979215999999]
[22,"Sinapi - ADAPTADO",101452,"A11","SERVENTE DE OBRAS COM ENCARGOS COMPLEMENTARES",20.132715463636366,1474,3543.3579216000003]
[23,"Sicro","P9867*","T1*(SA)","Auxiliar Tecnico / Assistente de Engenharia com Encargos Complementares (N. Médio/Especializado - Formação: 5 anos < T )",12.472215909090909,1042.8333333333333,2195.11]
[24,"Sicro","P9950*","T3*(SA)","Técnico - Auxiliar (N. Elementar)",8.8515530303030303,678.33333333333337,1557.8733333333332]
[25,"Sicro","P9819*","P1*(SA)","Engenheiro - Profissional Pleno c/ Encargos Complementares (N. Superior - Formação: 5 anos < T )",42.353958333333331,4092.14,7454.2966666666662]
[]
[]
[]
["NOME DO INFORMANTE:",{"$nulls":5},"QUALIFICAÇÃO:"]
[]
["ASSINATURA:",{"$nulls":5},"DATA:"]
[]
["OBSERVAÇAO:"]
["1. Fonte de Preços: Sinapi 04-2022 ; Sicro 01-2022;  Convenção Coletiva de Trabalho 2021/2022: SINDICATO NACIONAL DA INDÚSTRIA DA CONSTRUÇÃO PESADA – INFRA – ESTRUTURA – SINICON, CNPJ n. 33.645.540/0001-81; SINDICATO DOS TRABALHADORES NAS IND. DA CONST. ESTRADA PAVIMENTAÇÃO E OBRAS TERRAPLANAGEM EM GERAL NO ESTADO PE., CNPJ n. 04.146.561/0001-54."]
["*(SA)Profissionais com regime de sobreaviso"]
["*consideração de ",null,176,"horas por mês"]

{"sheet":"CPU_SINAPI","index":18,"n_rows":94,"n_cols":10,"rows_kept":94,"cut":false,"hidden":false,"merged":[]}
[]
[]
[]
[null,null,"CÓDIGO","DESCRIÇÃO","TIPO","UNIDADE","SALÁRIO BASE(CCT)","VALOR UNITÁRIO NÃO DESONERADO","COEFICIENTE","VALOR NÃO DESONERADO"]
[]
[null,"1.0",101377,"AJUDANTE DE OPERAÇÃO EM GERAL COM ENCARGOS COMPLEMENTARES",{"$nulls":5},3628.97]
[null,"C",101289,"CURSO DE CAPACITAÇÃO PARA AJUDANTE DE OPERAÇÃO EM GERAL (ENCARGOS COMPLEMENTARES) - MENSALISTA","SEDI - SERVIÇOS DIVERSOS","MES",null,18.309999999999999,1,18.309999999999999]
[null,"I",40861,"TRANSPORTE - MENSALISTA (COLETADO CAIXA)","Material","MES",null,105.17,1,105.17]
[null,"I",40862,"ALIMENTACAO - MENSALISTA (COLETADO CAIXA)","Material","MES",null,429.36,1,429.36]
[null,"I",40863,"EXAMES - MENSALISTA (COLETADO CAIXA)","Material","MES",null,152.35,1,152.35]
[null,"I",40864,"SEGURO - MENSALISTA (COLETADO CAIXA)","Material","MES",null,0.01,1,0.01]
[null,"I",41086,"AJUDANTE DE OPERACAO EM GERAL (MENSALISTA)","Mão de Obra","MES",null,2579.38,1,2579.38]
[null,"I",43477,"FERRAMENTAS - FAMILIA PEDREIRO - MENSALISTA (ENCARGOS COMPLEMENTARES - COLETADO CAIXA)","Equipamento","MES",null,139.44,1,139.44]
[null,"I",43501,"EPI - FAMILIA PEDREIRO - MENSALISTA (ENCARGOS COMPLEMENTARES - COLETADO CAIXA)","Equipamento","MES",null,204.95,1,204.95]
[]
[null,"1.0",101422,"MOTORISTA DE CARRO DE PASSEIO COM ENCARGOS COMPLEMENTARES",{"$nulls":5},5309.43]
[null,"C",101332,"CURSO DE CAPACITAÇÃO PARA MOTORISTA DE CARRO DE PASSEIO (ENCARGOS COMPLEMENTARES) - MENSALISTA","SEDI - SERVIÇOS DIVERSOS","MES",null,13.84,1,13.84]
[null,"I",40861,"TRANSPORTE - MENSALISTA (COLETADO CAIXA)","Material","MES",null,105.17,1,105.17]
[null,"I",40862,"ALIMENTACAO - MENSALISTA (COLETADO CAIXA)","Material","MES",null,429.36,1,429.36]
[null,"I",40863,"EXAMES - MENSALISTA (COLETADO CAIXA)","Material","MES",null,152.35,1,152.35]
[null,"I",40864,"SEGURO - MENSALISTA (COLETADO CAIXA)","Material","MES",null,0.01,1,0.01]
[null,"I",40990,"MOTORISTA DE CARRO DE PASSEIO (MENSALISTA)","Mão de Obra","MES",null,4465.1000000000004,1,4465.1000000000004]
[null,"I",43476,"FERRAMENTAS - FAMILIA OPERADOR ESCAVADEIRA - MENSALISTA (ENCARGOS COMPLEMENTARES - COLETADO CAIXA)","Equipamento","MES",null,0.01,1,0.01]
[null,"I",43500,"EPI - FAMILIA OPERADOR ESCAVADEIRA - MENSALISTA (ENCARGOS COMPLEMENTARES - COLETADO CAIXA)","Equipamento","MES",null,143.59,1,143.59]
[]
[null,"1.0",101399,"ELETRICISTA COM ENCARGOS COMPLEMENTARES",{"$nulls":5},4423.1430662399998]
[null,"C",101313,"CURSO DE CAPACITAÇÃO PARA ELETRICISTA (ENCARGOS COMPLEMENTARES) - MENSALISTA","SEDI - SERVIÇOS DIVERSOS","MES",null,67.78,1,67.78]
[null,"I",40861,"TRANSPORTE - MENSALISTA (COLETADO CAIXA)","Material","MES",null,105.17,1,105.17]
[null,"I",40862,"ALIMENTACAO - MENSALISTA (COLETADO CAIXA)","Material","MES",null,429.36,1,429.36]
[null,"I",40863,"EXAMES - MENSALISTA (COLETADO CAIXA)","Material","MES",null,152.35,1,152.35]
[null,"I",40864,"SEGURO - MENSALISTA (COLETADO CAIXA)","Material","MES",null,0.01,1,0.01]
[null,"I",40918,"ELETRICISTA (MENSALISTA)","Mão de Obra","MES",1953.6,2934.51,1,3319.5930662400001]
[null,"I",43472,"FERRAMENTAS - FAMILIA ELETRICISTA - MENSALISTA (ENCARGOS COMPLEMENTARES - COLETADO CAIXA)","Equipamento","MES",null,147.22999999999999,1,147.22999999999999]
[null,"I",43496,"EPI - FAMILIA ELETRICISTA - MENSALISTA (ENCARGOS COMPLEMENTARES - COLETADO CAIXA)","Equipamento","MES",null,201.65,1,201.65]
[]
[null,"1.0",101445,"PEDREIRO COM ENCARGOS COMPLEMENTARES",{"$nulls":5},4389.3130662399999]
[null,"C",101357,"CURSO DE CAPACITAÇÃO PARA PEDREIRO (ENCARGOS COMPLEMENTARES) - MENSALISTA","SEDI - SERVIÇOS DIVERSOS","MES",null,38.44,1,38.44]
[null,"I",40861,"TRANSPORTE - MENSALISTA (COLETADO CAIXA)","Material","MES",null,105.17,1,105.17]
[null,"I",40862,"ALIMENTACAO - MENSALISTA (COLETADO CAIXA)","Material","MES",null,429.36,1,429.36]
[null,"I",40863,"EXAMES - MENSALISTA (COLETADO CAIXA)","Material","MES",null,152.35,1,152.35]
[null,"I",40864,"SEGURO - MENSALISTA (COLETADO CAIXA)","Material","MES",null,0.01,1,0.01]
[null,"I",41065,"PEDREIRO (MENSALISTA)","Mão de Obra","MES",1953.6,2934.51,1,3319.5930662400001]
[null,"I",43477,"FERRAMENTAS - FAMILIA PEDREIRO - MENSALISTA (ENCARGOS COMPLEMENTARES - COLETADO CAIXA)","Equipamento","MES",null,139.44,1,139.44]
[null,"I",43501,"EPI - FAMILIA PEDREIRO - MENSALISTA (ENCARGOS COMPLEMENTARES - COLETADO CAIXA)","Equipamento","MES",null,204.95,1,204.95]
[]
[null,"1.0",101381,"ARMADOR COM ENCARGOS COMPLEMENTARES",{"$nulls":5},4371.7030662399993]
[null,"C",101293,"CURSO DE CAPACITAÇÃO PARA ARMADOR (ENCARGOS COMPLEMENTARES) - MENSALISTA","SEDI - SERVIÇOS DIVERSOS","MES",null,20.83,1,20.83]
[null,"I",40861,"TRANSPORTE - MENSALISTA (COLETADO CAIXA)","Material","MES",null,105.17,1,105.17]
[null,"I",40862,"ALIMENTACAO - MENSALISTA (COLETADO CAIXA)","Material","MES",null,429.36,1,429.36]
[null,"I",40863,"EXAMES - MENSALISTA (COLETADO CAIXA)","Material","MES",null,152.35,1,152.35]
[null,"I",40864,"SEGURO - MENSALISTA (COLETADO CAIXA)","Material","MES",null,0.01,1,0.01]
[null,"I",40911,"ARMADOR (MENSALISTA)","Mão de Obra","MES",1953.6,2934.51,1,3319.5930662400001]
[null,"I",43477,"FERRAMENTAS - FAMILIA PEDREIRO - MENSALISTA (ENCARGOS COMPLEMENTARES - COLETADO CAIXA)","Equipamento","MES",null,139.44,1,139.44]
[null,"I",43501,"EPI - FAMILIA PEDREIRO - MENSALISTA (ENCARGOS COMPLEMENTARES - COLETADO CAIXA)","Equipamento","MES",null,204.95,1,204.95]
[]
[null,"1.0",101397,"CARPINTEIRO DE FORMAS COM ENCARGOS COMPLEMENTARES",{"$nulls":5},4349.94306624]
[null,"C",101311,"CURSO DE CAPACITAÇÃO PARA CARPINTEIRO DE FORMAS (ENCARGOS COMPLEMENTARES) - MENSALISTA","SEDI - SERVIÇOS DIVERSOS","MES",null,20.83,1,20.83]
[null,"I",40861,"TRANSPORTE - MENSALISTA (COLETADO CAIXA)","Material","MES",null,105.17,1,105.17]
[null,"I",40862,"ALIMENTACAO - MENSALISTA (COLETADO CAIXA)","Material","MES",null,429.36,1,429.36]
[null,"I",40863,"EXAMES - MENSALISTA (COLETADO CAIXA)","Material","MES",null,152.35,1,152.35]
[null,"I",40864,"SEGURO - MENSALISTA (COLETADO CAIXA)","Material","MES",null,0.01,1,0.01]
[null,"I",40914,"CARPINTEIRO DE FORMAS (MENSALISTA)","Mão de Obra","MES",1953.6,2934.51,1,3319.5930662400001]
[null,"I",43471,"FERRAMENTAS - FAMILIA CARPINTEIRO DE FORMAS - MENSALISTA (ENCARGOS COMPLEMENTARES - COLETADO CAIXA)","Equipamento","MES",null,84.46,1,84.46]
[null,"I",43495,"EPI - FAMILIA CARPINTEIRO DE FORMAS - MENSALISTA (ENCARGOS COMPLEMENTARES - COLETADO CAIXA)","Equipamento","MES",null,238.17,1,238.17]
[]
[null,"1.0",101388,"AUXILIAR DE SERVIÇOS GERAIS COM ENCARGOS COMPLEMENTARES",{"$nulls":5},3530.1179216]
[null,"C",101300,"CURSO DE CAPACITAÇÃO PARA AUXILIAR DE SERVIÇOS GERAIS (ENCARGOS COMPLEMENTARES) - MENSALISTA","SEDI - SERVIÇOS DIVERSOS","MES",null,15.65,1,15.65]
[null,"I",40861,"TRANSPORTE - MENSALISTA (COLETADO CAIXA)","Material","MES",null,105.17,1,105.17]
[null,"I",40862,"ALIMENTACAO - MENSALISTA (COLETADO CAIXA)","Material","MES",null,429.36,1,429.36]
[null,"I",40863,"EXAMES - MENSALISTA (COLETADO CAIXA)","Material","MES",null,152.35,1,152.35]
[null,"I",40864,"SEGURO - MENSALISTA (COLETADO CAIXA)","Material","MES",null,0.01,1,0.01]
[null,"I",41071,"AUXILIAR DE SERVICOS GERAIS (MENSALISTA)","Mão de Obra","MES",1474,2205.56,1,2504.6479216000002]
[null,"I",43479,"FERRAMENTAS - FAMILIA SERVENTE - MENSALISTA (ENCARGOS COMPLEMENTARES - COLETADO CAIXA)","Equipamento","MES",null,106.33,1,106.33]
[null,"I",43503,"EPI - FAMILIA SERVENTE - MENSALISTA (ENCARGOS COMPLEMENTARES - COLETADO CAIXA)","Equipamento","MES",null,216.6,1,216.6]
[]
[null,"1.0",101460,"VIGIA DIURNO COM ENCARGOS COMPLEMENTARES",{"$nulls":5},3521.2979215999999]
[null,"C",101372,"CURSO DE CAPACITAÇÃO PARA VIGIA DIURNO (ENCARGOS COMPLEMENTARES) - MENSALISTA","SEDI - SERVIÇOS DIVERSOS","MES",null,6.83,1,6.83]
[null,"I",40861,"TRANSPORTE - MENSALISTA (COLETADO CAIXA)","Material","MES",null,105.17,1,105.17]
[null,"I",40862,"ALIMENTACAO - MENSALISTA (COLETADO CAIXA)","Material","MES",null,429.36,1,429.36]
[null,"I",40863,"EXAMES - MENSALISTA (COLETADO CAIXA)","Material","MES",null,152.35,1,152.35]
[null,"I",40864,"SEGURO - MENSALISTA (COLETADO CAIXA)","Material","MES",null,0.01,1,0.01]
[null,"I",41096,"VIGIA DIURNO (MENSALISTA)","Mão de Obra","MES",1474,2205.56,1,2504.6479216000002]
[null,"I",43479,"FERRAMENTAS - FAMILIA SERVENTE - MENSALISTA (ENCARGOS COMPLEMENTARES - COLETADO CAIXA)","Equipamento","MES",null,106.33,1,106.33]
[null,"I",43503,"EPI - FAMILIA SERVENTE - MENSALISTA (ENCARGOS COMPLEMENTARES - COLETADO CAIXA)","Equipamento","MES",null,216.6,1,216.6]
[]
[null,"1.0",101452,"SERVENTE DE OBRAS COM ENCARGOS COMPLEMENTARES",{"$nulls":5},3543.3579216000003]
[null,"C",101364,"CURSO DE CAPACITAÇÃO PARA SERVENTE DE OBRAS (ENCARGOS COMPLEMENTARES) - MENSALISTA","SEDI - SERVIÇOS DIVERSOS","MES",null,28.89,1,28.89]
[null,"I",40861,"TRANSPORTE - MENSALISTA (COLETADO CAIXA)","Material","MES",null,105.17,1,105.17]
[null,"I",40862,"ALIMENTACAO - MENSALISTA (COLETADO CAIXA)","Material","MES",null,429.36,1,429.36]
[null,"I",40863,"EXAMES - MENSALISTA (COLETADO CAIXA)","Material","MES",null,152.35,1,152.35]
[null,"I",40864,"SEGURO - MENSALISTA (COLETADO CAIXA)","Material","MES",null,0.01,1,0.01]
[null,"I",41084,"SERVENTE DE OBRAS (MENSALISTA)","Mão de Obra","MES",1474,2205.56,1,2504.6479216000002]
[null,"I",43479,"FERRAMENTAS - FAMILIA SERVENTE - MENSALISTA (ENCARGOS COMPLEMENTARES - COLETADO CAIXA)","Equipamento","MES",null,106.33,1,106.33]
[null,"I",43503,"EPI - FAMILIA SERVENTE - MENSALISTA (ENCARGOS COMPLEMENTARES - COLETADO CAIXA)","Equipamento","MES",null,216.6,1,216.6]

{"sheet":"CPU_CCT","index":19,"n_rows":34,"n_cols":12,"rows_kept":34,"cut":false,"hidden":false,"merged":[]}
[]
[]
[]
[null,null,"CÓDIGO","DESCRIÇÃO","TIPO","UNIDADE","SALÁRIO BASE(CCT)","VALOR UNITÁRIO NÃO DESONERADO","VALOR UNITÁRIO DESONERADO","COEFICIENTE","VALOR NÃO DESONERADO","VALOR DESONERADO"]
[]
[null,"1.0","CCT 2022/2023","Auxiliar administrativo com Encargos Complementares",{"$nulls":6},4153.3530662399999]
[null,"I","OFICIAL","OFICIAL","Mão de Obra","MES",1953.6,null,null,1,3319.5930662400001]
[null,"C",95416,"CURSO DE CAPACITAÇÃO PARA AUXILIAR DE ESCRITÓRIO (ENCARGOS COMPLEMENTARES) - MENSALISTA","SEDI - SERVIÇOS DIVERSOS","MES",null,7.23,6.24,1,7.23,6.24]
[null,"I",40863,"EXAMES - MENSALISTA (COLETADO CAIXA)","Material","MES",null,152.35,152.35,1,152.35,152.35]
[null,"I",40864,"SEGURO - MENSALISTA (COLETADO CAIXA)","Material","MES",null,0.01,0.01,1,0.01,0.01]
[null,"I",43470,"FERRAMENTAS - FAMILIA ALMOXARIFE - MENSALISTA (ENCARGOS COMPLEMENTARES - COLETADO CAIXA)","Equipamento","MES",null,9.2100000000000009,9.2100000000000009,1,9.2100000000000009,9.2100000000000009]
[null,"I",43494,"EPI - FAMILIA ALMOXARIFE - MENSALISTA (ENCARGOS COMPLEMENTARES - COLETADO CAIXA)","Equipamento","MES",null,130.43,130.43,1,130.43,130.43]
[null,"I",40862,"ALIMENTACAO - MENSALISTA (COLETADO CAIXA)","Material","MES",null,429.36,429.36,1,429.36,429.36]
[null,"I",40861,"TRANSPORTE - MENSALISTA (COLETADO CAIXA)","Material","MES",null,105.17,105.17,1,105.17,105.17]
[]
[null,"1.0","CCT 2022/2023","Almoxarife com Encargos Complementares",{"$nulls":6},5224.3612835200011]
[null,"I","QUALIFICADO I","QUALIFICADO I","Mão de Obra","MES",2582.8000000000002,null,null,1,4388.7412835200003]
[null,"C",95413,"CURSO DE CAPACITAÇÃO PARA ALMOXARIFE (ENCARGOS COMPLEMENTARES) - MENSALISTA","SEDI - SERVIÇOS DIVERSOS","MES",null,9.09,7.84,1,9.09,7.84]
[null,"I",40863,"EXAMES - MENSALISTA (COLETADO CAIXA)","Material","MES",null,152.35,152.35,1,152.35,152.35]
[null,"I",40864,"SEGURO - MENSALISTA (COLETADO CAIXA)","Material","MES",null,0.01,0.01,1,0.01,0.01]
[null,"I",43470,"FERRAMENTAS - FAMILIA ALMOXARIFE - MENSALISTA (ENCARGOS COMPLEMENTARES - COLETADO CAIXA)","Equipamento","MES",null,9.2100000000000009,9.2100000000000009,1,9.2100000000000009,9.2100000000000009]
[null,"I",43494,"EPI - FAMILIA ALMOXARIFE - MENSALISTA (ENCARGOS COMPLEMENTARES - COLETADO CAIXA)","Equipamento","MES",null,130.43,130.43,1,130.43,130.43]
[null,"I",40862,"ALIMENTACAO - MENSALISTA (COLETADO CAIXA)","Material","MES",null,429.36,429.36,1,429.36,429.36]
[null,"I",40861,"TRANSPORTE - MENSALISTA (COLETADO CAIXA)","Material","MES",null,105.17,105.17,1,105.17,105.17]
[]
[null,"1.0","CCT 2022/2023","AUXILIAR DE ALMOXARIFE COM ENCARGOS COMPLEMENTARES",{"$nulls":6},4152.9530662400002]
[null,"I","OFICIAL","OFICIAL","Mão de Obra","MES",1953.6,null,null,1,3319.5930662400001]
[null,"C",100310,"CURSO DE CAPACITAÇÃO PARA AUXILIAR DE ALMOXARIFE (ENCARGOS COMPLEMENTARES) - MENSALISTA","SEDI - SERVIÇOS DIVERSOS","MES",null,6.83,5.89,1,6.83,5.89]
[null,"I",40863,"EXAMES - MENSALISTA (COLETADO CAIXA)","Material","MES",null,152.35,152.35,1,152.35,152.35]
[null,"I",40864,"SEGURO - MENSALISTA (COLETADO CAIXA)","Material","MES",null,0.01,0.01,1,0.01,0.01]
[null,"I",43470,"FERRAMENTAS - FAMILIA ALMOXARIFE - MENSALISTA (ENCARGOS COMPLEMENTARES - COLETADO CAIXA)","Equipamento","MES",null,9.2100000000000009,9.2100000000000009,1,9.2100000000000009,9.2100000000000009]
[null,"I",43494,"EPI - FAMILIA ALMOXARIFE - MENSALISTA (ENCARGOS COMPLEMENTARES - COLETADO CAIXA)","Equipamento","MES",null,130.43,130.43,1,130.43,130.43]
[null,"I",40862,"ALIMENTACAO - MENSALISTA (COLETADO CAIXA)","Material","MES",null,429.36,429.36,1,429.36,429.36]
[null,"I",40861,"TRANSPORTE - MENSALISTA (COLETADO CAIXA)","Material","MES",null,105.17,105.17,1,105.17,105.17]

{"sheet":"Encargos Sociais e Benefícios","index":20,"n_rows":76,"n_cols":3,"rows_kept":76,"cut":false,"hidden":false,"merged":[[0,1,0,2],[1,1,1,2],[2,1,2,2],[11,0,11,2],[68,0,68,2],[50,0,50,1],[55,0,55,1],[36,0,36,1],[12,0,12,1],[22,0,22,1],[23,0,23,1],[24,0,24,1],[35,0,35,1],[67,0,67,2],[4,0,5,2],[7,0,7,2],[69,0,69,1],[70,0,70,1],[71,0,71,1],[64,0,64,1],[37,0,37,1],[43,0,43,1],[44,0,44,1],[45,0,45,1],[57,0,57,2],[48,0,48,1],[49,0,49,1],[65,0,66,2],[77,0,77,2],[75,0,76,2],[72,0,72,1],[73,0,73,2],[74,0,74,2]]}
[null,"Ministério do Desenvolvimento Regional  - MDR"]
[null,"Companhia de Desenvolvimento dos Vales do São Francisco e do Parnaíba"]
[null,"Gerência de Operação do PISF - Centro de Controle e Operação (AD / GOI / CCO)"]
[]
["TERMO DE REFERÊNCIA PARA CONTRATAÇÃO DOS RECURSOS NECESSÁRIOS À OPERAÇÃO E MANUTENÇÃO DAS INFRAESTRUTURAS DO EIXO LESTE DO PISF - PROJETO DE INTEGRAÇÃO DO SÃO FRANCISCO COM AS BACIAS HIDROGRÁFICAS DO NORDESTE SETENTRIONAL"]
[]
[]
[" ENCARGOS SOCIAIS E TRABALHISTAS E BENEFÍCIOS"]
[]
[]
["ITEM","DESCRIÇÃO","Mensalista Diurno"]
["1.0 Encargos sociais - SISTEMA NACIONAL DE PESQUISA DE CUSTOS E ÍNDICES DA CONSTRUÇÃO CIVIL - Pernambuco - 2022"]
["GRUPO \"A\"",null,"%"]
["A1","INSS (Art. 22 inciso I da Lei 8.212/91) ",0.2]
["A2","SESC/SESI (Art. 3° da Lei 8036/90)",1.4999999999999999E-2]
["A3","SENAC/SENAI (Decreto 2.318/86)",0.01]
["A4","INCRA  (Lei 7787 de 30/06/890e DL 1146/70)",2E-3]
["A5","SEBRAE (Art. 8° Lei 8029/90 e 8154 de 28/12/90)",6.0000000000000001E-3]
["A6","Salário Educação (Art. 3° inciso I Decreto 87.043/)",2.5000000000000001E-2]
["A7","Seguro contra Acidentes de Trabalho  (Decreto 3.048/1999, Anexo V e Decreto 6.957/2009)  ",0.03]
["A8","FGTS (Art. 15 da Lei 8030/90 art. 7° inciso III CF/88)",0.08]
["A8","SECONCI","-"]
["TOTAL - GRUPO \"A\" - (%):",null,0.36800000000000005]
[]
["GRUPO \"B\"",null,"%"]
["B1","Repouso semanal remunerado","-"]
["B2","Feriados","-"]
["B3","Auxílio Enfermidade",6.6E-3]
["B4","13º Salário",8.3299999999999999E-2]
["B5","Licença Paternidade Faltas justificadas",5.9999999999999995E-4]
["B6","Faltas Justificadas",5.5999999999999999E-3]
["B7","Dias de Chuva","-"]
["B8","Auxílio Acidente de Trabalho",8.0000000000000004E-4]
["B9","Férias Gozadas",6.7799999999999999E-2]
["B10","Salário Maternidade",2.0000000000000001E-4]
["TOTAL - GRUPO \"B\" - (%):",null,0.16489999999999999]
[]
["GRUPO \"C\"",null,"%"]
["C1","Aviso Prévio Indenizado",3.6299999999999999E-2]
["C2","Aviso Prévio Trabalhado",8.9999999999999998E-4]
["C3","Férias Indenizadas",3.6200000000000003E-2]
["C4","Depósito Rescisão sem Justa Causa",2.5899999999999999E-2]
["C5","Indenização Adicional",3.0999999999999999E-3]
["TOTAL - GRUPO \"C\" - (%):",null,0.1024]
[]
["GRUPO \"D\"",null,"%"]
["D1","Reincidência de Grupo A sobre Grupo B",6.06832E-2]
["D2","Reincidência de Grupo A sobre C2 e Reincidência de A8 sobre C1",3.2352000000000001E-3]
["TOTAL - GRUPO \"D\" - (%):",null,6.39184E-2]
[]
["GRUPO \"E\"",null,"%"]
["E1","Auxílio Alimentação (Encargo discriminado separadamente abaixo)"]
["E2","Equipamento de Proteção Individual - EPI"]
["E3","Consultas e exames Médicos"]
["E4","Seguro de Vida"]
["TOTAL - GRUPO \"E\" - (%):",null,0]
[]
["RESUMO - 1.0 Encargos sociais - SISTEMA NACIONAL DE PESQUISA DE CUSTOS E ÍNDICES DA CONSTRUÇÃO CIVIL - Pernambuco - 2022"]
["ITEM","DESCRIÇÃO","%"]
[1,"GRUPO \"A\"",0.36800000000000005]
[2,"GRUPO \"B\"",0.16489999999999999]
[3,"GRUPO \"C\"",0.1024]
[4,"GRUPO \"D\"",6.39184E-2]
[5,"GRUPO \"E\"",0]
["TOTAL - RESUMO - 1.0 Encargos sociais - SISTEMA NACIONAL DE PESQUISA DE CUSTOS E ÍNDICES DA CONSTRUÇÃO CIVIL - Pernambuco - 2022 - (%):",null,0.69921840000000013]
[]
[]
["2.0 Encargos sociais - SISTEMA DE CUSTOS REFERENCIAIS DE OBRAS - SICRO - Pernambuco - 2022"]
["Os encargos totais (sociais + complementares) variam para cada categoria profissional"]
["NOME DO INFORMANTE:",null,"QUALIFICAÇÃO:"]
[]
["ASSINATURA:",null,"DATA:"]
[]
["OBSERVAÇÃO:"]
["1. Fonte: Sistema Nacional de Pesquisa de Custos e Índices da Construção (Tabela SINAPI - Composição de Encargos Sociais); SISTEMA DE CUSTOS REFERENCIAIS DE OBRAS - SICRO (Tabela SICRO - Relatório Sintético de Encargos Sociais)."]
["2. Os percentuais dos encargos previdenciários e FGTS, a serem preenchidos na coluna %, são aqueles estabelecidos pela legislação vigente, incidentes sobre a remuneração"]

{"sheet":"CPU_Viagens","index":21,"n_rows":93,"n_cols":7,"rows_kept":93,"cut":false,"hidden":false,"merged":[[0,1,0,6],[1,1,1,6],[2,1,2,6],[4,0,5,6],[7,0,7,6],[10,4,10,6],[48,0,48,5],[50,1,50,6],[10,3,11,3],[10,0,11,0],[10,1,11,1],[10,2,11,2],[75,0,75,5],[78,0,78,6],[79,1,79,4],[79,5,79,6],[12,1,12,6],[80,5,80,6],[82,0,82,4],[82,5,82,6],[84,0,84,4],[84,5,84,6],[80,1,80,4],[92,0,92,6],[81,1,81,4],[81,5,81,6],[89,0,89,6],[90,0,90,6],[85,0,85,4],[85,5,85,6],[86,0,86,4],[86,5,86,6],[87,0,87,4],[87,5,87,6],[88,0,88,6]]}
[null,"Ministério do Desenvolvimento Regional  - MDR"]
[null,"Companhia de Desenvolvimento dos Vales do São Francisco e do Parnaíba"]
[null,"Gerência de Operação do PISF - Centro de Controle e Operação (AD / GOI / CCO)"]
[]
["TERMO DE REFERÊNCIA PARA CONTRATAÇÃO DOS RECURSOS NECESSÁRIOS À OPERAÇÃO E MANUTENÇÃO DAS INFRAESTRUTURAS DO EIXO LESTE DO PISF - PROJETO DE INTEGRAÇÃO DO SÃO FRANCISCO COM AS BACIAS HIDROGRÁFICAS DO NORDESTE SETENTRIONAL"]
[]
[]
["MEMORIAL DE CÁLCULO - VIAGENS"]
[]
[]
["ITEM","ORIGEM","DESTINO","COMPANHIA","VALOR (R$)"]
[{"$nulls":4},"TAXA","TRECHO","TOTAL"]
["1.","PASSAGENS AÉREAS"]
["1.1","Brasília (BSB)","Curitiba (CWB)","LATAM",140,664,804]
["1.2","Brasília (BSB)","Rio de Janeiro (GIG)","LATAM",121,464,585]
["1.3","Brasília (BSB)","São Paulo (GRU)","LATAM",123,526,649]
["1.4","Brasília (BSB)","Juazeiro do Norte (JDO)","LATAM",234,1334,1568]
["1.5","Brasília (BSB)","Petrolina (PNZ)","LATAM",213,1462,1675]
["1.6","Brasília (BSB)","Porto Alegre (POA)","LATAM",181,1052,1233]
["1.7","Brasília (BSB)","Recife (REC)","LATAM",156,732,888]
["1.8","Brasília (BSB)","Salvador (SSA)","GOL",167,974,1141]
["1.9","Curitiba (CWB)","Rio de Janeiro (GIG)","LATAM",140,604,744]
["1.10","Curitiba (CWB)","São Paulo (GRU)","LATAM",116,412,528]
["1.11","Curitiba (CWB)","Juazeiro do Norte (JDO)","LATAM",246,1394,1640]
["1.12","Curitiba (CWB)","Petrolina (PNZ)","LATAM",218,1109,1327]
["1.13","Curitiba (CWB)","Porto Alegre (POA)","AZUL",121,362,483]
["1.14","Curitiba (CWB)","Recife (REC)","LATAM",214,1262,1476]
["1.15","Curitiba (CWB)","Salvador (SSA)","LATAM",147,718,865]
["1.16","Rio de Janeiro (GIG)","São Paulo (GRU)","LATAM",120,444,564]
["1.17","Rio de Janeiro (GIG)","Juazeiro do Norte (JDO)","LATAM",208,1368,1576]
["1.18","Rio de Janeiro (GIG)","Petrolina (PNZ)","LATAM",97,609,706]
["1.19","Rio de Janeiro (GIG)","Porto Alegre (POA)","LATAM",198,1168,1366]
["1.20","Rio de Janeiro (GIG)","Recife (REC)","LATAM",184,964,1148]
["1.21","Rio de Janeiro (GIG)","Salvador (SSA)","GOL",237,1610,1847]
["1.22","São Paulo (GRU)","Juazeiro do Norte (JDO)","LATAM",201,1298,1499]
["1.23","São Paulo (GRU)","Petrolina (PNZ)","GOL",143,760,903]
["1.24","São Paulo (GRU)","Porto Alegre (POA)","LATAM",177,1006,1183]
["1.25","São Paulo (GRU)","Recife (REC)","LATAM",182,982,1164]
["1.26","São Paulo (GRU)","Salvador (SSA)","LATAM",201,1298,1499]
["1.27","Juazeiro do Norte (JDO)","Porto Alegre (POA)","AZUL",200,1281,1481]
["1.28","Juazeiro do Norte (JDO)","Recife (REC)","AZUL",119,305,424]
["1.29","Juazeiro do Norte (JDO)","Salvador (SSA)","AZUL",310,2437,2747]
["1.30","Petrolina (PNZ)","Porto Alegre (POA)","GOL",219,1456,1675]
["1.31","Petrolina (PNZ)","Recife (REC)","AZUL",148,682,830]
["1.32","Petrolina (PNZ)","Salvador (SSA)","GOL",126,580,706]
["1.33","Porto Alegre (POA)","Recife (REC)","LATAM",185,958,1143]
["1.34","Porto Alegre (POA)","Salvador (SSA)","GOL",208,1312,1520]
["1.35","Recife (REC)","Salvador (SSA)","AZUL",133,494,627]
["VALOR MÉDIO - PASSAGENS AÉREAS - (R$):",{"$nulls":5},1148.97]
[]
["2.","PASSAGENS TERRESTRES"]
["2.1","Brasília (BSB)","Curitiba (CWB)","Real Expresso",56.32,312.89,369.21]
["2.2","Brasília (BSB)","Rio de Janeiro (GIG)","GIPSYY",21.61,120.07,141.68]
["2.3","Brasília (BSB)","São Paulo (GRU)","Real Expresso",48.6,269.99,318.59000000000003]
["2.4","Brasília (BSB)","Juazeiro do Norte (JDO)","Guanabara",77.400000000000006,429.99,507.39]
["2.5","Brasília (BSB)","Petrolina (PNZ)","Guanabara",64.62,358.99,423.61]
["2.6","Brasília (BSB)","Porto Alegre (POA)","Real Expresso",97.92,543.99,641.91]
["2.7","Brasília (BSB)","Recife (REC)","Expresso São Luiz",123.04,683.55,806.58999999999992]
["2.8","Brasília (BSB)","Salvador (SSA)","Rápido Federal",72.180000000000007,400.99,473.17]
["2.9","Curitiba (CWB)","Rio de Janeiro (GIG)","Penha",37.659999999999997,209.23,246.89]
["2.10","Curitiba (CWB)","São Paulo (GRU)","Penha",10.78,59.9,70.679999999999993]
["2.11","Curitiba (CWB)","Porto Alegre (POA)","Penha",31.07,172.62,203.69]
["2.12","Rio de Janeiro (GIG)","São Paulo (GRU)","Aguia Branca",18,99.99,117.99]
["2.13","Rio de Janeiro (GIG)","Porto Alegre (POA)","Penha",91.8,510,601.79999999999995]
["2.14","Rio de Janeiro (GIG)","Recife (REC)","Gontijo",106.7,592.75,699.45]
["2.15","Rio de Janeiro (GIG)","Salvador (SSA)","Aguia Branca",43.02,239,282.02]
["2.16","São Paulo (GRU)","Porto Alegre (POA)","Penha",52.17,289.98,342.15000000000003]
["2.17","São Paulo (GRU)","Recife (REC)","Itapemirim",104.4,579.99,684.39]
["2.18","Juazeiro do Norte (JDO)","Recife (REC)","Progresso",32.200000000000003,178.99,211.19]
["2.19","Petrolina (PNZ)","Recife (REC)","Progresso",44.97,249.99,294.96000000000004]
["2.20","Petrolina (PNZ)","Salvador (SSA)","Aguia Branca",16.02,89,105.02]
["2.21","Recife (REC)","Salvador (SSA)","Guanabara",144.49,25.99,170.48000000000002]
["2.22","Brasília (BSB)","Salgueiro (SGI)","Guanabara",72,399.99,471.99]
["2.23","Petrolina (PNZ)","Salgueiro (SGI)","Progresso",12.19,67.709999999999994,79.899999999999991]
["2.24","Recife (REC)","Salgueiro (SGI)","Progresso",29.88,165.99,195.87]
["VALOR MÉDIO - PASSAGENS TERRESTRES - (R$):",{"$nulls":5},352.53]
[]
[]
["RESUMO - MEMORIAL DE CÁLCULO - VIAGENS"]
["ITEM","DESCRIÇÃO",null,null,null,"VALOR TOTAL (R$)"]
[1,"PASSAGENS AÉREAS",null,null,null,1148.97]
[2,"PASSAGENS TERRESTRES",null,null,null,352.53]
["MÉDIA GERAL - MEMORIAL DE CÁLCULO - VIAGENS - (R$):",{"$nulls":4},750.75]
[]
["NOME DO INFORMANTE:",{"$nulls":4},"QUALIFICAÇÃO:"]
[]
["ASSINATURA:",{"$nulls":4},"DATA:"]
[]
["OBSERVAÇÃO:"]
["1. Fonte de Preço: www.decolar.com. Considerando menores preços e companhias aéreas para registro do preço."]
["2. Data de pesquisa: 12/01/2022 . "]
["3. Fonte de Preço: www.clickbus.com.br. Considerando menores preços e companhias aéreas para registro do preço."]
["4. Diárias - Fonte www.Booking.com - Considerando os menores preços"]

{"sheet":"Frentes_Moveis","index":22,"n_rows":51,"n_cols":14,"rows_kept":51,"cut":false,"hidden":false,"merged":[[48,0,48,6],[44,0,44,2],[29,0,32,5],[34,0,34,5],[35,2,38,5],[40,0,40,2],[40,3,40,5],[0,2,0,6],[1,2,1,6],[2,2,2,6],[12,2,12,6],[16,0,16,5],[7,0,7,6],[10,0,11,0],[10,2,11,2],[10,3,11,3],[10,4,11,4],[10,5,10,6],[10,1,11,1],[24,5,24,6],[25,5,25,6],[26,5,26,6],[19,2,19,4],[4,0,5,6],[18,0,18,6],[19,5,19,6],[23,5,23,6],[20,2,20,4],[21,0,21,4],[23,0,23,4],[21,5,21,6],[20,5,20,6],[24,0,24,4],[25,0,25,4],[26,0,26,4]]}
[null,null,"Ministério do Desenvolvimento Regional  - MDR"]
[null,null,"Companhia de Desenvolvimento dos Vales do São Francisco e do Parnaíba"]
[null,null,"Gerência de Operação do PISF - Centro de Controle e Operação (AD / GOI / CCO)"]
[]
["TERMO DE REFERÊNCIA PARA CONTRATAÇÃO DOS RECURSOS NECESSÁRIOS À OPERAÇÃO E MANUTENÇÃO DAS INFRAESTRUTURAS DO EIXO LESTE DO PISF - PROJETO DE INTEGRAÇÃO DO SÃO FRANCISCO COM AS BACIAS HIDROGRÁFICAS DO NORDESTE SETENTRIONAL"]
[]
[]
["FRENTES MÓVEIS DE LIMPEZA E CONSERVAÇÃO"]
[]
[]
["ITEM","ITEM","DESCRIÇÃO","UNIDADE","QUANTIDADE","VALOR (R$)"]
[{"$nulls":5},"UNITARIO","TOTAL"]
["1.",null,"FRENTES MÓVEIS DE LIMPEZA E CONSERVAÇÃO",{"$nulls":8},12,null,6]
["1.1","Banco de Preços (PREGÃO ELETRÔNICO - MUNICÍPIO DE FÁTIMA/BA, 05/2022)","Tenda Piramidal 5m x 5m (para refeitório)","un x mês",48,301.97000000000003,14494.56,null,null,96,null,8,null,48]
["1.2","F099722405/EMBASA","Tenda Piramidal 3m x 3m ","un x mês",48,150,7200,null,null,96,null,8,null,48]
["1.3","10390 - ORSE/SE","Banheiro Químico, com 03 limpezas semanais","un x mês",120,485.98,58317.599999999999,null,null,240,null,20,null,120]
["TOTAL - FRENTES MÓVEIS DE LIMPEZA E CONSERVAÇÃO - (R$):",{"$nulls":5},80012.160000000003]
[]
["RESUMO - FRENTES MÓVEIS DE LIMPEZA E CONSERVAÇÃO"]
["ITEM",null,"DESCRIÇÃO",null,null,"VALOR TOTAL (R$)"]
["01",null,"FRENTES MÓVEIS DE LIMPEZA E CONSERVAÇÃO",null,null,80012.160000000003]
["TOTAL GERAL - FRENTES MÓVEIS DE LIMPEZA E CONSERVAÇÃO - (R$):",{"$nulls":4},80012.160000000003]
[]
["NOME DO INFORMANTE:",{"$nulls":4},"QUALIFICAÇÃO:"]
[]
["ASSINATURA:",{"$nulls":4},"DATA:"]
[]
["Observações"]
[]
[" art. 305 do RIR/1999 esclarece que:\n\n\"Art. 305. Poderá ser computada, como custo ou encargo, em cada período de apuração, a importância correspondente à diminuição do valor dos bens do ativo resultante do desgaste pelo uso, ação da natureza e obsolescência normal (Lei nº 4.506, de 1964, art. 57).\""]
[]
[]
[]
[]
[" Instrução Normativa da Secretaria da Receita Federal (SRF)"]
["Da","Depreciação","Da = (VN - VR) / N"]
["VN","Valor Novo"]
["VR","Valor Residual"]
["N","Vída útil (anos)"]
[]
["DADOS - Frentes móveis",null,null,"CONSIDERAÇÕES"]
["Depreciação anual (%)",null,0.4]
["Vida últil (anos)",null,2.5]
[]
["DESCRIÇÃO",null,null,"Valor de aquisição (R$)","Valor com depreciação (R$)"]
["und","COT_TP1","Tenda Piramidal 5m x 5m (para refeitório)",5681.33,189.37766666666667]
["und","COT_TP2","Tenda Piramidal 3m x 3m ",3366.33,112.21100000000001]
["1. Valor unitário final = (Depreciação anual) / (Tempo de contrato)"]
["2. A vida útil adotada, leva em consideração o uso serevero dos itens listados, visto que são utilizados em canteiros de obras e frequentemente são deslocados entre canteiros e postos de serviço em campo."]
["3. Adotou-se tempo de contrato igual a 12 meses"]
["4. Sistema de Orçamento de Obras de Sergipe (ORSE). Data base: 03/2022."]

{"sheet":"Viagens_Diárias","index":23,"n_rows":45,"n_cols":7,"rows_kept":45,"cut":false,"hidden":false,"merged":[[0,2,0,6],[1,2,1,6],[2,2,2,6],[4,0,5,6],[7,0,7,6],[34,0,34,4],[34,5,34,6],[35,0,35,4],[35,5,35,6],[27,0,27,6],[28,2,28,4],[28,5,28,6],[30,2,30,4],[30,5,30,6],[29,2,29,4],[29,5,29,6],[39,0,39,6],[44,0,44,6],[45,0,45,6],[40,0,40,6],[36,0,36,4],[36,5,36,6],[37,0,37,4],[37,5,37,6],[38,0,38,6],[41,0,42,6],[43,0,43,6],[10,1,11,1],[12,2,12,6],[24,0,24,5],[31,0,31,4],[31,5,31,6],[10,0,11,0],[10,2,11,2],[10,3,11,3],[10,4,11,4],[10,5,10,6],[14,2,14,6],[17,0,17,5],[19,2,19,6],[22,0,22,5]]}
[null,null,"Ministério do Desenvolvimento Regional  - MDR"]
[null,null,"Companhia de Desenvolvimento dos Vales do São Francisco e do Parnaíba"]
[null,null,"Gerência de Operação do PISF - Centro de Controle e Operação (AD / GOI / CCO)"]
[]
["TERMO DE REFERÊNCIA PARA CONTRATAÇÃO DOS RECURSOS NECESSÁRIOS À OPERAÇÃO E MANUTENÇÃO DAS INFRAESTRUTURAS DO EIXO LESTE DO PISF - PROJETO DE INTEGRAÇÃO DO SÃO FRANCISCO COM AS BACIAS HIDROGRÁFICAS DO NORDESTE SETENTRIONAL"]
[]
[]
["VIAGENS / DIÁRIAS"]
[]
[]
["ITEM","CÓDIGO","DESCRIÇÃO","UNIDADE","QUANTIDADE","VALOR (R$)"]
[{"$nulls":5},"UNITARIO","TOTAL"]
[null,null,"VIAGENS / DIÁRIAS"]
[]
["1.",null,"DESPESAS COM VIAGENS COMERCIAIS"]
["1.1",null,"Viagem por via aerea","un",6,1148.97,6893.82]
["1.2",null,"Viagem por via terrestre (comercial)","un",18,352.53,6345.54]
["TOTAL - DESPESAS COM VIAGENS COMERCIAIS - (R$):",{"$nulls":5},13239.36]
[]
["2.",null,"DESPESAS COM DIÁRIAS"]
["2.1",null,"Diárias nacionais","un",6,295,1770]
["2.2",null,"Diárias regionais","un",72,239,17208]
["TOTAL - DESPESAS COM DIÁRIAS - (R$):",{"$nulls":5},18978]
[]
["TOTAL - VIAGENS / DIÁRIAS - (R$):",{"$nulls":5},32217.360000000001]
[]
[]
["RESUMO - VIAGENS / DIÁRIAS"]
["ITEM",null,"DESCRIÇÃO",null,null,"VALOR TOTAL (R$)"]
[1,null,"DESPESAS COM VIAGENS COMERCIAIS",null,null,13239.36]
[2,null,"DESPESAS COM DIÁRIAS",null,null,18978]
["TOTAL GERAL - VIAGENS / DIÁRIAS - (R$):",{"$nulls":4},32217.360000000001]
[]
[]
["NOME DO INFORMANTE:",{"$nulls":4},"QUALIFICAÇÃO:"]
[]
["ASSINATURA:",{"$nulls":4},"DATA:"]
[]
["OBSERVAÇÃO:"]
["1. Os produtos serão pagos por demanda (Conforme efetiva utilização, mediante autorização prévia da fiscalização)"]
["2. O valor estimado para as passagens aéreas foi calculado conforme \"MEMORIAL DE CÁLCULO - VIAGENS\""]
["3. O valor adotado para a diária é o valor praticado pela Codevasf, conforme \"Tabela de Diárias da Codevasf\", considerando: diária completa; demais localidades; e empregados de nível superior, médio e operacional."]
[]
["4. Os quantitativos foram estimados de acordo com a quantidae de pessoal lotada no campo, e baseadas na quantidade de viagens que a equipe da Codevasf utiliza."]
["5. Os valores previstos são o máximo que serão pagos pela Codevasf durante todo o período do contrato."]

{"sheet":"Materiais_Consumo","index":24,"n_rows":205,"n_cols":11,"rows_kept":205,"cut":false,"hidden":false,"merged":[[181,0,181,5],[183,2,183,6],[186,0,186,5],[189,0,189,5],[0,2,0,6],[1,2,1,6],[2,2,2,6],[4,0,5,6],[7,0,7,6],[122,0,122,5],[124,2,124,6],[9,1,10,1],[9,2,10,2],[9,3,10,3],[13,2,13,6],[67,0,67,5],[69,2,69,6],[9,4,10,4],[9,5,9,6],[9,0,10,0],[11,2,11,6],[206,0,206,6],[200,5,200,6],[201,5,201,6],[202,0,203,4],[202,5,202,6],[203,5,203,6],[205,0,205,6],[201,0,201,4],[204,0,204,6],[197,0,197,4],[197,5,197,6],[191,0,191,6],[192,2,192,4],[196,2,196,4],[196,5,196,6],[195,2,195,4],[195,5,195,6],[194,2,194,4],[194,5,194,6],[192,5,192,6],[193,2,193,4],[193,5,193,6]]}
[null,null,"Ministério do Desenvolvimento Regional  - MDR"]
[null,null,"Companhia de Desenvolvimento dos Vales do São Francisco e do Parnaíba"]
[null,null,"Gerência de Operação do PISF - Centro de Controle e Operação (AD / GOI / CCO)"]
[]
["TERMO DE REFERÊNCIA PARA CONTRATAÇÃO DOS RECURSOS NECESSÁRIOS À OPERAÇÃO E MANUTENÇÃO DAS INFRAESTRUTURAS DO EIXO LESTE DO PISF - PROJETO DE INTEGRAÇÃO DO SÃO FRANCISCO COM AS BACIAS HIDROGRÁFICAS DO NORDESTE SETENTRIONAL"]
[]
[]
["MATERIAL DE CONSUMO - ALMOXARIFADOS"]
[]
["ITEM","CÓDIGO","DESCRIÇÃO","UNIDADE","QUANTIDADE","VALOR (R$)"]
[{"$nulls":5},"UNITARIO","TOTAL"]
[null,null,"MATERIAL DE CONSUMO - ALMOXARIFADOS"]
[]
["1.",null,"MATERIAL DE CONSUMO - MECÂNICA"]
["1.1","04791 - SINAPI","Adesivo Acrílico / Cola de contato","un",480,39.85,19128,"at"]
["1.2","05318 - SINAPI","Água Raz - galão  5 l","un",112,114.5,12824,"at"]
["1.3","\t000312/SBC","Alcool Comum 90º GL","l",1200,8.69,10428]
["1.4",null,"Antiferrugem aerosol WD-40 - tubo de 300 ml","un",289,23.92,6912.88]
["1.5","Banco de preços (NºPregão:142022 / UASG:926687 - Serviço Autonomo de Agua e Esgoto de Volta Redonda SAAE VR RJ, Pregão Eletrônico, 04/2022)","Antiespumante – antiespumante a base de silicone","l",223,25,5575]
["1.6","43132 - SINAPI","Arame recozido n.º 18","kg",2400,27.6,66240,"at"]
["1.7","00122 - SINAPI","Cola de PVC com 850 g","un",144,60.78,8752.32,"at"]
["1.8","Banco de preços (DEPART.DE OBRAS E SERV.PUBLICOS\nPrefeitura Municipal de Ubiretama/RS, Dispensa por Limite - 01/2022)","Cola Ultra Gray 70g","un",144,46,6624]
["1.9","Banco de preços (PREFEITURA MUNICIPAL DE QUEIROZ, PREGÃO PRESENCIAL - 80/2021)","Cola para junta de motores com 73g","un",1200,11.1,13320]
["1.10","Banco de preços (FUNDO MUNICIPAL DE ASSISTÊNCIA SOCIAL\nPrefeitura Municipal de Hulha Negra/RS, Dispensa por Limite - 05/2022)","Convertedor de ferrugem 500 ml","un",445,33,14685]
["1.11","038200 - SINAPI","Corda de bombeiro 12mm em nylon trançado (rolo de 100,00m)","m",3200,7.26,23232,"at"]
["1.12","004221 - SINAPI","Diesel comum (l)","l",480,6.85,3288,"at"]
["1.13","044533 - SINAPI","Disco corte abrasivo 7\" x 1/8\" x 7/8\"","un",434,30.85,13388.9]
["1.14","044531 - SINAPI","Disco de corte diamantado - 7\", para esmerilhadeira, segmentado, para concreto","un",108,127.83,13805.64]
["1.15","044495 - SINAPI","Disco de corte para estrutura metálica 300 x 3,2 x 19,05 mm","un",434,32.67,14178.78]
["1.16","044533 - SINAPI","Disco de desbaste para estrutura metálica de 9\" x 1/4\" x 7/8\" ( 225 x 6,25 x 21,87 mm)","un",434,30.85,13388.9]
["1.17","010997 - SINAPI","Eletrodos Revestido AWS-E7018, DN 4 mm","kg",320,37.950000000000003,12144,"at"]
["1.18",null,"SOLDA-ELETRODO OK 4600 AWS 6013 6,0mm 1/4\"","kg",320,71.73,22953.599999999999]
["1.19","000012 - SINAPI","Escova de aço para remoção da graxa envelhecida dos cabos de aço","un",160,11.88,1900.8,"at"]
["1.20","000013 - SINAPI","Estopa - embalagem 20 kg","kg",294,18.29,5377.26,"at"]
["1.21","000404 - SINAPI","Fita auto fusão 19 mm x 10 m","un",194,23.8,4617.2,"at"]
["1.22","012815 - SINAPI","Fita crepe adesiva 25mm x 50mm ","un",194,8.86,1718.84,"at"]
["1.23","020111 - SINAPI","Fita isolante 19 mm x 20 m","un",194,17.5,3395,"at"]
["1.24",null,"Graxa a base de lítio NGLI 2","kg",478,48.12,23001.360000000001]
["1.25",null,"Graxa a base de lítio NGLI 3","kg",478,91.18,43584.04]
["1.26",null,"Graxa com dissulfeto de molibidênio (MoS2) - Lata 500 g","un",478,41.85,20004.3]
["1.27",null,"Graxa GMA - 2","kg",478,45.58,21787.24,"ok"]
["1.28",null,"Graxa de Alta Resistência a Carga, Pressão LGEP 2/1. Aplicação: Engrenagens de roda e engrenagens expostas","kg",478,115.41,55165.98]
["1.29",null,"Hidróxido de Cálcio P.A. 500 g","kg",600,32.67,19602]
["1.30",null,"Hipoclorito de Sódio 12% 5000 ml","kg",1200,6.75,8100]
["1.31","8216 - ORSE","Lâmina de serra para metal  Starret ou similar","un",667,10.5,7003.5,"at"]
["1.32",null,"Lençol de borracha manta 3/16” 4,8mm","m²",400,153.52000000000001,61408]
["1.33",null,"Líquido penetrante visível lavável à água (Ensaios de Líquido Penetrante)","un",98,37.36,3661.28]
["1.34","003767 - SINAPI","Lixa nº120","un",2400,0.74,1776,"at"]
["1.35",null,"Lona de borracha com alma 1,0 – 4,8 mm esp.","m",45,125.37,5641.65]
["1.36","003777 - SINAPI/PE","Lona plástica - 4 x 100 m - 12 kg","m²",3200,1.69,5408,"at"]
["1.37","037459 - SINAPI","Mangueira Cristal, Lisa PVC transparente, 3/4\" x 2 mm","m",1600,7.02,11232,"at"]
["1.38",null,"Mangueira FLG-62/1 0 - 150 PSI 1/4\" NPT","m",800,5.1100000000000003,4088]
["1.39","7696 - ORSE","Massa calafetar cinza-Durepox ou similiar","kg",334,26.37,8807.58,"at"]
["1.40",null,"Óleo - Translação pórtico e ponte e direção do carro - 20 l -  Óleo EP 220","l",334,44.27,14786.18]
["1.41",null,"Óleo Hidràulico para os componentes não protegido dos Servomotor Hidráulico - Óleo EP 320","l",334,42.63,14238.42]
["1.42",null,"Óleo Lubrificante Redutor - Óleo SAE 90","l",334,47.83,15975.22]
["1.43",null,"Óleo lubrificante, para engrenagem., EP-5, viscosidade (CSt) ( - 40ºC) = 22 - tambor 20 l","l",334,34.380000000000003,11482.92]
["1.44",null,"PAC – Policloreto de alumínio (5 l)","l",967,14.96,14466.32]
["1.45",null,"Papelão grafitado 1,50 m x 1,60 m Esp 2.4","un",30,491.4,14742,"ok"]
["1.46",null,"Pasta de Limpeza Uso Geral Limptek 500 gramas","kg",400,22.46,8984]
["1.47",null,"Querosene para limpeza ","l",240,20.03,4807.2]
["1.48",null,"Revelador não aquoso D70 (Ensaios de Líquido Penetrante)","un",98,35.659999999999997,3494.68]
["1.49",null,"Sílica Gel Branca - Pacote De 1kg - Grânulos De 4-8 Mm","kg",98,52.28,5123.4399999999996]
["1.50","039961 - SINAPI","Silicone (acético branca) - Tubo de 280g","un",480,27.5,13200,"at"]
["1.51",null,"Trava Parafusos de Alta Resistência 120 com 10g","un",192,19.559999999999999,3755.52]
["1.52","Banco de preços (FUNDO MUNICIPAL DE CULTURA\nSECRETARIA DE CULTURA E TURISMO\nPrefeitura Municipal de Leme/SP, Dispensa por Limite - 04/2022)","Vaselina sólida anti-inflamável 500g","kg",120,54.3,6516]
[]
["TOTAL - MATERIAL DE CONSUMO - MECÂNICA - (R$):",{"$nulls":5},729720.95]
[]
["2.",null,"MATERIAL DE CONSUMO - ELÉTRICA"]
["2.1","00181 - ORSE","Anilha Identificação - 0,5 a 6mm² (pacote com 100 unidades)","un",10,5,50,"at"]
["2.2","00181 - ORSE","Anilha Identificação - 10 a 16mm² (pacote com 100 unidades)","un",10,5,50,"at"]
["2.3","03875 - ORSE","Anilha Identificação - 25 a 70mm² (pacote com 100 unidades)","un",10,57,570,"at"]
["2.4","03875 - ORSE","Anilha Identificação - 95 a 120mm² (pacote com 100 unidades)","un",10,57,570,"at"]
["2.5","03531 - ORSE","Ar comprimido seco  Aerossol 300ml","un",100,44.97,4497,"at"]
["2.6","00993 - SINAPI","Cabo cobre flexível classe 4 ou 5 isolação PVC/A M 1,68 e cobertura PVC-ST1 antichama BWF-B 0,6/1 kV 1,5mm²","m",500,2.69,1345,"at"]
["2.7","01022 - SINAPI","Cabo cobre flexível classe 4 ou 5 isolação PVC/A M 1,68 e cobertura PVC-ST1 antichama BWF-B 0,6/1 kV 2,5mm²","m",1000,3.73,3730,"at"]
["2.8","01003 - SINAPI","Cabo cobre flexível classe 4 ou 5 isolação PVC/A M 1,68 e cobertura PVC-ST1 antichama BWF-B 0,6/1 kV 4mm²","m",1000,5.76,5760,"at"]
["2.9","00994 - SINAPI","Cabo cobre flexível classe 4 ou 5 isolação PVC/A M 1,68 e cobertura PVC-ST1 antichama BWF-B 0,6/1 kV 6mm²","m",1000,7.3,7300,"at"]
["2.10","01020 - SINAPI","Cabo cobre flexível classe 4 ou 5 isolação PVC/A M 1,68 e cobertura PVC-ST1 antichama BWF-B 0,6/1 kV 10mm²","m",500,11.7,5850,"at"]
["2.11","00995 - SINAPI","Cabo cobre flexível classe 4 ou 5 isolação PVC/A M 1,68 e cobertura PVC-ST1 antichama BWF-B 0,6/1 kV 16mm²","m",500,17.95,8975,"at"]
["2.12","00996 - SINAPI","Cabo cobre flexível classe 4 ou 5 isolação PVC/A M 1,68 e cobertura PVC-ST1 antichama BWF-B 0,6/1 kV 25mm²","m",500,27.33,13665,"at"]
["2.13","01019 - SINAPI","Cabo cobre flexível classe 4 ou 5 isolação PVC/A M 1,68 e cobertura PVC-ST1 antichama BWF-B 0,6/1 kV 35mm²","m",500,37.67,18835,"at"]
["2.14","01018 - SINAPI","Cabo cobre flexível classe 4 ou 5 isolação PVC/A M 1,68 e cobertura PVC-ST1 antichama BWF-B 0,6/1 kV 50mm²","m",500,53.69,26845,"at"]
["2.15","00977 - SINAPI","Cabo cobre flexível classe 4 ou 5 isolação PVC/A M 1,68 e cobertura PVC-ST1 antichama BWF-B 0,6/1 kV 70mm²","m",500,74.38,37190,"at"]
["2.16","00998 - SINAPI","Cabo cobre flexível classe 4 ou 5 isolação PVC/A M 1,68 e cobertura PVC-ST1 antichama BWF-B 0,6/1 kV 95mm²","m",200,98.81,19762,"at"]
["2.17","01017 - SINAPI","Cabo cobre flexível classe 4 ou 5 isolação PVC/A M 1,68 e cobertura PVC-ST1 antichama BWF-B 0,6/1 kV 120mm²","m",200,128.62,25724,"at"]
["2.18","00863 - SINAPI","Cabo de cobre nu, eletrolítico, têmpera meio duro, #35mm² (m)","m",200,38.409999999999997,7682,"at"]
["2.19","00867 - SINAPI","Cabo de cobre nu, eletrolítico, têmpera meio duro, #50mm² (m)","m",200,53.49,10698,"at"]
["2.20","00864 - SINAPI","Cabo de cobre nu, eletrolítico, têmpera meio duro, #70mm² (m)","m",200,75.36,15072,"at"]
["2.21","09720 - ORSE","Conector para haste aterramento #35mm² GTDU","un",25,54.5,1362.5,"at"]
["2.22","09720 - ORSE","Conector para haste aterramento #50mm² GTDU","un",20,54.5,1090,"at"]
["2.23","09720 - ORSE","Conector para haste aterramento #70mm² GTDU","un",20,54.5,1090,"at"]
["2.24","11602 - ORSE","Filtro de ventiladores de painéis","un",180,38.39,6910.2,"at"]
["2.25",null,"Filtro dos motores do eixo leste EBV6 (fabricante Aeroglass (670x280x25mm)","un",48,168,8064,"ok"]
["2.26",null,"Filtro dos motores do eixo leste EBV5 (fabricante Aeroglass (750x225x25mm)","un",48,161,7728,"ok"]
["2.27",null,"Filtro dos motores do eixo leste EBV1, 2, 3 e 4 (fabricante Aeroglass-modelo FMT_C2015 inox - 345x925x25mm)","un",64,230,14720,"ok"]
["2.28","02643 - ORSE","Fita isolante de borracha autofusão impermeável à prova dágua , até 69 kV (alta tensão)- 19mm x 10m","un",200,12.6,2520,"at"]
["2.29","020111 - SINAPI","Fita isolante adesiva antichama 19mm x 20m","un",280,17.5,4900,"at"]
["2.30","01118 - ORSE","Interruptor simples com 01 tecla","un",4,9.6,38.4,"at"]
["2.31","01119 - ORSE","Interruptor simples com 02 teclas","un",4,6.2,24.8,"at"]
["2.32","38070 - SINAPI","Interruptor tipo three-way (paralelos) com 02 teclas","un",4,18.02,72.08,"at"]
["2.33",null,"Limpador de contatos elétricos 300ml","un",84,13.19,1107.96]
["2.34",null,"Pano para limpeza (Rolo Tipo Perfex 20 cm x 300 metros)","un",50,141.16999999999999,7058.5]
["2.35","11443 - ORSE","Pincel - kit 03 pincéis 1/2\" 1\" 1.1/2\"","un",76,8.5500000000000007,649.79999999999995,"at"]
["2.36","Banco de preços (NºPregão:202022 / UASG:926430 - GOVERNO DO ESTADO DO AMAZONAS\nDEFENSORIA PUBLICA DO ESTADO DO AMAZONAS, Pregão Eletrônico - 05/2022)","Sabão líquido neutro (5 l)","un",54,16.72,902.88]
["2.37","02922 - ORSE","Solvente/Desengraxante de alta rigidez dielétrica  1l","un",36,25.38,913.68,"at"]
["2.38","12377 - ORSE*","Terminal isolado tipo agulha para condutores de 0,5 a 1,5mm² (pct c/ 100)","un",100,60,6000,"at"]
["2.39","12377 - ORSE*","Terminal isolado tipo agulha para condutores de 1,5 a 2,5 mm² (pct c/ 100)","un",100,60,6000,"at"]
["2.40","07948 - ORSE*","Terminal isolado tipo agulha para condutores de 4 a 6 mm² (pct c/ 100)","un",100,56.999999999999993,5700]
["2.41","04669 - ORSE","Terminal de compressão – 10mm²","un",200,1.1499999999999999,230,"at"]
["2.42","04670 - ORSE","Terminal de compressão – 16mm²","un",200,1.36,272,"at"]
["2.43","02676 - ORSE","Terminal de compressão – 25mm²","un",100,1.88,188,"at"]
["2.44","02677 - ORSE","Terminal de compressão – 35mm²","un",100,2.12,212,"at"]
["2.45","03559 - ORSE","Terminal de compressão – 50mm²","un",100,3.69,369,"at"]
["2.46","06911 - ORSE","Terminal de compressão – 70mm²","un",100,4.5999999999999996,460,"at"]
["2.47","03153 - ORSE","Terminal de compressão – 95mm²","un",50,5.66,283,"at"]
["2.48","04673 - ORSE","Terminal de compressão – 120mm²","un",50,7.96,398,"at"]
["2.49","01587 - SINAPI","Terminal de pressão – 35mm²","un",50,7.13,356.5,"at"]
["2.50","01588 - SINAPI","Terminal de pressão – 50mm²","un",40,9.7899999999999991,391.6,"at"]
["2.51","01589 - SINAPI","Terminal de pressão – 70mm²","un",40,10.09,403.6,"at"]
[]
["TOTAL - MATERIAL DE CONSUMO - ELÉTRICA - (R$):",{"$nulls":5},294586.5]
[]
["3.",null,"MATERIAL DE CONSUMO - CIVIL"]
["3.1","00034 - SINAPI","Aço D=10 mm CA 50","kg",1556,11.42,17769.52,"at"]
["3.2","00043055 - SINAPI","Aço D=12 mm CA 50","kg",1556,9.89,15388.84,"at"]
["3.3","00043059  - SINAPI","Aço D=5.0 mm CA 60","kg",1556,10.8,16804.8,"at"]
["3.4","00032 - SINAPI","Aço D=6.3 mm CA 50","kg",1556,12.04,18734.240000000002,"at"]
["3.5","00033 - SINAPI","Aço D=8.0 mm CA 50","kg",1556,12.11,18843.16,"at"]
["3.6","00340 - SINAPI","Arame farpado nº. 16 galvanizado Simples","m",2223,1.52,3378.96,"at"]
["3.7","43131 - SINAPI","Arame galvanizado 8BWG, d=4,19mm","kg",240,32.06,7694.4,"at"]
["3.8","43132 - SINAPI","Arame recozido n.º 18","kg",134,27.6,3698.4,"at"]
["3.9","00367 - SINAPI","Areia grossa comercial, posto em obra","m³",491.7405040000001,116.5,57287.77,"at"]
["3.10","00000134 - SINAPI","Argamassa para grauteamento ","kg",1112,2.04,2268.48,"at"]
["3.11","004729 - SINAPI","Pedra britada comercial (n.º 0 a 5)","m³",574.26389800000004,84.22,48364.51,"at"]
["3.12","04513 - SINAPI","Caibro de 5x5cm ","m",1334,7.29,9724.86,"at"]
["3.13","001106 - SINAPI","Cal hidratada","kg",92897,1.18,109618.46,"at"]
["3.14","001379 - SINAPI","Cimento CPII-32","kg",226100,0.6,135660,"at"]
["3.15","001358 - SINAPI","Compensado resinado 17mm","m²",96,55.12,5291.52,"at"]
["3.16","002692 - SINAPI","Desmoldante","l",86,8.34,717.24,"at"]
["3.17","020111 - SINAPI","Fita isolante adesiva antichama 19mm x 20m","un",16,17.5,280,"at"]
["3.18"," M2018 - SICRO3/PE","Gastalho 10x2,5cm","m",1334,4.8,6403.2]
["3.19","005076 - SINAPI","Grampo para cerca galvanizado 1 x 9","kg",96,25.69,2466.2399999999998,"at"]
["3.20","003681 - SINAPI","Junta de dilatação (O-22 ou similar)","m",268,109.82,29431.759999999998,"at"]
["3.21","014077 - SINAPI","Junta de dilatação - Perfil elastomerico pre-formado em epmd, para junta de dilatacao de pisos com pouca solicitacao, 15 mm de largura, movimentacao de 11 a 19 mm","m",268,168.36,45120.480000000003,"at"]
["3.22","38780 - SINAPI/PE","Lâmpada fluorescente compacta, branca 20 W, base E27 (127/220 V)","un",134,17.260000000000002,2312.84,"at"]
["3.23","038780 - SINAPI","Lâmpada fluorecente de 20W","un",134,17.260000000000002,2312.84,"at"]
["3.24","003751 - SINAPI","Lâmpada vapor mercúrio 400 W (base E40)","un",16,59.23,947.68,"at"]
["3.25","003767 - SINAPI","Lixa nº120","un",40,0.74,29.6,"at"]
["3.26","003777 - SINAPI","Lona plástica - 4 x 100m - 12kg","m²",2400,1.69,4056,"at"]
["3.27","025865 - SINAPI","Manta termoplástica PEAD, geomembrana lisa, e=2 mm","m²",9060.3486823923013,57.23,518523.76,"at"]
["3.28","004047 - SINAPI","Massa corrida - latão 18 l","un",23,54,1242,"at"]
["3.29","2866 - ORSE","Mastique elástico base silicone","l",1565.5751,159.63,249912.75]
["3.30","00036799  - SINAPI","Mourão de concreto reto para cercas","un",112,64.930000000000007,7272.16,"at"]
["3.31",null,"Perfil para fixação das geomembrana Barra de 6m ","m",134,154.88999999999999,20755.259999999998]
["3.32","11442 - ORSE","Pincel 1\"","un",89,4.9400000000000004,439.66,"at"]
["3.33","005075 - SINAPI","Prego 18x30","kg",214,25.43,5442.02,"at"]
["3.34","038390 - SINAPI","Rolo de lã de carneiro - 20cm ","un",89,34.82,3098.98,"at"]
["3.35","038393 - SINAPI","Rolo de espuma poliéster 23 cm com cabo","un",89,15.7,1397.3,"at"]
["3.36","012296 - SINAPI","Soquete de porcelana base E27, para uso ao tempo, para lâmpadas","un",16,3.97,63.52,"at"]
["3.37","00006194 - SINAPI","Tábua de madeira não aparelhada *2,5 X 15 CM (1 X 6 \") pinus, mista ou equivalente da região","m",223,7.89,1759.47,"at"]
["3.38","005318 - SINAPI*","Thinner/águarras - 5 l","un",9,114.5,1030.5,"at"]
["3.39","07258 - SINAPI","Tijolo comum (5,5x10x20) cm","un",10667,0.43,4586.8100000000004,"at"]
["3.40","00154 - SINAPI","Tinta Alcatrão de Hulha -  galão de 3,6 litros","l",9,88.01,792.09,"at"]
["3.41","02232/ORSE","Tinta Latex  PVA","l",221,15.14,3345.94,"at"]
["3.42","38386 - SINAPI","Trincha de 2 \"","un",89,5.08,452.12,"at"]
["3.43","38400 - SINAPI","Vassourão 40cm com cabo","un",110,19.149999999999999,2106.5,"at"]
["3.44","12001 - SINAPI","CAIXA OCTOGONAL DE FUNDO MOVEL, EM PVC, DE 4\" X 4\", PARA ELETRODUTO FLEXIVEL CORRUGADO","un",12,7.46,89.52,"at"]
["3.45","1872 - SINAPI","CAIXA DE PASSAGEM, EM PVC, DE 4\" X 2\", PARA ELETRODUTO FLEXIVEL CORRUGADO","un",96,2.88,276.48,"at"]
["3.46","2688 - SINAPI","ELETRODUTO PVC FLEXIVEL CORRUGADO, COR AMARELA, DE 25 MM","m",500,2.81,1405,"at"]
["3.47","7528 - SINAPI","TOMADA 2P+T 10A, 250V, CONJUNTO MONTADO PARA EMBUTIR 4\" X 2\" (PLACA + SUPORTE + MODULO)","un",96,9.9,950.4,"at"]
["3.48","38062 - SINAPI","INTERRUPTOR SIMPLES 10A, 250V, CONJUNTO MONTADO PARA EMBUTIR 4\" X 2\" (PLACA + SUPORTE + MODULO)","un",12,7.6,91.2,"at"]
["3.49","0000345 - SINAPI","ARAME GALVANIZADO 18 BWG, D = 1,24MM (0,009 KG/M)","Kg",6.2400000000000011,39.369999999999997,245.67,"at"]
["3.50","00003315 - SINAPI","GESSO EM PO PARA REVESTIMENTOS/MOLDURAS/SANCAS E USO GERAL","kg",248.70144000000002,0.7,174.09,"at"]
["3.51","00004812 - SINAPI","PLACA DE GESSO PARA FORRO, *60 X 60* CM, ESPESSURA DE 12 MM (SEM COLOCACAO)","m²",249.60000000000002,9.84,2456.06,"at"]
["3.52","00020250 - SINAPI","SISAL EM FIBRA","Kg",1.9468800000000002,11,21.42,"at"]
["3.53","00040547 - SINAPI","PARAFUSO ZINCADO, AUTOBROCANTE, FLANGEADO, 4,2 MM X 19 MM","Cento",7.6876800000000012,32.19,247.47,"at"]
["3.54","39484 - SINAPI","KIT PORTA PRONTA DE MADEIRA, FOLHA LEVE (NBR 15930) DE 800 X 2100 MM, DE 35 MM A 40 MM DE ESPESSURA, COM MARCO EM ACO, NUCLEO COLMEIA, CAPA LISA EM HDF, ACABAMENTO MELAMINICO BRANCO (INCLUI MARCO, ALIZARES, DOBRADICAS E FECHADURA)","un",12,431,5172,"at"]
["3.55","031443 - IOPES","JANELA DE CORRER EM ALUMINIO, 100 X 150 CM (A X L), 4 FLS, SEM BANDEIRA, ACABAMENTO ACET OU BRILHANTE, COM VIDRO, COM GUARNICAO PARA 1 FACE","m²",7.1999999999999993,530.15,3817.08]
[]
["TOTAL - MATERIAL DE CONSUMO - CIVIL - (R$):",{"$nulls":5},1401773.03]
[]
["4.",null,"MANUTENÇÃO DE CANTEIRO - ESCRITÓRIO",{"$nulls":6},12,6]
["4.1",null,"Taxa de manutenção de canteiros, incluindo despesas com material de expediente, material de limpeza, água, energia, comunicação, entre outras","un x mês",6,26575.01,159450.06,null,12,1,6]
[]
["TOTAL - MANUTENÇÃO DE CANTEIRO - ESCRITÓRIO - (R$):",{"$nulls":5},159450.06]
[]
[]
["TOTAL - MATERIAL DE CONSUMO - ALMOXARIFADOS - (R$):",{"$nulls":5},2585530.54]
[]
["RESUMO - MATERIAL DE CONSUMO - ALMOXARIFADOS"]
["ITEM",null,"DESCRIÇÃO",null,null,"VALOR TOTAL (R$)"]
[1,null,"MATERIAL DE CONSUMO - MECÂNICA",null,null,729720.95]
[2,null,"MATERIAL DE CONSUMO - ELÉTRICA",null,null,294586.5]
[3,null,"MATERIAL DE CONSUMO - CIVIL",null,null,1401773.03]
[4,null,"MANUTENÇÃO DE CANTEIRO - ESCRITÓRIO",null,null,159450.06]
["TOTAL GERAL - RESUMO - MATERIAL DE CONSUMO - ALMOXARIFADOS -  (R$):",{"$nulls":4},2585530.54,null,0.5772335700978084]
[]
[]
["NOME DO INFORMANTE:",{"$nulls":4},"QUALIFICAÇÃO:"]
[]
["ASSINATURA:",{"$nulls":4},"DATA:"]
[]
["OBSERVAÇÃO:"]

{"sheet":"Veiculos","index":25,"n_rows":34,"n_cols":9,"rows_kept":34,"cut":false,"hidden":false,"merged":[[11,2,11,6],[26,0,26,4],[27,0,27,4],[33,0,33,6],[9,1,10,1],[32,0,32,6],[9,0,10,0],[9,2,10,2],[9,3,10,3],[9,4,10,4],[9,5,9,6],[29,5,29,6],[34,0,34,6],[17,0,17,5],[20,0,20,6],[21,2,21,4],[21,5,21,6],[22,2,22,4],[30,0,30,6],[31,0,31,6],[22,5,22,6],[23,0,23,4],[23,5,23,6],[28,0,28,4],[29,0,29,4],[26,5,26,6],[27,5,27,6],[28,5,28,6],[0,2,0,6],[1,2,1,6],[2,2,2,6],[4,0,5,6],[7,0,7,6]]}
[null,null,"Ministério do Desenvolvimento Regional  - MDR"]
[null,null,"Companhia de Desenvolvimento dos Vales do São Francisco e do Parnaíba"]
[null,null,"Gerência de Operação do PISF - Centro de Controle e Operação (AD / GOI / CCO)"]
[]
["TERMO DE REFERÊNCIA PARA CONTRATAÇÃO DOS RECURSOS NECESSÁRIOS À OPERAÇÃO E MANUTENÇÃO DAS INFRAESTRUTURAS DO EIXO LESTE DO PISF - PROJETO DE INTEGRAÇÃO DO SÃO FRANCISCO COM AS BACIAS HIDROGRÁFICAS DO NORDESTE SETENTRIONAL"]
[]
[]
["VEÍCULOS AUTOMOTORES"]
[]
["ITEM","CÓDIGO","DESCRIÇÃO","UNIDADE","QUANTIDADE","VALOR (R$)"]
[{"$nulls":5},"UNITARIO","TOTAL"]
["1.",null,"VEÍCULOS AUTOMOTORES"]
["1.1","B3","TIPO HATCH 1.6 FLEX (110 CV)","un x mês",90,4471.8906666666662,402470.16,15,"at"]
["1.2","B4","TIPO SEDAN 1.6 FLEX (115CV)","un x mês",6,4471.8906666666662,26831.34,1,"at"]
["1.3","B11","Veículo Tipo Pick Up Cabine Dupla 4 x 4 (163 CV)","un x mês",114,7404.485333333334,844111.33,19,"at"]
["1.4","B8","Veículo - Tipo Ônibus - 45 assentos (218 CV) - COM MOTORISTA","un x mês",18,19830.69463111111,356952.5,3,"at"]
["1.5","B1","NXR BROS 160","un x mês",18,3128.5925925925926,56314.67,3,"at"]
["TOTAL - VEÍCULOS AUTOMOTORES - (R$):",{"$nulls":5},1686680]
[]
[]
["RESUMO - VEÍCULOS AUTOMOTORES"]
["ITEM",null,"DESCRIÇÃO",null,null,"VALOR TOTAL (R$)"]
[1,null,"VEÍCULOS AUTOMOTORES",null,null,1686680]
["TOTAL GERAL - RESUMO - VEÍCULOS AUTOMOTORES - (R$):",{"$nulls":4},1686680]
[]
[]
["NOME DO INFORMANTE:",{"$nulls":4},"QUALIFICAÇÃO:"]
[]
["ASSINATURA:",{"$nulls":4},"DATA:"]
[]
["OBSERVAÇÃO:"]
[]
["1. Despesas incluem manutenção, combustível, óleos, lubrificantes, pneus, etc."]
["2. Quilometragem adotada: 3.000 km/mês"]

{"sheet":"Mem_Calculo_VEICULOS","index":26,"n_rows":114,"n_cols":48,"rows_kept":114,"cut":false,"hidden":false,"merged":[[100,2,100,5],[103,0,103,3],[92,2,92,5],[87,2,87,5],[98,0,98,3],[79,0,79,3],[81,2,81,5],[113,0,113,5],[114,0,114,5],[36,0,36,3],[41,0,41,3],[46,0,46,3],[51,0,51,3],[109,0,109,3],[109,4,109,5],[110,0,110,5],[111,0,111,5],[112,0,112,5],[106,0,106,3],[106,4,106,5],[107,0,107,3],[107,4,107,5],[108,0,108,3],[10,1,11,1],[108,4,108,5],[31,0,32,0],[10,0,11,0],[10,2,11,2],[10,3,10,4],[10,5,11,5],[31,4,31,5],[31,3,32,3],[31,2,32,2],[84,0,84,3],[90,0,90,3],[63,2,63,5],[69,2,69,5],[76,2,76,5],[38,2,38,5],[7,0,7,5],[4,0,5,5],[0,2,0,5],[1,2,1,5],[2,2,2,5],[61,0,61,3],[67,0,67,3],[74,0,74,3],[28,0,28,5],[12,2,12,5],[15,2,15,5],[19,2,19,5],[31,1,32,1],[23,2,23,5],[33,2,33,5],[43,2,43,5],[48,2,48,5],[53,2,53,5],[58,2,58,5],[56,0,56,3]]}
[null,null,"Ministério do Desenvolvimento Regional  - MDR"]
[null,null,"Companhia de Desenvolvimento dos Vales do São Francisco e do Parnaíba"]
[null,null,"Gerência de Operação do PISF - Centro de Controle e Operação (AD / GOI / CCO)"]
[]
["TERMO DE REFERÊNCIA PARA CONTRATAÇÃO DOS RECURSOS NECESSÁRIOS À OPERAÇÃO E MANUTENÇÃO DAS INFRAESTRUTURAS DO EIXO LESTE DO PISF - PROJETO DE INTEGRAÇÃO DO SÃO FRANCISCO COM AS BACIAS HIDROGRÁFICAS DO NORDESTE SETENTRIONAL"]
[]
[]
["TABELA DE VEÍCULOS "]
[]
[]
["ITEM","CÓDIGO","DESCRIÇÃO","CUSTO MENSAL (R$)",null,"OBSERVAÇÕES"]
[null,null,null,"S/ MOTORISTA","C/ MOTORISTA"]
["1.",null,"VEÍCULOS LEVES"]
["1.1","B1","NXR BROS 160",3128.5925925925926]
[]
["2.",null,"VEÍCULOS LEVES"]
["2.1","B3","TIPO HATCH 1.6 FLEX (110 CV)",4471.8906666666662]
["2.2","B4","TIPO SEDAN 1.6 FLEX (115CV)",4471.8906666666662]
[]
["3.",null,"VEÍCULOS LEVES"]
["3.2","B6","TIPO UTILITÁRIO (VAN 16 LUG) (129 CV)",null,9462.3674224959796]
["3.4","B8","TIPO ÔNIBUS (45 LUG) (218 CV)",null,19830.69463111111]
[]
["4.",null,"VEÍCULOS LEVES"]
["4.3","B11","Veículo Tipo Pick Up Cabine Dupla 4 x 4 (163 CV)",7404.485333333334]
[]
[]
[]
["MEMORIAL DE CÁLCULO - VEÍCULOS (Quantidade / Local)"]
[]
[]
["ITEM","CLASSE","DESCRIÇÃO","PRAZO\n(mês)","QUANTIDADE"]
[{"$nulls":4},"UNITÁRIA\n(mês)","TOTAL\n(un x mês)"]
["1.",null,"COORDENAÇÃO GERAL",{"$nulls":42},12,null,6]
["1.1",null,"Veículo Tipo Pick Up Cabine Dupla 4 x 4 (163 CV)",6,1,6,{"$nulls":37},12,null,1,null,6]
[]
["TOTAL DE VEÍCULOS - COORDENAÇÃO GERAL:",null,null,null,1,6]
[]
["2.",null,"COORDENAÇÃO DA OPERAÇÃO"]
["2.1",null,"Veículo Tipo Pick Up Cabine Dupla 4 x 4 (163 CV)",6,1,6,{"$nulls":37},12,null,1,null,6]
[]
["TOTAL DE VEÍCULOS - COORDENAÇÃO DA OPERAÇÃO:",null,null,null,1,6]
[]
["3.",null,"COORDENAÇÃO DA MANUTENÇÃO"]
["3.1",null,"Veículo Tipo Pick Up Cabine Dupla 4 x 4 (163 CV)",6,1,6,{"$nulls":37},12,null,1,null,6]
[]
["TOTAL DE VEÍCULOS - COORDENAÇÃO DA MANUTENÇÃO:",null,null,null,1,6]
[]
["4.",null,"COORDENAÇÃO ADMINISTRAÇÃO E LOGÍSTICA"]
["4.1",null,"TIPO HATCH 1.6 FLEX (110 CV)",6,1,6,{"$nulls":37},12,null,1,null,6]
[]
["TOTAL DE VEÍCULOS - COORDENAÇÃO ADMINISTRAÇÃO E LOGÍSTICA:",null,null,null,1,6]
[]
["5.",null,"SEGURANÇA E MEDICINA DO TRABALHO"]
["5.1",null,"TIPO HATCH 1.6 FLEX (110 CV)",6,1,6,{"$nulls":37},12,null,1,null,6]
[]
["TOTAL DE VEÍCULOS - SEGURANÇA E MEDICINA DO TRABALHO:",null,null,null,1,6]
[]
["6.",null,"PLANEJAMENTO E CONTROLE DA OPERAÇÃO"]
["6.1",null,"Veículo Tipo Pick Up Cabine Dupla 4 x 4 (163 CV)",6,1,6,{"$nulls":37},12,null,1,null,6]
[]
["TOTAL DE VEÍCULOS - PLANEJAMENTO E CONTROLE DA OPERAÇÃO:",null,null,null,1,6]
[]
["7.",null,"PLANEJAMENTO E CONTROLE DA MANUTENÇÃO"]
["7.1",null,"Veículo Tipo Pick Up Cabine Dupla 4 x 4 (163 CV)",6,3,18,{"$nulls":37},12,null,1,null,6]
["7.2",null,"TIPO HATCH 1.6 FLEX (110 CV)",6,1,6,{"$nulls":37},12,null,1,null,6]
[]
["TOTAL DE VEÍCULOS - PLANEJAMENTO E CONTROLE DA MANUTENÇÃO:",null,null,null,4,24]
[]
["8.",null,"OPERAÇÃO"]
["8.1",null,"NXR BROS 160",6,3,18,{"$nulls":37},12,null,1,null,6]
["8.2",null,"Veículo Tipo Pick Up Cabine Dupla 4 x 4 (163 CV)",6,2,12,{"$nulls":37},12,null,1,null,6]
["8.3",null,"TIPO HATCH 1.6 FLEX (110 CV)",6,5,30,{"$nulls":37},12,null,1,null,6]
[]
["TOTAL DE VEÍCULOS - OPERAÇÃO:",null,null,null,10,60]
[]
["9.",null,"MANUTENÇÃO - MECÂNICA"]
["9.1",null,"TIPO HATCH 1.6 FLEX (110 CV)",6,2,12,{"$nulls":37},12,null,1,null,6]
[]
["TOTAL DE VEÍCULOS - MANUTENÇÃO - MECÂNICA:",null,null,null,2,12]
[]
["10.",null,"MANUTENÇÃO - EQUIPAMENTOS E SISTEMAS ELÉTRICOS"]
["10.1",null,"TIPO HATCH 1.6 FLEX (110 CV)",6,2,12,{"$nulls":37},12,null,1,null,6]
[]
["TOTAL DE VEÍCULOS - MANUTENÇÃO - EQUIPAMENTOS E SISTEMAS ELÉTRICOS:",null,null,null,2,12]
[]
[]
["11.",null,"MANUTENÇÃO TELECOM / SDSC"]
["11.1",null,"TIPO HATCH 1.6 FLEX (110 CV)",6,1,6,{"$nulls":37},12,null,1,null,6]
[]
["TOTAL DE VEÍCULOS - MANUTENÇÃO TELECOM:",null,null,null,1,6]
[]
["12.",null,"MANUTENÇÃO - CIVIL",{"$nulls":16},"MANUTENÇÃO - CIVIL - SUBESTAÇÃO, LINHA DE TRANSMISSÃO E LINHA DE DISTRIBUIÇÃO"]
["12.1",null,"Veículo Tipo Pick Up Cabine Dupla 4 x 4 (163 CV)",6,2,12,{"$nulls":13},"Veículo Tipo Pick Up Cabine Dupla 4 x 4 (163 CV)",null,12,null,1,null,12,{"$nulls":17},12,null,1,null,6]
["12.2",null,"Veículo - Tipo Ônibus - 45 assentos (218 CV) - COM MOTORISTA",6,3,18,{"$nulls":13},"Veículo Utilitário - Tipo Van - 16 assentos (129 CV) - COM MOTORISTA",null,12,null,1,null,12,{"$nulls":17},12,null,1,null,6]
["12.3",null,"TIPO SEDAN 1.6 FLEX (115CV)",6,1,6,{"$nulls":37},12,null,1,null,6]
["12.4",null,"TIPO HATCH 1.6 FLEX (110 CV)",6,2,12,{"$nulls":37},12,null,1,null,6]
[{"$nulls":23},2,null,24]
["TOTAL DE VEÍCULOS - MANUTENÇÃO - CIVIL:",null,null,null,8,48]
[]
[13,null,"EQUIPE DE SUPERVISÃO / FISCALIZAÇÃO"]
["13.1",null,"Veículo Tipo Pick Up Cabine Dupla 4 x 4 (163 CV)",6,8,48,{"$nulls":37},12,null,1,null,6]
[]
["TOTAL DE VEÍCULOS - EQUIPE DE SUPERVISÃO:",null,null,null,8,48]
[]
[]
["NOME DO INFORMANTE:",null,null,null,"QUALIFICAÇÃO:"]
[]
["ASSINATURA:",null,null,null,"DATA:"]
[]
["OBSERVAÇÃO:"]
[]
["1. Despesas incluem manutenção, combustível, óleos, lubrificantes, pneus, etc."]
["2. Quilometragem adotada: 3.000 km/mês"]

{"sheet":"CPU_VEÍCULOS","index":27,"n_rows":145,"n_cols":11,"rows_kept":145,"cut":false,"hidden":false,"merged":[[116,0,116,1],[121,0,121,1],[1,0,1,6],[38,0,38,6],[71,0,71,6],[101,0,101,6]]}
[]
["COMPOSIÇÕES MENSAIS DE VEÍCULOS:"]
["CÓD.","DESCRICAO DA COMPOSICAO","UND","COEF.","P. UNIT.","CUSTO T.","% item"]
["AJUST.1","VEÍCULO CAMINHONETE DIESEL POT. MÍNIMA 180CV, CABINE DUPLA, 4x4, CHP e CHI AJUSTADAS S/MOTORISTA","H",1,42.070939393939398,42.070939393939398]
["SINAPI - 92138","CAMINHONETE COM MOTOR A DIESEL, POTÊNCIA 180 CV, CABINE DUPLA, 4X4 - CHP. AF_11/2015","CHP",0.45,74.778754208754222,33.650439393939401]
[" SINAPI - 92139","CAMINHONETE COM MOTOR A DIESEL, POTÊNCIA 180 CV, CABINE DUPLA, 4X4 - CHI. AF_11/2015","CHI",0.55000000000000004,15.31,8.4205000000000005]
[null,"CUSTO MENSAL (referência média 176 horas, sendo 45% CHP e 55% CHI)","MÊS",176,42.070939393939398,7404.485333333334]
["CÓD.","DESCRICAO DA COMPOSICAO","UND","COEF.","P. UNIT.","CUSTO T.","% item"]
["AJUST.2","VEÍCULO PICAPE 1.6 FLEX MANUAL POT. MÍN. 101CV SIMILAR P/ VEÍCULOS TIPO SEDAN 4 PORTAS S/MOTORISTA","H",1,25.408469696969696,25.408469696969696]
[" SINAPI - 92145","CAMINHONETE SIMPLES MOTOR 1.6 FLEX, MANUAL, POT. 101/104 CV, 2 PORTAS - CHP. AF_11/2015","CHP",0.35,62.195627705627707,21.768469696969696]
[" SINAPI - 92146","CAMINHONETE SIMPLES MOTOR 1.6 FLEX, MANUAL, POT. 101/104 CV, 2 PORTAS - CHI. AF_11/2015","CHI",0.65,5.6000000000000005,3.6400000000000006]
[null,"CUSTO MENSAL (referência média 176 horas, sendo 35% CHP e 65% CHI)","MÊS",176,25.408469696969696,4471.8906666666662]
[]
["AJUST.2","VEÍCULO PICAPE 1.6 FLEX MANUAL POT. MÍN. 101CV SIMILAR P/ VEÍCULOS TIPO HATCH 4 PORTAS S/MOTORISTA","H",1,25.408469696969696,25.408469696969696]
[" SINAPI - 92145","CAMINHONETE SIMPLES MOTOR 1.6 FLEX, MANUAL, POT. 101/104 CV, 2 PORTAS - CHP. AF_11/2015","CHP",0.35,62.195627705627707,21.768469696969696]
[" SINAPI - 92146","CAMINHONETE SIMPLES MOTOR 1.6 FLEX, MANUAL, POT. 101/104 CV, 2 PORTAS - CHI. AF_11/2015","CHI",0.65,5.6000000000000005,3.6400000000000006]
[null,"CUSTO MENSAL (referência média 176 horas, sendo 35% CHP e 65% CHI)","MÊS",176,25.408469696969696,4471.8906666666662]
[]
[]
["SICRO - E9125","Veículo tipo van furgão com capacidade de 1,54 t - 93 kW","UND","COEF.","P. UNIT.","CUSTO T.","% item"]
[null,null,"CHP",0.35,71.458699999999993,25.010544999999997]
[null,null,"CHI",0.65,39.313899999999997,25.554034999999999]
[null,"PICK-UP DIESEL REPOSIÇÃO DE PNEUS R16 COM BASE NA UTILIZAÇÃO NO O&M PISF (1jg./ano)","H",1.6920306686525473E-5,189055.1586,3.1988712641817139]
[null,null,"MÊS",176,53.763451264181704,9462.3674224959796]
[]
["SICRO - E9134","Miniônibus com capacidade para 30 passageiros - 111 kW","UND","COEF.","P. UNIT.","CUSTO T.","% item"]
[null,null,"CHP",0.35,192.8621,67.501734999999996]
[null,null,"CHI",0.65,59.783900000000003,38.859535000000001]
[null,null,"H",1.3456825814702839E-5,469139.70649999997,6.3131313131313131]
[null,null,"MÊS",176,112.6744013131313,19830.69463111111]
[]
["COTAÇÃO","NXR BROS 160","UND","COEF.","P. UNIT.","CUSTO T.","% item"]
["COTAÇÃO","Locação","MÊS",1,1950,1950]
["4222 / SINAPI","Gasolina (Considerando quilometrametragem rodada do CHP-diesel supracitado - 4500 km/mês.Consumo de 30 km/L. ","L",150,7.24,1086]
[null,"NXR 160 BROS  REPOSIÇÃO DE PNEUS ARO 17 COM BASE NA UTILIZAÇÃO NO O&M PISF (1jg./ano)","MÊS",176,0.52609427609427606,92.592592592592581]
[null,null,"MÊS",1,3128.5925925925926,3128.5925925925926]
[]
[]
["DESCRIÇÃO DAS COMPOSIÇÕES:"]
[]
["CÓD.","DESCRICAO DA COMPOSICAO","UND","COEF.","P. UNIT.","CUSTO T.","% item"]
[null,"VEÍCULO CAMINHONETE DIESEL POTÊNCIA MÍNIMA 180CV, CABINE DUPLA, 4x4, CHP e CHI AJUSTADAS SEM MOTORISTA"]
[92138,"CAMINHONETE COM MOTOR A DIESEL, POTÊNCIA 180 CV, CABINE DUPLA, 4X4 - CHP. AF_11/2015","CHP",1,74.778754208754222,74.778754208754222,1,null,67.858754208754206]
["88284","MOTORISTA DE VEIÍCULO LEVE COM ENCARGOS COMPLEMENTARES","H",0,"30,06",0,0]
["92133","CAMINHONETE COM MOTOR A DIESEL, POTÊNCIA 180 CV, CABINE DUPLA, 4X4 - DEPRECIAÇÃO. AF_11/2015","H",1,11.93,11.93,0.15953729272750275]
["92134","CAMINHONETE COM MOTOR A DIESEL, POTÊNCIA 180 CV, CABINE DUPLA, 4X4 - JUROS. AF_11/2015","H",1,1.89,1.89,2.527455852933614E-2]
["92135","CAMINHONETE COM MOTOR A DIESEL, POTÊNCIA 180 CV, CABINE DUPLA, 4X4 - IMPOSTOS E SEGUROS. AF_11/2015","H",1,1.49,1.49,1.9925445613074525E-2]
["92136","CAMINHONETE COM MOTOR A DIESEL, POTÊNCIA 180 CV, CABINE DUPLA, 4X4 - MANUTENÇÃO. AF_11/2015","H",1,14.92,14.92,0.19952191177655834]
["92137","CAMINHONETE COM MOTOR A DIESEL, POTÊNCIA 180 CV, CABINE DUPLA, 4X4 - MATERIAIS NA OPERAÇÃO. AF_11/2015","H",1,40.340000000000003,40.340000000000003,0.53945803760498412]
["a1.pneus","PICK-UP DIESEL REPOSIÇÃO DE PNEUS R16 COM BASE NA UTILIZAÇÃO NO O&M PISF (1 jogo/ano = 4 pneus)","H",1,4.2087542087542094,4.2087542087542094,5.6282753748543961E-2]
["a2.comb.","PICK-UP DIESEL, POT. 180 CV, CD, 4x4 - COMBUSTÍVEL ADICIONAL COM BASE NA UTILIZAÇÃO NO O&M PISF","H",1,0,0,0]
["92139","CAMINHONETE COM MOTOR A DIESEL, POTÊNCIA 180 CV, CABINE DUPLA, 4X4 - CHI. AF_11/2015","CHI",1,15.31,15.31,1]
["88284","MOTORISTA DE VEIÍCULO LEVE COM ENCARGOS COMPLEMENTARES","H",0,30.06,0,0]
["92133","CAMINHONETE COM MOTOR A DIESEL, POTÊNCIA 180 CV, CABINE DUPLA, 4X4 - DEPRECIAÇÃO. AF_11/2015","H",1,11.93,11.93,0.7792292619203135]
["92134","CAMINHONETE COM MOTOR A DIESEL, POTÊNCIA 180 CV, CABINE DUPLA, 4X4 - JUROS. AF_11/2015","H",1,1.89,1.89,0.12344872632266492]
["92135","CAMINHONETE COM MOTOR A DIESEL, POTÊNCIA 180 CV, CABINE DUPLA, 4X4 - IMPOSTOS E SEGUROS. AF_11/2015","H",1,1.49,1.49,9.7322011757021556E-2]
[null,"VEÍCULO PICAPE SIMPLES MOTOR 1.6 FLEX MANUAL POTÊNCIA MÍNIMA 101 CV SIMILAR PARA VEÍCULOS TIPO GOL 4 PORTAS FLEX SEM MOTORISTA"]
["92145","CAMINHONETE SIMPLES MOTOR 1.6 FLEX, MANUAL, POT. 101/104 CV, 2 PORTAS - CHP. AF_11/2015","CHP",1,62.195627705627707,62.195627705627707,1,55.595627705627706]
["88284","MOTORISTA DE VEIÍCULO LEVE COM ENCARGOS COMPLEMENTARES","H",0,30.06,0,0]
["92140","PICAPE SIMPLES MOTOR 1.6 FLEX, MANUAL, POTÊNCIA 101/104 CV - DEPRECIAÇÃO. AF_11/2015","H",1,4.37,4.37,7.0262173744483084E-2]
["92141","PICAPE SIMPLES MOTOR 1.6 FLEX, MANUAL, POTÊNCIA 101/104 CV - JUROS. AF_11/2015","H",1,0.69,0.69,1.1094027433339435E-2]
["92142","PICAPE SIMPLES MOTOR 1.6 FLEX, MANUAL, POTÊNCIA 101/104 CV - IMPOSTOS E SEGUROS. AF_11/2015","H",1,0.54,0.54,8.6822823391352107E-3]
["92143","PICAPE SIMPLES MOTOR 1.6 FLEX, MANUAL, POTÊNCIA 101/104 CV - MANUTENÇÃO. AF_11/2015","H",1,5.46,5.46,8.7787521429033788E-2]
["92144","PICAPE SIMPLES MOTOR 1.6 FLEX, MANUAL, POTÊNCIA 101/104 CV - MATERIAIS NA OPERAÇÃO. AF_11/2015","H",1,48.43,48.43,0.77867209941540405]
["a3.pneus","VEÍCULO FLEX  REPOSIÇÃO DE PNEUS R14 COM BASE NA UTILIZAÇÃO NO O&M PISF (1 jogo/ano = 4 pneus)","H",1,2.7056277056277063,2.7056277056277063,4.3501895638604356E-2]
["a4.comb.","VEÍCULO FLEX COMBUSTÍVEL ADICIONAL COM BASE NA UTILIZAÇÃO NO O&M PISF","H",1,0,0,0]
["92146","CAMINHONETE SIMPLES MOTOR 1.6 FLEX, MANUAL, POT. 101/104 CV, 2 PORTAS - CHI. AF_11/2015","CHI",1,5.6000000000000005,5.6000000000000005,1]
["88284","MOTORISTA DE VEIÍCULO LEVE COM ENCARGOS COMPLEMENTARES","H",0,30.06,0,0]
["92140","PICAPE SIMPLES MOTOR 1.6 FLEX, MANUAL, POTÊNCIA 101/104 CV - DEPRECIAÇÃO. AF_11/2015","H",1,4.37,4.37,0.78035714285714275]
["92141","PICAPE SIMPLES MOTOR 1.6 FLEX, MANUAL, POTÊNCIA 101/104 CV - JUROS. AF_11/2015","H",1,0.69,0.69,0.12321428571428569]
["92142","PICAPE SIMPLES MOTOR 1.6 FLEX, MANUAL, POTÊNCIA 101/104 CV - IMPOSTOS E SEGUROS. AF_11/2015","H",1,0.54,0.54,9.6428571428571419E-2]
["SUB-COMPOSIÇÕES"]
["CÓD.","DESCRICAO DA COMPOSICAO","UND","COEF.","P. UNIT.","CUSTO T.","% item"]
["92133","CAMINHONETE MOTOR DIESEL, POTÊNCIA 180 CV, CABINE DUPLA, 4X4 - DEPRECIAÇÃO. AF_11/2015",null,"","",""]
[null,"CAMINHONETE MOTOR DIESEL, POTÊNCIA 180 CV, CABINE DUPLA, 4X4 - DEPRECIAÇÃO. AF_11/2015","H",4.8000000000000001E-5,248739.83,11.93]
["92134","CAMINHONETE MOTOR DIESEL, POTÊNCIA 180 CV, CABINE DUPLA, 4X4 - JUROS. AF_11/2015",null,"","",""]
[null,"CAMINHONETE MOTOR DIESEL, POTÊNCIA 180 CV, CABINE DUPLA, 4X4 - JUROS. AF_11/2015","H",7.6000000000000001E-6,248739.83,1.89]
["92135","CAMINHONETE MOTOR DIESEL, POTÊNCIA 180 CV, CABINE DUPLA, 4X4 - IMPOSTOS E SEGUROS. AF_11/2015",null,"","",""]
[null,"CAMINHONETE MOTOR DIESEL, POTÊNCIA 180 CV, CABINE DUPLA, 4X4 - IMPOSTOS E SEGUROS. AF_11/2015","H",6.0000000000000002E-6,248739.83,1.49]
["92136","CAMINHONETE MOTOR DIESEL, POTÊNCIA 180 CV, CABINE DUPLA, 4X4 - MANUTENÇÃO. AF_11/2015",null,"","",""]
[null,"CAMINHONETE MOTOR DIESEL, POTÊNCIA 180 CV, CABINE DUPLA, 4X4 - MANUTENÇÃO. AF_11/2015","H",6.0000000000000002E-5,248739.83,14.92]
["92137","CAMINHONETE MOTOR DIESEL, POTÊNCIA 180 CV, CABINE DUPLA, 4X4 - MATERIAIS NA OPERAÇÃO. AF_11/2015",null,"","",""]
[null,"CAMINHONETE MOTOR DIESEL, POTÊNCIA 180 CV, CABINE DUPLA, 4X4 - MATERIAIS NA OPERAÇÃO. AF_11/2015","H",5.89,6.85,40.340000000000003]
["a1.pneus","PICK-UP DIESEL REPOSIÇÃO DE PNEUS R16 COM BASE NA UTILIZAÇÃO NO O&M PISF (1jg./ano)",null,"","",""]
[null,"PICK-UP DIESEL, POT. 180 CV, CD, 4x4 - REPOSIÇÃO DE PNEUS COM BASE NA UTILIZAÇÃO NO O&M PISF (1jg./ano)","H",1.6920306686525473E-5,248739.83,4.2087542087542094]
["a2.comb.","PICK-UP DIESEL, POT. 180 CV, CD, 4x4 - COMBUSTÍVEL ADICIONAL COM BASE NA UTILIZAÇÃO NO O&M PISF",null,"","",""]
[null,"PICK-UP DIESEL, POT. 180 CV, CD, 4x4 - COMBUSTÍVEL ADICIONAL COM BASE NA UTILIZAÇÃO NO O&M PISF","L/H",0,5.28,0]
["92140","PICAPE SIMPLES MOTOR 1.6 FLEX, MANUAL, POTÊNCIA 101/104 CV - DEPRECIAÇÃO. AF_11/2015","H","","",""]
[null,"PICAPE SIMPLES MOTOR 1.6 FLEX, MANUAL, POTÊNCIA 101/104 CV - DEPRECIAÇÃO. AF_11/2015","H",4.8000000000000001E-5,91142,4.37]
["92141","PICAPE SIMPLES MOTOR 1.6 FLEX, MANUAL, POTÊNCIA 101/104 CV - JUROS. AF_11/2015","H","","",""]
[null,"PICAPE SIMPLES MOTOR 1.6 FLEX, MANUAL, POTÊNCIA 101/104 CV - JUROS. AF_11/2015","H",7.6000000000000001E-6,91142,0.69]
["92142","PICAPE SIMPLES MOTOR 1.6 FLEX, MANUAL, POTÊNCIA 101/104 CV - IMPOSTOS E SEGUROS. AF_11/2015","H","","",""]
[null,"PICAPE SIMPLES MOTOR 1.6 FLEX, MANUAL, POTÊNCIA 101/104 CV - IMPOSTOS E SEGUROS. AF_11/2015","H",6.0000000000000002E-6,91142,0.54]
["92143","PICAPE SIMPLES MOTOR 1.6 FLEX, MANUAL, POTÊNCIA 101/104 CV - MANUTENÇÃO. AF_11/2015","H","","",""]
[null,"PICAPE SIMPLES MOTOR 1.6 FLEX, MANUAL, POTÊNCIA 101/104 CV - MANUTENÇÃO. AF_11/2015","H",6.0000000000000002E-5,91142,5.46]
["92144","PICAPE SIMPLES MOTOR 1.6 FLEX, MANUAL, POTÊNCIA 101/104 CV - MATERIAIS NA OPERAÇÃO. AF_11/2015","H","","",""]
[null,"PICAPE SIMPLES MOTOR 1.6 FLEX, MANUAL, POTÊNCIA 101/104 CV - MATERIAIS NA OPERAÇÃO. AF_11/2015","H",6.69,7.24,48.43,""]
["a3.pneus","VEÍCULO FLEX  REPOSIÇÃO DE PNEUS R14 COM BASE NA UTILIZAÇÃO NO O&M PISF (1jg./ano)",null,"","",""]
[null,"VEÍCULO FLEX  REPOSIÇÃO DE PNEUS R14 COM BASE NA UTILIZAÇÃO NO O&M PISF (1jg./ano)","H",2.9685849615190648E-5,91142,2.7056277056277063,2000.0000000000002]
["a4.comb.","VEÍCULO FLEX COMBUSTÍVEL ADICIONAL COM BASE NA UTILIZAÇÃO NO O&M PISF",null,"","",""]
[null,"VEÍCULO FLEX COMBUSTÍVEL ADICIONAL COM BASE NA UTILIZAÇÃO NO O&M PISF","L/H",0,6.27,0]
["INSUMOS"]
["CÓD.","DESCRICAO DO INSUMO","UND","COEF.","P. UNIT.","CUSTO T."]
[1159,"CAMINHONETE COM MOTOR A DIESEL, POTÊNCIA 180 CV, CABINE DUPLA, 4X4","UN",1,248739.83,248739.83]
[4221,"ÓLEO DIESEL COMBUSTÍVEL COMUM","L",1,6.85,6.85]
[13617,"PICAPE SIMPLES MOTOR 1.6 FLEX, MANUAL, POT. MÍNIMA 101/104 CV, 2 PORTAS - SIMILAR A GOL 4 PORTAS","UN",1,91142,91142]
[4222,"GASOLINA COMUM","L",1,7.24,7.24]
["CÁLCULO HORÁRIO MÉDIO EM CIRCUITO MISTO DO CONSUMO DE COMBUSTÍVEL E CÁLCULO MÉDIO DO KM RODADO POR MÊS MÉDIO*",null,"H","KM","KM/L médio","L/H"]
["I.Rodovia","Cálclo da distância em rodovia mista BR(Federal em boas condições) e PE(Estadual em boas condições) vias asfaltadas e sinalizadas",1,77.400000000000006,11,7.036363636363637]
["II.Est.Vic.","Cálclo da distância em Estrada Vicinal em condições medianas",1,35.6,10,3.56]
["MÉDIA","Média entre as condições I e II",1,56.5,10.5,5.3809523809523814,"Arredondando"]
["CHP-Flex","Considerando a necessidade de 35% de horas produtivas mês e que o mês médio nos dá 176 horas (44 hs/sem. x 4 = 176 hs)-FLEX",176,0.35,61.599999999999994,3480.3999999999996,"3.500 km"]
["CHP-Diesel","Considerando a necessidade de 45% de horas produtivas mês e que o mês médio nos dá 176 horas (44 hs/sem. x 4 = 176 hs)-DIESEL",176,0.45,79.2,4474.8,"4.500 km"]
["OBSERVAÇÃO: O mês médio leva em consideração que há meses de 28 dias, outros com 30 dias e outros com 31 dias. Há meses que têm mais feriados e outros não, incluindo recessos e paradas técnicas."]
["Outra observação importante é que se trata do quilômetro rodado médio de todos os veículos de cada categoria de combustível, servindo tanto para os veículos à diesel quanto aos à Gaolina/Flex."]
[]
["Consumo de pneus - Motocicleta",null,"UND","COEF.","P. UNIT.","CUSTO T.","% item"]
[null,"NXR 160 BROS ESDD FLEXONE","UN",1,19585,19585]
[null,"NXR 160 BROS  REPOSIÇÃO DE PNEUS ARO 17 COM BASE NA UTILIZAÇÃO NO O&M PISF (1jg./ano)","H",2.6862102430139191E-5,19585,0.52609427609427606]
[null,"NXR 160 BROS  REPOSIÇÃO DE PNEUS ARO 17 COM BASE NA UTILIZAÇÃO NO O&M PISF (1jg./ano)","MÊS",176,0.52609427609427606,92.592592592592581]
[]
["Miniônibus com capacidade para 30 passageiros - 111 kW",null,"UND","COEF.","P. UNIT.","CUSTO T.","% item"]
["SICRO - E9134","Miniônibus com capacidade para 30 passageiros - 111 k","UN",1,469139.70649999997,469139.70649999997]
[null,"Ônibus  REPOSIÇÃO DE PNEUS ARO 22.5 COM BASE NA UTILIZAÇÃO NO O&M PISF (1jg./ano)","H",1.3456825814702839E-5,469139.70649999997,6.3131313131313131]
[null,"Ônibus  REPOSIÇÃO DE PNEUS ARO 22.5 COM BASE NA UTILIZAÇÃO NO O&M PISF (1jg./ano)","MÊS",176,6.3131313131313131,1111.1111111111111]
[]
["*Observações"]
["- SICRO 01/2022"]
["-SINAPI 04/2022"]
{"$rows_empty":14}
[{"$nulls":10},"SINAPI 04/2022 - NÃO DESONERADO"]
[{"$nulls":10},"SICRO 01/2022 - NÃO DESONERADO"]

{"sheet":"Equipamentos","index":28,"n_rows":261,"n_cols":12,"rows_kept":261,"cut":false,"hidden":false,"merged":[[135,0,135,4],[132,5,132,6],[126,2,126,4],[126,5,126,6],[140,0,140,6],[139,0,139,6],[137,0,138,6],[127,5,127,6],[128,2,128,4],[128,5,128,6],[129,5,129,6],[129,0,129,4],[134,5,134,6],[135,5,135,6],[136,0,136,6],[132,0,132,4],[133,5,133,6],[127,2,127,4],[133,0,133,4],[134,0,134,4],[0,2,0,6],[1,2,1,6],[2,2,2,6],[4,0,5,6],[7,0,7,6],[11,1,12,1],[60,0,60,5],[73,0,73,5],[125,2,125,4],[125,5,125,6],[11,0,12,0],[11,2,12,2],[121,0,121,5],[119,0,119,5],[124,0,124,6],[11,3,12,3],[11,4,12,4],[11,5,11,6],[15,2,15,6],[62,2,62,6],[13,2,13,6]]}
[null,null,"Ministério do Desenvolvimento Regional  - MDR"]
[null,null,"Companhia de Desenvolvimento dos Vales do São Francisco e do Parnaíba"]
[null,null,"Gerência de Operação do PISF - Centro de Controle e Operação (AD / GOI / CCO)"]
[]
["TERMO DE REFERÊNCIA PARA CONTRATAÇÃO DOS RECURSOS NECESSÁRIOS À OPERAÇÃO E MANUTENÇÃO DAS INFRAESTRUTURAS DO EIXO LESTE DO PISF - PROJETO DE INTEGRAÇÃO DO SÃO FRANCISCO COM AS BACIAS HIDROGRÁFICAS DO NORDESTE SETENTRIONAL"]
[]
[]
["EQUIPAMENTOS"]
[]
[]
[]
["ITEM","CÓDIGO","DESCRIÇÃO","UNIDADE","QUANTIDADE","VALOR (R$)"]
[{"$nulls":5},"UNITARIO","TOTAL"]
[null,null,"EQUIPAMENTOS"]
[]
["1.",null,"EQUIPAMENTOS - MECÂNICA",{"$nulls":7},12,6]
["1.1","COT_AFER","Aferidor de manômetro de 0 a 150 bar ","un x mês",6,33.332500000000003,200,null,12,null,1,6]
["1.2","COT_ALMO_FLEX","Almotolia de bico flexível 500ml","un x mês",18,0.81187500000000001,14.61,null,36,null,3,18]
["1.3","COT_ALMO_RIG","Almotolia de bico rígido 500ml","un x mês",18,1.1468749999999999,20.64,null,36,null,3,18]
["1.4","\t4154/ORSE","Andaime metálico tipo fachadeiro Dim: Largura= 1,20m / Altura por peça= 2,00m. (Altura Total=10m - 5 peças por conjunto)","m² x mês",864,8.8166666666666664,7617.6,null,1728,null,144,864]
["1.5","COT_BANC_OFIC","Bancada para oficina (Dim: 1,2m x 2,5m) ","un x mês",36,42.156874999999999,1517.65,null,72,null,6,36]
["1.6","COT_BOMB_GRAX","Bomba de graxa manual 5kg ","un x mês",18,5.7049999999999992,102.69,null,36,null,3,18]
["1.7","13914 - SINAPI/PE","Talha Manual de Corrente com Alavanca 1,5 t Elevação 1,5m (Catraca 1,5 ton) ","un x mês",6,16.124375000000001,96.75,null,12,null,1,6]
["1.8","COT_CHAV_46","Chave de impacto 46mm boca/estria ","un x mês",12,2.6360416666666668,31.63,null,24,null,2,12]
["1.9","COT_CHAV_55","Chave de impacto 55mm boca/estria ","un x mês",12,5.5,66,null,24,null,2,12]
["1.10","COT_CHAV_60","Chave de impacto 60mm boca/estria ","un x mês",12,3.4639861111111112,41.57,null,24,null,2,12]
["1.11","COT_CHAV_65","Chave de impacto 65mm boca/estria ","un x mês",12,3.6160416666666673,43.39,null,24,null,2,12]
["1.12","COT_CHAV_70","Chave de impacto 70mm boca/estria ","un x mês",12,6.6712500000000006,80.06,null,24,null,2,12]
["1.13","COT_CHAV_75","Chave de impacto 75mm boca/estria","un x mês",24,5.9000624999999998,141.6,null,48,null,4,24]
["1.14","COT_CHAV_85","Chave de impacto 85mm boca/estria","un x mês",24,10.089381944444446,242.15,null,48,null,4,24]
["1.15","COT_CINT_3T","Cinta para elevação de carga (comprimento: 3m / capacidade de carga: 3t)","un x mês",12,2.3052083333333333,27.66,null,24,null,2,12]
["1.16","COT_CINT_20T","Cinta para elevação de carga  (comprimento: 6m / capacidade de carga: 20t)","un x mês",12,27.415625000000002,328.99,null,24,null,2,12]
["1.17","COT_CORT","Cortador a frio para tubos - Cortador Tubo Ferro Ferrari 1/8\" - 2\"","un x mês",12,21.441666666666666,257.3,null,24,null,2,12]
["1.18","COT_CURV","Curvador de tubos (Até 1”) - Curvador e Dobrador De Tubos Manual","un x mês",12,46.574583333333329,558.9,null,24,null,2,12]
["1.19","38476 - SINAPI/PE","Escada de abrir com 2 x 8 degraus (2,40m) em alumínio ","un x mês",24,5.2312777777777777,125.55,null,48,null,4,24]
["1.20","38477 - SINAPI/PE","Escada de marinheiro extensível em duraluníno com 10 x 20 degraus (3,00m / 6,00m) ","un x mês",18,16.506138888888888,297.11,null,36,null,3,18]
["1.21","COT_ESCA_07","Escada metálica de 07 degraus ","un x mês",18,7.6102083333333335,136.97999999999999,null,36,null,3,18]
["1.22","COT_ESCA_16","Escada articulada multifuncional 4x4 16 degraus","un x mês",6,18.894166666666667,113.37,null,12,null,1,6]
["1.23","COT_ESME","Esmerilhadeira angular de 4 ½” ","un x mês",12,7.2718750000000005,87.26,null,24,null,2,12]
["1.24","11359 - SINAPI/PE","Esmerilhadeira angular de 7” ","un x mês",12,14.229166666666666,170.75,null,24,null,2,12]
["1.25","I9376 - SEINFRA/CE","Furadeira Manual 650W 1050 – 1450 RPM 220V Ø 13mm","un x mês",12,18.8125,225.75,null,24,null,2,12]
["1.26","COT_INDU","Indutor elétrico para aquecimento de rolamentos (JM 500) ","un x mês",6,356.93395833333335,2141.6,null,12,null,1,6]
["1.27","COT_LIXA","Lixadeira 4 1/2\" ","un x mês",12,9.0208333333333339,108.25,null,24,null,2,12]
["1.28","COT_MACA_20T","Macaco de comando a distância 20 t - Macaco Hidráulico 20 Toneladas Tipo Garrafa","un x mês",12,16.825833333333332,201.91,null,24,null,2,12]
["1.29","COT_MACA_50T","Macaco de comando a distância 50 t - Macaco Hidráulico 50 Toneladas Tipo Garrafa","un x mês",12,33.685000000000002,404.22,null,24,null,2,12]
["1.30","COT_MACA_2T","Macaco tipo elevador capacidade de 2 t - Macaco Hidráulico 2 Toneladas tipo Garrafa","un x mês",12,4.0841666666666665,49.01,null,24,null,2,12]
["1.31","COT_MACA_GIR","Macaco tipo girafa de 2 t - Guincho Hidráulico 2 Toneladas com Prolongador","un x mês",12,93.251250000000013,1119.02,null,24,null,2,12]
["1.32","40403 - SINAPI/PE","Máquina de solda elétrica de 250 A com kit.","un x mês",12,9.5043749999999996,114.05,null,24,null,2,12]
["1.33","COT_MORS","Morsa para bancada nº 08 ","un x mês",36,9.2993749999999995,334.78,null,72,null,6,36]
["1.34","E9630-DNIT/PE","Conjunto Motor bomba 7,5 CV, 380 V, Q=75,6 m3/h e H=17 mca. (Poço de rebaixamento da EBV-3)","un x mês",6,121.5728,729.44,null,12,null,1,6]
["1.35","COT_BOMB_SUB","Bomba Submersível 5 Cv Trifásica 380V, Q=2 - 52 m3/h e H= 3-25 mca.(Poço de rebaixamento do Res. de areias (Estrutura de Controle)","un x mês",6,294.84479166666665,1769.07,null,12,null,1,6]
["1.36","COT_MOTO_ESMER","Motoesmeril de 1cv - 3.500 RPM ","un x mês",36,22.247291666666666,800.9,null,72,null,6,36]
["1.37","COT_MULT","Multiplicador de Torque Manual 2700 N.m/2000 lb.ft CDI GA190","un x mês",6,66.740833333333327,400.45,null,12,null,1,6]
["1.38","E9552 - DNIT/PE","Nível de precisão  ","un x mês",6,314.94480000000004,1889.67,null,12,null,1,6]
["1.39","COT_PARA","Parafusadeira elétrica a bateria ","un x mês",12,19.770416666666666,237.25,null,24,null,2,12]
["1.40","COT_PREN","Prensa hidráulica de 10 ton ","un x mês",12,30.559374999999999,366.71,null,24,null,2,12]
["1.41","E9207-DNIT/PE","Retífica elétrica ","un x mês",12,128.99680000000001,1547.96,null,24,null,2,12]
["1.42","E9748-DNIT/PE","Rosqueadeira ( para tubos de ½” a 4”) -Rosqueadeira Elétrica 1/2 A 4 Pol. 750w 220v-Br Motors-Brr124bsp","un x mês",6,115.97280000000001,695.84,null,12,null,1,6]
["1.43","10740 - SINAPI/PE","Talha capacidade 3t","un x mês",12,126.28473611111112,1515.42,null,24,null,2,12]
["1.44","COT_TIFO","Tifor 3t","un x mês",12,96.029583333333335,1152.3599999999999,null,24,null,2,12]
["TOTAL - EQUIPAMENTOS - MECÂNICA:",{"$nulls":5},28123.869999999995,null,null,null,0,0]
[{"$nulls":10},0,0]
["2.",null,"EQUIPAMENTOS - ELÉTRICA",{"$nulls":7},0,0]
["2.1","COT_ANAL","Analisador de grandezas elétricas trifásico, display LCD colorido 5,6\", TRMS 1.000 V, corrente 3.000A ","un x mês",6,730.68708333333336,4384.12,null,12,null,1,6]
["2.2","COT_BANC_TESTE","Bancada de teste, amperimetro 150A, voltímetro 40V ","un x mês",6,125.45375,752.72,null,12,null,1,6]
["2.3","COT_BANC_PROT","Bancada protegida contra eletricidade estática ","un x mês",6,67.108333333333334,402.65,null,12,null,1,6]
["2.4","COT_DATA","Data Logger de 4 a 20 mA (verificação de intermitência em instrumentação) ","un x mês",6,23.011041666666667,138.07,null,12,null,1,6]
["2.5","13761 - SINAPI/PE","Estação de solda com temperatura ajustável e proteção antiestático ","un x mês",6,317.95999999999998,1907.76,null,12,null,1,6]
["2.6","10236 - ORSE/SE","Fonte de alimentação com tensão variável de 0 a 30Vcc de 3 A ","un x mês",6,4.020833333333333,24.13,null,12,null,1,6]
["2.7","COT_FONT","Fonte de bancada 12 V ","un x mês",6,15.290416666666667,91.74,null,12,null,1,6]
["2.8","I9376 - SEINFRA/CE","Furadeira Manual 650W 1050 – 1450 RPM 220V Ø 13mm","un x mês",6,18.8125,112.88,null,12,null,1,6]
["2.9","COT_GERA","Gerador de corrente e tensão de 0 a 20 mA e 0 a 10V, precisão de 0,1% ","un x mês",6,3.4647916666666667,20.79,null,12,null,1,6]
["2.10","COT_TTR ","TTR - medidor digital de relação de espiras, escala de medição 0,8000:1 a 8.000,0: 1 ","un x mês",6,509.18916666666672,3055.14,null,12,null,1,6]
["TOTAL - EQUIPAMENTOS - ELÉTRICA:",{"$nulls":5},10890,null,null,null,0,0]
[{"$nulls":10},0,0]
["3.",null,"EQUIPAMENTOS - CIVIL",{"$nulls":7},0,0]
["3.1",null,"MANUTENÇÃO",{"$nulls":7},0,0]
["3.1.1","E9630-DNIT/PE","Bomba submersível com capacidade de 75 m³/h - 3,6 kW","un x mês",12,121.5728,1458.87,null,24,null,2,12]
["3.1.2","\t4154/ORSE","Andaime metálico tipo fachadeiro Dim: Largura= 1,20m / Altura por peça= 2,00m. (Altura Total=10m - 5 peças por conjunto)","m² x mês",432,8.8166666666666664,3808.8,null,864,null,72,432]
["3.1.3","E9519 - DNIT/PE","Betoneira com motor a gasolina com capacidade de 600 l - 10 kW","un x mês",12,2292.605,27511.26,null,24,null,2,12]
["3.1.4","746 - SINAPI/PE","Lavadora de alta pressão a diesel, partida elétrica, motor de 10 hp","un x mês",6,51.6,309.60000000000002,null,12,null,1,6]
["3.1.5","36503 - SINAPI/PE","MOTOBOMBA TRASH (PARA AGUA SUJA) AUTO ESCORVANTE, MOTOR GASOLINA DE 6,41 HP, DIAMETROS DE SUCCAO X RECALQUE: 3\" X 3\", HM/Q: 10/60 A 23/0","un x mês",12,468.32000000000005,5619.84,null,24,null,2,12]
["3.1.6","E9630-DNIT/PE","Bomba submersível com capacidade de 75 m³/h - 3,6 kW","un x mês",12,121.5728,1458.87,null,24,null,2,12]
["3.1.7","E9579-DNIT/PE","CAMINHÃO BASCULANTE 10 M3, TRUCADO CABINE SIMPLES, PESO BRUTO TOTAL 23.000 KG, CARGA ÚTIL MÁXIMA 15.935 KG, DISTÂNCIA ENTRE EIXOS 4,80 M, POTÊNCIA 230 CV INCLUSIVE CAÇAMBA METÁLICA ","un x mês",24,23076.58,553837.92000000004,null,48,null,4,24]
["3.1.8","E9592-DNIT/PE","CAMINHÃO TRUCADO (C/ TERCEIRO EIXO) ELETRÔNICO - POTÊNCIA 231CV - PBT = 22000KG - DIST. ENTRE EIXOS 5170 MM - INCLUI CARROCERIA FIXA ABERTA DE MADEIRA","un x mês",24,30208.587800000001,725006.11,null,48,null,4,24]
["3.1.9","E9509-DNIT/PE","Caminhão Comboio para lubrificação e abastecimento (melosa), convencional totalmente equipado (Capacidade de Combustível: 5.000 l, Capacidade de Lubrificante: 500 l, Capacidade de Graxa: 200 kg, Capacidade de Água: 300 l, Recipiente para Óleo Usado: 200 l, Compressor de Ar e Bomba- d’agua).","un x mês",6,26471.532500000001,158829.20000000001,null,12,null,1,6]
["3.1.10","E9686-DNIT/PE","Caminhão guindauto com capacidade de carga até 10,0 t.","un x mês",12,32393.054459999999,388716.65,null,24,null,2,12]
["3.1.11","6259 - SINAPI/PE","Caminhão tanque, capacidade de volume  6000 l e potência 136,0 hp .","un x mês",30,21482.239999999998,644467.19999999995,null,60,null,5,30]
["3.1.12","89883-SINAPI/PE","Cavalo Mecânico com Reboque M. Benz Randon LS-1634/45 29,5 t, ou similar","un x mês",6,31798.02,190788.12,null,12,null,1,6]
["3.1.13","E9107-DNIT/PE","Compactador de solo a percussão (soquete), com motor gasolina de 4 tempos, peso entre 55 e 65 kg, força de impacto de 1.000 a 1.500 kgf, frequência de 600 a 700 golpes por minuto,velocidade de trabalho entre 10 e 15 m/min, potência entre 2 e 3 hp.","un x mês",6,289.58839999999998,1737.53,null,12,null,1,6]
["3.1.14","E9556-DNIT/PE","Compactador de solo, tipo placa vibratória reversível, com motor a diesel, peso entre 700 e 820 kg, força centrífuga entre 6.200 e 10.000 kgf, largura de trabalho entre 650 e 720 mm, frequência de vibração entre 3.000 e 3.500 rpm, velocidade de trabalho entre 25 e 30 m/min, potência entre 13,0 e 15,0 hp.","un x mês",6,296.74560000000002,1780.47,null,12,null,1,6]
["3.1.15","E9513-DNIT/PE","Compressor de ar rebocável, vazão 400 pcm, pressão efetiva de trabalho 102 psi, motor diesel, potência 110 cv.","un x mês",3,7046.0660000000007,21138.2,null,6,null,0.5,3]
["3.1.16","COT_CONJ_30","Conjunto motorbomba com 30 kW de potência no motor elétrico (25 mca x 0,1 m³/s) para esgotamento, com respectivos mangotes de sucção e descarga a serem especificados em função dos diâmetros. ","un x mês",3,998.55416666666667,2995.66,null,6,null,0.5,3]
["3.1.17","36483 - SINAPI/PE","ESCAVADEIRA HIDRAULICA SOBRE ESTEIRAS CACAMBA 0,40 A 1,20 M3, PESO OPERACIONAL 21,19 T, POTENCIA LIQUIDA 173 HP","un x mês",6,19454.96,116729.76,null,12,null,1,6]
["3.1.18","E9066-DNIT/PE","Grupo gerador de 13/14 KVA, 220v, trifásico, silenciado, com 100 metros de cabos e 01 QTA. ","un x mês",6,1497.7885999999999,8986.73,null,12,null,1,6]
["3.1.19","E9776 - DNIT/PE","Grupo gerador de 145/160 kVA","un x mês",6,4392.9344000000001,26357.61,null,12,null,1,6]
["3.1.20","E9778 - DNIT/PE","Grupo gerador de 310/340 kVA","un x mês",6,5895.3267999999998,35371.96,null,12,null,1,6]
["3.1.21","E9535 - DNIT/PE","Serra circular de bancada, modelo pica-pau, diâmetro de 350 mm. Características do motor: trifásico, potência de 5 hp, frequência de 60 H.","un x mês",12,137.33000000000001,1647.96,null,24,null,2,12]
["3.1.22","40403 - SINAPI/PE","Máquina de solda elétrica de 250 A com kit.","un x mês",12,9.5043749999999996,114.05,null,24,null,2,12]
["3.1.23","E9568-DNIT/PE","Furadeira elétrica profissional.","un x mês",12,30.907599999999999,370.89,null,24,null,2,12]
["3.1.24","13192 - SINAPI/PE","Lixadeira elétrica angular para concreto, potência 1.400 W, prato diamantado de 5''.","un x mês",12,88.70270833333332,1064.43,null,24,null,2,12]
["3.1.25","14619 - SINAPI/PE","Máquina para corte com disco abrasivo de diâmetro de 18'' (450 mm), com motor elétrico trifásico de 10 cv.","un x mês",12,250.73854166666669,3008.86,null,24,null,2,12]
["3.1.26","40703 - SINAPI/PE","Martelete rompedor 33 kg.","un x mês",6,180.44,1082.6400000000001,null,12,null,1,6]
["3.1.27","36533 - SINAPI/PE","Martelo demolidor pneumático manual, com redução de vibração, peso de 31,5 kg.","un x mês",12,258.12093750000003,3097.45,null,24,null,2,12]
["3.1.28","13227 - SINAPI/PE","MOTONIVELADORA POTENCIA BASICA LIQUIDA (PRIMEIRA MARCHA) 171 HP, PESO BRUTO 14768 KG, LARGURA DA LAMINA DE 3,7 M","un x mês",6,31868.480000000003,191210.88,null,12,null,1,6]
["3.1.29","E9585 - DNIT/PE","Motoserra portátil com motor a gosolina de 60 cc.","un x mês",18,263.25979999999998,4738.68,null,36,null,3,18]
["3.1.30","11651 - SINAPI/PE","Perfuratriz pneumática manual de peso médio, 18 kg, comprimento de curso de 6 m, diâmetro do pistão de 5,5 cm","un x mês",3,301.2,903.6,null,6,null,0.5,3]
["3.1.31","E9526-DNIT/PE","Retroescavadeira sobre rodas com carregadeira, tração 4x4, potência líquida 72 hp, peso operacional mínimo de 7.140 kg, capacidade mínima da carregadeira de 0,79 m³ e da retroescavadeira mínima de 0,18 m³, profundidade de escavação máxima de 4,50 m.","un x mês",24,15896.36434,381512.74,null,48,null,4,24]
["3.1.32","E9089 - DNIT/PE","Roçadeira costal com motor a gasolina de  32 cc.","un x mês",24,342.8612,8228.67,null,48,null,4,24]
["3.1.33","COT - SOLD","Soldador manual para mantas Leister Triac-st","un x mês",12,101.95541666666666,1223.47,null,24,null,2,12]
["3.1.34","COT_TORR","Torre de iluminação 4000 W","un x mês",12,1239.09671875,14869.16,null,24,null,2,12]
["3.1.35","COT - TRIT","Triturador de Galhos e Resíduos TR-500G à Gasolina Motor 13HP","un x mês",24,418.16041666666666,10035.85,null,48,null,4,24]
["3.1.36","39628 - SINAPI/PE","Motor a diesel para vibrador de imersão de 4,7 cv.","un x mês",6,77.413749999999993,464.48,null,12,null,1,6]
["3.1.37","39399 - SINAPI/PE","Vibrador de imersão, com ponteira de 35 mm, mangote de 5 m, sem motor.","un x mês",2,33.634166666666665,67.27,null,4,null,0.33333333333333331,2]
["3.1.38","39400 - SINAPI/PE","Vibrador de imersão, com ponteira de 45 mm, mangote de 5 m, sem motor.","un x mês",2,36.558958333333329,73.12,null,4,null,0.33333333333333331,2]
["3.1.39","39401 - SINAPI/PE","Vibrador de imersão, com ponteira de 60 mm, mangote de 5 m, sem motor.","un x mês",2,41.010416666666664,82.02,null,4,null,0.33333333333333331,2]
["TOTAL - MANUTENÇÃO:",{"$nulls":5},3540706.5800000015]
[]
[]
["TOTAL - EQUIPAMENTOS - CIVIL - (R$):",{"$nulls":5},3540706.5800000015]
[]
["TOTAL - EQUIPAMENTOS - (R$):",{"$nulls":5},3579720.4500000016]
[]
[]
["RESUMO - EQUIPAMENTOS"]
["ITEM",null,"DESCRIÇÃO",null,null,"VALOR TOTAL (R$)"]
["01",null,"EQUIPAMENTOS - MECÂNICA",null,null,28123.869999999995]
["02",null,"EQUIPAMENTOS - ELÉTRICA",null,null,10890]
["03",null,"EQUIPAMENTOS - CIVIL",null,null,3540706.5800000015]
["TOTAL GERAL - RESUMO - EQUIPAMENTOS -  (R$):",{"$nulls":4},3579720.4500000016]
[]
[]
["NOME DO INFORMANTE:",{"$nulls":4},"QUALIFICAÇÃO:"]
[]
["ASSINATURA:",{"$nulls":4},"DATA:"]
[]
["OBSERVAÇÃO:"]
["1. A unidade adotada na planilha (un x mês) foi de acordo com o cronograma de alocação de recursos materiais, onde foi feita a divisão de uso mensalmente de cada equipamento, por canteiro. Dessa forma, é possivel diluir o custo durante todo o período do contrato."]
[]
["2. Os preços apresentados inlcuem o custo de operadores, motoristas e demais mão de obra necesária para utilização do mesmo. Bem como combustível, quando requeridos."]
[]
[]
["1. Considerado a carga horária de 176 horas/mês"]
[]
[null,null,"Carga horária mensal:",176,0.20225694444444445]
[]
[null,null,null,"Operativa","R$/h (Operativa)","R$/h (Improdutiva)","R$/mês"]
[null,"COT_AFER","Aferidor de manômetro de 0 a 150 bar ",1,null,null,382.30555555555554]
[null,"COT_ALMO_FLEX","Almotolia de bico flexível 500ml",1,null,null,2.6751851851851853]
[null,"COT_ALMO_RIG","Almotolia de bico rígido 500ml",1,null,null,1.8862962962962959]
[null,"COT_ANAL","Analisador de grandezas elétricas trifásico, display LCD colorido 5,6\", TRMS 1.000 V, corrente 3.000A ",1,null,null,2485.67]
[null,"COT_ANDA","Andaime metálico tipo fachadeiro Dim: Largura= 1,20m / Altura por peça= 2,00m. (Altura Total=10m - 5 peças por conjunto)",1,null,null,18.95]
[null,"COT_BANC_TESTE","Bancada de teste, amperimetro 150A, voltímetro 40V ",1,null,null,13.76]
[null,"COT_BANC_OFIC","Bancada para oficina (Dim: 1,2m x 2,5m) ",1,null,null,58.701481481481487]
[null,"COT_BANC_PROT","Bancada protegida contra eletricidade estática ",1,null,null,61.09]
[null,"E9043-DNIT/PE","Embarcação de alumínio com comprimento de 6 m e motor de popa - 18,60 kW (inclusive barqueiro)",1,null,null,12389.28]
[null,"10537 - SINAPI/PE","Betoneira, capacidade nominal 400 l, capacidade de mistura 310 l, motor a diesel potência 5 cv, sem carregador.",1,null,null,691.36]
[null,"36398 - SINAPI/PE","Betoneira, capacidade nominal 600 l, capacidade de mistura 440 l,  motor a diesel potência 10 cv, com carregador.",1,null,null,2033.28]
[null,"COT_BOMB_GRAX","Bomba de graxa manual 5kg ",1,null,null,14.312222222222223]
[null,"36503 - SINAPI/PE","MOTOBOMBA TRASH (PARA AGUA SUJA) AUTO ESCORVANTE, MOTOR GASOLINA DE 6,41 HP, DIAMETROS DE SUCCAO X RECALQUE: 3\" X 3\", HM/Q: 10/60 A 23/0",1,null,null,603.91999999999996]
[null,"E9630-DNIT/PE","Bomba submersível com capacidade de 75 m³/h - 3,6 kW",1,null,null,302.17]
[null,"COT_BOMB_SUB","Bomba Submersível 5 Cv Trifásica 380V, Q=2 - 52 m3/h e H= 3-25 mca.(Poço de rebaixamento do Res. de areias (Estrutura de Controle)",1,null,null,905.89027777777778]
[null,"91386 - SINAPI/PE","CAMINHÃO BASCULANTE 10 M3, TRUCADO CABINE SIMPLES, PESO BRUTO TOTAL 23.000 KG, CARGA ÚTIL MÁXIMA 15.935 KG, DISTÂNCIA ENTRE EIXOS 4,80 M, POTÊNCIA 230 CV INCLUSIVE CAÇAMBA METÁLICA ",1,null,null,52766.67]
[null,"91031 - SINAPI/PE","CAMINHÃO TRUCADO (C/ TERCEIRO EIXO) ELETRÔNICO - POTÊNCIA 231CV - PBT = 22000KG - DIST. ENTRE EIXOS 5170 MM - INCLUI CARROCERIA FIXA ABERTA DE MADEIRA",1,null,null,48073.07]
[null,"E9509-DNIT/PE","Caminhão Comboio para lubrificação e abastecimento (melosa), convencional totalmente equipado (Capacidade de Combustível: 5.000 l, Capacidade de Lubrificante: 500 l, Capacidade de Graxa: 200 kg, Capacidade de Água: 300 l, Recipiente para Óleo Usado: 200 l, Compressor de Ar e Bomba- d’agua).",1,null,null,49301.32]
[null,"E9686-DNIT/PE","Caminhão guindauto com capacidade de carga até 10,0 t.",1,null,null,67170.570000000007]
[null,"6259 - SINAPI/PE","Caminhão tanque, capacidade de volume  6000 l e potência 136,0 hp .",1,null,null,46992.35]
[null,"A9382-DNIT/PE","Dolly intermediário com 2 eixos para semirreboque (para embarcação)",1,null,null,5698.37]
[null,"89883-SINAPI/PE","Cavalo Mecânico com Reboque M. Benz Randon LS-1634/45 29,5 t, ou similar",1,null,null,66504.75]
[null,"COT_CHAV_46","Chave de impacto 46mm boca/estria ",1,null,null,6.8411111111111111]
[null,"COT_CHAV_55","Chave de impacto 55mm boca/estria ",1,null,null,12.591481481481482]
[null,"COT_CHAV_60","Chave de impacto 60mm boca/estria ",1,null,null,13.599444444444442]
[null,"COT_CHAV_65","Chave de impacto 65mm boca/estria ",1,null,null,24.81722222222222]
[null,"COT_CHAV_70","Chave de impacto 70mm boca/estria ",1,null,null,22.496296296296297]
[null,"COT_CHAV_75","Chave de impacto 75mm boca/estria",1,null,null,37.027592592592597]
[null,"COT_CHAV_85","Chave de impacto 85mm boca/estria",1,null,null,62.664444444444449]
[null,"COT_CINT_20T","Cinta para elevação de carga  (comprimento: 6m / capacidade de carga: 20t)",1,null,null,69.444444444444443]
[null,"COT_CINT_3T","Cinta para elevação de carga (comprimento: 3m / capacidade de carga: 3t)",1,null,null,6.4644444444444442]
[null,"E9107-DNIT/PE","Compactador de solo a percussão (soquete), com motor gasolina de 4 tempos, peso entre 55 e 65 kg, força de impacto de 1.000 a 1.500 kgf, frequência de 600 a 700 golpes por minuto,velocidade de trabalho entre 10 e 15 m/min, potência entre 2 e 3 hp.",1,null,null,868.19]
[null,"E9556-DNIT/PE","Compactador de solo, tipo placa vibratória reversível, com motor a diesel, peso entre 700 e 820 kg, força centrífuga entre 6.200 e 10.000 kgf, largura de trabalho entre 650 e 720 mm, frequência de vibração entre 3.000 e 3.500 rpm, velocidade de trabalho entre 25 e 30 m/min, potência entre 13,0 e 15,0 hp.",1,null,null,968]
[null,"E9661-DNIT/PE","Compressor de ar rebocável, vazão 189 pcm, pressão efetiva de trabalho 102 psi, motor diesel, potência  63 cv.",1,null,null,7949.88]
[null,"E9513-DNIT/PE","Compressor de ar rebocável, vazão 400 pcm, pressão efetiva de trabalho 102 psi, motor diesel, potência 110 cv.",1,null,null,13545.12]
[null,"E9630-DNIT/PE","Conjunto Motor bomba 7,5 CV, 380 V, Q=75,6 m3/h e H=17 mca. (Poço de rebaixamento da EBV-3)",1,null,null,302.17]
[null,"COT_CONJ_160","Conjunto motorbomba com 160 kW de potência no motor elétrico (25 mca x 0,5 m³/s) para esgotamento, com respectivos mangotes de sucção e descarga a serem especificados em função dos diâmetros. ",1,null,null,9429.1666666666661]
[null,"COT_CONJ_30","Conjunto motorbomba com 30 kW de potência no motor elétrico (25 mca x 0,1 m³/s) para esgotamento, com respectivos mangotes de sucção e descarga a serem especificados em função dos diâmetros. ",1,null,null,3195.47]
[null,"COT_CORT","Cortador a frio para tubos - Cortador Tubo Ferro Ferrari 1/8\" - 2\"",1,null,null,19.653703703703702]
[null,"COT_CURV","Curvador de tubos (Até 1”) - Curvador e Dobrador De Tubos Manual",1,null,null,78.407037037037028]
[null,"E9609-DNIT/PE","Draga de sucção para extração de areia com tubo de descarga de 150 mm - 100 kW",1,null,null,21381.73]
[null,"COT_DATA","Data Logger de 4 a 20 mA (verificação de intermitência em instrumentação) ",1,null,null,31.96]
[null,"E9528-DNIT/PE","Empilhadeira sobre pneus com torre de três estágios, 4,80 m de elevação, com deslocador lateral dos garfos, motor glp 2.4 l, capacidade nominal de carga de 2,5 t.",1,66.238799999999998,21.244600000000002,36789.360000000001]
[null,"E9206-DNIT/PE","Equipamento de solda MIG automática com acessórios - 14,6 kVA",1,null,null,5233.29]
[null,"COT_ESCA_16","Escada articulada multifuncional 4x4 16 degraus",1,null,null,19.143518518518519]
[null,"38476 - SINAPI/PE","Escada de abrir com 2 x 8 degraus (2,40m) em alumínio ",1,null,null,4.07]
[null,"38477 - SINAPI/PE","Escada de marinheiro extensível em duraluníno com 10 x 20 degraus (3,00m / 6,00m) ",1,0.3387013888888889,null,12.83]
[null,"COT_ESCA_07","Escada metálica de 07 degraus ",1,null,null,6.8944444444444448]
[null,"36483 - SINAPI/PE","ESCAVADEIRA HIDRAULICA SOBRE ESTEIRAS CACAMBA 0,40 A 1,20 M3, PESO OPERACIONAL 21,19 T, POTENCIA LIQUIDA 173 HP",1,null,null,54600.87999999999]
[null,"E9017-DNIT/PE","Escavadeira hidráulica sobre esteiras, caçamba 0,62 m³, peso operacional 12,61 t, potência líquida 95 hp.",1,null,null,49535.69]
[null,"COT_ESME","Esmerilhadeira angular de 4 ½” ",1,null,null,8.4977777777777774]
[null,"11359 - SINAPI/PE","Esmerilhadeira angular de 7” ",1,null,null,14.17]
[null,"13761 - SINAPI/PE","Estação de solda com temperatura ajustável e proteção antiestático ",1,null,null,983.76]
[null,"10236 - ORSE/SE","Fonte de alimentação com tensão variável de 0 a 30Vcc de 3 A ",1,6.7013888888888887E-2,null,4.0199999999999996]
[null,"COT_FONT","Fonte de bancada 12 V ",1,null,null,12.13]
[null,"E9568-DNIT/PE","Furadeira elétrica profissional.",1,null,null,84.66]
[null,"I9376 - SEINFRA/CE","Furadeira Manual 650W 1050 – 1450 RPM 220V Ø 13mm",1,0.08,null,18.809999999999999]
[null,"COT_GERA","Gerador de corrente e tensão de 0 a 20 mA e 0 a 10V, precisão de 0,1% ",1,null,null,47.27]
[null,"E9763-DNIT/PE","Grupo Gerador - 32,0 kVA, 220 V, trifásico, silenciado, com 100 metros de cabos e 01 QTA. ",1,null,null,3569.08]
[null,"E9066-DNIT/PE","Grupo gerador de 10 KVA, 220v, trifásico, silenciado, com 100 metros de cabos e 01 QTA. ",1,null,null,2786.78]
[null,"E9066-DNIT/PE","Grupo gerador de 15 kVA, 220V, trifásico, silenciado, com 100 metros de cabos e 01 QTA. ",1,null,null,2786.78]
[null,"E9521-DNIT/PE","Grupo gerador de 4 KVA, 220v, trifásico, silenciado, com 100 metros de cabos e 01 QTA. ",1,null,null,254.27]
[null,"39588 - SINAPI/PE","Grupo gerador diesel, com carenagem, potência standart entre 250 e 260 kVA, velocidade de 1800 rpm, frequência de 60 Hz.",1,null,null,15376.61]
[null,"COT_GRUP_15KVA","Grupo gerador, potência nominal 15 kVA (emergência), incluindo instalação, cabeamento, base de concreto e demais materiais necessários.",1,null,null,1719.95]
[null,"COT_INDU","Indutor elétrico para aquecimento de rolamentos (JM 500) ",1,null,null,2012.1599999999999]
[null,"COT_KIT ","Kit para enchimento e complementação para gás SF6, composto de adaptador ,regulador, mangueira e manômetro padrão ",1,null,null,542.9]
[null,"746 - SINAPI/PE","Lavadora de alta pressão a diesel, partida elétrica, motor de 10 hp",1,null,null,158]
[null,"COT_LIXA","Lixadeira 4 1/2\" ",1,null,null,21.661481481481484]
[null,"13192 - SINAPI/PE","Lixadeira elétrica angular para concreto, potência 1.400 W, prato diamantado de 5''.",1,null,null,88.31]
[null,"E9630-DNIT/PE","Bomba submersível com capacidade de 75 m³/h - 3,6 kW",1,null,null,302.17]
[null,"743 - SINAPI/PE","Locação de bomba submersível para drenagem e esgotamento, motor elétrico trifásico, potência de 2 cv, diâmetro de recalque de  2\". Faixa de operação: Q= 35 m³/h (± 3 m³/h) e AMT=2 m; Q=13 m³/h (± 3 m³/h) e AMT = 17 m (± 3 m).",1,1.96,null,344.96]
[null,"36500 - SINAPI/PE","Locação de grupo gerador acima de 125 até 180 kVA, motor diesel, rebocável, acionamento manual.",1,null,null,4902.32]
[null,"COT_MACA_20T","Macaco de comando a distância 20 t - Macaco Hidráulico 20 Toneladas Tipo Garrafa",1,null,null,10.920370370370371]
[null,"COT_MACA_50T","Macaco de comando a distância 50 t - Macaco Hidráulico 50 Toneladas Tipo Garrafa",1,null,null,39.440555555555555]
[null,"COT_MACA_2T","Macaco tipo elevador capacidade de 2 t - Macaco Hidráulico 2 Toneladas tipo Garrafa",1,null,null,3.088703703703704]
[null,"COT_MACA_GIR","Macaco tipo girafa de 2 t - Guincho Hidráulico 2 Toneladas com Prolongador",1,null,null,109.81425925925925]
[null,"40403 - SINAPI/PE","Máquina de solda elétrica de 250 A com kit.",1,null,null,12.64]
[null,"14619 - SINAPI/PE","Máquina para corte com disco abrasivo de diâmetro de 18'' (450 mm), com motor elétrico trifásico de 10 cv.",1,null,null,249.64]
[null,"40703 - SINAPI/PE","Martelete rompedor 33 kg.",1,2.9861111111111112,null,645.36]
[null,"36533 - SINAPI/PE","Martelo demolidor pneumático manual, com redução de vibração, peso de 31,5 kg.",1,null,null,288.29000000000002]
[null,"37514 - SINAPI/PE","Minicarregadeira sobre rodas, potência líquida de 47 hp, capacidade nominal de operação de 646 kg.",1,null,null,16446.72]
[null,"COT_MORS","Morsa para bancada nº 08 ",1,null,null,15.273888888888889]
[null,"COT_MOTO_ESMER","Motoesmeril de 1cv - 3.500 RPM ",1,null,null,34.413611111111109]
[null,"13227 - SINAPI/PE","MOTONIVELADORA POTENCIA BASICA LIQUIDA (PRIMEIRA MARCHA) 171 HP, PESO BRUTO 14768 KG, LARGURA DA LAMINA DE 3,7 M",1,null,null,65066.05333333333]
[null,"39628 - SINAPI/PE","Motor a diesel para vibrador de imersão de 4,7 cv.",1,null,null,55.75]
[null,"COT_MOTO_POP","Motor popa, tipo partida manual, potência 15 hp, aplicação barco Alumínio, características adicionais: válvulas automáticas descompressão, refrigerado a ar, quantidade marchas 2 und, quantidade cilíndro 2 und, capacidade tanque 23 l, tipo motor: 2 tempos, velocidade: 4.500 a 5.800 rpm.",1,null,null,759.06]
[null,"E9585 - DNIT/PE","Motoserra portátil com motor a gosolina de 60 cc.",1,null,null,1062.4000000000001]
[null,"COT_MULT","Multiplicador de Torque Manual 2700 N.m/2000 lb.ft CDI GA190",1,null,null,517.34944444444454]
[null,"E9552 - DNIT/PE","Nível de precisão  ",1,null,null,729.35]
[null,"4262 - SINAPI/PE","Pá carregadeira sobre rodas, potência líquida 128 hp, capacidade da caçamba de 1,7 a 2,8 m³, peso operacional de 11.632 kg.",null,null,null,48738.400000000001]
[null,"COT_PARA","Parafusadeira elétrica a bateria ",1,null,null,19.775925925925929]
[null,"11651 - SINAPI/PE","Perfuratriz pneumática manual de peso médio, 18 kg, comprimento de curso de 6 m, diâmetro do pistão de 5,5 cm",1,null,null,10609.33]
[null,"COT_PLAT","Plataforma Aérea, altura de trabalho 16,0 m, capacidade de carga 227 kg, fonte de energia: diesel, painel de controle na base e na plataforma, altura arriada: 2,0 m.",1,null,null,11411.96]
[null,"COT_PREN","Prensa hidráulica de 10 ton ",1,null,null,30.551666666666662]
[null,"E9207-DNIT/PE","Retífica elétrica ",1,null,null,302.55]
[null,"E9526-DNIT/PE","Retroescavadeira sobre rodas com carregadeira, tração 4x4, potência líquida 72 hp, peso operacional mínimo de 7.140 kg, capacidade mínima da carregadeira de 0,79 m³ e da retroescavadeira mínima de 0,18 m³, profundidade de escavação máxima de 4,50 m.",1,null,null,33948.019999999997]
[null,"E9089 - DNIT/PE","Roçadeira costal com motor a gasolina de  32 cc.",1,null,null,879.28]
[null,"10664 - SINAPI/PE","Roçadeira deslocável, largura de trabalho de 1,3 m.",1,null,null,128.41999999999999]
[null,"E9685-DNIT/PE","Rolo compactador pé-de-carneiro vibratório, potência 125 hp, peso operacional sem/com lastro 11,95/13,30 t, impacto dinâmico 38,5/22,5 t, largura de trabalho 2,15 m.",1,null,null,48048.5]
[null,"E9748-DNIT/PE","Rosqueadeira ( para tubos de ½” a 4”) -Rosqueadeira Elétrica 1/2 A 4 Pol. 750w 220v-Br Motors-Brr124bsp",1,null,null,7398.16]
["E9535-DNIT/PE","E9535 - DNIT/PE","Serra circular de bancada, modelo pica-pau, diâmetro de 350 mm. Características do motor: trifásico, potência de 5 hp, frequência de 60 H.",1,null,null,381.54]
[null,"COT - SOLD","Soldador manual para mantas Leister Triac-st",1,null,null,336.25]
["E9719-DNIT/PE","10740 - SINAPI/PE","Talha capacidade 3t",1,null,null,124.34]
[null,"13914 - SINAPI/PE","Talha Manual de Corrente com Alavanca 1,5 t Elevação 1,5m (Catraca 1,5 ton) ",1,null,null,15.88]
[null,"COT_TIFO","Tifor 3t",1,null,null,149.00425925925927]
[null,"COT_TORR","Torre de iluminação 4000 W",1,null,null,1080.52]
[null,"89883-SINAPI/PE","Transportes de máquinas e equipamentos por caminhão cavalo mecânico com carreta-prancha capacidade 30t",1,null,null,66504.75]
[null,"36511 - SINAPI/PE","Trator Agrícola para reboque de máquina roçadeira",1,null,null,36883.15]
[null,"E9540-DNIT/PE","Trator de esteiras, potência de 150 hp, peso operacional de 16,7 t, com roda motriz elevada e lâmina com contato de 3,18 m³.",1,null,null,46552.639999999999]
[null,"COT - TRIT","Triturador de Galhos e Resíduos TR-500G à Gasolina Motor 13HP",1,null,null,328.1]
[null,"COT_TTR ","TTR - medidor digital de relação de espiras, escala de medição 0,8000:1 a 8.000,0: 1 ",1,null,null,223.72]
["E9069-DNIT/PE","39399 - SINAPI/PE","Vibrador de imersão, com ponteira de 35 mm, mangote de 5 m, sem motor.",1,null,null,25.02]
["E9069-DNIT/PE","39400 - SINAPI/PE","Vibrador de imersão, com ponteira de 45 mm, mangote de 5 m, sem motor.",1,null,null,27.4]
["E9069-DNIT/PE","39401 - SINAPI/PE","Vibrador de imersão, com ponteira de 60 mm, mangote de 5 m, sem motor.",1,null,null,30.5]

{"sheet":"CPU_EQUIPAMENTOS_","index":29,"n_rows":1402,"n_cols":18,"rows_kept":1402,"cut":false,"hidden":false,"merged":[[16,2,16,5],[16,6,16,9],[16,10,16,13],[17,4,17,5],[17,8,17,9],[17,12,17,13],[0,2,0,18],[1,2,1,18],[2,0,2,18],[4,0,5,18],[7,0,7,18],[10,1,12,18],[22,4,22,5],[22,8,22,9],[22,12,22,13],[23,4,23,5],[23,8,23,9],[23,12,23,13],[20,4,20,5],[20,8,20,9],[20,12,20,13],[21,4,21,5],[21,8,21,9],[21,12,21,13],[18,4,18,5],[18,8,18,9],[18,12,18,13],[19,4,19,5],[19,8,19,9],[19,12,19,13],[28,4,28,5],[28,8,28,9],[28,12,28,13],[29,4,29,5],[29,8,29,9],[29,12,29,13],[26,4,26,5],[26,8,26,9],[26,12,26,13],[27,4,27,5],[27,8,27,9],[27,12,27,13],[24,4,24,5],[24,8,24,9],[24,12,24,13],[25,4,25,5],[25,8,25,9],[25,12,25,13],[35,1,35,3],[35,4,35,5],[35,8,35,9],[35,12,35,13],[48,2,48,5],[48,6,48,9],[33,4,33,5],[33,8,33,9],[33,12,33,13],[34,4,34,5],[34,8,34,9],[34,12,34,13],[31,4,31,5],[31,8,31,9],[31,12,31,13],[32,4,32,5],[32,8,32,9],[32,12,32,13],[57,4,57,5],[57,8,57,9],[58,4,58,5],[58,8,58,9],[55,4,55,5],[55,8,55,9],[56,4,56,5],[56,8,56,9],[53,4,53,5],[53,8,53,9],[54,4,54,5],[54,8,54,9],[51,4,51,5],[51,8,51,9],[52,4,52,5],[52,8,52,9],[49,4,49,5],[49,8,49,9],[50,4,50,5],[50,8,50,9],[65,4,65,5],[65,8,65,9],[66,1,66,3],[66,4,66,5],[66,8,66,9],[63,4,63,5],[63,8,63,9],[64,4,64,5],[64,8,64,9],[61,4,61,5],[61,8,61,9],[62,4,62,5],[62,8,62,9],[59,4,59,5],[59,8,59,9],[60,4,60,5],[60,8,60,9],[91,4,91,5],[92,4,92,5],[93,4,93,5],[94,4,94,5],[95,4,95,5],[96,4,96,5],[85,4,85,5],[86,4,86,5],[87,4,87,5],[88,4,88,5],[89,4,89,5],[90,4,90,5],[79,2,79,5],[80,4,80,5],[81,4,81,5],[82,4,82,5],[83,4,83,5],[84,4,84,5],[115,4,115,5],[115,8,115,9],[115,12,115,13],[116,4,116,5],[116,8,116,9],[116,12,116,13],[113,4,113,5],[113,8,113,9],[113,12,113,13],[114,4,114,5],[114,8,114,9],[114,12,114,13],[97,1,97,3],[97,4,97,5],[111,2,111,5],[111,6,111,9],[111,10,111,13],[112,4,112,5],[112,8,112,9],[112,12,112,13],[121,4,121,5],[121,8,121,9],[121,12,121,13],[122,4,122,5],[122,8,122,9],[122,12,122,13],[119,4,119,5],[119,8,119,9],[119,12,119,13],[120,4,120,5],[120,8,120,9],[120,12,120,13],[117,4,117,5],[117,8,117,9],[117,12,117,13],[118,4,118,5],[118,8,118,9],[118,12,118,13],[128,4,128,5],[128,8,128,9],[128,12,128,13],[129,4,129,5],[129,8,129,9],[129,12,129,13],[126,4,126,5],[126,8,126,9],[126,12,126,13],[127,4,127,5],[127,8,127,9],[127,12,127,13],[123,4,123,5],[123,8,123,9],[123,12,123,13],[125,4,125,5],[124,8,124,9],[124,12,124,13],[147,4,147,5],[147,8,147,9],[147,12,147,13],[148,4,148,5],[148,8,148,9],[148,12,148,13],[145,14,146,14],[145,15,146,15],[145,16,146,16],[145,17,146,17],[146,4,146,5],[146,8,146,9],[146,12,146,13],[130,1,130,3],[130,4,130,5],[130,8,130,9],[130,12,130,13],[145,4,145,5],[145,8,145,9],[145,12,145,13],[153,4,153,5],[153,8,153,9],[153,12,153,13],[154,4,154,5],[154,8,154,9],[154,12,154,13],[151,4,151,5],[151,8,151,9],[151,12,151,13],[152,4,152,5],[152,8,152,9],[152,12,152,13],[149,4,149,5],[149,8,149,9],[149,12,149,13],[150,4,150,5],[150,8,150,9],[150,12,150,13],[159,4,159,5],[159,8,159,9],[159,12,159,13],[160,4,160,5],[160,8,160,9],[160,12,160,13],[157,4,157,5],[157,8,157,9],[157,12,157,13],[158,4,158,5],[158,8,158,9],[158,12,158,13],[155,4,155,5],[155,8,155,9],[155,12,155,13],[156,4,156,5],[156,8,156,9],[156,12,156,13],[168,15,168,17],[178,2,178,5],[178,10,178,13],[179,4,179,5],[179,12,179,13],[180,4,180,5],[180,12,180,13],[164,1,164,3],[164,4,164,5],[164,8,164,9],[164,12,164,13],[168,8,168,11],[168,12,168,14],[160,14,164,17],[161,4,161,5],[161,8,161,9],[161,12,161,13],[162,4,162,5],[162,8,162,9],[162,12,162,13],[163,4,163,5],[163,8,163,9],[163,12,163,13],[187,4,187,5],[187,12,187,13],[188,4,188,5],[188,12,188,13],[189,4,189,5],[189,12,189,13],[184,4,184,5],[184,12,184,13],[185,4,185,5],[185,12,185,13],[186,4,186,5],[186,12,186,13],[181,4,181,5],[181,12,181,13],[182,4,182,5],[182,12,182,13],[183,4,183,5],[183,12,183,13],[196,1,196,3],[196,4,196,5],[196,12,196,13],[209,2,209,5],[209,6,209,9],[210,4,210,5],[210,8,210,9],[193,4,193,5],[193,12,193,13],[194,4,194,5],[194,12,194,13],[195,4,195,5],[195,12,195,13],[190,4,190,5],[190,12,190,13],[191,4,191,5],[191,12,191,13],[192,4,192,5],[192,12,192,13],[217,4,217,5],[217,8,217,9],[218,4,218,5],[218,8,218,9],[219,4,219,5],[219,8,219,9],[214,4,214,5],[214,8,214,9],[215,4,215,5],[215,8,215,9],[216,4,216,5],[216,8,216,9],[211,4,211,5],[211,8,211,9],[212,4,212,5],[212,8,212,9],[213,4,213,5],[213,8,213,9],[226,4,226,5],[226,8,226,9],[227,1,227,3],[227,4,227,5],[227,8,227,9],[240,2,240,5],[223,4,223,5],[223,8,223,9],[224,4,224,5],[224,8,224,9],[225,4,225,5],[225,8,225,9],[220,4,220,5],[220,8,220,9],[221,4,221,5],[221,8,221,9],[222,4,222,5],[222,8,222,9],[274,2,274,5],[275,4,275,5],[259,1,259,3],[259,4,259,5],[253,4,253,5],[254,4,254,5],[255,4,255,5],[256,4,256,5],[257,4,257,5],[258,4,258,5],[247,4,247,5],[248,4,248,5],[249,4,249,5],[250,4,250,5],[251,4,251,5],[252,4,252,5],[241,4,241,5],[242,4,242,5],[243,4,243,5],[244,4,244,5],[245,4,245,5],[246,4,246,5],[288,4,288,5],[289,4,289,5],[290,4,290,5],[291,4,291,5],[292,4,292,5],[293,1,293,3],[293,4,293,5],[282,4,282,5],[283,4,283,5],[284,4,284,5],[285,4,285,5],[286,4,286,5],[287,4,287,5],[276,4,276,5],[277,4,277,5],[278,4,278,5],[279,4,279,5],[280,4,280,5],[281,4,281,5],[312,4,312,5],[312,8,312,9],[312,12,312,13],[313,4,313,5],[313,8,313,9],[313,12,313,13],[309,17,310,17],[310,4,310,5],[310,8,310,9],[310,12,310,13],[311,4,311,5],[311,8,311,9],[311,12,311,13],[309,4,309,5],[309,8,309,9],[309,12,309,13],[309,14,310,14],[309,15,310,15],[309,16,310,16],[318,4,318,5],[318,8,318,9],[318,12,318,13],[319,4,319,5],[319,8,319,9],[319,12,319,13],[316,4,316,5],[316,8,316,9],[316,12,316,13],[317,4,317,5],[317,8,317,9],[317,12,317,13],[314,4,314,5],[314,8,314,9],[314,12,314,13],[315,4,315,5],[315,8,315,9],[315,12,315,13],[324,4,324,5],[324,8,324,9],[324,12,324,13],[324,14,328,17],[325,4,325,5],[325,8,325,9],[325,12,325,13],[326,4,326,5],[326,8,326,9],[326,12,326,13],[322,4,322,5],[322,8,322,9],[322,12,322,13],[323,4,323,5],[323,8,323,9],[323,12,323,13],[320,4,320,5],[320,8,320,9],[320,12,320,13],[321,4,321,5],[321,8,321,9],[321,12,321,13],[333,8,333,11],[333,12,333,14],[333,15,333,17],[344,4,344,5],[344,8,344,9],[344,12,344,13],[344,14,345,14],[344,15,345,15],[344,16,345,16],[344,17,345,17],[327,4,327,5],[327,8,327,9],[327,12,327,13],[328,1,328,3],[328,4,328,5],[328,8,328,9],[328,12,328,13],[349,4,349,5],[349,8,349,9],[349,12,349,13],[350,4,350,5],[350,8,350,9],[350,12,350,13],[347,4,347,5],[347,8,347,9],[347,12,347,13],[348,4,348,5],[348,8,348,9],[348,12,348,13],[345,4,345,5],[345,8,345,9],[345,12,345,13],[346,4,346,5],[346,8,346,9],[346,12,346,13],[355,4,355,5],[355,8,355,9],[355,12,355,13],[356,4,356,5],[356,8,356,9],[356,12,356,13],[353,4,353,5],[353,8,353,9],[353,12,353,13],[354,4,354,5],[354,8,354,9],[354,12,354,13],[351,4,351,5],[351,8,351,9],[351,12,351,13],[352,4,352,5],[352,8,352,9],[352,12,352,13],[363,1,363,3],[363,4,363,5],[363,8,363,9],[363,12,363,13],[359,4,359,5],[359,8,359,9],[359,12,359,13],[359,14,363,17],[360,4,360,5],[360,8,360,9],[360,12,360,13],[361,4,361,5],[361,8,361,9],[361,12,361,13],[357,4,357,5],[357,8,357,9],[357,12,357,13],[358,4,358,5],[358,8,358,9],[358,12,358,13],[380,4,380,5],[380,8,380,9],[380,12,380,13],[381,4,381,5],[381,8,381,9],[381,12,381,13],[367,8,367,11],[367,12,367,14],[367,15,367,17],[379,4,379,5],[379,8,379,9],[379,12,379,13],[379,14,380,14],[379,15,380,15],[379,16,380,16],[379,17,380,17],[362,4,362,5],[362,8,362,9],[362,12,362,13],[386,4,386,5],[386,8,386,9],[386,12,386,13],[387,4,387,5],[387,8,387,9],[387,12,387,13],[384,4,384,5],[384,8,384,9],[384,12,384,13],[385,4,385,5],[385,8,385,9],[385,12,385,13],[382,4,382,5],[382,8,382,9],[382,12,382,13],[383,4,383,5],[383,8,383,9],[383,12,383,13],[392,4,392,5],[392,8,392,9],[392,12,392,13],[393,4,393,5],[393,8,393,9],[393,12,393,13],[390,4,390,5],[390,8,390,9],[390,12,390,13],[391,4,391,5],[391,8,391,9],[391,12,391,13],[388,4,388,5],[388,8,388,9],[388,12,388,13],[389,4,389,5],[389,8,389,9],[389,12,389,13],[402,8,402,11],[402,12,402,14],[402,15,402,17],[413,2,413,5],[414,4,414,5],[415,4,415,5],[397,4,397,5],[397,8,397,9],[397,12,397,13],[398,1,398,3],[398,4,398,5],[398,8,398,9],[398,12,398,13],[394,4,394,5],[394,8,394,9],[394,12,394,13],[394,14,398,17],[395,4,395,5],[395,8,395,9],[395,12,395,13],[396,4,396,5],[396,8,396,9],[396,12,396,13],[428,4,428,5],[429,4,429,5],[430,4,430,5],[431,1,431,3],[431,4,431,5],[445,2,445,5],[422,4,422,5],[423,4,423,5],[424,4,424,5],[425,4,425,5],[426,4,426,5],[427,4,427,5],[416,4,416,5],[417,4,417,5],[418,4,418,5],[419,4,419,5],[420,4,420,5],[421,4,421,5],[458,4,458,5],[459,4,459,5],[460,4,460,5],[461,4,461,5],[462,4,462,5],[463,1,463,3],[463,4,463,5],[452,4,452,5],[453,4,453,5],[454,4,454,5],[455,4,455,5],[456,4,456,5],[457,4,457,5],[446,4,446,5],[447,4,447,5],[448,4,448,5],[449,4,449,5],[450,4,450,5],[451,4,451,5],[490,4,490,5],[491,4,491,5],[492,4,492,5],[493,4,493,5],[494,4,494,5],[495,4,495,5],[484,4,484,5],[485,4,485,5],[486,4,486,5],[487,4,487,5],[488,4,488,5],[489,4,489,5],[478,2,478,5],[479,4,479,5],[480,4,480,5],[481,4,481,5],[482,4,482,5],[483,4,483,5],[522,4,522,5],[523,4,523,5],[524,4,524,5],[525,4,525,5],[526,4,526,5],[527,4,527,5],[516,4,516,5],[517,4,517,5],[518,4,518,5],[519,4,519,5],[520,4,520,5],[521,4,521,5],[496,1,496,3],[496,4,496,5],[512,2,512,5],[513,4,513,5],[514,4,514,5],[515,4,515,5],[553,4,553,5],[554,4,554,5],[555,4,555,5],[556,4,556,5],[557,4,557,5],[558,4,558,5],[547,4,547,5],[548,4,548,5],[549,4,549,5],[550,4,550,5],[551,4,551,5],[552,4,552,5],[528,4,528,5],[529,4,529,5],[530,1,530,3],[530,4,530,5],[545,2,545,5],[546,4,546,5],[583,4,583,5],[583,8,583,9],[584,4,584,5],[584,8,584,9],[585,4,585,5],[585,8,585,9],[580,2,580,5],[580,6,580,9],[581,4,581,5],[581,8,581,9],[582,4,582,5],[582,8,582,9],[559,4,559,5],[560,4,560,5],[561,4,561,5],[562,4,562,5],[563,1,563,3],[563,4,563,5],[592,4,592,5],[592,8,592,9],[593,4,593,5],[593,8,593,9],[594,4,594,5],[594,8,594,9],[589,4,589,5],[589,8,589,9],[590,4,590,5],[590,8,590,9],[591,4,591,5],[591,8,591,9],[586,4,586,5],[586,8,586,9],[587,4,587,5],[587,8,587,9],[588,4,588,5],[588,8,588,9],[614,4,614,5],[615,4,615,5],[616,4,616,5],[617,4,617,5],[618,4,618,5],[619,4,619,5],[598,4,598,5],[598,8,598,9],[599,1,599,3],[599,4,599,5],[599,8,599,9],[613,2,613,5],[595,4,595,5],[595,8,595,9],[596,4,596,5],[596,8,596,9],[597,4,597,5],[597,8,597,9],[646,2,646,5],[646,6,646,9],[646,10,646,13],[647,4,647,5],[647,8,647,9],[647,12,647,13],[626,4,626,5],[627,4,627,5],[628,4,628,5],[629,4,629,5],[630,4,630,5],[631,1,631,3],[631,4,631,5],[620,4,620,5],[621,4,621,5],[622,4,622,5],[623,4,623,5],[624,4,624,5],[625,4,625,5],[652,4,652,5],[652,8,652,9],[652,12,652,13],[653,4,653,5],[653,8,653,9],[653,12,653,13],[650,4,650,5],[650,8,650,9],[650,12,650,13],[651,4,651,5],[651,8,651,9],[651,12,651,13],[648,4,648,5],[648,8,648,9],[648,12,648,13],[649,4,649,5],[649,8,649,9],[649,12,649,13],[658,4,658,5],[658,8,658,9],[658,12,658,13],[659,4,659,5],[659,8,659,9],[659,12,659,13],[656,4,656,5],[656,8,656,9],[656,12,656,13],[657,4,657,5],[657,8,657,9],[657,12,657,13],[654,4,654,5],[654,8,654,9],[654,12,654,13],[655,4,655,5],[655,8,655,9],[655,12,655,13],[664,4,664,5],[664,8,664,9],[664,12,664,13],[665,1,665,3],[665,4,665,5],[665,8,665,9],[665,12,665,13],[662,4,662,5],[662,8,662,9],[662,12,662,13],[663,4,663,5],[663,8,663,9],[663,12,663,13],[660,4,660,5],[660,8,660,9],[660,12,660,13],[661,4,661,5],[661,8,661,9],[661,12,661,13],[685,4,685,5],[685,8,685,9],[686,4,686,5],[686,8,686,9],[687,4,687,5],[687,8,687,9],[682,4,682,5],[682,8,682,9],[683,4,683,5],[683,8,683,9],[684,4,684,5],[684,8,684,9],[679,2,679,5],[679,6,679,9],[680,4,680,5],[680,8,680,9],[681,4,681,5],[681,8,681,9],[694,4,694,5],[694,8,694,9],[695,4,695,5],[695,8,695,9],[696,4,696,5],[696,8,696,9],[691,4,691,5],[691,8,691,9],[692,4,692,5],[692,8,692,9],[693,4,693,5],[693,8,693,9],[688,4,688,5],[688,8,688,9],[689,4,689,5],[689,8,689,9],[690,4,690,5],[690,8,690,9],[717,4,717,5],[717,8,717,9],[718,4,718,5],[718,8,718,9],[719,4,719,5],[719,8,719,9],[714,1,715,1],[714,4,714,5],[714,8,714,9],[715,4,715,5],[715,8,715,9],[716,4,716,5],[716,8,716,9],[697,4,697,5],[697,8,697,9],[698,1,698,3],[698,4,698,5],[698,8,698,9],[713,2,713,5],[713,6,713,9],[726,4,726,5],[726,8,726,9],[727,4,727,5],[727,8,727,9],[728,4,728,5],[728,8,728,9],[723,4,723,5],[723,8,723,9],[724,4,724,5],[724,8,724,9],[725,4,725,5],[725,8,725,9],[720,4,720,5],[720,8,720,9],[721,4,721,5],[721,8,721,9],[722,4,722,5],[722,8,722,9],[748,4,748,5],[748,8,748,9],[748,12,748,13],[749,4,749,5],[749,8,749,9],[749,12,749,13],[732,1,732,3],[732,4,732,5],[732,8,732,9],[747,2,747,5],[747,6,747,9],[747,10,747,13],[729,4,729,5],[729,8,729,9],[730,4,730,5],[730,8,730,9],[731,4,731,5],[731,8,731,9],[754,4,754,5],[754,8,754,9],[754,12,754,13],[755,4,755,5],[755,8,755,9],[755,12,755,13],[752,4,752,5],[752,8,752,9],[752,12,752,13],[753,4,753,5],[753,8,753,9],[753,12,753,13],[750,4,750,5],[750,8,750,9],[750,12,750,13],[751,4,751,5],[751,8,751,9],[751,12,751,13],[760,4,760,5],[760,8,760,9],[760,12,760,13],[761,4,761,5],[761,8,761,9],[761,12,761,13],[758,4,758,5],[758,8,758,9],[758,12,758,13],[759,4,759,5],[759,8,759,9],[759,12,759,13],[756,4,756,5],[756,8,756,9],[756,12,756,13],[757,4,757,5],[757,8,757,9],[757,12,757,13],[766,1,766,3],[766,4,766,5],[766,8,766,9],[766,12,766,13],[780,2,780,5],[781,4,781,5],[764,4,764,5],[764,8,764,9],[764,12,764,13],[765,4,765,5],[765,8,765,9],[765,12,765,13],[762,4,762,5],[762,8,762,9],[762,12,762,13],[763,4,763,5],[763,8,763,9],[763,12,763,13],[794,4,794,5],[795,4,795,5],[796,4,796,5],[797,4,797,5],[798,4,798,5],[799,1,799,3],[799,4,799,5],[788,4,788,5],[789,4,789,5],[790,4,790,5],[791,4,791,5],[792,4,792,5],[793,4,793,5],[782,4,782,5],[783,4,783,5],[784,4,784,5],[785,4,785,5],[786,4,786,5],[787,4,787,5],[822,4,822,5],[822,8,822,9],[822,12,822,13],[823,4,823,5],[823,8,823,9],[823,12,823,13],[820,4,820,5],[820,8,820,9],[820,12,820,13],[821,4,821,5],[821,8,821,9],[821,12,821,13],[812,0,814,18],[818,2,818,5],[818,6,818,9],[818,10,818,13],[819,4,819,5],[819,8,819,9],[819,12,819,13],[828,4,828,5],[828,8,828,9],[828,12,828,13],[829,4,829,5],[829,8,829,9],[829,12,829,13],[826,4,826,5],[826,8,826,9],[826,12,826,13],[827,4,827,5],[827,8,827,9],[827,12,827,13],[824,4,824,5],[824,8,824,9],[824,12,824,13],[825,4,825,5],[825,8,825,9]],"merged_total":2220,"flags":["merged_cut"]}
[null,null,"Ministério do Desenvolvimento Regional  - MDR"]
[null,null,"Companhia de Desenvolvimento dos Vales do São Francisco e do Parnaíba"]
["Gerência de Operação do PISF - Centro de Controle e Operação (AD / GOI / CCO)"]
[]
["TERMO DE REFERÊNCIA PARA CONTRATAÇÃO DOS RECURSOS NECESSÁRIOS À OPERAÇÃO E MANUTENÇÃO DAS INFRAESTRUTURAS DO EIXO LESTE DO PISF - PROJETO DE INTEGRAÇÃO DO SÃO FRANCISCO COM AS BACIAS HIDROGRÁFICAS DO NORDESTE SETENTRIONAL"]
[]
[]
["COMPOSIÇÃO DE PREÇO - EQUIPAMENTOS"]
[]
[]
[null,"COMPOSIÇÕES - EQUIPAMENTOS - CIVIL"]
[]
[]
[]
[null,38,{"$nulls":4},25,null,null,null,17]
[null,"CHP e CHI:"]
[null,null,"Pá Carregadeira 128hp (SINAPI 4262)",null,null,null,"Grupo Gerador 145/160 KVA (E9776)",null,null,null,"Betoneira 600l- 10kW- motor a gasolina (E9519)"]
[null,null,"Cód.Comp.","Índice","SINAPI/PE ",null,"Cód.Comp.","Índice","SICRO",null,null,"Índice","SICRO"]
[null,null,"SINAPI","SINAPI","4262 (128Hp/95,4Kw)",null,null,"SICRO","E9776",null,null,"SICRO","E9519(600l)"]
[null,"Mês Ref.",null,null,"2022-04-01",null,null,null,"2022-01-01",null,null,null,"2022-01-01"]
[null,"Aquisição",4262,1,720000,null,null,null,107062.0469,null,null,null,38762.335099999997]
[null,"Depreciação",5627,5.5999999999999999E-5,40.32,null,null,null,5.3531000000000004,null,null,null,3.101]
[null,"Juros",5628,7.6000000000000001E-6,5.47,null,null,null,0]
[null,"Manutenção",5629,6.9999999999999994E-5,50.4,null,null,null,3.8235999999999999,null,null,null,2.3256999999999999]
[null,"Mat.na Op.",5630,10.77,73.77,null,null,null,0]
[null,"Óleo Diesel","I - 4221","I - 4221",6.85]
[null,"Operador ec",88301,1,33.33]
[null,"Oport.Capit.",{"$nulls":6},1.8874,null,null,null,0.71750000000000003]
[null,"Seg. e Imp."]
[null,"M.d.o"]
[null,"Operação",{"$nulls":6},107.5552,null,null,null,20.824999999999999]
[null,"CHP",null,null,203.28999999999996,null,null,null,118.6193,null,null,null,26.969200000000001]
[null,"CHI",null,null,79.12,null,null,null,7.2405000000000008,null,null,null,3.8185000000000002]
[null,"Horas Produtivas",null,42,8538.1799999999985,null,null,28,3321.3404,null,null,70,1887.8440000000001]
[null,"Horas Improdutivas",null,134,10602.08,null,null,148,1071.5940000000001,null,null,106,404.76100000000002]
[null,"TOTAL HPM+HIM",null,null,19140.259999999998,null,null,null,4392.9344000000001,null,null,null,2292.605]
[null,"Horas/dia","Dias/sem.","Dias/mês","Horas/mês"]
[null,24,7,30,720,"minimizado"]
[]
[null,"44 horas úteis semanais:",null,"Produtiva"]
[null,"hs/semana","semana","horas/dia","dias/sem.","horas/sem."]
[null,44,4,7,5,35]
[null,"=>",176,"Total de horas úteis/mês"]
[]
[]
[]
[null,37,{"$nulls":4},40]
[]
[null,null,"Bomba submersível - 3,6 KW (DNIT 9630)",null,null,null,"Lavadora de alta pressão, 10 hp (746)"]
[null,null,"Cód.Comp.","Índice","SICRO - DNIT",null,null,"Índice","SINAPI/PE "]
[null,null,"DNIT","DNIT","E9630",null,null,"SINAPI",746]
[null,"Mês Ref.",null,null,"2022-01-01",null,null,null,"2022-04-01"]
[null,"Aquisição","E9630",1,4479.8519999999999,null,null,746,2050]
[null,"Depreciação",null,null,0.3584,null,null,99829,0.14000000000000001]
[null,"Juros",{"$nulls":5},99830,0.01]
[null,"Manutenção",null,null,0.31359999999999999,null,null,99831,0.18]
[null,"Mat.na Op."]
[null,"Óleo Diesel"]
[null,"Operador ec"]
[null,"Oport.Capit.",null,null,8.2900000000000001E-2]
[null,"Seg. e Imp."]
[null,"M.d.o"]
[null,"CHP",null,null,0.7548999999999999,null,null,null,0.33]
[null,"CHI",null,null,0.44130000000000003,null,null,null,0.15000000000000002]
[null,"Horas Produtivas",null,140,105.68599999999999,null,null,140,46.2]
[null,"Horas Improdutivas",null,36,15.886800000000001,null,null,36,5.4]
[null,"TOTAL HPM+HIM",null,null,121.5728,null,null,null,51.6]
[null,"Horas/dia","Dias/sem.","Dias/mês","Horas/mês"]
[null,24,7,30,720,"minimizado"]
[]
[null,"44 horas úteis semanais:",null,"Produtiva"]
[null,"hs/semana","semana","horas/dia","dias/sem.","horas/sem."]
[null,44,4,7,5,35]
[null,"=>",176,"Total de horas úteis/mês"]
[]
[]
[]
[null,10]
[]
[null,null,"Motobomba Trash Autoescorvante (36503)"]
[null,null,"Cód.Comp.","Índice","SINAPI/PE "]
[null,null,"SINAPI","SINAPI",36503]
[null,"Mês Ref.",null,null,"2022-04-01"]
[null,"Aquisição",36503,1,4262.72]
[null,"Depreciação",7044,6.3999999999999997E-5,0.27]
[null,"Juros",7045,7.6000000000000001E-6,0.03]
[null,"Manutenção",7046,6.9999999999999994E-5,0.28999999999999998]
[null,"Mat.na Op.",7047,4.0599999999999996,29.39]
[null,"Gasolina comum","I - 4222","I - 4222",7.24]
[null,"Operador ec"]
[null,"Oport.Capit."]
[null,"Seg. e Imp."]
[null,"M.d.o"]
[null,"CHP",null,null,29.98]
[null,"CHI",null,null,0.30000000000000004]
[null,"Horas Produtivas",null,14,419.72]
[null,"Horas Improdutivas",null,162,48.600000000000009]
[null,"TOTAL HPM+HIM",null,null,468.32000000000005]
[]
[null,"Horas/dia","Dias/sem.","Dias/mês","Horas/mês"]
[null,24,7,30,720,"minimizado"]
[]
[null,"44 horas úteis semanais:",null,"Produtiva"]
[null,"hs/semana","semana","horas/dia","dias/sem.","horas/sem."]
[null,44,4,7,5,35]
[null,"=>",176,"Total de horas úteis/mês"]
[]
[]
[]
[null,0,{"$nulls":4},35,null,null,null,39]
[]
[null,null,"Escavadeira, caçamba 173 hp (SICRO E9017)",null,null,null,"Grupo gerador 310/340 kva (E9778)",null,null,null,"Serra circular, 5hp (E9535)"]
[null,null,"Cód.Comp.","Índice","SICRO",null,"Cód.Comp.","Índice","SICRO",null,null,"Índice","SICRO - DNIT"]
[null,null,"SICRO","SICRO","E9017",null,null,"SICRO","E9778",null,null,"SICRO - DNIT","E9535"]
[null,"Mês Ref.",null,null,"01/041/2022",null,null,null,"2022-01-01",null,null,null,"2022-01-01"]
[null,"Aquisição",{"$nulls":6},203207.44190000001,null,null,"E9535",5261.9063999999998]
[null,"Depreciação",{"$nulls":6},10.160399999999999,null,null,null,0.47360000000000002]
[null,"Juros",{"$nulls":6},0,null,null,null,0]
[null,"Manutenção",{"$nulls":6},7.2573999999999996,null,null,null,0.2631]
[null,"Mat.na Op.",{"$nulls":6},0,null,null,null,0]
[null,"Óleo Diesel"]
[null,"Operador ec",{"$nulls":9},0]
[null,"Oport.Capit.",{"$nulls":6},3.5823,null,null,null,9.74E-2]
[null,"Seg. e Imp."]
[null,"M.d.o"]
[null,"Operação",{"$nulls":6},241.072]
[null,"CHP",null,null,178.24,null,null,null,262.07209999999998,null,null,null,0.83410000000000006]
[null,"CHI",null,null,89.32,null,null,null,13.742699999999999,null,null,null,0.57100000000000006]
[null,"Horas Produtivas",null,42,7486.08,null,null,14,3669.0093999999999,null,null,140,116.77400000000002]
[null,"Horas Improdutivas",null,134,11968.88,null,null,162,2226.3173999999999,null,null,36,20.556000000000001]
[null,"TOTAL HPM+HIM",null,null,19454.96,null,null,null,5895.3267999999998,null,null,null,137.33000000000001]
[]
[null,"Horas/dia","Dias/sem.","Dias/mês","Horas/mês"]
[null,24,7,30,720,"minimizado"]
[]
[null,"44 horas úteis semanais:",null,"Produtiva"]
[null,"hs/semana","semana","horas/dia","dias/sem.","horas/sem."]
[null,44,4,7,5,35]
[null,"=>",176,"Total de horas úteis/mês"]
[]
[]
[]
[null,"CRITERIO RECEITA FEDERAL",null,"3.1.36",null,null,"3.1.38",{"$nulls":4},"3.1.39"]
[null,"CHP e CHI:",null,"Máquina de solda, 250A (40403); Lixadeira elétrica, 1400 W (13192); Máquina para corte, 10 Cv (14619)"]
[]
[null,null,"Cód.Comp.","Índice","SINAPI/PE (AS)",null,"Cód.Comp.","Índice","SINAPI/PE (AS)",null,null,"Índice","SINAPI/PE (AS)",null,"1º.Pag.","ATUAL","Dif.","+ ou -"]
[null,null,"SINAPI","SINAPI",null,null,null,"SINAPI",null,null,null,"SINAPI"]
[null,"Mês Ref.",null,null,"2021-10-01",null,null,null,"2021-10-01",null,null,null,"2021-10-01",null,"2021-01-01","2021-03-01"]
[null,"Aquisição",40403,null,606.66999999999996,null,13192,null,4239.03,null,14619,null,11982.58]
[null,"Depreciação (RF)",null,null,0,null,null,null,0,null,null,null,0]
[null,"Juros",null,null,0,null,null,null,0,null,null,null,0]
[null,"Manutenção",null,null,0,null,null,null,0,null,null,null,0]
[null,"Mat.na Op.",null,null,0,null,null,null,0,null,null,null,0]
[null,"Óleo Diesel","I - 4221","I - 4221",null,null,null,"I - 4221",5.58,null,null,"I - 4221",5.58]
[null,"Operador ec",88301,1,null,null,null,0,null,null,null,0]
[null,"Oport.Capit."]
[null,"Seg. e Imp."]
[null,"M.d.o"]
[null,"CHP",null,"%CHP",0,null,null,"%CHP",0,null,null,"%CHP",0]
[null,"CHI",null,{"$error":"#DIV/0!"},0,null,null,{"$error":"#DIV/0!"},0,null,null,{"$error":"#DIV/0!"},0]
[null,"CHS",null,{"$error":"#DIV/0!"},0,null,null,{"$error":"#DIV/0!"},0,null,null,{"$error":"#DIV/0!"},0]
[null,"Horas Produtivas",null,120,0,null,null,40,0,null,null,80,0]
[null,"Horas Improdutivas",null,56,0,null,null,136,0,null,null,96,0]
[null,"Horas de sobreaviso(1/3)",null,544,{"$error":"#REF!"},null,null,544,0,null,null,544,0]
[null,"TOTAL HPM+HIM",null,null,{"$error":"#REF!"},null,null,null,0,null,null,null,0]
[null,null,"Preço Base Codevasf:"]
[null,"Horas/dia","Dias/sem.","Dias/mês","Horas/mês"]
[null,24,7,28,672,"minimizado"]
[{"$nulls":8},"Máquina de solda",null,null,null,"Lixadeira elétrica",null,null,"Máquina para corte"]
[null,"44 horas úteis semanais:",null,"Produtiva",{"$nulls":4},"Produtiva","Improdutiva",null,"Sobreaviso","Produtiva","Improdutiva","Sobreaviso","Produtiva","Improdutiva","Sobreaviso"]
[null,"hs/semana","semana","horas/dia","dias/sem.","horas/sem.",null,"semanas","horas/mês","horas/mês",null,"horas/mês","horas/mês","horas/mês","horas/mês","horas/mês","horas/mês","horas/mês"]
[null,44,4,6,5,30,null,4,120,56,null,544,40,136,544,80,96,544]
[null,"=>",176,"Total de horas úteis/mês",null,null,null,"-120","=>",56,null,720,null,null,720,null,null,720]
[]
[]
[]
[null,43,{"$nulls":8},55]
[]
[null,null,"Martele rompedor, 33 kg (40703)",{"$nulls":7},"Minicarregadeira, 47 hp (37514)"]
[null,null,"Cód.Comp.","Índice","SINAPI/PE (AS)",{"$nulls":6},"Índice","SINAPI/PE "]
[null,null,"SINAPI","SINAPI",40703,{"$nulls":6},"SINAPI",37514]
[null,"Mês Ref.",null,null,"2022-04-01",{"$nulls":7},"2022-04-01"]
[null,"Aquisição",40703,1,7700,{"$nulls":5},37514,1,400000]
[null,"Depreciação",102270,6.3999999999999997E-5,0.49,{"$nulls":5},90688,8.0000000000000007E-5,32]
[null,"Juros",102271,7.5000000000000002E-6,0.05,{"$nulls":5},90689,8.1000000000000004E-6,3.24]
[null,"Manutenção",102272,8.0000000000000007E-5,0.61,{"$nulls":5},90690,1E-4,40]
[null,"Mat.na Op.",{"$nulls":8},90691,6.66,0]
[null,"Energia elétrica (kW)",{"$nulls":8},4221,1,6.85]
[null,"Operador ec"]
[null,"Oport.Capit."]
[null,"Seg. e Imp."]
[null,"M.d.o"]
[null,"CHP",null,null,1.1499999999999999,{"$nulls":7},75.240000000000009]
[null,"CHI",null,null,0.54,{"$nulls":7},35.24]
[null,"Horas Produtivas",null,140,161,{"$nulls":6},28,2106.7200000000003]
[null,"Horas Improdutivas",null,36,19.440000000000001,{"$nulls":6},148,5215.5200000000004]
[null,"TOTAL HPM+HIM",null,null,180.44,{"$nulls":7},7322.2400000000007]
[null,"Horas/dia","Dias/sem.","Dias/mês","Horas/mês"]
[null,24,7,30,720,"minimizado"]
[]
[null,"44 horas úteis semanais:",null,"Produtiva"]
[null,"hs/semana","semana","horas/dia","dias/sem.","horas/sem."]
[null,44,4,7,5,35]
[null,"=>",176,"Total de horas úteis/mês"]
[]
[]
[]
[null,51,{"$nulls":4},43]
[]
[null,null,"Motoniveladora, 171 hp (13227)",null,null,null,"Perfuratriz, 18 kg (11651)"]
[null,null,"Cód.Comp.","Índice","SINAPI/PE ",null,"Cód.Comp.","Índice","SINAPI/PE (AS)"]
[null,null,"SINAPI",null,13227,null,null,null,11651]
[null,"Mês Ref.",null,null,"2022-04-01",null,null,null,"2022-04-01"]
[null,"Aquisição",13227,1,1615412.11,null,11651,1,12793.74]
[null,"Depreciação",89228,4.0000000000000003E-5,64.61,null,95617,6.3999999999999997E-5,0.81]
[null,"Juros",89229,7.1999999999999997E-6,11.63,null,95618,7.6000000000000001E-6,0.09]
[null,"Manutenção",5779,6.4300000000000004E-5,103.87,null,95619,8.0000000000000007E-5,1.02]
[null,"Mat.na Op.",53849,13.99,95.83,null,null,null,0]
[null,"Óleo Diesel","I - 4221","I - 4221",6.85]
[null,"Operador ec",88300,1,41.29]
[null,"Oport.Capit."]
[null,"Seg. e Imp."]
[null,"M.d.o"]
[null,"CHP",null,null,317.23,null,null,null,1.92]
[null,"CHI",null,null,117.53,null,null,null,0.9]
[null,"Horas Produtivas",null,56,17764.88,null,null,140,268.8]
[null,"Horas Improdutivas",null,120,14103.6,null,null,36,32.4]
[null,"TOTAL HPM+HIM",null,null,31868.480000000003,null,null,null,301.2]
[null,"Horas/dia","Dias/sem.","Dias/mês","Horas/mês"]
[null,24,7,30,720,"minimizado"]
[]
[null,"44 horas úteis semanais:",null,"Produtiva"]
[null,"hs/semana","semana","horas/dia","dias/sem.","horas/sem."]
[null,44,4,7,5,35]
[null,"=>",176,"Total de horas úteis/mês"]
[]
[]
[]
[null,5]
[]
[null,null,"Motoserra - 2,30 kW (DNIT E9585)"]
[null,null,"Cód.Comp.","Índice","DNIT"]
[null,null,"DNIT","DNIT"]
[null,"Mês Ref.",null,null,"2022-01-01"]
[null,"Aquisição",null,null,1221.7498000000001]
[null,"Depreciação",null,null,0.9163]
[null,"Juros"]
[null,"Manutenção",null,null,0.9163]
[null,"Operação",null,null,4.7897999999999996]
[null,"Mat.na Op."]
[null,"Óleo Diesel"]
[null,"Operador ec"]
[null,"Oport.Capit.",null,null,0.12559999999999999]
[null,"Seg. e Imp."]
[null,"M.d.o"]
[null,"CHP",null,null,6.7479999999999993]
[null,"CHI",null,null,1.0419]
[null,"Horas Produtivas",null,14,94.471999999999994]
[null,"Horas Improdutivas",null,162,168.7878]
[null,"TOTAL HPM+HIM",null,null,263.25979999999998]
[null,"Horas/dia","Dias/sem.","Dias/mês","Horas/mês"]
[null,24,7,30,720,"minimizado"]
[]
[null,"44 horas úteis semanais:",null,"Produtiva"]
[null,"hs/semana","semana","horas/dia","dias/sem.","horas/sem."]
[null,44,4,7,5,35]
[null,"=>",176,"Total de horas úteis/mês"]
[]
[]
[]
[]
[]
[null,8]
[]
[null,null,"Roçadeira costal ,32 cc ( DNIT E9089)"]
[null,null,"Cód.Comp.","Índice","DNIT"]
[null,null,"DNIT","DNIT","E9089"]
[null,"Mês Ref.",null,null,"2022-01-01"]
[null,"Aquisição","E9089",null,2592.4348]
[null,"Depreciação",null,null,0.38890000000000002]
[null,"Juros"]
[null,"Operação",null,null,9.1630000000000003]
[null,"Manutenção",null,null,0.30249999999999999]
[null,"Mat.na Op."]
[null,"Óleo Diesel"]
[null,"Operador ec"]
[null,"Oport.Capit.",null,null,5.33E-2]
[null,"Seg. e Imp."]
[null,"M.d.o"]
[null,"CHP",null,null,9.9077000000000002]
[null,"CHI",null,null,0.44220000000000004]
[null,"Horas Produtivas",null,28,277.41559999999998]
[null,"Horas Improdutivas",null,148,65.445599999999999]
[null,"TOTAL HPM+HIM",null,null,342.8612]
[]
[null,"Horas/dia","Dias/sem.","Dias/mês","Horas/mês"]
[null,24,7,30,720,"minimizado"]
[]
[null,"44 horas úteis semanais:",null,"Produtiva"]
[null,"hs/semana","semana","horas/dia","dias/sem.","horas/sem."]
[null,44,4,7,5,35]
[null,"=>",176,"Total de horas úteis/mês"]
[]
[]
[]
[]
[null,null,null,"3.1.55",null,null,"3.1.56",{"$nulls":4},"3.1.57"]
[null,"CHP e CHI:",null,"Motor a diesel, 4,7 CV (39628); Vibrador de imersão, ponteira 35 mm (39399); Vibrador de imersão, ponteira 45 mm (39400)"]
[]
[null,null,"Cód.Comp.","Índice","SINAPI/PE (AS)",null,"Cód.Comp.","Índice","SINAPI/PE (AS)",null,null,"Índice","SINAPI/PE (AS)",null,"1º.Pag.","ATUAL","Dif.","+ ou -"]
[null,null,"SINAPI","SINAPI",39628,null,null,"SINAPI",39399,null,null,"SINAPI",39400]
[null,"Mês Ref.",null,null,"2021-10-01",null,null,null,"2021-10-01",null,null,null,"2021-10-01",null,"2021-01-01","2021-03-01"]
[null,"Aquisição",39628,1,3685.15,null,39399,1,1200.82,null,39400,1,1305.24]
[null,"Depreciação",null,null,0,null,null,null,0,null,null,null,0]
[null,"Juros",null,null,0,null,null,null,0,null,null,null,0]
[null,"Manutenção",null,null,0,null,null,null,0,null,null,null,0]
[null,"Mat.na Op.",null,null,0,null,null,null,0,null,null,null,0]
[null,"Óleo Diesel",{"$nulls":12},3.87,4.08,{"$error":"#DIV/0!"},"+"]
[null,"Operador ec",{"$nulls":12},36.11,36.11,{"$error":"#DIV/0!"},"+"]
[null,"Oport.Capit."]
[null,"Seg. e Imp."]
[null,"M.d.o"]
[null,"CHP",null,"%CHP",0,null,null,"%CHP",0,null,null,"%CHP",0]
[null,"CHI",null,{"$error":"#DIV/0!"},0,null,null,{"$error":"#DIV/0!"},0,null,null,{"$error":"#DIV/0!"},0]
[null,"CHS",null,{"$error":"#DIV/0!"},0,null,null,{"$error":"#DIV/0!"},0,null,null,{"$error":"#DIV/0!"},0,null,"Observação: Os operadores da betoneira e do grupo gerador foram contratados a parte no grupo de contratação de mão-de-obra, não incidindo esse valor na planilha da máquina."]
[null,"Horas Produtivas",null,120,0,null,null,40,0,null,null,80,0]
[null,"Horas Improdutivas",null,56,0,null,null,136,0,null,null,96,0]
[null,"Horas de sobreaviso(1/3)",null,544,0,null,null,544,0,null,null,544,0]
[null,"TOTAL HPM+HIM",null,null,0,null,null,null,0,null,null,null,0]
[null,null,"Preço Base Codevasf:",null,22405.040000000001,{"$error":"#DIV/0!"},null,null,4017.78,{"$error":"#DIV/0!"},null,null,1128.77,{"$error":"#DIV/0!"}]
[null,null,"Preço Contratado COP:",null,15683.36,{"$error":"#DIV/0!"},null,null,2812.48,{"$error":"#DIV/0!"},null,null,790.24,{"$error":"#DIV/0!"}]
[null,"Horas/dia","Dias/sem.","Dias/mês","Horas/mês"]
[null,24,7,28,672,"minimizado"]
[{"$nulls":8},"Pá carregadeira",null,null,null,"Grupo Gerador",null,null,"Betoneira"]
[null,"44 horas úteis semanais:",null,"Produtiva",{"$nulls":4},"Produtiva","Improdutiva",null,"Sobreaviso","Produtiva","Improdutiva","Sobreaviso","Produtiva","Improdutiva","Sobreaviso"]
[null,"hs/semana","semana","horas/dia","dias/sem.","horas/sem.",null,"semanas","horas/mês","horas/mês",null,"horas/mês","horas/mês","horas/mês","horas/mês","horas/mês","horas/mês","horas/mês"]
[null,44,4,6,5,30,null,4,120,56,null,544,40,136,544,80,96,544]
[null,"=>",176,"Total de horas úteis/mês",null,null,null,"-120","=>",56,null,720,null,null,720,null,null,720]
[]
[]
[]
[null,null,null,"3.1.58"]
[null,"CHP e CHI:",null,"Vibrador de imersão, ponteira 60 mm (39401)"]
[]
[null,null,"Cód.Comp.","Índice","SINAPI/PE (AS)",null,"Cód.Comp.","Índice","SINAPI/PE (AS)",null,null,"Índice","SINAPI/PE (AS)",null,"1º.Pag.","ATUAL","Dif.","+ ou -"]
[null,null,"SINAPI","SINAPI",39401,null,null,"SINAPI",null,null,null,"SINAPI"]
[null,"Mês Ref.",null,null,"2021-10-01",null,null,null,"2021-10-01",null,null,null,"2021-10-01",null,"2021-01-01","2021-03-01"]
[null,"Aquisição",39401,1,1464.17]
[null,"Depreciação",null,null,0,null,null,null,0,null,null,null,0]
[null,"Juros",null,null,0,null,null,null,0,null,null,null,0]
[null,"Manutenção",null,null,0,null,null,null,0,null,null,null,0]
[null,"Mat.na Op.",null,null,0,null,null,null,0,null,null,null,0]
[null,"Óleo Diesel",{"$nulls":12},3.87,4.08,{"$error":"#DIV/0!"},"+"]
[null,"Operador ec",{"$nulls":12},36.11,36.11,{"$error":"#DIV/0!"},"+"]
[null,"Oport.Capit."]
[null,"Seg. e Imp."]
[null,"M.d.o"]
[null,"CHP",null,"%CHP",0,null,null,"%CHP",0,null,null,"%CHP",0]
[null,"CHI",null,{"$error":"#DIV/0!"},0,null,null,{"$error":"#DIV/0!"},0,null,null,{"$error":"#DIV/0!"},0]
[null,"CHS",null,{"$error":"#DIV/0!"},0,null,null,{"$error":"#DIV/0!"},0,null,null,{"$error":"#DIV/0!"},0,null,"Observação: Os operadores da betoneira e do grupo gerador foram contratados a parte no grupo de contratação de mão-de-obra, não incidindo esse valor na planilha da máquina."]
[null,"Horas Produtivas",null,120,0,null,null,40,0,null,null,80,0]
[null,"Horas Improdutivas",null,56,0,null,null,136,0,null,null,96,0]
[null,"Horas de sobreaviso(1/3)",null,544,{"$error":"#REF!"},null,null,544,0,null,null,544,0]
[null,"TOTAL HPM+HIM",null,null,{"$error":"#REF!"},null,null,null,0,null,null,null,0]
[null,null,"Preço Base Codevasf:",null,null,{"$error":"#REF!"},null,null,null,{"$error":"#DIV/0!"},null,null,null,{"$error":"#DIV/0!"}]
[null,"Horas/dia","Dias/sem.","Dias/mês","Horas/mês"]
[null,24,7,28,672,"minimizado"]
[{"$nulls":8},"Pá carregadeira",null,null,null,"Grupo Gerador",null,null,"Betoneira"]
[null,"44 horas úteis semanais:",null,"Produtiva",{"$nulls":4},"Produtiva","Improdutiva",null,"Sobreaviso","Produtiva","Improdutiva","Sobreaviso","Produtiva","Improdutiva","Sobreaviso"]
[null,"hs/semana","semana","horas/dia","dias/sem.","horas/sem.",null,"semanas","horas/mês","horas/mês",null,"horas/mês","horas/mês","horas/mês","horas/mês","horas/mês","horas/mês","horas/mês"]
[null,44,4,6,5,30,null,4,120,56,null,544,40,136,544,80,96,544]
[null,"=>",176,"Total de horas úteis/mês",null,null,null,"-120","=>",56,null,720,null,null,720,null,null,720]
[]
[]
[]
[]
[null,null,null,"3.1.9",null,null,"3.1.10",null,"3.1.11"]
[null,"CHP e CHI:",null,"caminhão basculante - volume 10m³ (DNIT 9579); caminhão basculante - volume 6m³ (DNIT 9506); caminhão carroceria - capacidade 15t (DNIT 9592)"]
[null,null,null,"*trocar item DNIT 9579 por SINAPI 91386"]
[null,null,"Cód.Comp.","Índice","SICRO - DNIT",null,"Cód.Comp.","Índice","SINAPI/PE (AS)",null,null,"Índice","SINAPI/PE (AS)",null,"1º.Pag.","ATUAL","Dif.","+ ou -"]
[null,null,"DNIT","DNIT","E9579",null,"DNIT","DNIT",9506,null,"DNIT","DNIT",9592]
[null,"Mês Ref.",null,null,"2021-07-01",null,null,null,"2021-10-01",null,null,null,"2021-10-01",null,"2021-01-01","2021-03-01"]
[null,"Aquisição",91386,null,627612.16000000003,null,"E9506",{"$nulls":4},"E9592"]
[null,"Depreciação"]
[null,"Juros"]
[null,"Manutenção"]
[null,"Mat.na Op."]
[null,"Óleo Diesel",{"$nulls":15},"+"]
[null,"Operador ec",{"$nulls":15},"+"]
[null,"Oport.Capit."]
[null,"Seg. e Imp."]
[null,"M.d.o"]
[null,"CHP",null,"%CHP",0,null,null,"%CHP",0,null,null,"%CHP",0]
[null,"CHI",null,{"$error":"#DIV/0!"},0,null,null,{"$error":"#DIV/0!"},0,null,null,{"$error":"#DIV/0!"},0]
[null,"CHS",null,{"$error":"#DIV/0!"},0,null,null,{"$error":"#DIV/0!"},0,null,null,{"$error":"#DIV/0!"},0,null,"Observação: Os operadores da betoneira e do grupo gerador foram contratados a parte no grupo de contratação de mão-de-obra, não incidindo esse valor na planilha da máquina."]
[null,"Horas Produtivas",null,40,0,null,null,80,0,null,null,40,0]
[null,"Horas Improdutivas",null,136,0,null,null,96,0,null,null,136,0]
[null,"Horas de sobreaviso(1/3)",null,544,{"$error":"#REF!"},null,null,544,0,null,null,544,0]
[null,"TOTAL HPM+HIM",null,null,{"$error":"#REF!"},null,null,null,0,null,null,null,0]
[null,null,"Preço Base Codevasf:"]
[null,"Horas/dia","Dias/sem.","Dias/mês","Horas/mês"]
[null,24,7,28,672,"minimizado"]
[{"$nulls":8},"Bomba submersível",null,null,null,"Betoneira",null,null,"Lavadora"]
[null,"44 horas úteis semanais:",null,"Produtiva",{"$nulls":4},"Produtiva","Improdutiva",null,"Sobreaviso","Produtiva","Improdutiva","Sobreaviso","Produtiva","Improdutiva","Sobreaviso"]
[null,"hs/semana","semana","horas/dia","dias/sem.","horas/sem.",null,"semanas","horas/mês","horas/mês",null,"horas/mês","horas/mês","horas/mês","horas/mês","horas/mês","horas/mês","horas/mês"]
[null,44,4,6,5,30,null,4,40,136,null,544,80,96,544,40,136,544]
[null,"=>",176,"Total de horas úteis/mês",null,null,null,"-120","=>",56,null,720,null,null,720,null,null,720]
[]
[]
[]
[]
[null,0]
[]
[null,null,"caminhão basculante - volume 10m³ (E9579)"]
[null,null,"Cód.Comp.","Índice","sicro"]
[null,null,"SICRO","SICRO",91386]
[null,"Mês Ref.",null,null,"2022-01-01"]
[null,"Aquisição"]
[null,"Depreciação"]
[null,"Juros"]
[null,"Manutenção"]
[null,"Mat.na Op."]
[null,"Óleo Diesel"]
[null,"Operador ec"]
[null,"Oport.Capit."]
[null,"Seg. e Imp."]
[null,"M.d.o"]
[null,"CHP",null,"%CHP",249.494]
[null,"CHI",null,0.30411272415368706,75.874300000000005]
[null,"Horas Produtivas",null,56,13971.664000000001]
[null,"Horas Improdutivas",null,120,9104.9160000000011]
[null,"TOTAL HPM+HIM",null,null,23076.58]
[]
[null,"Horas/dia","Dias/sem.","Dias/mês","Horas/mês"]
[null,24,7,30,720,"minimizado"]
[]
[null,"44 horas úteis semanais:",null,"Produtiva"]
[null,"hs/semana","semana","horas/dia","dias/sem.","horas/sem."]
[null,44,4,7,5,35]
[null,"=>",176,"Total de horas úteis/mês"]
[]
[]
[]
[null,0]
[]
[null,null,"caminhão carroceria - capacidade 15t (E9592)"]
[null,null,"Cód.Comp.","Índice","SICRO"]
[null,null,"SICRO","SICRO","E9592"]
[null,"Mês Ref.",null,null,"2022-01-01"]
[null,"Aquisição"]
[null,"Depreciação"]
[null,"Juros"]
[null,"Manutenção"]
[null,"Mat.na Op."]
[null,"Óleo Diesel"]
[null,"Operador ec"]
[null,"Oport.Capit."]
[null,"Seg. e Imp."]
[null,"M.d.o"]
[null,"CHP",null,null,248.2681]
[null,"CHI",null,null,75.363]
[null,"Horas Produtivas",null,98,24330.273799999999]
[null,"Horas Improdutivas",null,78,5878.3140000000003]
[null,"TOTAL HPM+HIM",null,null,30208.587800000001]
[]
[]
[null,"Horas/dia","Dias/sem.","Dias/mês","Horas/mês"]
[null,24,7,30,720,"minimizado"]
[]
[null,"44 horas úteis semanais:",null,"Produtiva"]
[null,"hs/semana","semana","horas/dia","dias/sem.","horas/sem."]
[null,44,4,7,5,35]
[null,"=>",176,"Total de horas úteis/mês"]
[]
[]
[]
[null,0]
[]
[null,null,"Caminhão Comboio (DNIT E9509)"]
[null,null,"Cód.Comp.","Índice","SICRO"]
[null,null,"SICRO","SICRO","E9509"]
[null,"Mês Ref.",null,null,"2022-01-01"]
[null,"Aquisição"]
[null,"Depreciação"]
[null,"Juros"]
[null,"Manutenção"]
[null,"Mat.na Op."]
[null,"Óleo Diesel"]
[null,"Operador ec"]
[null,"Oport.Capit."]
[null,"Seg. e Imp."]
[null,"M.d.o"]
[null,"CHP",null,null,244.78819999999999]
[null,"CHI",null,null,72.114699999999999]
[null,"Horas Produtivas",null,79.8,19534.09836]
[null,"Horas Improdutivas",null,96.2,6937.4341400000003]
[null,"TOTAL HPM+HIM",null,null,26471.532500000001]
[]
[]
[null,"Horas/dia","Dias/sem.","Dias/mês","Horas/mês"]
[null,24,7,30,720,"minimizado"]
[]
[null,"44 horas úteis semanais:",null,"Produtiva"]
[null,"hs/semana","semana","horas/dia","dias/sem.","horas/sem."]
[null,44,4,7,5,35]
[null,"=>",176,"Total de horas úteis/mês"]
[]
[]
[]
[]
[null,0]
[]
[null,null,"caminhão guindauto, 10,0 t (E9686 DNIT)"]
[null,null,"Cód.Comp.","Índice","SICRO"]
[null,null,"SICRO","SICRO","E9686"]
[null,"Mês Ref.",null,null,"2022-01-01"]
[null,"Aquisição"]
[null,"Depreciação"]
[null,"Juros"]
[null,"Manutenção"]
[null,"Mat.na Op."]
[null,"Óleo Diesel"]
[null,"Operador ec"]
[null,"Oport.Capit."]
[null,"Seg. e Imp."]
[null,"M.d.o"]
[null,"CHP",null,null,279.4948]
[null,"CHI",null,null,104.87909999999999]
[null,"Horas Produtivas",null,79.8,22303.68504]
[null,"Horas Improdutivas",null,96.2,10089.369419999999]
[null,"TOTAL HPM+HIM",null,null,32393.054459999999]
[]
[]
[null,"Horas/dia","Dias/sem.","Dias/mês","Horas/mês"]
[null,24,7,30,720,"minimizado"]
[]
[null,"44 horas úteis semanais:",null,"Produtiva"]
[null,"hs/semana","semana","horas/dia","dias/sem.","horas/sem."]
[null,44,4,7,5,35]
[null,"=>",176,"Total de horas úteis/mês"]
[]
[]
[]
[null,0]
[]
[null,null,"caminhão tanque, 6000 L (SICRO E9605)"]
[null,null,"Cód.Comp.","Índice","SICRO"]
[null,null,"SICRO","SICRO","E9605"]
[null,"Mês Ref.",null,null,"2022-01-01"]
[null,"Aquisição","E9605"]
[null,"Depreciação"]
[null,"Juros"]
[null,"Manutenção"]
[null,"Mat.na Op."]
[null,"Óleo Diesel"]
[null,"Operador ec"]
[null,"Oport.Capit."]
[null,"Seg. e Imp."]
[null,"M.d.o"]
[null,"CHP",null,null,234.19]
[null,"CHI",null,null,69.73]
[null,"Horas Produtivas",null,56,13114.64]
[null,"Horas Improdutivas",null,120,8367.6]
[null,"TOTAL HPM+HIM",null,null,21482.239999999998]
[]
[]
[null,"Horas/dia","Dias/sem.","Dias/mês","Horas/mês"]
[null,24,7,30,720,"minimizado"]
[]
[null,"44 horas úteis semanais:",null,"Produtiva"]
[null,"hs/semana","semana","horas/dia","dias/sem.","horas/sem."]
[null,44,4,7,5,35]
[null,"=>",176,"Total de horas úteis/mês"]
[]
[]
[]
[]
[]
[null,33,{"$nulls":4},32]
[]
[null,null," compactador de solo a percussão (DNIT 9107)",null,null,null,"compactador de solo tipo placa reversível (DNIT 9556)"]
[null,null,"Cód.Comp.","Índice","SICRO - DNIT",null,"Cód.Comp.","Índice","SICRO - DNIT"]
[null,null,"DNIT","DNIT",9107,null,"DNIT","DNIT",9556]
[null,"Mês Ref.",null,null,"2022-01-01",null,null,null,"2022-01-01"]
[null,"Aquisição","E9107",1,9481.2548999999999,null,"E9556",1,9486.6787000000004]
[null,"Depreciação",null,null,0.6321,null,null,null,0.63239999999999996]
[null,"Juros"]
[null,"Manutenção",null,null,0.6321,null,null,null,0.63239999999999996]
[null,"Mat.na Op."]
[null,"Óleo Diesel"]
[null,"Operador ec"]
[null,"Oport.Capit.",null,null,0.1706,null,null,null,0.17069999999999999]
[null,"Seg. e Imp.",null,null,0]
[null,"Operação",null,null,4.6647999999999996,null,null,null,4.9176000000000002]
[null,"M.d.o",null,null,0,null,null,null,0]
[null,"CHP",null,null,6.0995999999999997,null,null,null,6.3531000000000004]
[null,"CHI",null,null,0.80269999999999997,null,null,null,0.80309999999999993]
[null,"Horas Produtivas",null,28,170.78879999999998,null,null,28,177.88680000000002]
[null,"Horas Improdutivas",null,148,118.7996,null,null,148,118.85879999999999]
[null,"TOTAL HPM+HIM",null,null,289.58839999999998,null,null,null,296.74560000000002]
[]
[null,"Horas/dia","Dias/sem.","Dias/mês","Horas/mês"]
[null,24,7,30,720,"minimizado"]
[]
[null,"44 horas úteis semanais:",null,"Produtiva"]
[null,"hs/semana","semana","horas/dia","dias/sem.","horas/sem."]
[null,44,4,7,5,35]
[null,"=>",176,"Total de horas úteis/mês"]
[]
[]
[]
[null,0]
[]
[null,null,"cavalo mecânico, 20t (SICRO E9666 )"]
[null,null,"Cód.Comp.","Índice","SICRO"]
[null,null,"SICRO","SICRO","E9666"]
[null,"Mês Ref.",null,null,"2022-01-01"]
[null,"Aquisição","E9666"]
[null,"Depreciação"]
[null,"Juros"]
[null,"Manutenção"]
[null,"Mat.na Op."]
[null,"Óleo Diesel"]
[null,"Operador ec"]
[null,"Oport.Capit."]
[null,"Seg. e Imp."]
[null,"M.d.o"]
[null,"CHP",null,null,378.45]
[null,"CHI",null,null,118.68]
[null,"Horas Produtivas",null,42,15894.9]
[null,"Horas Improdutivas",null,134,15903.12]
[null,"TOTAL HPM+HIM",null,null,31798.02]
[null,null,"Preço Base Codevasf:"]
[null,"Horas/dia","Dias/sem.","Dias/mês","Horas/mês"]
[null,24,7,30,720,"minimizado"]
[]
[null,"44 horas úteis semanais:",null,"Produtiva"]
[null,"hs/semana","semana","horas/dia","dias/sem.","horas/sem."]
[null,44,4,7,5,35]
[null,"=>",176,"Total de horas úteis/mês"]
[]
[]
[]
[]
[null,34,{"$nulls":4},36,null,null,null,33]
[]
[null,null,"Compressor de ar, 400 pcm (DNIT E9513)",null,null,null,"Compressor de ar, 189 pcm  (DNIT E9661)",null,null,null,"Empilhadeira sobre pneus (DNIT E9528)"]
[null,null,"Cód.Comp.","Índice","SICRO - DNIT",null,"Cód.Comp.","Índice","SICRO - DNIT",null,"Cód.Comp.","Índice","SICRO - DNIT"]
[null,null,"DNIT","DNIT","E9513",null,"DNIT","DNIT","E9661",null,"DNIT","DNIT","E9528"]
[null,"Mês Ref.",null,1,"2022-01-01",null,null,null,"2022-01-01",null,null,null,"2022-01-01"]
[null,"Aquisição","E9513",1,238622.95809999999,null,"E9661",1,122025.6249,null,"E9528",1,380699.48790000001]
[null,"Depreciação",null,null,15.908200000000001,null,null,null,8.1349999999999998,null,null,null,30.456]
[null,"Juros"]
[null,"Manutenção",null,null,15.908200000000001,null,null,null,8.1349999999999998,null,null,null,26.649000000000001]
[null,"Mat.na Op."]
[null,"Óleo Diesel"]
[null,"Operador ec"]
[null,"Oport.Capit.",null,null,4.2942,null,null,null,2.1960000000000002,null,null,null,7.0467000000000004]
[null,"Seg. e Imp.",{"$nulls":6},0]
[null,"Operação",null,null,67.197599999999994,null,null,null,29.865600000000001,null,null,null,43.92]
[null,"M.d.o",{"$nulls":6},0,null,null,null,22.790500000000002]
[null,"CHP",null,null,103.3082,null,null,null,48.331600000000002,null,null,null,130.8622]
[null,"CHI",null,null,20.202400000000001,null,null,null,10.331,null,null,null,60.293199999999999]
[null,"Horas Produtivas",null,42,4338.9444000000003,null,null,42,2029.9272000000001,null,null,14,1832.0708]
[null,"Horas Improdutivas",null,134,2707.1215999999999,null,null,134,1384.354,null,null,162,9767.4984000000004]
[null,"TOTAL HPM+HIM",null,null,7046.0660000000007,null,null,null,3414.2812000000004,null,null,null,11599.5692]
[]
[null,"Horas/dia","Dias/sem.","Dias/mês","Horas/mês"]
[null,24,7,30,720,"minimizado"]
[]
[null,"44 horas úteis semanais:",null,"Produtiva"]
[null,"hs/semana","semana","horas/dia","dias/sem.","horas/sem."]
[null,44,4,7,5,35]
[null,"=>",176,"Total de horas úteis/mês"]
[]
[]
[]
[null,45,{"$nulls":4},49]
[]
[null,null,"Draga de sucção, 100kW (DNIT E9609)",null,null,null,"Equipamento de solda MIG, 14,6 kVA (DNIT E9206)"]
[null,null,"Cód.Comp.","Índice","SICRO - DNIT",null,"Cód.Comp.","Índice","SICRO - DNIT"]
[null,null,"DNIT","DNIT","E9609",null,"DNIT","DNIT","E9206"]
[null,"Mês Ref.",null,1,"2022-01-01",null,null,null,"2022-01-01"]
[null,"Aquisição","E9609",1,585619.95799999998,null,"E9206",1,87341.080700000006]
[null,"Depreciação",null,null,4.5751999999999997,null,null,null,6.9873000000000003]
[null,"Juros"]
[null,"Manutenção",null,null,10.167,null,null,null,6.9873000000000003]
[null,"Mat.na Op."]
[null,"Óleo Diesel"]
[null,"Operador ec"]
[null,"Oport.Capit.",null,null,3.2932999999999999,null,null,null,1.6167]
[null,"Seg. e Imp."]
[null,"Operação",null,null,73.2,null,null,null,0]
[null,"M.d.o",null,null,39.7301,null,null,null,0]
[null,"CHP",null,null,130.96559999999999,null,null,null,15.5913]
[null,"CHI",null,null,47.598599999999998,null,null,null,8.604000000000001]
[null,"Horas Produtivas",null,56,7334.0735999999997,null,null,42,654.83460000000002]
[null,"Horas Improdutivas",null,120,5711.8319999999994,null,null,134,1152.9360000000001]
[null,"TOTAL HPM+HIM",null,null,13045.905599999998,null,null,null,1807.7706000000003]
[]
[null,"Horas/dia","Dias/sem.","Dias/mês","Horas/mês"]
[null,24,7,30,720,"minimizado"]
[]
[null,"44 horas úteis semanais:",null,"Produtiva"]
[null,"hs/semana","semana","horas/dia","dias/sem.","horas/sem."]
[null,44,4,7,5,35]
[null,"=>",176,"Total de horas úteis/mês"]
[]
[]
[]
[]
[null,6,{"$nulls":4},37]
[]
[null,null,"Grupo gerador de 4kVA (DNIT E9521)",null,null,null,"Grupo gerador de 13/14kVA (DNIT E9066)"]
[null,null,"Cód.Comp.","Índice","SICRO - DNIT",null,"Cód.Comp.","Índice","SICRO - DNIT"]
[null,null,"DNIT","DNIT","E9521",null,"DNIT","DNIT","E9066"]
[null,"Mês Ref.",null,null,"2022-01-01",null,null,null,"2022-01-01"]
[null,"Aquisição","E9521",1,3366.3245000000002,null,"E9066",1,54424.7664]
[null,"Depreciação",null,null,0.16830000000000001,null,null,null,2.7212000000000001]
[null,"Juros"]
[null,"Manutenção",null,null,0.1202,null,null,null,1.9437]
[null,"Mat.na Op."]
[null,"Óleo Diesel"]
[null,"Operador ec"]
[null,"Oport.Capit.",null,null,5.9299999999999999E-2,null,null,null,0.95940000000000003]
[null,"Seg. e Imp.",null,null,0]
[null,"Operação",null,null,3.7128000000000001,null,null,null,10.199199999999999]
[null,"M.d.o",null,null,0,null,null,null,0]
[null,"CHP",null,null,4.0606,null,null,null,15.823499999999999]
[null,"CHI",null,null,0.2276,null,null,null,3.6806000000000001]
[null,"Horas Produtivas",null,140,568.48400000000004,null,null,70,1107.645]
[null,"Horas Improdutivas",null,36,8.1936,null,null,106,390.14359999999999]
[null,"TOTAL HPM+HIM",null,null,576.67759999999998,null,null,null,1497.7885999999999]
[]
[null,"Horas/dia","Dias/sem.","Dias/mês","Horas/mês"]
[null,24,7,30,720,"minimizado"]
[]
[null,"44 horas úteis semanais:",null,"Produtiva"]
[null,"hs/semana","semana","horas/dia","dias/sem.","horas/sem."]
[null,44,4,7,5,35]
[null,"=>",176,"Total de horas úteis/mês"]
[]
[]
[]
[]
[null,42,{"$nulls":4},24,null,null,null,37]
[]
[null,null,"Furadeira elétrica (DNIT E9568)",null,null,null,"Retroescavadeira, 72 hp (DNIT E9526)",null,null,null,"Rolo compactador, 125 hp (DNIT E9685)"]
[null,null,"Cód.Comp.","Índice","SICRO - DNIT",null,"Cód.Comp.","Índice","SICRO - DNIT",null,"Cód.Comp.","Índice","SICRO - DNIT"]
[null,null,"DNIT","DNIT","E9568",null,"DNIT","DNIT","E9526",null,"DNIT","DNIT","E9685"]
[null,"Mês Ref.",null,null,"2022-01-01",null,null,null,"2022-01-01",null,null,null,"2022-01-01"]
[null,"Aquisição","E9568",1,1269.9018000000001,null,"E9526",1,369252.14740000002,null,"E9685",1,514466.94669999997]
[null,"Depreciação",null,null,0.1016,null,null,null,25.8477,null,null,null,34.297800000000002]
[null,"Juros"]
[null,"Manutenção",null,null,6.3500000000000001E-2,null,null,null,25.8477,null,null,null,34.297800000000002]
[null,"Mat.na Op."]
[null,"Óleo Diesel"]
[null,"Operador ec"]
[null,"Oport.Capit.",null,null,2.35E-2,null,null,null,6.8349000000000002,null,null,null,9.2583000000000002]
[null,"Seg. e Imp."]
[null,"Operação",null,null,0,null,null,null,36.795200000000001,null,null,null,64.025599999999997]
[null,"M.d.o",null,null,0,null,null,null,28.238199999999999,null,null,null,28.238199999999999]
[null,"CHP",null,null,0.18859999999999999,null,null,null,123.56370000000001,null,null,null,170.11770000000001]
[null,"CHI",null,null,0.12509999999999999,null,null,null,60.9208,null,null,null,71.794299999999993]
[null,"Horas Produtivas",null,140,26.404,null,null,82.6,10206.36162,null,null,14,2381.6478000000002]
[null,"Horas Improdutivas",null,36,4.5035999999999996,null,null,93.4,5690.0027200000004,null,null,162,11630.676599999999]
[null,"TOTAL HPM+HIM",null,null,30.907599999999999,null,null,null,15896.36434,null,null,null,14012.3244]
[]
[null,"Horas/dia","Dias/sem.","Dias/mês","Horas/mês"]
[null,24,7,30,720,"minimizado"]
[]
[null,"44 horas úteis semanais:",null,"Produtiva"]
[null,"hs/semana","semana","horas/dia","dias/sem.","horas/sem."]
[null,44,4,7,5,35]
[null,"=>",176,"Total de horas úteis/mês"]
[]
[]
[]
[null,55]
[]
[null,null,"Trator de esteiras, 150 hp (DNIT E9540)"]
[null,null,"Cód.Comp.","Índice","SICRO - DNIT"]
[null,null,"DNIT","DNIT","E9540"]
[null,"Mês Ref.",null,null,"2022-01-01"]
[null,"Aquisição","E9540",1,1054478.547]
[null,"Depreciação",null,null,41.0075]
[null,"Juros"]
[null,"Manutenção",null,null,58.582099999999997]
[null,"Mat.na Op."]
[null,"Óleo Diesel"]
[null,"Operador ec"]
[null,"Oport.Capit.",null,null,18.072600000000001]
[null,"Seg. e Imp."]
[null,"Operação",null,null,86.766400000000004]
[null,"M.d.o",null,null,28.238199999999999]
[null,"CHP",null,null,232.66679999999999]
[null,"CHI",null,null,87.318299999999994]
[null,"Horas Produtivas",null,28,6514.6704]
[null,"Horas Improdutivas",null,148,12923.108399999999]
[null,"TOTAL HPM+HIM",null,null,19437.7788]
[]
[]
[null,"Horas/dia","Dias/sem.","Dias/mês","Horas/mês"]
[null,24,7,30,720,"minimizado"]
[]
[null,"44 horas úteis semanais:",null,"Produtiva"]
[null,"hs/semana","semana","horas/dia","dias/sem.","horas/sem."]
[null,44,4,7,5,35]
[null,"=>",176,"Total de horas úteis/mês"]
[]
[]
[]
["COMPOSIÇÕES - EQUIPAMENTOS - SEGURANÇA DE BARRAGENS"]
[]
[]
[]
[null,38,{"$nulls":4},5,null,null,null,56]
[]
[null,null,"Grupo Gerador - 32,0 kVA (DNIT E9763)",null,null,null,"Embarcação de alumínio (DNIT E9043)",null,null,null,"Carreta Reboque (DNIT A9382)"]
[null,null,"Cód.Comp.","Índice","SICRO - DNIT",null,"Cód.Comp.","Índice","SICRO - DNIT",null,"Cód.Comp.","Índice","SICRO - DNIT"]
[null,null,"DNIT",null,"E9763",null,"DNIT",null,"E9043",null,"DNIT",null,"A9382"]
[null,"Mês Ref.",null,"E9763","2022-01-01",null,null,null,"2022-01-01",null,null,null,"2022-01-01"]
[null,"Aquisição","E9763",1,56397.639799999997,null,"E9043",1,24450.997100000001,null,"A9382",1,97410.416500000007]
[null,"Depreciação",null,null,2.8199000000000001,null,null,null,0.38200000000000001,null,null,null,6.4939999999999998]
[null,"Juros"]
[null,"Manutenção",null,null,2.0142000000000002,null,null,null,0.42449999999999999,null,null,null,7.3057999999999996]
[null,"Mat.na Op."]
[null,"Óleo Diesel"]
[null,"Operador ec"]
[null,"Oport.Capit.",null,null,0.99419999999999997,null,null,null,0.14410000000000001,null,null,null,3.2555000000000001]
[null,"Seg. e Imp."]
[null,"Operação",null,null,27.815999999999999,null,null,null,44.268000000000001]
[null,"M.d.o",{"$nulls":6},31.3796]
[null,"CHP",null,null,33.644300000000001,null,null,null,76.598200000000006,null,null,null,17.055299999999999]
[null,"CHI",null,null,3.8140999999999998,null,null,null,31.9057,null,null,null,9.7494999999999994]
[null,"Horas Produtivas",null,28,942.04040000000009,null,null,7,536.18740000000003,null,null,7,119.38709999999999]
[null,"Horas Improdutivas",null,148,564.48680000000002,null,null,169,5392.0632999999998,null,null,169,1647.6654999999998]
[null,"TOTAL HPM+HIM",null,null,1506.5272,null,null,null,5928.2506999999996,null,null,null,1767.0525999999998]
[null,null,"Preço Base Codevasf:"]
[null,"Horas/dia","Dias/sem.","Dias/mês","Horas/mês"]
[null,24,7,28,672,"minimizado"]
[]
[null,"44 horas úteis semanais:",null,"Produtiva"]
[null,"hs/semana","semana","horas/dia","dias/sem.","horas/sem."]
[null,44,4,7,5,35]
[null,"=>",176,"Total de horas úteis/mês"]
[]
[]
["COMPOSIÇÕES - EQUIPAMENTOS - MECÂNICA"]
[]
[]
[]
[null,42]
[]
[null,null,"Nível de precisão (E9552 - DNIT/PE)"]
[null,null,"Cód.Comp.","Índice","SICRO - DNIT"]
[null,null,"DNIT",null,"E9552"]
[null,"Mês Ref.",null,null,"2022-01-01"]
[null,"Aquisição","E9552",1,12940.8215]
[null,"Depreciação",null,null,1.0353000000000001]
[null,"Juros",null,null,0]
[null,"Manutenção",null,null,0.64700000000000002]
[null,"Mat.na Op.",null,null,0]
[null,"Energia elétrica (kW)"]
[null,"Operador ec"]
[null,"Oport.Capit.",null,null,0.23949999999999999]
[null,"Seg. e Imp."]
[null,"M.d.o"]
[null,"CHP",null,null,1.9218000000000002]
[null,"CHI",null,null,1.2748000000000002]
[null,"Horas Produtivas",null,140,269.05200000000002]
[null,"Horas Improdutivas",null,36,45.892800000000008]
[null,"TOTAL HPM+HIM",null,null,314.94480000000004]
[null,null,"Preço Base Codevasf:"]
[null,"Horas/dia","Dias/sem.","Dias/mês","Horas/mês"]
[null,24,7,30,720,"minimizado"]
[]
[null,"44 horas úteis semanais:",null,"Produtiva"]
[null,"hs/semana","semana","horas/dia","dias/sem.","horas/sem."]
[null,44,4,7,5,35]
[null,"=>",176,"Total de horas úteis/mês"]
[]
[]
[]
[null,37,{"$nulls":4},36,null,null,null,48]
[]
[null,null,"Conjunto Motor bomba 7,5 CV (E9630 - DNIT/PE)",null,null,null,"Retífica elétrica (E9207 - DNIT/PE)",null,null,null,"Rosqueadeira (E9748 - DNIT/PE)"]
[null,null,"Cód.Comp.","Índice","SICRO - DNIT",null,"Cód.Comp.","Índice","SICRO - DNIT",null,"Cód.Comp.","Índice","SICRO - DNIT"]
[null,null,"DNIT",null,"E9630",null,"DNIT",null,"E9207",null,"DNIT",null,"E9748"]
[null,"Mês Ref.",null,null,"2022-01-01",null,null,null,"2022-01-01",null,null,null,"2022-01-01"]
[null,"Aquisição","E9630",1,4479.8519999999999,null,"E9207",1,4520.2924999999996,null,"E9748",1,5481.4259000000002]
[null,"Depreciação",null,null,0.3584,null,null,null,0.36159999999999998,null,null,null,0.31319999999999998]
[null,"Juros"]
[null,"Manutenção",null,null,0.31359999999999999,null,null,null,0.36159999999999998,null,null,null,0.31319999999999998]
[null,"Mat.na Op."]
[null,"Óleo Diesel"]
[null,"Operador ec"]
[null,"Oport.Capit.",null,null,8.2900000000000001E-2,null,null,null,8.3699999999999997E-2,null,null,null,9.6600000000000005E-2]
[null,"Seg. e Imp."]
[null,"Operação"]
[null,"M.d.o",{"$nulls":10},0]
[null,"CHP",null,null,0.7548999999999999,null,null,null,0.80689999999999995,null,null,null,0.72299999999999998]
[null,"CHI",null,null,0.44130000000000003,null,null,null,0.44529999999999997,null,null,null,0.4098]
[null,"Horas Produtivas",null,140,105.68599999999999,null,null,140,112.96599999999999,null,null,140,101.22]
[null,"Horas Improdutivas",null,36,15.886800000000001,null,null,36,16.030799999999999,null,null,36,14.752800000000001]
[null,"TOTAL HPM+HIM",null,null,121.5728,null,null,null,128.99680000000001,null,null,null,115.97280000000001]
[null,null,"Preço Base Codevasf:"]
[null,"Horas/dia","Dias/sem.","Dias/mês","Horas/mês"]
[null,24,7,30,720,"minimizado"]
[]
[null,"44 horas úteis semanais:",null,"Produtiva"]
[null,"hs/semana","semana","horas/dia","dias/sem.","horas/sem."]
[null,44,4,7,5,35]
[null,"=>",176,"Total de horas úteis/mês"]
[]
[]
["COMPOSIÇÕES - EQUIPAMENTOS - ELÉTRICA"]
[]
[]
[]
[null,8]
[]
[null,null,"Estação de solda com temperatura (13761 - SINAPI/PE)"]
[null,null,"Cód.Comp.","Índice","SINAPI"]
[null,null,"SINAPI",null,13761]
[null,"Mês Ref.",null,null,"2022-04-01"]
[null,"Aquisição",13761,1,2470.6999999999998]
[null,"Depreciação",92712,6.3999999999999997E-5,0.15]
[null,"Juros",92713,7.6000000000000001E-6,0.01]
[null,"Manutenção",92714,8.0000000000000007E-5,0.19]
[null,"Mat.na Op.",92715,null,20.509999999999998]
[null,"Acetileno","I 00000001",0.3261,51.5]
[null,"Oxigênio","I 00000002",0.33,11.28]
[null,"Operador ec"]
[null,"Oport.Capit."]
[null,"Seg. e Imp."]
[null,"Operação"]
[null,"M.d.o"]
[null,"CHP",92716,null,20.86]
[null,"CHI",92717,null,0.16]
[null,"Horas Produtivas",null,14,292.03999999999996]
[null,"Horas Improdutivas",null,162,25.92]
[null,"TOTAL HPM+HIM",null,null,317.95999999999998]
[null,null,"Preço Base Codevasf:"]
[null,"Horas/dia","Dias/sem.","Dias/mês","Horas/mês"]
[null,24,7,30,720,"minimizado"]
[]
[null,"44 horas úteis semanais:",null,"Produtiva"]
[null,"hs/semana","semana","horas/dia","dias/sem.","horas/sem."]
[null,44,4,7,5,35]
[null,"=>",176,"Total de horas úteis/mês"]
[]
[]
["COMPOSIÇÕES ADOTANDO CRITÉRIO DA RECEITA FEDERAL"]
[]
[]
[]
[]
[null,"CRITERIO RECEITA FEDERAL",null,"3.1.36",null,null,"3.1.38",{"$nulls":4},"3.1.39"]
[null,"CHP e CHI:"]
[null,null,"Máquina de solda, 250A (40403)",null,null,null," Lixadeira elétrica, 1400 W (13192)",null,null,null," Máquina para corte, 10 Cv (14619)"]
[null,null,"Cód.Comp.","Índice","SINAPI/PE ",null,"Cód.Comp.","Índice","SINAPI/PE ",null,null,"Índice","SINAPI/PE ",null,"1º.Pag.","ATUAL","Dif.","+ ou -"]
[null,null,"SINAPI",{"$nulls":4},"SINAPI",null,null,null,"SINAPI"]
[null,"Mês Ref.",null,null,"2022-04-01",null,null,null,"2022-04-01",null,null,null,"2022-04-01"]
[null,"Valor de Aquisição",40403,1,456.21,null,13192,null,4257.7299999999996,null,14619,null,12035.45]
[null,"taxa residual (%)",null,50,228.10499999999999,null,null,50,2128.8649999999998,null,null,50,6017.7250000000004]
[null,"Vida útil (anos)",null,2,null,null,null,2,null,null,null,2]
[null,"Depreciação anual (R$)",null,null,114.05249999999999,null,null,null,1064.4324999999999,null,null,null,3008.8625000000002]
[{"$nulls":14},"Observação: vida útil adaptada para dois anos, nas ferramentas, devido ao desgaste com a intensidade (uso severo) dos serviços propostos utilizando as mesmas."]
[]
[]
[]
[null,"Valor Mensal (R$)",null,null,9.5043749999999996,null,null,null,88.70270833333332,null,null,null,250.73854166666669]
[]
[]
[]
[]
[null,"CRITERIO RECEITA FEDERAL",null,"3.1.41",{"$nulls":7},"3.1.55"]
[null,"CHP e CHI:"]
[null,null,"Martelo demolidor pneumático (SINAPI 36533)",{"$nulls":7},"Motor a diesel - 4,7 cv"]
[null,null,"Cód.Comp.","Índice","SINAPI/PE (AS)",{"$nulls":6},"Índice","SINAPI/PE (AS)",null,"1º.Pag.","ATUAL","Dif.","+ ou -"]
[null,null,"SINAPI",{"$nulls":8},"SINAPI"]
[null,"Mês Ref.",null,null,"2022-04-01",{"$nulls":7},"2022-04-01"]
[null,"Valor de Aquisição",36533,1,16519.740000000002,{"$nulls":5},39628,null,4954.4799999999996]
[null,"taxa residual (%)",null,25,4129.9350000000004,{"$nulls":6},25,1238.6199999999999]
[null,"Vida útil (anos)",null,4,{"$nulls":7},4]
[null,"Depreciação anual (R$)",null,null,3097.4512500000001,{"$nulls":7},928.96499999999992]
[{"$nulls":14},"Observação: vida útil adaptada para dois anos, nas ferramentas, devido ao desgaste com a intensidade (uso severo) dos serviços propostos utilizando as mesmas."]
[]
[]
[]
[null,"Valor Mensal (R$)",null,null,258.12093750000003,{"$nulls":7},77.413749999999993]
[]
[]
[]
[]
[null,"CRITERIO RECEITA FEDERAL",null,"3.1.56",null,null,null,"3.1.57",null,null,null,"3.1.58"]
[null,"CHP e CHI:"]
[null,null,"Vibrador de imersão, ponteira 35 mm (39399)",null,null,null,"Vibrador de imersão, ponteira 45 mm (39400)",null,null,null,"Vibrador de imersão, ponteira 60 mm (39401)"]
[null,null,"Cód.Comp.","Índice","SINAPI/PE (AS)",null,"Cód.Comp.","Índice","SINAPI/PE (AS)",null,null,"Índice","SINAPI/PE (AS)",null,"1º.Pag.","ATUAL","Dif.","+ ou -"]
[null,null,"SINAPI",{"$nulls":4},"SINAPI",null,null,null,"SINAPI"]
[null,"Mês Ref.",null,null,"2022-04-01",null,null,null,"2022-04-01",null,null,null,"2022-04-01"]
[null,"Valor de Aquisição",39399,1,1614.44,null,39400,null,1754.83,null,39401,null,1968.5]
[null,"taxa residual (%)",null,50,807.22,null,null,50,877.41499999999996,null,null,50,984.25]
[null,"Vida útil (anos)",null,2,null,null,null,2,null,null,null,2]
[null,"Depreciação anual (R$)",null,null,403.61,null,null,null,438.70749999999998,null,null,null,492.125]
[{"$nulls":14},"Observação: vida útil adaptada para dois anos, nas ferramentas, devido ao desgaste com a intensidade (uso severo) dos serviços propostos utilizando as mesmas."]
[]
[]
[]
[null,"Valor Mensal (R$)",null,null,33.634166666666665,null,null,null,36.558958333333329,null,null,null,41.010416666666664]
[]
[]
[]
[]
[null,"CRITERIO RECEITA FEDERAL",null,"3.1.51",null,null,null,"3.1.54"]
[null,"CHP e CHI:",null,"; "]
[null,null,"Torre de iluminação 4000 W (COT - TORR)",null,null,null,"Triturador de Galhos e Resíduos TR-500G à Gasolina Motor 13HP (COT - TRIT)"]
[null,null,"Cód.Comp.","Índice","COTAÇÃO",null,"Cód.Comp.","Índice","COTAÇÃO",{"$nulls":5},"1º.Pag.","ATUAL","Dif.","+ ou -"]
[null,null,"COTAÇÃO",{"$nulls":4},"COTAÇÃO"]
[null,"Mês Ref.",null,null,"2022-06-01",null,null,null,"2022-06-01"]
[null,"Valor de Aquisição","COT - TORR",1,79302.19,null,null,null,20071.7]
[null,"taxa residual (%)",null,25,19825.547500000001,null,null,50,10035.85]
[null,"Vida útil (anos)",null,4,null,null,null,2]
[null,"Depreciação anual (R$)",null,null,14869.160625,null,null,null,5017.9250000000002]
[{"$nulls":14},"Observação: vida útil adaptada para dois anos, no triturador, devido ao desgaste com a intensidade (uso severo) dos serviços propostos utilizando o mesmo"]
[]
[]
[]
[null,"Valor Mensal (R$)",null,null,1239.09671875,null,null,null,418.16041666666666]
[]
[]
[]
[]
[null,"CRITERIO RECEITA FEDERAL"]
[null,"CHP e CHI:"]
[null,null,"Andaime metálico tipo fachadeiro Dim: Largura= 1,20m / Altura por peça= 2,00m. (Altura Total=10m - 5 peças por conjunto)",null,null,null,"Conjunto motorbomba com 160 kW de potência no motor elétrico (25 mca x 0,5 m³/s) para esgotamento, com respectivos mangotes de sucção e descarga a serem especificados em função dos diâmetros. ",null,null,null,"Conjunto motorbomba com 30 kW de potência no motor elétrico (25 mca x 0,1 m³/s) para esgotamento, com respectivos mangotes de sucção e descarga a serem especificados em função dos diâmetros. "]
[null,null,"Cód.Comp.","Índice","COT_ANDA",null,"Cód.Comp.","Índice","COT_CONJ_160",null,"Cód.Comp.","Índice","COT_CONJ_30",null,"1º.Pag.","ATUAL","Dif.","+ ou -"]
[null,null,"COT_ANDA",null,"LOCAÇÃO",null,"COT_CONJ_160","COTAÇÃO",null,null,"COT_CONJ_30"]
[null,"Mês Ref.",null,null,"2022-06-01",null,null,null,"2022-06-01",null,null,null,"2022-06-01"]
[null,"Valor de Aquisição",null,null,25.93,null,null,null,143891.07999999999,null,null,null,47930.6]
[null,"taxa residual (%)",{"$nulls":5},50,71945.539999999994,null,null,50,23965.3]
[null,"Vida útil (anos)",{"$nulls":5},2,null,null,null,2]
[null,"Depreciação anual (R$)",{"$nulls":6},35972.769999999997,null,null,null,11982.65]
[]
[]
[]
[]
[null,"Valor Mensal (R$)",null,null,25.93,null,null,null,2997.7308333333331,null,null,null,998.55416666666667]
[]
[]
[]
[]
[null,"CRITERIO RECEITA FEDERAL"]
[null,"CHP e CHI:"]
[null,null,"Soldador manual para mantas Leister Triac-st",null,null,null,"Plataforma Aérea, altura de trabalho 16,0 m "]
[null,null,"Cód.Comp.","Índice","COT - SOLD",null,"Cód.Comp.","Índice","COT_PLAT",null,"Cód.Comp.","Índice",0,null,"1º.Pag.","ATUAL","Dif.","+ ou -"]
[null,null,"COT - SOLD",null,null,null,"COT_PLAT",null,"LOCAÇÃO"]
[null,"Mês Ref.",null,null,"2022-06-01",null,null,null,"2022-06-01"]
[null,"Valor de Aquisição",null,null,4893.8599999999997,null,null,null,15816.28,null,null,null,0]
[null,"taxa residual (%)",null,50,2446.9299999999998,null,null,null,0,null,null,50,0]
[null,"Vida útil (anos)",null,2,{"$nulls":7},2]
[null,"Depreciação anual (R$)",null,null,1223.4649999999999,{"$nulls":7},0]
[]
[]
[]
[]
[null,"Valor Mensal (R$)",null,null,101.95541666666666,null,null,null,15816.28,null,null,null,0]
[]
[]
[]
[]
[]
["COMPOSIÇÕES - EQUIPAMENTOS - MECÂNICA"]
[]
[]
[]
[null,"CRITERIO RECEITA FEDERAL",null,"1.7",null,null,"1.19",null,null,null,"1.20"]
[null,"CHP e CHI:"]
[null,null,"Talha Manual (13914 - SINAPI/PE)",null,null,null,"Escada de abrir (38476 - SINAPI/PE)",null,null,null,"Escada de marinheiro (38477 - SINAPI/PE)"]
[null,null,"Cód.Comp.","Índice","SINAPI (PE) - AS",null,"Cód.Comp.","Índice","SINAPI (PE)",null,"Cód.Comp.","Índice","SINAPI (PE)",null,"1º.Pag.","ATUAL","Dif.","+ ou -"]
[null,null,"SINAPI (PE)",null,13914,null,null,"COTAÇÃO",38476,null,null,null,38477]
[null,"Mês Ref.",null,null,"2022-04-01",null,null,null,"2022-04-01",null,null,null,"2022-04-01"]
[null,"Valor de Aquisição",13914,1,773.97,null,38476,1,443.12,null,38477,1,1254.9100000000001]
[null,"taxa residual (%)",null,50,386.98500000000001,null,null,15,66.468000000000004,null,null,15,66.468000000000004]
[null,"Vida útil (anos)",null,2,null,null,null,6,null,null,null,6]
[null,"Depreciação anual (R$)",null,null,193.49250000000001,null,null,null,62.775333333333329,null,null,null,198.07366666666667]
[{"$nulls":14},"Observação: vida útil adaptada para dois anos, na talha manual, devido ao desgaste com a intensidade (uso severo) dos serviços propostos utilizando o mesmo"]
[]
[]
[]
[null,"Valor Mensal (R$)",null,null,16.124375000000001,null,null,null,5.2312777777777777,null,null,null,16.506138888888888]
[]
[]
[]
[null,"CRITERIO RECEITA FEDERAL",null,"1.24",null,null,null,"1.44"]
[null,"CHP e CHI:"]
[null,null,"Esmerilhadeira angular (11359 - SINAPI/PE)",null,null,null,"Talha capacidade 3t (10740 - SINAPI/PE)"]
[null,null,"Cód.Comp.","Índice","SINAPI (PE)",null,"Cód.Comp.","Índice","SINAPI (PE) - AS",null,"Cód.Comp.","Índice","SINAPI (PE)",null,"1º.Pag.","ATUAL","Dif.","+ ou -"]
[null,null,"SINAPI (PE)",null,11359,null,null,"SINAPI",10740]
[null,"Mês Ref.",null,null,"2022-04-01",null,null,null,"2022-04-01"]
[null,"Valor de Aquisição",11359,1,683,null,10740,1,10697.06]
[null,"taxa residual (%)",null,50,341.5,null,null,15,1604.559]
[null,"Vida útil (anos)",null,2,null,null,null,6]
[null,"Depreciação anual (R$)",null,null,170.75,null,null,null,1515.4168333333334]
[{"$nulls":14},"Observação: vida útil adaptada para dois anos, na talha manual, devido ao desgaste com a intensidade (uso severo) dos serviços propostos utilizando o mesmo"]
[]
[]
[]
[null,"Valor Mensal (R$)",null,null,14.229166666666666,null,null,null,126.28473611111112]
[]
[]
[]
[null,"CRITERIO RECEITA FEDERAL",null,"1.1",null,null,null,"1.2",null,null,null,"1.3"]
[null,"CHP e CHI:"]
[null,null,"Aferidor de manômetro de 0 a 150 bar ",null,null,null,"Almotolia de bico flexível 500ml",null,null,null,"Almotolia de bico rígido 500ml"]
[null,null,"Cód.Comp.","Índice","COT_AFER",null,"Cód.Comp.","Índice","COT_ALMO_FLEX",null,"Cód.Comp.","Índice","COT_ALMO_RIG",null,"1º.Pag.","ATUAL","Dif.","+ ou -"]
[null,null,"COT_AFER",null,null,null,"COT_ALMO_FLEX","COTAÇÃO",null,null,"COT_ALMO_RIG"]
[null,"Mês Ref."]
[null,"Valor de Aquisição",null,null,1599.96,null,null,null,38.97,null,null,null,55.05]
[null,"taxa residual (%)",null,50,799.98,null,null,50,19.484999999999999,null,null,50,27.524999999999999]
[null,"Vida útil (anos)",null,2,null,null,null,2,null,null,null,2]
[null,"Depreciação anual (R$)",null,null,399.99,null,null,null,9.7424999999999997,null,null,null,13.762499999999999]
[{"$nulls":14},"Observação: vida útil adaptada para dois anos, na talha manual, devido ao desgaste com a intensidade (uso severo) dos serviços propostos utilizando o mesmo"]
[]
[]
[]
[null,"Valor Mensal (R$)",null,null,33.332500000000003,null,null,null,0.81187500000000001,null,null,null,1.1468749999999999]
[]
[]
[]
[null,"CRITERIO RECEITA FEDERAL",null,"1.5",null,null,null,"1.6",null,null,null,"1.8"]
[null,"CHP e CHI:"]
[null,null,"Bancada para oficina (Dim: 1,2m x 2,5m) ",null,null,null,"Bomba de graxa manual 5kg ",null,null,null,"Chave de impacto 46mm boca/estria "]
[null,null,"Cód.Comp.","Índice","COT_BANC_OFIC",null,"Cód.Comp.","Índice","COT_BOMB_GRAX",null,"Cód.Comp.","Índice","COT_CHAV_46",null,"1º.Pag.","ATUAL","Dif.","+ ou -"]
[null,null,"COT_BANC_OFIC",null,null,null,"COT_BOMB_GRAX","COTAÇÃO",null,null,"COT_CHAV_46"]
[null,"Mês Ref."]
[null,"Valor de Aquisição",null,null,2023.53,null,null,null,273.83999999999997,null,null,null,126.53]
[null,"taxa residual (%)",null,50,1011.765,null,null,50,136.91999999999999,null,null,50,63.265000000000001]
[null,"Vida útil (anos)",null,2,null,null,null,2,null,null,null,2]
[null,"Depreciação anual (R$)",null,null,505.88249999999999,null,null,null,68.459999999999994,null,null,null,31.6325]
[{"$nulls":14},"Observação: vida útil adaptada para dois anos, na talha manual, devido ao desgaste com a intensidade (uso severo) dos serviços propostos utilizando o mesmo"]
[]
[]
[]
[null,"Valor Mensal (R$)",null,null,42.156874999999999,null,null,null,5.7049999999999992,null,null,null,2.6360416666666668]
[]
[]
[]
[null,"CRITERIO RECEITA FEDERAL",null,"1.9",null,null,null,"1.10",null,null,null,"1.11"]
[null,"CHP e CHI:"]
[null,null,"Chave de impacto 55mm boca/estria ",null,null,null,"Chave de impacto 60mm boca/estria ",null,null,null,"Chave de impacto 65mm boca/estria "]
[null,null,"Cód.Comp.","Índice","COT_CHAV_55",null,"Cód.Comp.","Índice","COT_CHAV_60",null,"Cód.Comp.","Índice","COT_CHAV_65",null,"1º.Pag.","ATUAL","Dif.","+ ou -"]
[null,null,"COT_CHAV_55",null,null,null,"COT_CHAV_60","COTAÇÃO",null,null,"COT_CHAV_65"]
[null,"Mês Ref."]
[null,"Valor de Aquisição",null,null,264,null,null,null,293.42,null,null,null,306.3]
[null,"taxa residual (%)",null,50,132,null,null,15,44.012999999999998,null,null,15,45.945]
[null,"Vida útil (anos)",null,2,null,null,null,6,null,null,null,6]
[null,"Depreciação anual (R$)",null,null,66,null,null,null,41.567833333333333,null,null,null,43.392500000000005]
[{"$nulls":14},"Observação: vida útil adaptada para dois anos, na talha manual, devido ao desgaste com a intensidade (uso severo) dos serviços propostos utilizando o mesmo"]
[]
[]
[]
[null,"Valor Mensal (R$)",null,null,5.5,null,null,null,3.4639861111111112,null,null,null,3.6160416666666673]
[]
[]
[]
[null,"CRITERIO RECEITA FEDERAL",null,"1.12",null,null,null,"1.13",null,null,null,"1.14"]
[null,"CHP e CHI:"]
[null,null,"Chave de impacto 70mm boca/estria ",null,null,null,"Chave de impacto 75mm boca/estria",null,null,null,"Chave de impacto 85mm boca/estria"]
[null,null,"Cód.Comp.","Índice","COT_CHAV_70",null,"Cód.Comp.","Índice","COT_CHAV_75",null,"Cód.Comp.","Índice","COT_CHAV_85",null,"1º.Pag.","ATUAL","Dif.","+ ou -"]
[null,null,"COT_CHAV_70",null,null,null,"COT_CHAV_75","COTAÇÃO",null,null,"COT_CHAV_85"]
[null,"Mês Ref."]
[null,"Valor de Aquisição",null,null,320.22000000000003,null,null,null,499.77,null,null,null,854.63]
[null,"taxa residual (%)",null,50,160.11000000000001,null,null,15,74.965499999999992,null,null,15,128.19450000000001]
[null,"Vida útil (anos)",null,2,null,null,null,6,null,null,null,6]
[null,"Depreciação anual (R$)",null,null,80.055000000000007,null,null,null,70.800749999999994,null,null,null,121.07258333333334]
[{"$nulls":14},"Observação: vida útil adaptada para dois anos, na talha manual, devido ao desgaste com a intensidade (uso severo) dos serviços propostos utilizando o mesmo"]
[]
[]
[]
[null,"Valor Mensal (R$)",null,null,6.6712500000000006,null,null,null,5.9000624999999998,null,null,null,10.089381944444446]
[]
[]
[]
[null,"CRITERIO RECEITA FEDERAL",null,"1.15",null,null,null,"1.16",null,null,null,"1.17"]
[null,"CHP e CHI:"]
[null,null,"Cinta para elevação de carga (comprimento: 3m / capacidade de carga: 3t)",null,null,null,"Cinta para elevação de carga  (comprimento: 6m / capacidade de carga: 20t)",null,null,null,"Cortador a frio para tubos - Cortador Tubo Ferro Ferrari 1/8\" - 2\""]
[null,null,"Cód.Comp.","Índice","COT_CINT_3T",null,"Cód.Comp.","Índice","COT_CINT_20T",null,"Cód.Comp.","Índice","COT_CORT",null,"1º.Pag.","ATUAL","Dif.","+ ou -"]
[null,null,"COT_CINT_3T",null,null,null,"COT_CINT_20T","COTAÇÃO",null,null,"COT_CORT"]
[null,"Mês Ref."]
[null,"Valor de Aquisição",null,null,110.65,null,null,null,1315.95,null,null,null,1029.2]
[null,"taxa residual (%)",null,50,55.325000000000003,null,null,50,657.97500000000002,null,null,50,514.6]
[null,"Vida útil (anos)",null,2,null,null,null,2,null,null,null,2]
[null,"Depreciação anual (R$)",null,null,27.662500000000001,null,null,null,328.98750000000001,null,null,null,257.3]
[{"$nulls":14},"Observação: vida útil adaptada para dois anos, na talha manual, devido ao desgaste com a intensidade (uso severo) dos serviços propostos utilizando o mesmo"]
[]
[]
[]
[null,"Valor Mensal (R$)",null,null,2.3052083333333333,null,null,null,27.415625000000002,null,null,null,21.441666666666666]
[]
[]
[]
[null,"CRITERIO RECEITA FEDERAL",null,"1.18",null,null,null,"1.21",null,null,null,"1.22"]
[null,"CHP e CHI:"]
[null,null,"Curvador de tubos (Até 1”) - Curvador e Dobrador De Tubos Manual",null,null,null,"Escada metálica de 07 degraus ",null,null,null,"Escada articulada multifuncional 4x4 16 degraus"]
[null,null,"Cód.Comp.","Índice","COT_CURV",null,"Cód.Comp.","Índice","COT_ESCA_07",null,"Cód.Comp.","Índice","COT_ESCA_16",null,"1º.Pag.","ATUAL","Dif.","+ ou -"]
[null,null,"COT_CURV",null,null,null,"COT_ESCA_07","COTAÇÃO",null,null,"COT_ESCA_16"]
[null,"Mês Ref."]
[null,"Valor de Aquisição",null,null,2235.58,null,null,null,365.29,null,null,null,906.92]
[null,"taxa residual (%)",null,50,1117.79,null,null,50,182.64500000000001,null,null,50,453.46]
[null,"Vida útil (anos)",null,2,null,null,null,2,null,null,null,2]
[null,"Depreciação anual (R$)",null,null,558.89499999999998,null,null,null,91.322500000000005,null,null,null,226.73]
[{"$nulls":14},"Observação: vida útil adaptada para dois anos, na talha manual, devido ao desgaste com a intensidade (uso severo) dos serviços propostos utilizando o mesmo"]
[]
[]
[]
[null,"Valor Mensal (R$)",null,null,46.574583333333329,null,null,null,7.6102083333333335,null,null,null,18.894166666666667]
[]
[]
[]
[null,"CRITERIO RECEITA FEDERAL",null,"1.23",null,null,null,"1.26",null,null,null,"1.27"]
[null,"CHP e CHI:"]
[null,null,"Esmerilhadeira angular de 4 ½” ",null,null,null,"TORQUEADEIRA RT-50 ATLAS COPCO (ENCAIXE 2.1/2\") - DE 10.675NM A 71.169NM",null,null,null,"Indutor elétrico para aquecimento de rolamentos (JM 500) "]
[null,null,"Cód.Comp.","Índice","COT_ESME",null,"Cód.Comp.","Índice","COT_TORQ",null,"Cód.Comp.","Índice","COT_INDU",null,"1º.Pag.","ATUAL","Dif.","+ ou -"]
[null,null,"COT_ESME",null,null,null,"COT_TORQ","COTAÇÃO","VALOR DE LOCAÇÃO",null,"COT_INDU"]
[null,"Mês Ref."]
[null,"Valor de Aquisição",null,null,349.05,{"$nulls":7},17132.830000000002]
[null,"taxa residual (%)",null,50,174.52500000000001,{"$nulls":6},50,8566.4150000000009]
[null,"Vida útil (anos)",null,2,{"$nulls":7},2]
[null,"Depreciação anual (R$)",null,null,87.262500000000003,{"$nulls":7},4283.2075000000004]
[{"$nulls":14},"Observação: vida útil adaptada para dois anos, na talha manual, devido ao desgaste com a intensidade (uso severo) dos serviços propostos utilizando o mesmo"]
[]
[]
[]
[null,"Valor Mensal (R$)",null,null,7.2718750000000005,null,null,null,10733.82,null,null,null,356.93395833333335]
[]
[]
[]
[null,"CRITERIO RECEITA FEDERAL",null,"1.28",null,null,null,"1.29",null,null,null,"1.30"]
[null,"CHP e CHI:"]
[null,null,"Lixadeira 4 1/2\" ",null,null,null,"Macaco de comando a distância 20 t - Macaco Hidráulico 20 Toneladas Tipo Garrafa",null,null,null,"Macaco de comando a distância 50 t - Macaco Hidráulico 50 Toneladas Tipo Garrafa"]
[null,null,"Cód.Comp.","Índice","COT_LIXA",null,"Cód.Comp.","Índice","COT_MACA_20T",null,"Cód.Comp.","Índice","COT_MACA_50T",null,"1º.Pag.","ATUAL","Dif.","+ ou -"]
[null,null,"COT_LIXA",null,null,null,"COT_MACA_20T","COTAÇÃO",null,null,"COT_MACA_50T"]
[null,"Mês Ref."]
[null,"Valor de Aquisição",null,null,433,null,null,null,807.64,null,null,null,1616.88]
[null,"taxa residual (%)",null,50,216.5,null,null,50,403.82,null,null,50,808.44]
[null,"Vida útil (anos)",null,2,null,null,null,2,null,null,null,2]
[null,"Depreciação anual (R$)",null,null,108.25,null,null,null,201.91,null,null,null,404.22]
[{"$nulls":14},"Observação: vida útil adaptada para dois anos, na talha manual, devido ao desgaste com a intensidade (uso severo) dos serviços propostos utilizando o mesmo"]
[]
[]
[]
[null,"Valor Mensal (R$)",null,null,9.0208333333333339,null,null,null,16.825833333333332,null,null,null,33.685000000000002]
[]
[]
[]
[null,"CRITERIO RECEITA FEDERAL"]
[null,"CHP e CHI:",null,"1.31",null,null,null,"1.32",null,null,null,"1.34"]
[null,null,"Macaco tipo elevador capacidade de 2 t - Macaco Hidráulico 2 Toneladas tipo Garrafa",null,null,null,"Macaco tipo girafa de 2 t - Guincho Hidráulico 2 Toneladas com Prolongador",null,null,null,"Morsa para bancada nº 08 "]
[null,null,"Cód.Comp.","Índice","COT_MACA_2T",null,"Cód.Comp.","Índice","COT_MACA_GIR",null,"Cód.Comp.","Índice","COT_MORS",null,"1º.Pag.","ATUAL","Dif.","+ ou -"]
[null,null,"COT_MACA_2T",null,null,null,"COT_MACA_GIR","COTAÇÃO",null,null,"COT_MORS"]
[null,"Mês Ref."]
[null,"Valor de Aquisição",null,null,196.04,null,null,null,4476.0600000000004,null,null,null,446.37]
[null,"taxa residual (%)",null,50,98.02,null,null,50,2238.0300000000002,null,null,50,223.185]
[null,"Vida útil (anos)",null,2,null,null,null,2,null,null,null,2]
[null,"Depreciação anual (R$)",null,null,49.01,null,null,null,1119.0150000000001,null,null,null,111.5925]
[{"$nulls":14},"Observação: vida útil adaptada para dois anos, na talha manual, devido ao desgaste com a intensidade (uso severo) dos serviços propostos utilizando o mesmo"]
[]
[]
[]
[null,"Valor Mensal (R$)",null,null,4.0841666666666665,null,null,null,93.251250000000013,null,null,null,9.2993749999999995]
[]
[]
[]
[null,"CRITERIO RECEITA FEDERAL"]
[null,"CHP e CHI:",null,"1.35",null,null,null,"1.37",null,null,null,"1.38"]
[null,null,"Bomba Submersível 5 Cv Trifásica 380V, Q=2 - 52 m3/h e H= 3-25 mca.(Poço de rebaixamento do Res. de areias (Estrutura de Controle)",null,null,null,"Motoesmeril de 1cv - 3.500 RPM ",null,null,null,"Multiplicador de Torque Manual 2700 N.m/2000 lb.ft CDI GA190"]
[null,null,"Cód.Comp.","Índice","COT_BOMB_SUB",null,"Cód.Comp.","Índice","COT_MOTO_ESMER",null,"Cód.Comp.","Índice","COT_MULT",null,"1º.Pag.","ATUAL","Dif.","+ ou -"]
[null,null,"COT_BOMB_SUB",null,null,null,"COT_MOTO_ESMER","COTAÇÃO",null,null,"COT_MULT"]
[null,"Mês Ref."]
[null,"Valor de Aquisição",null,null,14152.55,null,null,null,1067.8699999999999,null,null,null,3203.56]
[null,"taxa residual (%)",null,50,7076.2749999999996,null,null,50,533.93499999999995,null,null,50,1601.78]
[null,"Vida útil (anos)",null,2,null,null,null,2,null,null,null,2]
[null,"Depreciação anual (R$)",null,null,3538.1374999999998,null,null,null,266.96749999999997,null,null,null,800.89]
[{"$nulls":14},"Observação: vida útil adaptada para dois anos, na talha manual, devido ao desgaste com a intensidade (uso severo) dos serviços propostos utilizando o mesmo"]
[]
[]
[]
[null,"Valor Mensal (R$)",null,null,294.84479166666665,null,null,null,22.247291666666666,null,null,null,66.740833333333327]
[]
[]
[]
[null,"CRITERIO RECEITA FEDERAL"]
[null,"CHP e CHI:",null,"1.40",null,null,null,"1.41",null,null,null,"1.45"]
[null,null,"Parafusadeira elétrica a bateria ",null,null,null,"Prensa hidráulica de 10 ton ",null,null,null,"Tifor 3t"]
[null,null,"Cód.Comp.","Índice","COT_PARA",null,"Cód.Comp.","Índice","COT_PREN",null,"Cód.Comp.","Índice","COT_TIFO",null,"1º.Pag.","ATUAL","Dif.","+ ou -"]
[null,null,"COT_PARA",null,null,null,"COT_PREN","COTAÇÃO",null,null,"COT_TIFO"]
[null,"Mês Ref."]
[null,"Valor de Aquisição",null,null,948.98,null,null,null,1466.85,null,null,null,4609.42]
[null,"taxa residual (%)",null,50,474.49,null,null,50,733.42499999999995,null,null,50,2304.71]
[null,"Vida útil (anos)",null,2,null,null,null,2,null,null,null,2]
[null,"Depreciação anual (R$)",null,null,237.245,null,null,null,366.71249999999998,null,null,null,1152.355]
[{"$nulls":14},"Observação: vida útil adaptada para dois anos, na talha manual, devido ao desgaste com a intensidade (uso severo) dos serviços propostos utilizando o mesmo"]
[]
[]
[]
[null,"Valor Mensal (R$)",null,null,19.770416666666666,null,null,null,30.559374999999999,null,null,null,96.029583333333335]
[]
[]
[]
[null,"CRITERIO RECEITA FEDERAL"]
[null,"CHP e CHI:"]
[null,null,"Andaime metálico tipo fachadeiro Dim: Largura= 1,20m / Altura por peça= 2,00m. (Altura Total=10m - 5 peças por conjunto)"]
[null,null,"Cód.Comp.","Índice","COT_ANDA",null,"Cód.Comp.","Índice",null,null,"Cód.Comp.","Índice",null,null,"1º.Pag.","ATUAL","Dif.","+ ou -"]
[null,null,"COT_ANDA"]
[null,"Mês Ref."]
[null,"Valor de locação",null,null,25.93,null,null,null,0,null,null,null,0]
[null,"taxa residual (%)",{"$nulls":5},50,0,null,null,50,0]
[null,"Vida útil (anos)",{"$nulls":5},2,null,null,null,2]
[null,"Depreciação anual (R$)",{"$nulls":6},0,null,null,null,0]
[]
[]
[]
[]
[null,"Valor Mensal (R$)",null,null,25.93,null,null,null,0,null,null,null,0]
[]
[]
[]
["COMPOSIÇÕES - EQUIPAMENTOS - ELÉTRICA"]
[]
[]
[]
[null,"CRITERIO RECEITA FEDERAL",null,"2.6",{"$nulls":4},"2.8"]
[null,"CHP e CHI:"]
[null,null,"Fonte de alimentação com tensão variável (10236 - ORSE/SE)",null,null,null,"Furadeira Manual (I9376 - SEINFRA/CE)"]
[null,null,"Cód.Comp.","Índice","ORSE (SE)",null,"Cód.Comp.","Índice","SEINFRA/CE",null,"Cód.Comp.","Índice","SINAPI (PE)",null,"1º.Pag.","ATUAL","Dif.","+ ou -"]
[null,null,"ORSE (SE)",null,10236,null,"SEINFRA/CE",null,"I9376"]
[null,"Mês Ref.",null,null,"2022-03-01",null,null,null,"027"]
[null,"Valor de Aquisição",10236,1,193,null,"I9376",1,903]
[null,"taxa residual (%)",null,50,96.5,null,null,50,451.5]
[null,"Vida útil (anos)",null,2,null,null,null,2]
[null,"Depreciação anual (R$)",null,null,48.25,null,null,null,225.75]
[{"$nulls":14},"Observação: vida útil adaptada para dois anos, na talha manual, devido ao desgaste com a intensidade (uso severo) dos serviços propostos utilizando o mesmo"]
[]
[]
[]
[null,"Valor Mensal (R$)",null,null,4.020833333333333,null,null,null,18.8125]
[]
[]
[]
[null,"CRITERIO RECEITA FEDERAL"]
[null,"CHP e CHI:"]
[null,null,"Analisador de grandezas elétricas trifásico, display LCD colorido 5,6\", TRMS 1.000 V, corrente 3.000A ",null,null,null,"Bancada de teste, amperimetro 150A, voltímetro 40V ",null,null,null,"Bancada protegida contra eletricidade estática "]
[null,null,"Cód.Comp.","Índice","COT_ANAL",null,"Cód.Comp.","Índice","COT_BANC_TESTE",null,"Cód.Comp.","Índice","COT_BANC_PROT",null,"1º.Pag.","ATUAL","Dif.","+ ou -"]
[null,null,"COT_ANAL",null,null,null,"COT_BANC_TESTE","COTAÇÃO",null,null,"COT_BANC_PROT"]
[null,"Mês Ref."]
[null,"Valor de Aquisição",null,null,35072.980000000003,null,null,null,6021.78,null,null,null,3221.2]
[null,"taxa residual (%)",null,50,17536.490000000002,null,null,50,3010.89,null,null,50,1610.6]
[null,"Vida útil (anos)",null,2,null,null,null,2,null,null,null,2]
[null,"Depreciação anual (R$)",null,null,8768.2450000000008,null,null,null,1505.4449999999999,null,null,null,805.3]
[{"$nulls":14},"Observação: vida útil adaptada para dois anos, na talha manual, devido ao desgaste com a intensidade (uso severo) dos serviços propostos utilizando o mesmo"]
[]
[]
[]
[null,"Valor Mensal (R$)",null,null,730.68708333333336,null,null,null,125.45375,null,null,null,67.108333333333334]
[]
[]
[]
[null,"CRITERIO RECEITA FEDERAL"]
[null,"CHP e CHI:"]
[null,null,"Data Logger de 4 a 20 mA (verificação de intermitência em instrumentação) ",null,null,null,"Fonte de bancada 12 V ",null,null,null,"Gerador de corrente e tensão de 0 a 20 mA e 0 a 10V, precisão de 0,1% "]
[null,null,"Cód.Comp.","Índice","COT_DATA",null,"Cód.Comp.","Índice","COT_FONT",null,"Cód.Comp.","Índice","COT_GERA",null,"1º.Pag.","ATUAL","Dif.","+ ou -"]
[null,null,"COT_DATA",null,null,null,"COT_FONT","COTAÇÃO",null,null,"COT_GERA"]
[null,"Mês Ref."]
[null,"Valor de Aquisição",null,null,1104.53,null,null,null,733.94,null,null,null,166.31]
[null,"taxa residual (%)",null,50,552.26499999999999,null,null,50,366.97,null,null,50,83.155000000000001]
[null,"Vida útil (anos)",null,2,null,null,null,2,null,null,null,2]
[null,"Depreciação anual (R$)",null,null,276.13249999999999,null,null,null,183.48500000000001,null,null,null,41.577500000000001]
[{"$nulls":14},"Observação: vida útil adaptada para dois anos, na talha manual, devido ao desgaste com a intensidade (uso severo) dos serviços propostos utilizando o mesmo"]
[]
[]
[]
[null,"Valor Mensal (R$)",null,null,23.011041666666667,null,null,null,15.290416666666667,null,null,null,3.4647916666666667]
[]
[]
[]
[null,"CRITERIO RECEITA FEDERAL"]
[null,"CHP e CHI:"]
[null,null,"Kit para enchimento e complementação para gás SF6, composto de adaptador ,regulador, mangueira e manômetro padrão ",null,null,null,"TTR - medidor digital de relação de espiras, escala de medição 0,8000:1 a 8.000,0: 1 "]
[null,null,"Cód.Comp.","Índice","COT_KIT ",null,"Cód.Comp.","Índice","COT_TTR ",null,"Cód.Comp.","Índice",0,null,"1º.Pag.","ATUAL","Dif.","+ ou -"]
[null,null,"COT_KIT ",null,null,null,"COT_TTR ","COTAÇÃO"]
[null,"Mês Ref."]
[null,"Valor de Aquisição",null,null,20949.419999999998,null,null,null,24441.08]
[null,"taxa residual (%)",null,50,10474.709999999999,null,null,50,12220.54,null,null,50,0]
[null,"Vida útil (anos)",null,2,null,null,null,2,null,null,null,2]
[null,"Depreciação anual (R$)",null,null,5237.3549999999996,null,null,null,6110.27,null,null,null,0]
[{"$nulls":14},"Observação: vida útil adaptada para dois anos, na talha manual, devido ao desgaste com a intensidade (uso severo) dos serviços propostos utilizando o mesmo"]
[]
[]
[]
[null,"Valor Mensal (R$)",null,null,436.44624999999996,null,null,null,509.18916666666672,null,null,null,0]

{"sheet":"Ferramentas","index":30,"n_rows":253,"n_cols":13,"rows_kept":253,"cut":false,"hidden":false,"merged":[[241,0,241,6],[237,5,237,6],[238,5,238,6],[239,5,239,6],[240,5,240,6],[237,0,237,4],[238,0,238,4],[239,0,239,4],[240,0,240,4],[225,0,225,5],[230,5,230,6],[230,2,230,4],[167,0,167,5],[96,0,96,5],[227,0,227,5],[234,0,234,4],[234,5,234,6],[229,0,229,6],[232,2,232,4],[233,2,233,4],[231,5,231,6],[232,5,232,6],[233,5,233,6],[231,2,231,4],[242,0,242,6],[13,2,13,6],[98,2,98,6],[169,2,169,6],[0,2,0,6],[1,2,1,6],[2,2,2,6],[4,0,5,6],[7,0,7,6],[9,5,9,6],[9,4,10,4],[9,3,10,3],[9,2,10,2],[9,0,10,0],[9,1,10,1],[11,2,11,6]]}
[null,null,"Ministério do Desenvolvimento Regional  - MDR"]
[null,null,"Companhia de Desenvolvimento dos Vales do São Francisco e do Parnaíba"]
[null,null,"Gerência de Operação do PISF - Centro de Controle e Operação (AD / GOI / CCO)"]
[]
["TERMO DE REFERÊNCIA PARA CONTRATAÇÃO DOS RECURSOS NECESSÁRIOS À OPERAÇÃO E MANUTENÇÃO DAS INFRAESTRUTURAS DO EIXO LESTE DO PISF - PROJETO DE INTEGRAÇÃO DO SÃO FRANCISCO COM AS BACIAS HIDROGRÁFICAS DO NORDESTE SETENTRIONAL"]
[]
[]
["FERRAMENTAS"]
[]
["ITEM","CÓDIGO","DESCRIÇÃO","UNIDADE","QUANTIDADE","VALOR (R$)"]
[{"$nulls":5},"UNITARIO","TOTAL"]
[null,null,"FERRAMENTAS"]
[]
["1.",null,"FERRAMENTAS - MECÂNICA"]
["1.1",null,"Alavanca para mecânico 38,4 cm ","un",6,255.68,1534.08,null,6,3]
["1.2","11240 - ORSE","Alicate de bico com isolamento para 1000V","un",9,43.9,395.1,null,9,4]
["1.3","38470 - SINAPI","Alicate de corte diagonal","um",9,45.9,413.1,null,9,4]
["1.4","38471 - SINAPI","Alicate para anéis externo pontas retas","un",9,108.29,974.61,null,9,4]
["1.5","38471 - SINAPI","Alicate para anéis externos ponta curva 90°","un",9,108.29,974.61,null,9,4]
["1.6","38471 - SINAPI","Alicate para anéis internos","un",9,108.29,974.61,null,9,4]
["1.7",null,"Alicate de pressão modelo curvo reto, 10\", 250mm","un",9,46.04,414.36,null,9,4]
["1.8","11240 - ORSE","Alicate universal, 8\", com isolação 1000 V","un",9,43.9,395.1,null,9,4]
["1.9","10585 - ORSE","Arco de Serra manual (com serra)","un",6,21.25,127.5,null,6,3]
["1.10",null,"Cabo de força T com encaixe de ½”, ¾” e 1” para soquetes ","un",6,304.87,1829.22,null,6,3]
["1.11","5090 - SINAPI","Cadeado 30mm","un",9,22,198,null,9,4]
["1.12","00425 - ORSE","Cadeado 40mm","un",9,23.55,211.95,null,9,4]
["1.13",null,"Calibrador de folgas de 0,03 mm - 0,50 mm 17 Lâminas (Jogo)","un",6,86.56,519.36,null,6,3]
["1.14",null,"Canivete sem ponta inox com lâmina larga","un",9,30.9,278.10000000000002,null,9,4]
["1.15",null,"Chave ajustável oxidada n.º 08","un",9,64.86,583.74,null,9,4]
["1.16",null,"Chave combinada 1\" x 5/16\"","un",9,99.24,893.16,null,9,4]
["1.17",null,"Chave combinada 22 mm","un",9,29.78,268.02,null,9,4]
["1.18",null,"Chave combinada n.º 5/16\"","un",9,14.29,128.61000000000001,null,9,4]
["1.19",null,"Chave cruzada 8 x 150","un",9,12.8,115.2,null,9,4]
["1.20",null,"Chave de boca 3/4\" x 25/32\"","un",9,26.65,239.85,null,9,4]
["1.21",null,"Chave de boca 5/16\" x 1/4\"","un",9,14.89,134.01,null,9,4]
["1.22",null,"Chave de fenda 1/4x10","un",9,14.18,127.62,null,9,4]
["1.23",null,"Chave de fenda 1/8x3","un",9,7.1,63.9,null,9,4]
["1.24",null,"Chave de fenda 3/16x6","un",9,8.27,74.430000000000007,null,9,4]
["1.25",null,"Chave de fenda 3/8x10","un",9,22.65,203.85,null,9,4]
["1.26",null,"Chave de fenda 8x150","un",9,15.57,140.13,null,9,4]
["1.27",null,"Chave de fenda cruzada (Philips) 1/4\" x 1. 1/2\"","un",9,15.62,140.58000000000001,null,9,4]
["1.28",null,"Chave de fenda tipo toco 1/4\" x 1. 1/2\"","un",9,12.59,113.31,null,9,4]
["1.29",null,"Chave grifo americana n.º 8 200mm","un",6,54.54,327.24,null,6,3]
["1.30",null,"Chave grifo americana n.º 18 450mm","un",6,138.34,830.04,null,6,3]
["1.31",null,"Chave Philips","un",9,15.24,137.16,null,9,4]
["1.32",null,"Chave soquete tipo canhão 1/2\"","un",3,28.13,84.39,null,3,1]
["1.33",null,"Chave soquete tipo canhão 1/4\"","un",3,18.149999999999999,54.45,null,3,1]
["1.34",null,"Chave soquete tipo canhão 11/32\"","un",3,23.9,71.7,null,3,1]
["1.35",null,"Chave soquete tipo canhão 3/8\"","un",3,24.94,74.819999999999993,null,3,1]
["1.36",null,"Chave soquete tipo canhão 7/16\"","un",3,32.17,96.51,null,3,1]
["1.37",null,"Chave soquete tipo canhão 9/16\"","un",3,26.21,78.63,null,3,1]
["1.38","12 - SINAPI","Escova de aço, com cabo, *4 X 15* fileiras de cerdas","un",3,135.44,406.32,null,3,1]
["1.39","04725 - ORSE","Espátula n.º 38A-23","un",9,18.5,166.5,"ok",9,4]
["1.40","38380 - SINAPI","Esquadro Profissional 12\" (em aço)","un",6,37.83,226.98,null,6,3]
["1.41",null,"Extensão elétrica 20m 2x2,50mm com carretel","un",6,302.85000000000002,1817.1,null,6,3]
["1.42",null,"Faca reta desencapadora com isolamento para 1000V","un",9,125.84,1132.56,null,9,4]
["1.43",null,"Funil para troca de óleo","un",6,30.45,182.7,null,6,3]
["1.44",null,"Jogo de broca de aço de 6 a 19mm (concreto parede)","un",9,117.4,1056.5999999999999,null,9,4]
["1.45",null,"Jogo de soquete Estriado de 1/2 Pol. Com 22 peças ","un",6,332.52,1995.12,null,6,3]
["1.46",null,"Jogo de chave combinada de nº 6 a nº 50","un",9,907.32,8165.88,null,9,4]
["1.47",null,"Jogo de chave hexagonal (Allen) em polegada","un",9,74.319999999999993,668.88,null,9,4]
["1.48",null,"Jogo de chave hexagonal (Allen) nº 03 a 17mm","un",9,87.63,788.67,null,9,4]
["1.49",null,"Jogo de chave Phillips com isolamento para 1000V","un",9,206.74,1860.66,null,9,4]
["1.50",null,"Jogo de chave soquete 22 mm a 50 mm","un",6,919.84,5519.04,null,6,3]
["1.51",null,"Jogo de chaves de fenda com isolamento para 1000V","un",9,120.88,1087.92,null,9,4]
["1.52",null,"Jogo para Reparo de Rosca Postiça Master M5xM12","un",6,331.57,1989.42,null,6,3]
["1.53","11400/ORSE","Lanterna grande - 10 Million","un",6,31.52,189.12,"ok",6,3]
["1.54","10592/ORSE","Lima chata paralela murça 6\"","un",9,34.47,310.23,"ok",9,4]
["1.55","J040001106/EMBASA","Lima paralela bastarda 6\"","un",9,28.6,257.39999999999998,"ok",9,4]
["1.56",null,"Lima redonda murça 6\"","un",9,26.48,238.32,null,9,4]
["1.57",null,"Kit Estojo de Limas Murça 19 peças","un",9,73.89,665.01,null,9,4]
["1.58",null,"Mala de ferramenta com 05 gavetas","un",9,168.32,1514.88,null,9,4]
["1.59","4729 - ORSE","Marreta 1kg","un",9,28.8,259.2,null,9,4]
["1.60","J02000073/EMBASA","Marreta 2 kg com cabo de fibra","un",6,17.100000000000001,102.6,"ok",6,3]
["1.61","J020000076/EMBASA","Marreta de 5kg com cabo de madeira","un",6,19.739999999999998,118.44,"ok",6,3]
["1.62","J030000145/EMBASA","Martelo bola  1kg cabo em madeira ","un",9,42.9,386.1,"ok",9,4]
["1.63","11265/ORSE","Martelo de borracha 32 Cm","un",9,11.5,103.5,"ok",9,4]
["1.64",null,"Nível a laser com base magnética e tripé","un",6,408.64,2451.84,null,6,3]
["1.65",null,"Nível de mão – metálico e magnético","un",6,40.39,242.34,null,6,3]
["1.66",null,"Pe De Cabra, 900 Mm, Sextavado, Pintado","un",6,62.67,376.02,null,6,3]
["1.67","38377 - SINAPI","Prumo de centro","un",6,47.85,287.10000000000002,null,6,3]
["1.68",null,"Punção de centro 100 x 4 mm","un",9,17.87,160.83000000000001,null,9,4]
["1.69",null,"Punção de centro 150 x 6 mm","un",9,19.170000000000002,172.53,null,9,4]
["1.70","J030000058/EMBASA","CONJUNTO DE SACA-PINOS","un",9,169.57,1526.13,"ok",9,4]
["1.71",null,"Saca pino 08mm","un",9,0,0,34.15,9,4]
["1.72",null,"Saca pino 17 mm","un",9,0,0,24.07,9,4]
["1.73",null,"Saca pino paralelo 150x4","un",9,0,0,23.9,9,4]
["1.74",null,"Saca pino paralelo 150x6","un",9,0,0,23.68,9,4]
["1.75",null,"Saca pino paralelo 150x8","un",9,0,0,26.89,9,4]
["1.76",null,"Saca polia 10\"","un",3,1449.71,4349.13,null,3,1]
["1.77",null,"Soquete Sextavado Quadra 1\" 65 mm","un",3,343.68,1031.04,null,3,1]
["1.78",null,"Soquete Sextavado Quadra 1\" 70 mm","un",3,313.25,939.75,null,3,1]
["1.79",null,"Soquete Sextavado Quadra 1\" 75/55 mm","un",3,429.92,1289.76,null,3,1]
["1.80","11271/ORSE","Talhadeira De Aço Com Empunhadura De Proteção 10''","un",9,29.69,267.20999999999998,null,9,4]
["1.81",null,"Torquímetro de estalo 50 - 400 N.m","un",3,3163.81,9491.43,null,3,1]
["1.82",null,"Trena Metálica 8 m","un",6,68.81,412.86,null,6,3]
["TOTAL - FERRAMENTAS - MECÂNICA - (R$):",{"$nulls":5},68428.169999999984]
[]
["2.",null,"FERRAMENTAS - ELÉTRICA"]
["2.1",null,"Adaptador universal de tomadas","un",46,10.039999999999999,461.84,null,46,23]
["2.2",null,"Alavanca reta, 1,75 m","un",10,470.8,4708,null,10,5]
["2.3",null,"Alicate bico chato/pato, 6\"","un",13,36.119999999999997,469.56,null,13,6]
["2.4","38470 - SINAPI","Alicate cortador de cabos diagonal, 6\"","un",23,45.9,1055.7,null,23,11]
["2.5",null,"Alicate cortador de cabos frontal, 6\"","un",13,267.36,3475.68,null,13,6]
["2.6",null,"Alicate/Tesoura cortador manual de cabos de até 300mm², 225mm","un",13,1062.75,13815.75,null,13,6]
["2.7","38547 - SINAPI","Alicate crimpador, RJ-11/RJ-45, 200mm","un",2,125.25,250.5,null,2,1]
["2.8","38547 - SINAPI","Alicate crimpador,  RG-59 e RG-6, 130mm","un",2,125.25,250.5,null,2,1]
["2.9","11272 - ORSE","Alicate crimpador para terminais 1,0 a 10mm², 220mm","un",13,97.93,1273.0899999999999,null,13,6]
["2.10","11272 - ORSE","Alicate crimpador para terminais 10 a 120mm², 620mm","un",1,97.93,97.93,null,1,0]
["2.11","11272 - ORSE","Alicate crimpador 11\", 280mm","un",2,97.93,195.86,null,2,1]
["2.12",null,"Alicate crimpador, hidráulico, prensa terminal,  com matriz de 10 a 300mm²","un",1,835.33,835.33,null,1,0]
["2.13","11275 - ORSE","Alicate de pressão, 10\", 250mm","un",13,59.25,770.25,null,13,6]
["2.14","11240 - ORSE","Alicate profissional universal, 8\". Material: Cromo Vanadium","un",13,43.9,570.70000000000005,null,13,6]
["2.15","11240 - ORSE","Alicate universal, 8\", com isolação 1000 V","un",10,43.9,439,null,10,5]
["2.16","10585 - ORSE","Arco de Serra manual (com serra)","un",23,21.25,488.75,null,23,11]
["2.17",null,"Aspirador de Pó / Liquidos 2 Motores de 1200W 220V AA280 ","un",2,2181.69,4363.38,"ok",2,1]
["2.18",null,"Bastão isolante universal Ø 38 mm, 6 m, com 2 cabeçotes","un",2,1530.51,3061.02,null,2,1]
["2.19",null,"Bastão de resgate - 35 kV, 220 mm","un",2,1170.68,2341.36,null,2,1]
["2.20",null,"Chave de boca ajustável 8\"","un",10,36.909999999999997,369.1,null,10,5]
["2.21",null,"Chave de boca ajustável 12\"","un",10,115.7,1157,null,10,5]
["2.22",null,"Chave de boca ajustável 18\"","un",10,429.6,4296,null,10,5]
["2.23","00425 - ORSE","Cadeado 40mm","un",27,23.55,635.85,null,27,13]
["2.24",null,"Caixa de ferramentas para eletricista NR10 com 34 peças - Equipes de Manutenção","un",6,5562.35,33374.1,"ok",6,3]
["2.25",null,"Caixa de ferramentas para eletricista NR10 com 34 peças para operadores EB","un",6,5562.35,33374.1,"ok",6,3]
["2.26",null,"Caixa de ferramentas com 40 peças (Para técnicos de automação e telecom)","un",2,2314.2600000000002,4628.5200000000004,null,2,1]
["2.27",null,"Caixa de ferramentas tipo sanfonada, confeccionada  em chapa de aço, com rodas e puxador","un",13,148.93,1936.09,null,13,6]
["2.28",null,"Câmera fotográfica digital 20MP, 5x Zoom Óptico","un",2,849.64,1699.28,null,2,1]
["2.29",null,"Chave com catraca 4 bocas 8x9x10x11 mm (Ref. 44637101 ou similar)","un",10,199.97,1999.7,null,10,5]
["2.30",null,"Conjunto de aterramento rápido e temporário para cubículos até 35kV","un",2,3394.48,6788.96,null,2,1]
["2.31",null,"Conjunto de aterramento rápido e temporário para redes isoladas até 1kV","un",2,1090.55,2181.1,null,2,1]
["2.32",null,"Conjunto de aterramento temporário até 15 kV","un",2,3853.03,7706.06,null,2,1]
["2.33",null,"Conjunto de chaves básicas para eletricista com 06 peças","un",10,105.17,1051.7,null,10,5]
["2.34",null,"Detector de Tensão por contato 1kV","un",15,715.66,10734.9,null,23,11]
["2.35",null,"Detector unipolar de tensão por aproximação - 10 KV","un",5,1435.99,7179.95,null,13,6]
["2.36",null,"Encerado de lona (3x2 m)","un",5,49.13,245.65,null,10,5]
["2.37","38477/SINAPI","Escada perfil \"U\" de fibra de vidro extensiva - altura esticada 8,40 m - 15 kV","un",5,1153.4100000000001,5767.05,"ok",10,5]
["2.38","Banco de Preços (Pregão Eletrônico - FUND.P/CONSERV.PROD.FLORESTAL DO EST.SP\nGOVERNO DO ESTADO DE SÃO PAULO), 04/2022","Escada de fibra de vidro tipo \"A\" - 10 degraus","un",2,2710,5420,null,2,1]
["2.39","12 - SINAPI","Escova com cerdas de aço para condutores","un",10,11.88,118.8,null,10,5]
["2.40",null,"Ferramenta universal para bastão de manobra - Cabeçote para grampo de aterramento","un",2,263.06,526.12,null,2,1]
["2.41",null,"Fumigador para apicultura","un",10,208.21,2082.1,null,10,5]
["2.42","11248/ORSE","Furadeira elétrica de impacto 1/2\" Ø 13mm, 800W, 1050 A, 2800 rpm e 220V","un",10,246,2460,"ok",10,5]
["2.43","Licitação - Banco de preços (SECRETARIA DA SEGURANCA PUBLICA\nSãO PAULO-06/2022)","Jogo de chave canhão com 12 unidades","un",10,229,2290,"ok",10,5]
["2.44",null,"Jogo de chave combinada com 16 unidades (sextavado/boca fixa) de 1/4\" a 1.1/4\" (6,35 mm a 31,75 mm)","un",10,653.17999999999995,6531.8,null,10,5]
["2.45",null,"Jogo de soquetes estriado com encaixe 1/2\" com 38 soquetes - 10-32mmn","un",10,436.95,4369.5,null,10,5]
["2.46",null,"Jogo de chaves biela 12 peças tipo L 8 a 19mm","un",10,225.28,2252.8000000000002,null,10,5]
["2.47",null,"Jogo de chave de fenda e philips com haste protegida para eletricista com 07 peças","un",10,531.11,5311.1,null,10,5]
["2.48",null,"Kit de reparo eletrônico (ferro de solda, sugador de placa de circuito impresso, componentes sobressalentes)","un",2,206.08,412.16,null,2,1]
["2.49",null,"Kit ferramenta fibra óptica (clivador +alicate decapador + alicate stripper + bolsa + 2 chaves allen + recipiente para álcool + guia) + Medidor de potência para fibra óptica (Power Meter Medidor Potência Fibra Óptica + Caneta Laser 10W)","un",2,378.32,756.64,null,2,1]
["2.50",null,"Kit ferramentas telecom ( tipo TRAMONTINA PRO 44970053 ou similar)","un",2,2326.59,4653.18,null,2,1]
["2.51","11396 - ORSE","Lanterna tática grande - 5.500.000 lumens","un",10,16.579999999999998,165.8,null,10,5]
["2.52","10592/ORSE","Lima chata murça 8\" com cabo","un",1,34.47,34.47,null,1,0]
["2.53","J040001106/EMBASA","Lima chata bastarda 10\"","un",1,28.6,28.6,null,1,0]
["2.54","036147/SINAPI","Luva isolante classe 00 - 2,5kV","un",13,410.4,5335.2,null,13,6]
["2.55","\tB.07.000.049767/CPOS","Luva isolante classe 3 - 30kV","un",13,527.09,6852.17,null,13,6]
["2.56","J020000076/EMBASA","Marreta de 5kg com cabo de madeira","un",10,19.739999999999998,197.4,null,10,5]
["2.57",null,"Martelete Perfurador/Rompedor Profissional 220V, 800W, 870 RPM","un",1,1017.75,1017.75,null,1,0]
["2.58","J030000145/EMBASA","Martelo-bola 1kg com cabo de madeira","un",10,42.9,429,null,10,5]
["2.59","11244/ORSE","Martelo universal (de unha) 25mm com cabo de madeira","un",10,37.9,379,null,10,5]
["2.60","31.41.36/SUDECAP","Pá-de-bico com cabo de madeira","un",10,27.95,279.5,null,10,5]
["2.61","11248/ORSE","Parafusadeira/Furadeira elétrica com fio - 220V, 400W","un",10,246,2460,null,10,5]
["2.62",null,"Punho saca fusível NH tamanho 000 a 4, 1kV","un",10,209.04,2090.4,null,10,5]
["2.63",null,"Soprador Costal 2T 59,2CC à Gasolina","un",2,1642.94,3285.88,null,2,1]
["2.64",null,"Soprador térmico 2000W, 220V","un",1,531.33000000000004,531.33000000000004,null,1,0]
["2.65","I2587/SEINFRA","Talha manual Tirfor 1.600kgf/cm² com alavanca","un",1,2694,2694,null,1,0]
["2.66",null,"Testador de bastão de manobra para isolador","un",1,4950,4950,"ok",1,0]
["2.67",null,"Teste de Bateria Digital com Impressora Térmica Embutida","un",6,1779.9,10679.4,"ok",6,3]
["2.68",null,"Testador Teste Crimpagem Cabo Rede Lan Rj45 Rj11","un",2,52.07,104.14,null,2,1]
["TOTAL - FERRAMENTAS - ELÉTRICA - (R$):",{"$nulls":5},242747.55]
[]
["3.",null,"FERRAMENTAS - CIVIL"]
["3.1",null," Alavanca sextavada ponta pá curva para construção civil","un",29,181.03,5249.87,null,59,29]
["3.2",null," Ansinho curvo robusto 12 dentes com cabo de madeira","un",29,40.229999999999997,1166.67,null,59,29]
["3.3","10585 - ORSE","Arco de Serra manual (com serra)","un",12,21.25,255,null,12,6]
["3.4","10 - SINAPI"," Balde 10 l ","un",57,12.14,691.98,null,118,59]
["3.5",null,"Binóculo Profissional Ampliação 8 à 24x 50mm","un",10,204.37,2043.7,null,10,5]
["3.6",null,"Câmera fotográfica digital 20MP, 5x Zoom Óptico","un",6,797.32,4783.92,null,6,3]
["3.7",null," Carrinho para transporte de motor de popa até 40 Hp","un",12,350.35,4204.2,null,12,6]
["3.8","2711 - SINAPI"," Carro de mão ","un",114,238,27132,null,236,118]
["3.9",null," Cavador articulado com cabo de madeira 110cm","un",29,62.75,1819.75,null,59,29,null,26.160000000000004,52320.000000000007]
["3.10",null," Chibanca metálica com cabo de madeira","un",100,113.28,11328,null,207,103,null,65400.000000000007]
["3.11","J040001052/EMBASA"," Colher de pedreiro nº 9 ","un",2,13.76,27.52,null,7,3]
["3.12",null," Conjunto de ferramentas básicas para encanador ","un",3,424.23,1272.69,null,3,1]
["3.13",null," Conjunto de ferramentas básicas para pedreiro ","un",2,223.21,446.42,null,7,3,null,4500]
["3.14","38200/COMPESA"," Corda de bombeiro 12mm em nylon trançado (rolo de 100 m) ","un",5,640.24,3201.2,null,9,4,null,0.140625,56760]
["3.15",null," Desempenadeira de aço dentada ","un",5,23.06,115.3,null,9,4]
["3.16","4174/ORSE"," Desempenadeira de aço lisa ","un",5,10.8,54,null,9,4,null,0.25]
["3.17","M0076/SICRO3"," Disco corte abrasivo 18\" para aço 178x1,6x22,2mm","un",3,15.36,46.08,null,6,3]
["3.18","38403 - SINAPI"," Enxada estreita de 240 x 230 mm, sem cabo ","un",100,58.96,5896,null,207,103]
["3.19","38477 - SINAPI"," Escada articulada multifuncional 16 degraus ","un",7,1254.9100000000001,8784.3700000000008,null,12,6]
["3.20","12 - SINAPI","Escova de aco, com cabo, *4 x 15* fileiras de cerdas ","un",7,11.88,83.16,null,12,6]
["3.21","38367 - SINAPI","Espátula aço inox, 8cm - cabo de madeira ","un",7,23.81,166.67,null,12,6]
["3.22","38368 - SINAPI","Espátula de plástico lisa, largura 10 cm ","un",7,7.76,54.32,null,12,6]
["3.23","D249722458/EMBASA"," Esponja de limpeza ","un",60,3.9,234,null,105,52]
["3.24","38380 - SINAPI","Esquadro 90º x 30cm (12\") ","un",3,37.83,113.49,null,6,3]
["3.25","J020000046/EMBASA"," Estrovenga com cabo de madeira","un",100,32.9,3290,null,207,103]
["3.26",null,"Facão para mato, 18 pol","un",102,30.55,3116.1,null,211,105]
["3.27","J020000052/EMBASA","Foice 33mm com cabo de madeira","un",102,47.9,4885.8,null,211,105]
["3.28",null," Fumigador para apicultura ","un",14,198.45,2778.3,null,30,15]
["3.29","11400/ORSE"," Lanterna grande - 10 Million ","un",12,31.52,378.24,null,12,6]
["3.30","J020000061/EMBASA"," Machado lâmica 3,5 cabo de madeira 90 cm","un",43,42.43,1824.49,null,89,44]
["3.31","M2462/SICRO"," Mangueira de ¾ 50 MTS ","un",9,303.5,2731.5,null,15,7]
["3.32","00037458/SINAPI"," Mangueira de nível 5/16x1,3mm","un",10,45,450,null,18,9]
["3.33","11269 - ORSE"," Marreta de 1/2 kg com cabo ","un",11,13.52,148.72,null,24,12]
["3.34","J020000073/EMBASA"," Marreta oitavada de 2kg com cabo de madeira","un",11,17.100000000000001,188.1,null,24,12]
["3.35","J020000076/EMBASA","Marreta de 5kg com cabo de madeira","un",11,19.739999999999998,217.14,null,24,12]
["3.36","11244/ORSE"," Martelo com unha 25mm","un",11,37.9,416.9,null,24,12]
["3.37","11265/ORSE"," Martelo de borracha 32 Cm","un",3,11.5,34.5,null,5,2]
["3.38",null," Nível c/ bolha ajustável de inclinação, bolha fixa e prumo – 250mm ","un",3,62.88,188.64,null,5,2]
["3.39","10789/ORSE"," Nível de bolha de madeira ","un",3,16.5,49.5,null,5,2]
["3.40","10788/ORSE"," Pá quadrada com cabo de madeira","un",100,36.9,3690,null,207,103]
["3.41",null," Pé-de-cabra 3/4x60cm","un",29,66.709999999999994,1934.59,null,59,29]
["3.42","830101/IOPES"," Picareta 4 libras com cabo 90 cm","un",100,111.33,11133,null,207,103]
["3.43","038394/SINAPI"," Pistola para pintura pulverizadora 1L","un",3,317.52999999999997,952.59,null,5,2]
["3.44","4720/ORSE"," Ponteiro de aço liso 3/4","un",29,21.48,622.91999999999996,null,59,29]
["3.45","38377 - SINAPI"," Prumo de centro ","un",3,44.03,132.09,null,5,2]
["3.46","38376 - SINAPI"," Prumo de parede ","un",3,50.2,150.6,null,5,2]
["3.47","31.42.17/SUDECAP"," Rastelo (ASG) de plástico com cabo","un",29,32.99,956.71,null,59,29]
["3.48","8606/ORSE","Refletor redondo em alumínio anodizado para lâmpada vapor de mercúrio/sódio, corpo em aluminio com pintura epoxi, para lâmpada E-27 de 300 W, com suporte redondo e alça regulável para fixação. ","un",30,63.8,1914,null,30,15]
["3.49",null," Régua de alumínio - 2,00m ","un",3,40.44,121.32,null,5,2]
["3.50","10577/ORSE"," Serrote madeira 40cm ","un",11,30,330,null,24,12]
["3.51","4728/ORSE"," Talhadeira de aço chato 10\" ","un",29,13.85,401.65,null,59,29]
["3.52",null," Torqueza 8\"","un",15,22.62,339.3,null,15,7]
["3.53","078296/SBC","Trena Metálica 8 m","un",20,26,520,null,20,10]
["3.54","83.25.53/SUDECAP"," Trena de Fita 20m ","un",3,35.369999999999997,106.11,null,3,1]
["3.55","F099703003/EMBASA"," Trena de Fita 50m ","un",3,41.62,124.86,null,3,1]
["TOTAL - FERRAMENTAS - CIVIL - (R$):",{"$nulls":5},123297.98000000003]
[]
["TOTAL - FERRAMENTAS - (R$):",{"$nulls":5},434473.6999999999,1158938.3999999999]
[]
["RESUMO - FERRAMENTAS"]
["ITEM",null,"DESCRIÇÃO",null,null,"VALOR TOTAL (R$)"]
["01",null,"FERRAMENTAS - MECÂNICA",null,null,68428.169999999984]
["02",null,"FERRAMENTAS - ELÉTRICA",null,null,242747.55]
["03",null,"FERRAMENTAS - CIVIL",null,null,123297.98000000003]
["TOTAL GERAL - RESUMO - FERRAMENTAS -  (R$):",{"$nulls":4},434473.7,null,null,0.36131071837617385]
[]
[]
["NOME DO INFORMANTE:",{"$nulls":4},"QUALIFICAÇÃO:"]
[]
["ASSINATURA:",{"$nulls":4},"DATA:"]
[]
["OBSERVAÇÃO:"]
["TABELAS DE REFERÊNCIA"]
["SINAPI 04/2022"]
["ORSE 03/2022"]
["COMPESA 01/2022"]
["EMBASA 01/2022"]
["SUDECAP 02/2022"]
["IOPES 04/2022"]
["SBC 07/2022"]
["SICRO 01/2022"]
["SEINFRA"]
["CPOS 05/2022"]

{"sheet":"Instrumentos","index":31,"n_rows":74,"n_cols":11,"rows_kept":74,"cut":false,"hidden":false,"merged":[[76,0,76,6],[73,0,74,6],[59,0,59,5],[75,0,75,6],[57,0,57,5],[72,0,72,6],[70,0,70,4],[71,0,71,4],[70,5,70,6],[71,5,71,6],[50,0,50,5],[69,0,69,4],[61,0,61,6],[65,5,65,6],[66,5,66,6],[68,0,68,4],[62,2,62,4],[62,5,62,6],[63,2,63,4],[63,5,63,6],[66,0,66,4],[64,2,64,4],[64,5,64,6],[65,2,65,4],[68,5,68,6],[69,5,69,6],[14,2,14,6],[30,2,30,6],[52,2,52,6],[0,2,0,6],[1,2,1,6],[2,2,2,6],[4,0,5,6],[7,0,7,6],[28,0,28,5],[10,0,11,0],[10,2,11,2],[10,3,11,3],[10,4,11,4],[10,5,10,6],[10,1,11,1],[12,2,12,6]]}
[null,null,"Ministério do Desenvolvimento Regional  - MDR"]
[null,null,"Companhia de Desenvolvimento dos Vales do São Francisco e do Parnaíba"]
[null,null,"Gerência de Operação do PISF - Centro de Controle e Operação (AD / GOI / CCO)"]
[]
["TERMO DE REFERÊNCIA PARA CONTRATAÇÃO DOS RECURSOS NECESSÁRIOS À OPERAÇÃO E MANUTENÇÃO DAS INFRAESTRUTURAS DO EIXO LESTE DO PISF - PROJETO DE INTEGRAÇÃO DO SÃO FRANCISCO COM AS BACIAS HIDROGRÁFICAS DO NORDESTE SETENTRIONAL"]
[]
[]
["INSTRUMENTOS"]
[]
[]
["ITEM","CÓDIGO","DESCRIÇÃO","UNIDADE","QUANTIDADE","VALOR (R$)"]
[{"$nulls":5},"UNITARIO","TOTAL"]
[null,null,"INSTRUMENTOS"]
[]
["1.",null,"INSTRUMENTOS - MECÂNICA",{"$nulls":6},12,6]
["1.1",null,"Analisador de vibração VIB 496FFY VIBOTRON","un x mês",6,524.0916666666667,3144.55,null,12,1,6]
["1.2","Banco de preços (NºPregão:102022 / UASG:153029, MINISTÉRIO DA EDUCAÇÃO\nUniversidade Tecnológica Federal do Paraná\nUTFPR - Campus Medianeira - Pregão Eletrônico, 06/2022)","Base magnética para relógio comparador","un x mês",24,17.833333333333332,428,null,48,4,24]
["1.3","Banco de preços (NºPregão:282022 / UASG:984723, PREFEITURA MUNICIPAL DE JOÃO MONLEVADE/MG - Pregão Eletrônico, 07/2022)","Estetoscópio Kent","un x mês",12,12.166666666666666,146,null,24,2,12]
["1.4",null,"Micrômetro 100 à 200 externo","un x mês",12,55.650666666666666,667.81,null,24,2,12]
["1.5","Banco de preços (NºPregão:752021 / UASG:168008, MINISTÉRIO DA DEFESA\nComando do Exército\nIndustria de Material Belico do Brasil/FE/RJ - Pregão Eletrônico, 01/2022)","Micrômetro externo 0 – 100mm","un x mês",12,23.400000000000002,280.8,null,24,2,12]
["1.6","Banco de preços (NºPregão:222022 / UASG:153178 - MINISTÉRIO DA EDUCAÇÃO\nUniversidade Tecnológica Federal do Paraná\nUTFPR - Campus Ponta Grossa, Pregão Eletrônico - 07/2022)","Micrômetro interno 50 – 800mm","un x mês",12,121.08333333333333,1453,null,24,2,12]
["1.7","Banco de preços (NºPregão:102022 / UASG:160353, MINISTÉRIO DA DEFESA\nComando do Exército\nComando Militar da Amazônia\n2ºGrupamento de Engenharia de Construção\n6ºBatalhão de Engenharia de Construção - Pregão eletrônico, 05/2022)","Nível ótico (Topcon AT-B2) ou similar","un x mês",6,115,690,null,12,1,6]
["1.8","Banco de preços (NºPregão:252022 / UASG:154043, MINISTÉRIO DA EDUCAÇÃO\nUniversidade Federal de Uberlândia - Pregão Eletrônico, 06/2022)","Paquímetro digital 0 – 150mm/0,01mm","un x mês",12,6.6583333333333341,79.900000000000006,null,24,2,12]
["1.9",null,"Paquímetro universal 0 - 650mm/0,02mm","un x mês",12,116.69133333333333,1400.3,null,24,2,12]
["1.10","Banco de preços (NºPregão:832021 / UASG:742050, MINISTÉRIO DA DEFESA\nCOMANDO DA MARINHA\nCentro de Intendência Tecnológico da Marinha em São Paulo - Pregão Eletrônico, 01/2022)","Relógio comparador 0 – 10/0,01mm digital","un x mês",24,8.7593333333333323,210.22,null,48,4,24]
["1.11","Banco de preços (NºPregão:62022 / UASG:158445, MINISTÉRIO DA EDUCAÇÃO\nSECRETARIA DE EDUCAÇÃO PROFISSIONAL E TECNOLÓGICA\nInstituto Federal de Educação, Ciência e Tecnologia do Amazonas\nCampus Manaus Centro - Pregão Eletrônico, 07/2022)","Tacômetro digital 0,1 - 1,0 RPM DT - 2234 A","un x mês",6,13.064000000000002,78.38,null,12,1,6]
["1.12","Banco de preços (NºPregão:7982021 / UASG:925373 - GOVERNO DO ESTADO DE RONDONIA\nSuperintendência Estadual de Compras e Licitações, Pregão Eletrônico - 01/2022)","Termômetro mira laser escala de -20 a 500ºC","un x mês",6,12.786333333333333,76.72,null,12,1,6]
["1.13",null,"Termovisor, com resolução Infravermelha de 120 x 90, Sensibilidade Térmica menor que 0,10 ºC, frequência da imagem de 9 Hz e faixa de temperatura –20 a 250 °C. ","un x mês",18,236.13233333333335,4250.38,null,36,3,18]
["TOTAL - INSTRUMENTOS - MECÂNICA - (R$):",{"$nulls":5},12906.059999999998,null,0,0,0]
[{"$nulls":8},0,0,0]
["2.",null,"INSTRUMENTOS - ELÉTRICA",{"$nulls":5},0,0,0]
["2.1",null,"Alicate Amperímetro (mod. 381 CA/CC True-rms 1000V CAT III (ou similar)","un x mês",78,188.74099999999999,14721.8,null,156,13,78]
["2.2","Banco de preços (UNIVERSIDADE ESTADUAL DE CAMPINAS\nSECR. DESENV. ECONOMICO\nCAMPINAS - Dispensa de Licitação, 01/2022)","Alicate amperímetro CA/CC de 600V, digital, CAT III FLUKE 305","un x mês",60,32.175000000000004,1930.5,null,120,10,60]
["2.3",null,"Alicate Medidor de qualidade de energia (mod. Fluke 345 ou  similar) ","un x mês",12,895.4616666666667,10745.54,null,24,2,12]
["2.4",null,"Boroscópio Digital Tela LCD 2,7 Pol. com Câmera de Inspeção e Saída USB ","un x mês",12,66.413333333333341,796.96,null,24,2,12]
["2.5",null,"Calibrador de processos multifunção digital (mod. Fluke 725 ou  similar) ","un x mês",12,916.66666666666663,11000,null,24,2,12]
["2.6",null,"Fasímetro, digital, categoria IV, 40~700Vca, 600V ","un x mês",60,66.572666666666677,3994.36,null,120,10,60]
["2.7",null,"Freqüencímetro gitital de bancada , 1GHz de 8 dígitos ","un x mês",6,32.847333333333331,197.08,null,12,1,6]
["2.8",null,"Medidor de distância, laser, amplitude de medição 1mm a 80m ","un x mês",6,40.501666666666665,243.01,null,12,1,6]
["2.9",null,"Medidor de resistência de aterramento e resistividade do solo (Faixa de medição de 0,02Ω a 300KΩ; Alcance de até 2 K Ω) com 02 pinças ","un x mês",6,776.61800000000005,4659.71,null,12,1,6]
["2.10",null,"Medidor de vazão portátil tipo Clamp-on ","un x mês",6,442,2652,null,12,1,6]
["2.11",null,"Megôhmetro digital de 15 kV, alcance de até 1 TΩ, Interface USB, IP54 ","un x mês",12,518.33333333333337,6220,null,24,2,12]
["2.12",null,"Multímetro digital, tensão DC/AC 50,000 mV a 1000V, 0,4% (True/RMS), frequencia 99,999Hz a 999,99KHz  \"FLUKE-87-V\" com pontas prova TWIST GUARD","un x mês",78,172.35933333333332,13444.03,null,156,13,78]
["2.13",null,"Multímetro digital para teste de equipotencialização (medições de baixas resistências), 100V, 10A, 0,1 Ω a 50 Ω ","un x mês",78,65.166666666666671,5083,null,156,13,78]
["2.14","Banco de preços (NºPregão:42022 / UASG:784810, MINISTÉRIO DA DEFESA\nCOMANDO DA MARINHA\nCentro de Intendencia da Marinha em Belem - Pregão Eletrônico, 03/2022)","Osciloscópio portátil com frequência de trabalho de 100Mhz, LCD Colorido 7”,  CAT II 600V ","un x mês",6,79.833333333333329,479,null,12,1,6]
["2.15",null,"Power Meter (Medidor Potência Fibra Óptica) potência 1310 nm, 1490 nm e 1550 nm  + Caneta Laser 10w ","un x mês",12,5.5350000000000001,66.42,null,24,2,12]
["2.16","Banco de preços (NºPregão:7982021 / UASG:925373, GOVERNO DO ESTADO DE RONDONIA\nSuperintendência Estadual de Compras e Licitações - Pregão Eletrônico, 01/2022)","Termômetro mira laser escala de -30ºC a 500ºc ","un x mês",78,12.786333333333333,997.33,null,156,13,78]
["2.17","Banco de preços (NºPregão:22022 / UASG:156654, HOSPITAL DAS CLÍNICAS DA UNIVERSIDADE FEDERAL DE UBERLÂNDIA - Pregão Eletrônico, 01/2022)","Termovisor -20ºC a 350ºC, com camera de 5 megapixels, visor LCD de 3,5 polegadas ","un x mês",18,236.13233333333335,4250.38,null,36,3,18]
["2.18",null,"Testador de cabos RJ45 / 11, frequencia 200kHz, display LCD 3 ½ digitos, 600V ","un x mês",12,49.790333333333336,597.48,null,24,2,12]
["2.19",null,"Verificador elétrico de tensão 1000V, sem contato com cabo (mod. T6-1000 Fluke ou similar) ","un x mês",78,74.660666666666671,5823.53,null,156,13,78]
["TOTAL - INSTRUMENTOS - ELÉTRICA - (R$):",{"$nulls":5},87902.13,null,0,0,0]
[{"$nulls":8},0,0,0]
["3.",null,"INSTRUMENTOS - CIVIL",{"$nulls":5},0,0,0]
["3.1","H019701007/EMBASA","GPS Geodésico portátil com visor 65K de cores legível sob luz solar, à prova d'água, geocaching informatizado e recurso de mapeamento ampliados.","un x mês",6,133.33333333333334,800,null,12,1,6]
["3.2","Banco de preços - NºPregão:12021 / UASG:154849 - 01/2022 (MINISTÉRIO DA EDUCAÇÃO\nSecretaria Executiva\nSubsecretaria de Planejamento e Orçamento\nInstituto Federal de Educação, Ciência e Tecnologia de Pernambuco\n/Campus Cabo de Santo Agostinho)","Estação Total com leitura direta de 1 segundo e precisão de 2\". Prumo óptico na alidade. Interface com principais softwares do mercado, à prova d'água e poeira conforme norma internacional: IEC529. Com kit completo, inclusive tripé com pernas extensíveis.","un x mês",6,662.83333333333337,3977,null,12,1,6]
["3.3",null,"Nível automático com precisão de ± 1,0 mm/km duplo de nivelamento, aumento de imagem 32 vezes, limbo horizontal com escala de 1º, abertura da objetiva 45 mm, foco mínimo 1,60 m. Com tripé e mira.","un x mês",6,60.638333333333343,363.83,null,12,1,6]
["3.4",null,"(GNSS GPS Geodésico modo RTK Precisão horizontal 8mm + 1ppm e Precisão Vertical 15mm + 1ppm modelo CHC X91+)","un x mês",6,7956.666666666667,47740,null,12,1,6]
["TOTAL - INSTRUMENTOS - CIVIL - (R$):",{"$nulls":5},52880.83]
[]
["TOTAL - INSTRUMENTOS - (R$):",{"$nulls":5},153689.01999999999]
[]
["RESUMO - INSTRUMENTOS"]
["ITEM",null,"DESCRIÇÃO",null,null,"VALOR TOTAL (R$)"]
["01",null,"INSTRUMENTOS - MECÂNICA",null,null,12906.059999999998]
["02",null,"INSTRUMENTOS - ELÉTRICA",null,null,87902.13]
["03",null,"INSTRUMENTOS - CIVIL",null,null,52880.83]
["TOTAL GERAL - RESUMO - INSTRUMENTOS - (R$):",{"$nulls":4},153689.02000000002]
[]
["NOME DO INFORMANTE:",{"$nulls":4},"QUALIFICAÇÃO:"]
[]
["ASSINATURA:",{"$nulls":4},"DATA:"]
[]
["OBSERVAÇÃO:"]
["1. A unidade adotada na planilha (un x mês) foi de acordo com o cronograma de alocação de recursos materiais, onde foi feita a divisão de uso mensalmente de cada equipamento, por canteiro. Dessa forma, é possivel diluir o custo durante todo o período do contrato."]

{"sheet":"CPU_Instrumentos","index":32,"n_rows":78,"n_cols":9,"rows_kept":78,"cut":false,"hidden":false,"merged":[[75,0,75,6],[70,0,70,7],[65,0,65,2],[65,3,65,5],[11,0,12,0],[11,1,12,1],[11,2,12,2],[11,3,12,3],[11,4,12,4],[54,0,57,5],[59,0,59,5],[60,2,63,5],[11,6,12,6],[9,0,10,5],[9,6,10,7],[0,2,0,7],[1,2,1,7],[2,2,2,7],[4,0,5,7],[7,0,7,7]]}
[null,null,"Ministério do Desenvolvimento Regional -MDR"]
[null,null,"Companhia de Desenvolvimento dos Vales do São Francisco e do Parnaíba"]
[null,null,"Gerência de Operação do PISF-Centro de Controle e Operação (AD / GOI / CCO)"]
[]
["TERMO DE REFERÊNCIA PARA CONTRATAÇÃO DOS RECURSOS NECESSÁRIOS À OPERAÇÃO E MANUTENÇÃO DAS INFRAESTRUTURAS DO EIXO LESTE DO PISF - PROJETO DE INTEGRAÇÃO DO SÃO FRANCISCO COM AS BACIAS HIDROGRÁFICAS DO NORDESTE SETENTRIONAL"]
[]
[]
["COMPOSIÇÃO DE PREÇO - INSTRUMENTOS"]
[]
["VALOR DE AQUISIÇÃO ",{"$nulls":5},"VALOR DE LOCAÇÃO "]
[]
["ITEM","CÓDIGO","DESCRIÇÃO","UNIDADE","QUANTIDADE","VALOR (R$)","UNIDADE","VALOR (R$)"]
[{"$nulls":5},"UNITARIO",null,"UNITARIO"]
["1.",null,"INSTRUMENTOS - MECÂNICA"]
["1.1",null,"Analisador de vibração VIB 496FFY VIBOTRON","un",1,15722.75,"un x mês",524.0916666666667,"ok"]
["1.2","Banco de preços (NºPregão:102022 / UASG:153029, MINISTÉRIO DA EDUCAÇÃO\nUniversidade Tecnológica Federal do Paraná\nUTFPR - Campus Medianeira - Pregão Eletrônico, 06/2022)","Base magnética para relógio comparador","un",4,535,"un x mês",17.833333333333332]
["1.3","Banco de preços (NºPregão:282022 / UASG:984723, PREFEITURA MUNICIPAL DE JOÃO MONLEVADE/MG - Pregão Eletrônico, 07/2022)","Estetoscópio Kent","un",2,365,"un x mês",12.166666666666666]
["1.4",null,"Micrômetro 100 à 200 externo","un",2,1669.52,"un x mês",55.650666666666666]
["1.5","Banco de preços (NºPregão:752021 / UASG:168008, MINISTÉRIO DA DEFESA\nComando do Exército\nIndustria de Material Belico do Brasil/FE/RJ - Pregão Eletrônico, 01/2022)","Micrômetro externo 0 – 100mm","un",2,702,"un x mês",23.400000000000002]
["1.6","Banco de preços (NºPregão:222022 / UASG:153178 - MINISTÉRIO DA EDUCAÇÃO\nUniversidade Tecnológica Federal do Paraná\nUTFPR - Campus Ponta Grossa, Pregão Eletrônico - 07/2022)","Micrômetro interno 50 – 800mm","un",2,3632.5,"un x mês",121.08333333333333]
["1.7","Banco de preços (NºPregão:102022 / UASG:160353, MINISTÉRIO DA DEFESA\nComando do Exército\nComando Militar da Amazônia\n2ºGrupamento de Engenharia de Construção\n6ºBatalhão de Engenharia de Construção - Pregão eletrônico, 05/2022)","Nível ótico (Topcon AT-B2) ou similar","un",1,3450,"un x mês",115]
["1.8","Banco de preços (NºPregão:252022 / UASG:154043, MINISTÉRIO DA EDUCAÇÃO\nUniversidade Federal de Uberlândia - Pregão Eletrônico, 06/2022)","Paquímetro digital 0 – 150mm/0,01mm","un",2,199.75,"un x mês",6.6583333333333341]
["1.9",null,"Paquímetro universal 0 - 650mm/0,02mm","un",2,3500.74,"un x mês",116.69133333333333]
["1.10","Banco de preços (NºPregão:832021 / UASG:742050, MINISTÉRIO DA DEFESA\nCOMANDO DA MARINHA\nCentro de Intendência Tecnológico da Marinha em São Paulo - Pregão Eletrônico, 01/2022)","Relógio comparador 0 – 10/0,01mm digital","un",4,262.77999999999997,"un x mês",8.7593333333333323]
["1.11","Banco de preços (NºPregão:62022 / UASG:158445, MINISTÉRIO DA EDUCAÇÃO\nSECRETARIA DE EDUCAÇÃO PROFISSIONAL E TECNOLÓGICA\nInstituto Federal de Educação, Ciência e Tecnologia do Amazonas\nCampus Manaus Centro - Pregão Eletrônico, 07/2022)","Tacômetro digital 0,1 - 1,0 RPM DT - 2234 A","un",1,391.92,"un x mês",13.064000000000002]
["1.12","Banco de preços (NºPregão:7982021 / UASG:925373 - GOVERNO DO ESTADO DE RONDONIA\nSuperintendência Estadual de Compras e Licitações, Pregão Eletrônico - 01/2022)","Termômetro mira laser escala de -20 a 500ºC","un",1,383.59,"un x mês",12.786333333333333]
["1.13",null,"Termovisor, com resolução Infravermelha de 120 x 90, Sensibilidade Térmica menor que 0,10 ºC, frequência da imagem de 9 Hz e faixa de temperatura –20 a 250 °C. ","un",3,7083.97,"un x mês",236.13233333333335]
["2.",null,"INSTRUMENTOS - ELÉTRICA"]
["2.1",null,"Alicate Amperímetro (mod. 381 CA/CC True-rms 1000V CAT III (ou similar)","un",13,5662.23,"un x mês",188.74099999999999]
["2.2","Banco de preços (UNIVERSIDADE ESTADUAL DE CAMPINAS\nSECR. DESENV. ECONOMICO\nCAMPINAS - Dispensa de Licitação, 01/2022)","Alicate amperímetro CA/CC de 600V, digital, CAT III FLUKE 305","un",10,965.25,"un x mês",32.175000000000004]
["2.3",null,"Alicate Medidor de qualidade de energia (mod. Fluke 345 ou  similar) ","un",2,26863.85,"un x mês",895.4616666666667]
["2.4",null,"Boroscópio Digital Tela LCD 2,7 Pol. com Câmera de Inspeção e Saída USB ","un",2,1992.4,"un x mês",66.413333333333341]
["2.5",null,"Calibrador de processos multifunção digital (mod. Fluke 725 ou  similar) ","un",2,27500,"un x mês",916.66666666666663,"ok"]
["2.6",null,"Fasímetro, digital, categoria IV, 40~700Vca, 600V ","un",10,1997.18,"un x mês",66.572666666666677]
["2.7",null,"Freqüencímetro ditital de bancada , 1GHz de 8 dígitos ","un",1,985.42,"un x mês",32.847333333333331]
["2.8",null,"Medidor de distância, laser, amplitude de medição 1mm a 80m ","un",1,1215.05,"un x mês",40.501666666666665,"ok"]
["2.9",null,"Medidor de resistência de aterramento e resistividade do solo (Faixa de medição de 0,02Ω a 300KΩ; Alcance de até 2 K Ω) com 02 pinças ","un",1,23298.54,"un x mês",776.61800000000005]
["2.10",null,"Medidor de vazão portátil tipo Clamp-on ","un",1,13260,"un x mês",442,"ok"]
["2.11",null,"Megôhmetro digital de 15 kV, alcance de até 1 TΩ, Interface USB, IP54 ","un",2,15550,"un x mês",518.33333333333337,"ok"]
["2.12",null,"Multímetro digital, tensão DC/AC 50,000 mV a 1000V, 0,4% (True/RMS), frequencia 99,999Hz a 999,99KHz  \"FLUKE-87-V\" com pontas prova TWIST GUARD","kg",13,5170.78,"un x mês",172.35933333333332,"ok"]
["2.13",null,"Multímetro digital para teste de equipotencialização (medições de baixas resistências), 100V, 10A, 0,1 Ω a 50 Ω ","un",13,1955,"un x mês",65.166666666666671]
["2.14","Banco de preços (NºPregão:42022 / UASG:784810, MINISTÉRIO DA DEFESA\nCOMANDO DA MARINHA\nCentro de Intendencia da Marinha em Belem - Pregão Eletrônico, 03/2022)","Osciloscópio portátil com frequência de trabalho de 100Mhz, LCD Colorido 7”,  CAT II 600V ","un",1,2395,"un x mês",79.833333333333329]
["2.15",null,"Power Meter (Medidor Potência Fibra Óptica) potência 1310 nm, 1490 nm e 1550 nm  + Caneta Laser 10w ","un",2,166.05,"un x mês",5.5350000000000001]
["2.16","Banco de preços (NºPregão:7982021 / UASG:925373, GOVERNO DO ESTADO DE RONDONIA\nSuperintendência Estadual de Compras e Licitações - Pregão Eletrônico, 01/2022)","Termômetro mira laser escala de -30ºC a 500ºc ","un",13,383.59,"un x mês",12.786333333333333]
["2.17","Banco de preços (NºPregão:22022 / UASG:156654, HOSPITAL DAS CLÍNICAS DA UNIVERSIDADE FEDERAL DE UBERLÂNDIA - Pregão Eletrônico, 01/2022)","Termovisor -20ºC a 350ºC, com camera de 5 megapixels, visor LCD de 3,5 polegadas ","un",3,7083.97,"un x mês",236.13233333333335]
["2.18",null,"Testador de cabos RJ45 / 11, frequencia 200kHz, display LCD 3 ½ digitos, 600V ","un",2,1493.71,"un x mês",49.790333333333336]
["2.19",null,"Verificador elétrico de tensão 1000V, sem contato com cabo (mod. T6-1000 Fluke ou similar) ","un",13,2239.8200000000002,"un x mês",74.660666666666671]
["3.",null,"INSTRUMENTOS - CIVIL"]
["3.1","H019701007/EMBASA","GPS Geodésico portátil com visor 65K de cores legível sob luz solar, à prova d'água, geocaching informatizado e recurso de mapeamento ampliados.","un",1,4000,"un x mês",133.33333333333334]
["3.2","Banco de preços - NºPregão:12021 / UASG:154849 - 01/2022 (MINISTÉRIO DA EDUCAÇÃO\nSecretaria Executiva\nSubsecretaria de Planejamento e Orçamento\nInstituto Federal de Educação, Ciência e Tecnologia de Pernambuco\n/Campus Cabo de Santo Agostinho)","Estação Total com leitura direta de 1 segundo e precisão de 2\". Prumo óptico na alidade. Interface com principais softwares do mercado, à prova d'água e poeira conforme norma internacional: IEC529. Com kit completo, inclusive tripé com pernas extensíveis.","un",1,19885,"un x mês",662.83333333333337]
["3.3",null,"Nível automático com precisão de ± 1,0 mm/km duplo de nivelamento, aumento de imagem 32 vezes, limbo horizontal com escala de 1º, abertura da objetiva 45 mm, foco mínimo 1,60 m. Com tripé e mira.","un",1,1819.15,"un x mês",60.638333333333343]
[]
["Observações"]
[]
[" art. 305 do RIR/1999 esclarece que:\n\n\"Art. 305. Poderá ser computada, como custo ou encargo, em cada período de apuração, a importância correspondente à diminuição do valor dos bens do ativo resultante do desgaste pelo uso, ação da natureza e obsolescência normal (Lei nº 4.506, de 1964, art. 57).\""]
[]
[]
[]
[]
[" Instrução Normativa da Secretaria da Receita Federal (SRF)"]
["Da","Depreciação","Da = (VN - VR) / N"]
["VN","Valor Novo"]
["VR","Valor Residual"]
["N","Vída útil (anos)"]
[]
["DADOS - Instrumentos",null,null,"CONSIDERAÇÕES"]
["Depreciação anual (%)",null,0.4]
["Vida últil (anos)",null,2.5]
[]
["1. Valor unitário final = (Depreciação anual) / (Tempo de contrato)"]
["2. A vida útil adotada, leva em consideração o uso serevero dos itens listados, visto que são utilizados em canteiros de obras e frequentemente são deslocados entre canteiros e postos de serviço em campo."]
["3. Adotou-se tempo de contrato igual a 12 meses"]
[]
[]
["OBSERVAÇÃO: "]
["TABELAS DE REFERÊNCIA"]
["Banco de Preços"]
["EMBASA 01/2022"]

{"sheet":"CPU_MANUTENCAO_CANTEIRO","index":33,"n_rows":106,"n_cols":11,"rows_kept":106,"cut":false,"hidden":false,"merged":[[0,2,0,6],[1,2,1,6],[2,2,2,6],[4,0,5,6],[7,0,7,6],[14,2,14,6],[71,0,71,5],[85,0,85,6],[12,2,12,6],[10,5,10,6],[10,0,11,0],[10,1,11,1],[10,2,11,2],[10,3,11,3],[10,4,11,4],[73,2,73,6],[80,0,80,5],[88,2,88,4],[88,5,88,6],[82,0,82,5],[86,2,86,4],[86,5,86,6],[87,2,87,4],[87,5,87,6],[89,2,89,4],[90,0,90,4],[90,5,90,6],[89,5,89,6],[94,0,94,4],[99,0,99,6],[97,0,97,6],[93,5,93,6],[94,5,94,6],[95,0,96,4],[95,5,95,6],[96,5,96,6]]}
[null,null,"Ministério do Desenvolvimento Regional  - MDR"]
[null,null,"Companhia de Desenvolvimento dos Vales do São Francisco e do Parnaíba"]
[null,null,"Gerência de Operação do PISF - Centro de Controle e Operação (AD / GOI / CCO)"]
[]
["TERMO DE REFERÊNCIA PARA CONTRATAÇÃO DOS RECURSOS NECESSÁRIOS À OPERAÇÃO E MANUTENÇÃO DAS INFRAESTRUTURAS DO EIXO LESTE DO PISF - PROJETO DE INTEGRAÇÃO DO SÃO FRANCISCO COM AS BACIAS HIDROGRÁFICAS DO NORDESTE SETENTRIONAL"]
[]
[]
["MANUTENÇÃO DE CANTEIRO - ESCRITÓRIO"]
[]
[]
["ITEM","CÓDIGO","DESCRIÇÃO","UNIDADE","QUANTIDADE","VALOR (R$)"]
[{"$nulls":5},"UNITARIO","TOTAL"]
[null,null,"MANUTENÇÃO DE CANTEIRO - ESCRITÓRIO"]
[]
["1.",null,"MATERIAL DE CONSUMO - ESCRITÓRIO"]
["1.1",null,"Açúcar ","kg",94,5.13,482.22,71]
["1.2",null,"Água Mineral (20 l) ","un",467,17.5,8172.5,350]
["1.3",null,"Água Sanitária 1000 ml ","un",39,7.23,281.97000000000003,29]
["1.4",null,"Alcool Comum 90º GL","l",39,19.39,756.21,29]
["1.5",null,"Bobina papel para ploter A0 ","un",2,112.88,225.76,2]
["1.6",null,"Café torrado e moído ","un",117,19.88,2325.96,88]
["1.7",null,"Caneta esfereográfica Azul ","un",47,1.37,64.39,35]
["1.8",null,"Capa para encadernação Azul ","un",94,1.05,98.7,71]
["1.9",null,"Capa para encadernação Transparente ","un",187,0.96,179.52,140]
["1.10","E200300240/EMBASA","Cartucho colorido para impressora ","un",187,105.24,19679.88,140]
["1.11","3117/ORSE","Cartucho preto para impressora ","un",32,80.41,2573.12,24]
["1.12",null,"Classificador elástico ","un",24,2.97,71.28,18]
["1.13",null,"Clips nº 02 (caixa com 100 unidades)","cx",21,3.99,83.79,16]
["1.14",null,"Clips nº 04 (caixa com 100 unidades)","cx",21,2.99,62.79,16]
["1.15",null,"Clips nº 06 (caixa com 100 unidades)","cx",21,13.47,282.87,16]
["1.16",null,"Clips nº 08 (caixa com 100 unidades)","cx",21,25.2,529.20000000000005,16]
["1.17","D00065/SEDOP","Cola branca PVA","kg",4,20.77,83.08,3]
["1.18","2856/AGETOP CIVIL","Copo descartável 200 ml  (pacote c/ 50 und)","un",77,1.99,153.22999999999999,58]
["1.19",null,"Copo descartável 50 ml  (pacote c/ 50 und)","un",77,1.39,107.03,58]
["1.20",null,"Corretivo à base d'agua 18 ml ","un",35,4.32,151.19999999999999,26]
["1.21","00044330/SINAPI","Desinfetante  5L","un",197,37.25,7338.25,148]
["1.22","D240000010/EMBASA","Detergente 5L","l",41,7.9,323.89999999999998,31]
["1.23","31.42.75/SUDECAP","DVD Regravável ","un",245,0.99540000000000006,243.87,184]
["1.24",null,"Envelope de papel tamanho A3","un",98,1.31,128.38,74]
["1.25",null,"Envelope de papel tamanho A4","un",245,0.43,105.35,184]
["1.26",null,"Envelope de papel tamanho A5 - 200 x 280 mm","un",245,0.59,144.55000000000001,184]
["1.27",null,"Espiral 7mm ","un",78,23.63,1843.14,59]
["1.28",null,"Espiral 9mm ","un",78,11.7,912.6,59]
["1.29",null,"Esponja de prato ","un",78,1.96,152.88,59]
["1.30","F099800054/EMBASA","Estilete 18mm","un",8,15.38,123.04,6]
["1.31",null,"Fita adesiva 48/100","un",32,9.86,315.52,24]
["1.32",null,"Fita adesiva transparente ","un",32,7.26,232.32,24]
["1.33","011173/SBC","Fita crepe branca 45 x 50m ","un",16,11.8,188.8,12]
["1.34","J040001151/EMBASA","Flanela ","un",12,1.33,15.96,9]
["1.35","005189/SBC","Grampeador grande de mesa P/40F","un",47,106.22,4992.34,35]
["1.36","005187/SBC","Grampo 26/6 ","un",10,19.899999999999999,199,8]
["1.37",null,"Grampo tipo trilho ","un",5,13.53,67.650000000000006,4]
["1.38",null,"Lápis grafite ","un",56,1.6,89.6,42]
["1.39",null,"Livro de ata com 100 páginas numeradas ","un",14,15.24,213.36,11]
["1.40",null,"Marca texto ","un",59,2.8,165.2,44]
["1.41",null,"Pacote de lã de aço 60 g ","un",24,2.7,64.8,18]
["1.42",null,"Pano de chão ","un",32,2.5,80,24]
["1.43",null,"Pano de prato ","un",10,4.63,46.3,8]
["1.44","J049722508/EMBASA","Papel A4-resma de 500 folhas","un",39,27.1,1056.9000000000001,29]
["1.45","2854/AGETOP CIVIL","Papel higiênico","un",357,6.82,2434.7399999999998,268]
["1.46","F039722481/EMBASA","Papel Toalha ","un",98,2.4,235.2,74]
["1.47",null,"Pasta arquivo de A a Z Ofício","un",78,16.64,1297.92,59]
["1.48",null,"Pasta suspensa ","un",78,4.1399999999999997,322.92,59]
["1.49",null,"Perfurador de papel 2 furos até 30 fls","un",16,48.23,771.68,12]
["1.50",null,"Régua 30cm Acrílico Cristal","un",16,3.3,52.8,12]
["1.51","00038401/SINAPI","Rodo de borracha ","un",21,14.58,306.18,16]
["1.52","1997/ORSE","Sabão em pó 500g ","un",32,4.6950000000000003,150.24,24]
["1.53","2862/AGETOP CIVIL","Sabonetes líquido ","l",197,3.98,784.06,148]
["1.54",null,"Tinta para carimbo ","un",4,5.6,22.4,3]
["1.55","00038400/SINAPI","Vassoura ","un",21,20.41,428.61,16]
[]
["TOTAL - MATERIAL DE CONSUMO - ESCRITÓRIO - (R$):",{"$nulls":5},31107.58]
[]
["2.",null,"OUTRAS DESPESAS DE MANUTENÇÃO",{"$nulls":6},12,6]
["2.1","Média dos últimos meses de consumo histórico","Internet - banda larga - adequação - CANTEIRO LOTE 09 - FLORESTA/PE","mês",6,1699,10194,null,12,1,6]
["2.2","Média dos últimos meses de consumo histórico","Energia Elétrica - dispêndio mensal - ocupação plena adicional - CANTEIRO LOTE 09 - FLORESTA/PE","mês",6,5250.8,31504.799999999999,null,12,1,6]
["2.3","Média dos últimos meses de consumo histórico","Internet - banda larga - adequação - SERTÂNIA/PE","mês",6,1699,10194,null,12,1,6]
["2.4","Média dos últimos meses de consumo histórico","Energia Elétrica - dispêndio mensal - ocupação plena adicional - SERTÂNIA/PE","mês",6,11741.61,70449.66,null,12,1,6]
["2.5","Média dos últimos meses de consumo histórico","Água - dispêndio mensal","mês",6,1000,6000,null,12,1,6]
[]
["TOTAL - OUTRAS DESPESAS DE MANUTENÇÃO - (R$):",{"$nulls":5},128342.46]
[]
["TOTAL - MANUTENÇÃO DE CANTEIRO - ESCRITÓRIO - (R$):",{"$nulls":5},190557.62]
[]
[]
["COMPOSIÇÃO MENSAL - MANUTENÇÃO DE CANTEIRO - ESCRITÓRIO"]
["ITEM",null,"DESCRIÇÃO",null,null,"VALOR"]
[1,null,"TOTAL - MATERIAL DE CONSUMO - ESCRITÓRIO - (R$)",null,null,31107.58]
[2,null,"TOTAL - OUTRAS DESPESAS DE MANUTENÇÃO - (R$)",null,null,128342.46]
[4,null,"PRAZO PREVISTO PARA EXECUÇÃO CONTRATUAL - (MÊS)",null,null,6]
["TAXA MÉDIA - MANUTENÇÃO DE CANTEIRO - ESCRITÓRIO -  (R$ / MÊS):",{"$nulls":4},26575.01]
[]
[]
["NOME DO INFORMANTE:",{"$nulls":4},"QUALIFICAÇÃO:"]
[]
["ASSINATURA:",{"$nulls":4},"DATA:"]
[]
["OBSERVAÇÃO: Os valores unitários referentes ao item 2 \"Outras Despesas de Manutenção\" foi encontrado usando a média dos últimos dispêndios mensais pagos."]
[]
["TABELAS DE REFERÊNCIA"]
["SINAPI 04/2022"]
["ORSE 03/2022"]
["SEDOP 05/2022"]
["EMBASA 01/2022"]
["SUDECAP 02/2022"]
["AGETOP CIVIL 04/2022"]

{"sheet":"Sobressalentes ","index":34,"n_rows":117,"n_cols":13,"rows_kept":117,"cut":false,"hidden":false,"merged":[[100,5,100,6],[7,0,7,6],[60,0,60,5],[10,0,11,0],[10,1,11,1],[10,2,11,2],[10,3,11,3],[10,4,11,4],[99,2,99,4],[99,5,99,6],[92,0,92,5],[10,5,10,6],[0,2,0,6],[1,2,1,6],[2,2,2,6],[4,0,5,6],[102,0,102,4],[102,5,102,6],[94,0,94,5],[96,0,96,6],[97,2,97,4],[97,5,97,6],[98,2,98,4],[98,5,98,6],[101,2,101,4],[101,5,101,6],[78,0,78,5],[100,2,100,4],[108,0,108,4],[108,5,108,6],[109,0,109,6],[110,0,110,6],[105,0,105,4],[105,5,105,6],[106,0,106,4],[106,5,106,6],[107,0,107,4],[107,5,107,6]]}
[null,null,"Ministério do Desenvolvimento Regional  - MDR"]
[null,null,"Companhia de Desenvolvimento dos Vales do São Francisco e do Parnaíba"]
[null,null,"Gerência de Operação do PISF - Centro de Controle e Operação (AD / GOI / CCO)"]
[]
["TERMO DE REFERÊNCIA PARA CONTRATAÇÃO DOS RECURSOS NECESSÁRIOS À OPERAÇÃO E MANUTENÇÃO DAS INFRAESTRUTURAS DO EIXO LESTE DO PISF - PROJETO DE INTEGRAÇÃO DO SÃO FRANCISCO COM AS BACIAS HIDROGRÁFICAS DO NORDESTE SETENTRIONAL"]
[]
[]
["AQUISIÇÃO DE PEÇAS SOBRESSALENTES PISF - EIXOS LESTE"]
[]
[]
["ITEM","CÓDIGO","DESCRIÇÃO","UNIDADE","QUANTIDADE","VALOR (R$)"]
[{"$nulls":5},"UNITARIO","TOTAL"]
[null,null,"AQUISIÇÃO DE PEÇAS SOBRESSALENTES PISF - EIXOS LESTE"]
["1.",null,"SOBRESSALENTES - MECÂNICA"]
["1.1",null,"Barra Roscada M-16 _ plicação: Vedação das juntas Dresser. Especificação: Aço inox A304","mt",80,191.26,15300.8,{"$nulls":5},""]
["1.2",null,"Borracha de vedação _ Especificação: Vedante trapezidal 50x25x20x6 - EPDM Shore A70","mt",50,22.89,1144.5,{"$nulls":5},"X"]
["1.3",null,"Borracha Neoprene 5mm _ Especificação: 2,5m x 20m (Junta de válvulas)","mtr",20,695.77,13915.4,{"$nulls":5},""]
["1.4",null,"Cavalete porta escova (mola)","pç",10,278.16000000000003,2781.6,{"$nulls":5},"X"]
["1.5",null,"Escova de aterramento do eixo _ Dimensões 10x25x40mm (AxLxC) - (Ref.: J12 item WEG 10169828) (Metal Grafite)","pç",12,358.63,4303.5600000000004,{"$nulls":5},"X"]
["1.6",null,"Escova para o motor 6,9kV _ Escova Carvão J12  dimen.32x25x64mm (Ref. Felca FCE-100A)","pç",96,354.03,33986.879999999997,{"$nulls":5},""]
["1.7",null,"Filtro de ar do motor (entrada de ar) EBV-1, 2, 3 _  Especificação: Filtro de ar 345x925x25mm.Modelo Aeroglass FMT-C","pç",16,174.63,2794.08,{"$nulls":5},"X"]
["1.8",null,"Filtro de ar do motor (entrada de ar) EBV-5 _  Especificação: Filtro de ar 670x280x25mm.Modelo Aeroglass FMT-C","pç",16,105.38,1686.08,{"$nulls":5},"X"]
["1.9",null,"Filtro de ar do motor (entrada de ar) EBV-6 _  Especificação: Filtro de ar 750x225x25mm.Modelo Aeroglass FMT-C","pç",16,71.33,1141.28,{"$nulls":5},"X"]
["1.10",null,"Filtro de ar para caixa coletora (porta escovas) _ Especificação: Filtro de ar 330x185x50mm.Modelo Aeroglass PD-U GALV","pç",36,67.33,2423.88,{"$nulls":5},"X"]
["1.11",null,"Filtro de ar para caixa coletora (porta escovas) _ Especificação: Filtro de ar 450x400x50mm.Modelo Aeroglass PD-U GALV","pç",24,90.29,2166.96,{"$nulls":5},"X"]
["1.12",null,"Gaxeta grafitada ¾” Quadrada.","mt",60,48.74,2924.4,{"$nulls":5},"X"]
["1.13",null,"Gaxeta grafitada 1” Quadrada","mt",396,41.81,16556.759999999998,{"$nulls":5},""]
["1.14",null,"Óleo lubrificante ISO VG-46","lt",200,30.58,6116,{"$nulls":5},"X"]
["1.15",null,"Óleo lubrificante ISO VG-68","lt",1400,20.48,28672,{"$nulls":5},""]
["1.16",null,"O'ring Ø10 - Especificação: O'ring Ø10 x 370 - Shore 70A SBR","mt",40,196.67,7866.8,{"$nulls":5},"X"]
["1.17",null,"O'ring Ø8 - Especificação: O'ring Ø8 x 370 - Shore 70A SBR","mt",20,105.33,2106.6,{"$nulls":5},"X"]
["1.18","421/COMPESA","Pòrca M-16 _ Especificação: Aço inox A304","pç",240,11.93,2863.2,{"$nulls":5},"X"]
["1.19",null,"PT 100 _ Especificação: Modelo T 01628 531166","pç",12,3861.75,46341,{"$nulls":5},""]
["1.20",null,"PT 100 _ Especificação: Modelo TR10-D CC22 2RØ11QD","pç",16,3861.75,61788,{"$nulls":5},""]
["1.21",null,"Sensor de fluxo _ Especificação: Modelo FC10B02","pç",24,1059.9000000000001,25437.599999999999,"ok",{"$nulls":4},""]
["1.22",null,"Sensor de nível do óleo mancal -  Especificação: Modelo HNS 3228-5-0410-000","pç",12,745.85,8950.2000000000007,{"$nulls":5},"X"]
["1.23",null,"Sensor de nível do óleo mancal - Especificação: Modelo VB400-12GM+V1","pç",12,745.85,8950.2000000000007,{"$nulls":5},"X"]
["1.24",null,"Sensor de vibração (acelerômetro) - Especificação: Modelo ST5484E-152-412-00 (Metrix)","pç",12,7200.99,86411.88,"ok",{"$nulls":4},""]
["1.25",null,"Termômetro - Especificação: Modelo BIE-IN 114 69M 100MM 0/150 C XGV XNH CD1 XN6 (ASHCROFT WILLY)","pç",12,671.9,8062.8,{"$nulls":5},"X"]
["1.26","11586/SETOP","Tubo em aço galvanizado - Especificação: Tubo A/C galvanizado Ø 2\" SCH 40","mt",72,45.33,3263.76,{"$nulls":5},"X"]
["TOTAL - SOBRESSALENTES - MECÂNICA - (R$):",{"$nulls":5},397956.22000000003,{"$nulls":5},""]
[{"$nulls":12},"X"]
["2.",null,"SOBRESSALENTES - ELÉTRICA",{"$nulls":9},"X"]
["2.1",null,"CARREGADOR RETIFICADOR MODULAR 380Vca/ 125Vcc, 5x20A. ESPECIFICAÇÃO TECNICA: PISF-000-92000. 1635-DEF-2810-60-08-071-R00","pç",2,25520.62,51041.24,"ok",1,null,null,null,""]
["2.2",null,"CARREGADOR  RETIFICADOR  MODULAR  380Vca/  125Vcc,  2x25A,  CONFORME  ESPECIFICAÇÃO  TÉCNICA  nº 1600‐EST‐2811‐ 60‐08‐003  (ET  PARA  CARREGADOR  RETIFICADOR MODULAR) DESENHO DE FABRICAÇÃO: 1637‐DEF‐2819‐60‐08‐012-R02","pç",4,25520.62,102082.48,null,4,null,null,null,""]
["2.3",null,"Contator Tripolar de Barra 300A, 1NF + 2N, 125VCC (CV1-BH2H1HKD22)","pç",2,11806.24,23612.48,null,2,null,null,null,""]
["2.4",null,"Mufla, terminal, 6,9/10kV, monofásica, uso interno, cabo condutor cobre/alumínio, isolamento sólido, material termocontrátil.","pç",6,293.33,1759.98,null,6,null,null,null,"X"]
["2.5",null,"RETIFICADOR FSE 380VCA/125VCC 10,8KVA/8,44KW 18,2A/60A (uma unidade será substituida por completo para a retirada servir de sobressalente)","pç",1,41732.31,41732.31,null,1,null,null,null,""]
["2.6",null,"SENSOR DE TEMPERATURA PT100 IOPE","pç",12,539.66999999999996,6476.04,null,12,null,null,null,"X"]
["2.7",null,"SENSOR DE VIBRAÇÃO METRIX Modelo ST5484E-152-412-00","pç",12,7200.99,86411.88,"ok",12,null,null,null,""]
["2.8",null,"Terminação contrátil à frio para cabos de 120mm²,  15kV, Fab. Prysmian","pç",13,349.24,4540.12,null,13,null,null,null,"X"]
["2.9",null,"Terminação contrátil à frio para cabos de 240mm²,  15kV, Fab. Prysmian","pç",13,448,5824,null,13,null,null,null,"X"]
["2.10",null,"Terminação contrátil à frio para cabos de 400mm²,  15kV, Fab. Prysmian","pç",7,729.37,5105.59,null,7,null,null,null,"X"]
["2.11",null,"Terminação contrátil à frio para cabos de 70mm²,  15kV, Fab. Prysmian","pç",13,301.74,3922.62,null,13,null,null,null,"X"]
["2.12",null,"Terminação contrátil à frio para cabos de 95mm²,  15kV, Fab. Prysmian","pç",13,301.74,3922.62,null,13,null,null,null,"X"]
["2.13","001425/SBC","Terminal à compressão dois furos e duas compressões para cabos de 120mm². Cod.637400, Fab. Magnet","pç",7,7.91,55.37,null,7,null,null,null,"X"]
["2.14",null,"Terminal à compressão dois furos e duas compressões para cabos de 400mm². Cod.637900, Fab. Magnet","pç",7,207.26,1450.82,null,7,null,null,null,"X"]
["2.15","008331/SBC","Terminal à compressão dois furos e duas compressões para cabos de 95mm². Cod.637303, Fab. Magnet","pç",13,5.63,73.19,null,13,null,null,null,"X"]
["2.16",null,"Terminal à compressão um furo e uma compressão para cabos de 120mm². Cod.631103, Fab. Magnet","pç",7,14.33,100.31,null,7,null,null,null,"X"]
["2.17",null,"Terminal à compressão um furo e uma compressão para cabos de 70mm². Cod.631000, Fab. Magnet","pç",13,8.92,115.96,null,13,null,null,null,"X"]
["TOTAL - SOBRESSALENTES - ELÉTRICA - (R$):",{"$nulls":5},338227.01000000007]
[]
[]
["3.",null,"Peças para reposições nas manutenções preventivas e corretivas dos condicionadores de ar"]
["3.1",null,"Vareta de solda foscoper 2,5 mm com banho","un.",20,5.52,110.4]
["3.2",null,"gás inflamável para maçarico portátil","kg",2,60.28,120.56]
["3.3",null,"placa universal de 30.000 BTUs","un.",5,280.38,1401.9]
["3.4",null,"placa universal de 18.000 BTUs","un.",5,95.66,478.3]
["3.5",null,"placa universal de 12.000 BTUs","un.",5,95.66,478.3]
["3.6",null,"Capacitor duplo de 30 HF 440 Vac","un.",10,14.07,140.69999999999999]
["3.7",null,"Capacitor duplo de 35 HF 440 Vac","un.",24,17.61,422.64]
["3.8",null,"Capacitor  duplo de 40 HF 440 Vac","un.",46,19.87,914.02]
["3.9",null,"Capacitor duplo de 50 HF","un.",40,22.85,914]
["3.10","12440/ORSE","Gás refrigerante R-22a","kg",27.2,36.700000000000003,998.24]
["3.11",null,"Gás refrigerante R-410a","kg",22.6,123.57,2792.68]
["3.12",null,"Motor de ventilador de condensadora redonda (Midea) de 30.000 BTUs","un.",10,604.59,6045.9]
["3.13",null,"Motor de ventilador de condensadora redonda (Midea) de 18.000 BTUs","un.",10,517.09,5170.8999999999996]
["3.14",null,"Motor de ventilador de condensadora redonda (Midea) de 12.000 BTUs","un.",10,576.66999999999996,5766.7]
["TOTAL - Peças para reposições nas manutenções preventivas e corretivas dos condicionadores de ar - (R$):",{"$nulls":5},25755.24]
[]
["4.",null,"PEÇAS PARA MANUTENÇÃO GERADOR - MECÂNICA"]
["4.1",null,"FILTRO ÓLEO COMB PERKINS/MWM D3152/T4236/P4001/410/410T/D6 - PN 423651E / RC-253-A","pç",6,39.58,237.48]
["4.2",null,"Filtro de óleo lub perkins 404D-22G - pn 140517050\nMarca: PERKINS","pç",6,44.04,264.24]
["4.3",null,"Arruela do bujão do carter perkins 1104 - pn 2415715eMarca: PERKIN","pç",6,7.46,44.76]
["4.4",null,"Filtro de óleo comb perkins 1104a/1104c - pn 4816636Marca: PERKINS","pç",5,117.68,588.4]
["4.5",null,"Solenoide de parada bomba perkins 404D-22G - pn U85206452Marca: PERKINS","pç",3,402.05,1206.1500000000001]
["4.6",null,"Correia alter/vent perkins 1104C-44TAG2 - pn 2614B653Marca: PERKINS","pç",1,78.98,78.98]
["4.7",null,"BOMBA D'ÁGUA","pç",2,1371.83,2743.66]
["4.8",null,"VALVULA TERMOSTÁTICA","pç",2,256.68,513.36]
["4.9",null,"BOMBA ELÉTRICA+FILTRO","pç",2,1093.98,2187.96]
["4.10",null,"BICOS INJETORES","pç",2,5581.58,11163.16]
["4.11",null,"CABEÇOTE E RECUPERAÇÃO","pç",2,4165.18,8330.36]
["TOTAL - PEÇAS PARA MANUTENÇÃO GERADOR - MECÂNICA - (R$):",{"$nulls":5},27358.510000000002]
[]
["TOTAL - AQUISIÇÃO DE PEÇAS SOBRESSALENTES PISF - EIXOS LESTE - (R$):",{"$nulls":5},789296.9800000001]
[]
["RESUMO - AQUISIÇÃO DE PEÇAS SOBRESSALENTES PISF - EIXOS LESTE"]
["ITEM",null,"DESCRIÇÃO",null,null,"VALOR TOTAL (R$)"]
["01",null,"SOBRESSALENTES - MECÂNICA",null,null,397956.22000000003]
["02",null,"SOBRESSALENTES - ELÉTRICA",null,null,338227.01000000007]
["03",null,"Peças para reposições nas manutenções preventivas e corretivas dos condicionadores de ar",null,null,25755.24]
["04",null,"PEÇAS PARA MANUTENÇÃO GERADOR - MECÂNICA",null,null,27358.510000000002]
["TOTAL GERAL - RESUMO - AQUISIÇÃO DE PEÇAS SOBRESSALENTES PISF - EIXOS LESTE -  (R$):",{"$nulls":4},789296.9800000001]
[]
[]
["NOME DO INFORMANTE:",{"$nulls":4},"QUALIFICAÇÃO:"]
[]
["ASSINATURA:",{"$nulls":4},"DATA:"]
[]
["OBSERVAÇÃO:"]
["TABELAS DE REFERÊNCIA"]
["SINAPI 04/2022"]
["ORSE 03/2022"]
["SBC 07/2022"]
["EMBASA 01/2022"]
["SETOP 03/2022"]
["COMPESA 01/2022"]

{"sheet":"Serviços Especializados","index":35,"n_rows":41,"n_cols":8,"rows_kept":41,"cut":false,"hidden":false,"merged":[[35,0,35,4],[35,5,35,6],[36,0,36,6],[37,0,37,6],[32,0,32,4],[32,5,32,6],[33,0,33,4],[33,5,33,6],[34,0,34,4],[34,5,34,6],[22,0,22,5],[24,0,24,5],[28,5,28,6],[29,0,29,4],[29,5,29,6],[26,0,26,6],[27,2,27,4],[27,5,27,6],[28,2,28,4],[10,5,10,6],[0,2,0,6],[1,2,1,6],[2,2,2,6],[4,0,5,6],[7,0,7,6],[10,0,11,0],[10,1,11,1],[10,2,11,2],[10,3,11,3],[10,4,11,4]]}
[null,null,"Ministério do Desenvolvimento Regional  - MDR"]
[null,null,"Companhia de Desenvolvimento dos Vales do São Francisco e do Parnaíba"]
[null,null,"Gerência de Operação do PISF - Centro de Controle e Operação (AD / GOI / CCO)"]
[]
["TERMO DE REFERÊNCIA PARA CONTRATAÇÃO DOS RECURSOS NECESSÁRIOS À OPERAÇÃO E MANUTENÇÃO DAS INFRAESTRUTURAS DO EIXO LESTE DO PISF - PROJETO DE INTEGRAÇÃO DO SÃO FRANCISCO COM AS BACIAS HIDROGRÁFICAS DO NORDESTE SETENTRIONAL"]
[]
[]
["SERVIÇOS ESPECIALIZADOS (EIXO LESTE)"]
[]
[]
["ITEM","CÓDIGO","DESCRIÇÃO","UNIDADE","QUANTIDADE","VALOR (R$)"]
[{"$nulls":5},"UNITARIO","TOTAL"]
[null,null,"SERVIÇOS ESPECIALIZADOS (EIXO LESTE)"]
[]
["1.",null,"Serviços de recarga de extintores de incêndio (EB / SE / Canteiros)"]
["1.1","2.04.39/FDE","Recarga Extintor AP 10 L BC","Unid.",8,45,360,"ok"]
["1.2","05554/EMOP","Recarga Extintor CO2 06 Kg BC","Unid.",47,68,3196,"ok"]
["1.3","07066/EMOP","Recarga Extintor PQS 04 Kg BC","Unid.",13,35,455,"ok"]
["1.4","05563/EMOP","Recarga Extintor PQS 06 Kg BC","Unid.",28,40,1120,"ok"]
["1.5","Banco de preços -  MINISTÉRIO DA DEFESA\nCOMANDO DA MARINHA\nCentro de Intendencia da Marinha em Salvador (NºPregão:132022 / UASG:782802 - 07/2022)","Recarga Extintor PQS 08 Kg BC","Unid.",2,59.25,118.5,"ok"]
["1.6","Banco de preços -  MINISTÉRIO DA DEFESA\nCOMANDO DA MARINHA\nCentro de Intendencia da Marinha em Salvador (NºPregão:132022 / UASG:782802 - 07/2022)","Recarga Extintor PQS 12 Kg BC","Unid.",50,70,3500,"ok"]
["1.7","Banco de preços - MINISTÉRIO DA DEFESA\nComando da Aeronáutica\nBASE AÉREA DE ANAPOLIS (NºPregão:672021 / UASG:120624 - 10/2021)","Recarga Extintor PQS 50 Kg BC","Unid.",36,352,12672,"ok"]
["TOTAL - Serviços de recarga de extintores de incêndio (EB / SE / Canteiros) - (R$):",{"$nulls":5},21421.5]
[]
["TOTAL - SERVIÇOS ESPECIALIZADOS (EIXO LESTE) - (R$):",{"$nulls":5},21421.5]
[]
["RESUMO - SERVIÇOS ESPECIALIZADOS (EIXO LESTE)"]
["ITEM",null,"DESCRIÇÃO",null,null,"VALOR TOTAL (R$)"]
["01",null,"Serviços de recarga de extintores de incêndio (EB / SE / Canteiros)",null,null,21421.5]
["TOTAL GERAL - RESUMO - SERVIÇOS ESPECIALIZADOS (EIXO LESTE) -  (R$):",{"$nulls":4},21421.5]
[]
[]
["NOME DO INFORMANTE:",{"$nulls":4},"QUALIFICAÇÃO:"]
[]
["ASSINATURA:",{"$nulls":4},"DATA:"]
[]
["OBSERVAÇÃO:"]
["TABELAS DE REFERÊNCIA"]
["Banco de Preços"]
["EMOP 04/2022"]
["FDE 04/2022"]

{"sheet":"SERVIÇOS ADICIONAIS","index":36,"n_rows":100,"n_cols":11,"rows_kept":100,"cut":false,"hidden":false,"merged":[[10,5,10,6],[12,2,12,6],[17,0,17,5],[23,0,23,5],[10,0,11,0],[10,1,11,1],[10,2,11,2],[10,3,11,3],[10,4,11,4],[21,0,21,5],[0,2,0,6],[1,2,1,6],[2,2,2,6],[4,0,5,6],[8,0,8,6],[25,0,25,6],[27,2,27,4],[27,5,27,6],[29,0,29,4],[29,5,29,6],[26,2,26,4],[26,5,26,6],[28,2,28,4],[28,5,28,6],[32,0,32,4],[32,5,32,6],[53,0,53,2],[33,0,33,4],[33,5,33,6],[34,0,34,4],[34,5,34,6],[35,0,35,4],[35,5,35,6],[38,0,41,5],[43,0,43,5],[44,2,47,5],[49,0,49,2],[49,3,49,5],[99,3,99,5],[57,0,57,6],[95,3,96,3],[95,4,96,4],[95,5,96,5],[95,6,96,6]]}
[null,null,"Ministério do Desenvolvimento Regional  - MDR"]
[null,null,"Companhia de Desenvolvimento dos Vales do São Francisco e do Parnaíba"]
[null,null,"Gerência de Operação do PISF - Centro de Controle e Operação (AD / GOI / CCO)"]
[]
["TERMO DE REFERÊNCIA PARA CONTRATAÇÃO DOS RECURSOS NECESSÁRIOS À OPERAÇÃO E MANUTENÇÃO DAS INFRAESTRUTURAS DO EIXO LESTE DO PISF - PROJETO DE INTEGRAÇÃO DO SÃO FRANCISCO COM AS BACIAS HIDROGRÁFICAS DO NORDESTE SETENTRIONAL"]
[]
["Referência","05/2022 - SEDOP (PA)"]
[null,"03/2021 - SEINFRA (CE)"]
["SERVIÇOS ADICIONAIS"]
[]
["ITEM","CÓDIGO","DESCRIÇÃO","UNIDADE","QUANTIDADE","VALOR (R$)"]
[{"$nulls":5},"UNITARIO","TOTAL"]
[null,null,"SERVIÇOS ADICIONAIS"]
[]
["1.",null,"FORNECIMENTO DE ÁGUA POTÁVEL PARA CANTEIRO",{"$nulls":6},12,6]
["1.1","I8949/SEINFRA","Estação de tratamento de água","un x mês",12,995.84333333333336,11950.12,null,24,2,12]
["1.2","220497/SEDOP","Poço Tubular","un x mês",12,230.47183333333336,2765.66,null,24,2,12]
["TOTAL - ESTAÇÃO DE TRATAMENTO DE ÁGUA - (R$):",{"$nulls":5},14715.78]
[]
["2.",null,"ANÁLISES DE EFLUENTES"]
["2.1","COT - AQA","Análise de Efluentes - Conama nº 357 e Resolução ANA nº 85/18 ","un x mês",6,7962.67,47776.02,null,12,1,6]
["TOTAL - ESTAÇÃO DE TRATAMENTO DE ÁGUA - (R$):",{"$nulls":5},47776.02]
[]
["TOTAL - SERVIÇOS ADICIONAIS - (R$):",{"$nulls":5},62491.799999999996]
[]
["RESUMO - SERVIÇOS ADICIONAIS"]
["ITEM",null,"DESCRIÇÃO",null,null,"VALOR TOTAL (R$)"]
["01",null,"FORNECIMENTO DE ÁGUA POTÁVEL PARA CANTEIRO",null,null,14715.78]
["02",null,"ANÁLISES DE EFLUENTES",null,null,47776.02]
["TOTAL GERAL - RESUMO - SERVIÇOS ADICIONAIS -  (R$):",{"$nulls":4},62491.799999999996]
[]
[]
["NOME DO INFORMANTE:",{"$nulls":4},"QUALIFICAÇÃO:"]
[]
["ASSINATURA:",{"$nulls":4},"DATA:"]
[]
["Observações"]
[]
[" art. 305 do RIR/1999 esclarece que:\n\n\"Art. 305. Poderá ser computada, como custo ou encargo, em cada período de apuração, a importância correspondente à diminuição do valor dos bens do ativo resultante do desgaste pelo uso, ação da natureza e obsolescência normal (Lei nº 4.506, de 1964, art. 57).\""]
[]
[]
[]
[]
[" Instrução Normativa da Secretaria da Receita Federal (SRF)"]
["Da","Depreciação","Da = (VN - VR) / N"]
["VN","Valor Novo"]
["VR","Valor Residual"]
["N","Vída útil (anos)"]
[]
["DADOS - ETA e Poço",null,null,"CONSIDERAÇÕES"]
["Depreciação anual (%)",null,0.1]
["Vida últil (anos)",null,10]
[]
["DESCRIÇÃO",null,null,"Valor de aquisição (R$)","Valor com depreciação (R$)"]
["und","I8949/SEINFRA","Estação de tratamento de água",119501.2,995.84333333333336]
["und","220497/SEDOP","Poço Tubular",27656.62,230.47183333333336]
["1. Valor unitário final = (Depreciação anual) / (Tempo de contrato)"]
["2. Adotou-se tempo de contrato igual a 12 meses"]
[]
[]
[null,"Poço Tubular","Código - 220497/SEDOP - 05/2022"]
{"$rows_empty":33}
[null,"Estação de Tratamento de Água  - Código I8949 e I7995/ SEINFRA "]
[null,"ITEM","DESCRIÇÃO","UND","QUANTID","CÓDIGO","UNITÁRIO"]
[null,1,"COMPOSIÇÃO - ESTAÇÃO DE TRATAMENTO DE ÁGUA"]
[null,"1.1","Filtro de fluxo descendente fabricado em fibra de vidro completo com tampa, barrilete, escada e material filtrante, com Ø 2,50m, com capacidade para tratar uma vazão de 42,04 m³ com uma taxa de filtração de 51,39 m³/m³ x d, constituido por leito filtrante, camada suporte, flanges e barrilete imediato e dispositivo piezometrico","un",1,"SEINFRA-I8949",96742.87]
[null,"1.2","Kit de armazenamento preparação e dosagem de soluções químicas constituido por reservatório em fibra de vidro com volume útil de 500l, misturador pneumatico e bomba dosadora com vazão até 40 l/h.","un",1,"SEINFRA-I7995",22758.33]
[null,null,"VALORES PUBLICADOS EM 31/03/2021","TOTAL - ESTAÇÃO DE TRATAMENTO DE ÁGUA - (R$):",null,null,119501.2]

{"sheet":"Custos Administração","index":37,"n_rows":32,"n_cols":4,"rows_kept":32,"cut":false,"hidden":false,"merged":[[24,0,24,1],[27,0,27,1],[28,0,28,1],[34,0,34,2],[11,1,11,2],[29,0,29,1],[30,0,30,1],[31,0,31,2],[32,0,32,2],[33,0,33,2],[15,0,15,1],[18,0,18,2],[0,1,0,2],[1,1,1,2],[2,1,2,2],[4,0,5,2],[7,0,7,2]]}
[null,"Ministério do Desenvolvimento Regional  - MDR"]
[null,"Companhia de Desenvolvimento dos Vales do São Francisco e do Parnaíba"]
[null,"Gerência de Operação do PISF - Centro de Controle e Operação (AD / GOI / CCO)"]
[]
["TERMO DE REFERÊNCIA PARA CONTRATAÇÃO DOS RECURSOS NECESSÁRIOS À OPERAÇÃO E MANUTENÇÃO DAS INFRAESTRUTURAS DO EIXO LESTE DO PISF - PROJETO DE INTEGRAÇÃO DO SÃO FRANCISCO COM AS BACIAS HIDROGRÁFICAS DO NORDESTE SETENTRIONAL"]
[]
[]
["CUSTOS ADMINISTRAÇÃO - DETALHAMENTO"]
[]
[]
["ITEM","DESCRIÇÃO","%"]
["1.","CUSTO DE ADMINISTRAÇÃO"]
["1.1","Custos da equipe da administração central da empresa contratada ( diretoria, pessoal técnico de apoio e pessoal administrativo não diretamente vinculado à prestação dos serviços)",0.03]
["1.2","Outras despesas que afetam o custo de produção como treinamento, biblioteca, programa de qualidade, auditoria interna e externa",2.5000000000000001E-3]
["1.3","Despesas com aluguéis, água, energia, comunicação, manutenção e transporte não diretamente relacionados com o custo direto dos serviços",2E-3]
["Total - CUSTO DE ADMINISTRAÇÃO - (R$):",null,3.4500000000000003E-2,"ok"]
[]
[]
["RESUMO - CUSTOS ADMINISTRAÇÃO - DETALHAMENTO"]
["ITEM","DESCRIÇÃO","% TOTAL"]
[1,"CUSTO DE ADMINISTRAÇÃO",3.4500000000000003E-2,"ok"]
[2,"Seguros e Garantias",5.7000000000000002E-3,0.8]
[3,"Riscos (MATRIZ DE RISCO)",0.01]
[4,"Despesas Financeiras",9.1000000000000004E-3,1.23]
["TOTAL GERAL - CUSTOS ADMINISTRAÇÃO - DETALHAMENTO - (R$):",null,5.9300000000000005E-2]
[]
[]
["NOME DO INFORMANTE:",null,"QUALIFICAÇÃO:"]
[]
["ASSINATURA:",null,"DATA:"]
[]
["OBSERVAÇAO:"]

{"sheet":"CPU_MATRIZ DE RISCO","index":38,"n_rows":28,"n_cols":8,"rows_kept":28,"cut":false,"hidden":true,"merged":[[22,0,22,4],[17,1,17,4],[18,1,18,4],[19,0,19,4],[11,1,11,2],[13,0,13,5],[0,1,0,5],[1,1,1,5],[2,1,2,5],[15,1,15,5],[16,1,16,4],[10,1,10,2],[9,1,9,5],[7,0,7,5],[4,0,5,5],[24,0,24,4],[23,0,23,4],[25,0,25,4],[26,0,26,5],[27,0,32,5]]}
[null,"Ministério do Desenvolvimento Regional  - MDR"]
[null,"Companhia de Desenvolvimento dos Vales do São Francisco e do Parnaíba"]
[null,"Gerência de Operação do PISF - Centro de Controle e Operação (AD / GOI / CCO)"]
[]
[{"$f":"ORCAMENTO_RESUMO!A5","v":"TERMO DE REFERÊNCIA PARA CONTRATAÇÃO DOS RECURSOS NECESSÁRIOS À OPERAÇÃO E MANUTENÇÃO DAS INFRAESTRUTURAS DO EIXO LESTE DO PISF - PROJETO DE INTEGRAÇÃO DO SÃO FRANCISCO COM AS BACIAS HIDROGRÁFICAS DO NORDESTE SETENTRIONAL"}]
[]
[]
["DETALHAMENTO - MATRIZ DE RISCO"]
[]
["ITEM","DESCRIÇÃO"]
["1.","DISCRIMINAÇÃO DE VALORES ADOTADOS",null,"VALOR BASE (OUTUBRO DE 2019)","REAJUSTE IGP-M, FGV, DEZEMBRO DE 2021 (1,4851)","VALOR ADOTADO (R$)","out/19-dez/21",{"$f":"(1100.998-741.333)/741.333","v":0.48515984044956867}]
["1.1","xxx",null,205163545.59,{"$f":"D12*(1+H11)","v":304700658.63451225},300000000]
["1.2","Valor deste objeto:",null,null,null,{"$f":"'ORCAMENTO_CONSOLIDADO (2)'!G7","v":25092288.883999992},null,"'ORCAMENTO_CONSOLIDADO (2)'!G7"]
[]
[]
["ITEM","DESCRIÇÃO"]
["1.","RISCO TOTAL ( [A]/[B] )",null,null,null,"VALOR"]
["1.1","VALOR DE [A]  - Índice de risco (0,35%)"]
["1.2","VALOR DE [B]",null,null,null,{"$f":"F13","v":25092288.883999992}]
[{"$f":"\"Total - \"&B17&\" - (%):\"","v":"Total - RISCO TOTAL ( [A]/[B] ) - (%):"},{"$nulls":4},{"$f":"F18/F19","v":0}]
[]
[]
["NOME DO INFORMANTE:",{"$nulls":4},"QUALIFICAÇÃO:"]
[]
["ASSINATURA:",{"$nulls":4},"DATA:"]
[]
["OBSERVAÇAO:"]
["A matriz de risco considera uma base ampla de obras e serviços que necessitam ser executados, concluídos ou reparados:\nEsta base foi levantada pelo MDR e licitada pelo MDR e licitada com planilha orçamentária no valor de R$ 205.163.545,59 (base: outubro de 2019). A licitação foi fracassada e estes serviços não foram executados até o momento, gerando necessidades da realização de paliativos para manter o sistema do PISF – Eixo Leste funcionando. \nDessa forma, a MATRIZ DE RISCO considera que a empresa vencedora da licitação conviverá com esse problema até que o MDR reedite a licitação e execute os referidos serviços nela contidos. De maneira que a empresa contratada para Operação, Manutenção, Reforma e Melhoria do PISF – Eixo Leste, terá que executar alguns serviços imprevisíveis que acabaram sendo necessários para dar continuidade ao serviço de fornecimento de água do PISF – EIXO LESTE. \n"]

{"sheet":"Despesas Fiscais","index":39,"n_rows":50,"n_cols":4,"rows_kept":50,"cut":false,"hidden":false,"merged":[[49,0,51,3],[52,0,52,3],[36,0,36,1],[28,0,28,3],[29,0,30,3],[31,0,32,3],[33,0,34,3],[35,0,35,3],[37,0,38,3],[39,0,40,3],[41,0,43,3],[45,0,47,3],[27,0,27,1],[26,2,26,3],[27,2,27,3],[21,0,21,1],[19,2,19,3],[20,2,20,3],[21,2,21,3],[11,1,11,3],[15,0,15,1],[26,0,26,1],[18,0,18,3],[25,2,25,3],[25,0,25,1],[4,0,5,3],[7,0,7,3],[0,1,0,3],[1,1,1,3],[2,1,2,3]]}
[null,"Ministério do Desenvolvimento Regional  - MDR"]
[null,"Companhia de Desenvolvimento dos Vales do São Francisco e do Parnaíba"]
[null,"Gerência de Operação do PISF - Centro de Controle e Operação (AD / GOI / CCO)"]
[]
["TERMO DE REFERÊNCIA PARA CONTRATAÇÃO DOS RECURSOS NECESSÁRIOS À OPERAÇÃO E MANUTENÇÃO DAS INFRAESTRUTURAS DO EIXO LESTE DO PISF - PROJETO DE INTEGRAÇÃO DO SÃO FRANCISCO COM AS BACIAS HIDROGRÁFICAS DO NORDESTE SETENTRIONAL"]
[]
[]
["DESPESAS FISCAIS - DETALHAMENTO"]
[]
[]
["ITEM","DESCRIÇÃO","DF %","DF' %"]
["1.","DESPESAS FISCAIS"]
["1.1","ISS",0.05,5.4699999999999999E-2]
["1.2","PIS",6.4999999999999997E-3,7.1000000000000004E-3]
["1.3","COFINS",0.03,3.2800000000000003E-2]
["TOTAL - DESPESAS FISCAIS - (R$):",null,8.6499999999999994E-2,9.4600000000000004E-2]
[]
[]
["RESUMO - DESPESAS FISCAIS - DETALHAMENTO"]
["ITEM","DESCRIÇÃO","% TOTAL"]
[1,"DESPESAS FISCAIS",9.4600000000000004E-2]
["TOTAL GERAL - DESPESAS FISCAIS - DETALHAMENTO - (R$):",null,9.4600000000000004E-2]
[]
[]
["NOME DO INFORMANTE:",null,"QUALIFICAÇÃO:"]
[]
["ASSINATURA:",null,"DATA:"]
[]
["OBSERVAÇAO:"]
["1 - DISCRIMINAR OS TRIBUTOS QUE INCIDEM SOBRE OS CUSTOS DA PRESTAÇÃO DOS SERVIÇOS"]
[]
["2 - DF = INDICAR O % DE CADA TRIBUTO E A SOMA DOS MESMOS (ex: ISS 5% + PIS 0,65% + COFINS 3,00% = 8,65%)]"]
[]
["3 - AS DESPESAS FISCAIS (DF) INCIDEM SOBRE O TOTAL DA FATURA E NÃO SOBRE OS CUSTOS INCORRIDOS, DEVENDO SER CALCULADO O DF' APLICANDO-SE A SEGUINTE FÓRMULA:"]
[]
["     DF' = { [ 1 / ( 1 - DF) ] - 1 } x 100"]
["     DF' = { [ 1 / ( 1 - 0,0865 ) ] - 1 } x 100                        DF'=",null,9.4600000000000004E-2]
["     DF' = 0,0946 ou  9,46%.  APLICAR O %  P/ CALCULAR AS DESPESAS FISCAIS"]
[]
[]
[]
["A Secretaria de Controle Interno do STF, por meio da Nota Técnica 3/2009 - SCI (Evidência 8), exige que as empresas eventualmente tributadas pelo regime de incidência não-cumulativa apresentem, nas licitações de contratações de serviços, os percentuais cotados para o PIS e a COFINS de acordo com o aproveitamento de créditos tributários dos últimos dozes meses, conforme transcrição a seguir:"]
[]
[]
[]
["1. Por essa razão, caso se tenha utilizado, na definição do percentual máximo de BDI para o regime de incidência não-cumulativa, os percentuais máximos de 7,60% para a COFINS e de 1,65% para o PIS, a Secretaria de Controle Interno entende que a empresa não deve cotar esses percentuais máximos, mas aqueles que representem a média das alíquotas efetivamente recolhidas nos últimos doze meses."]
[]
[]
[]
["2. Assim, as empresas sujeitas ao regime de tributação de incidência não-cumulativa devem apresentar o Demonstrativo de Apuração de Contribuições Sociais - DACON utilizado para elaborar a declaração de que os percentuais de PIS c de COFINS cotados correspondem à média dos recolhimentos dos últimos doze meses."]